{"text_format":"3","workbook":"xlsx","n_sheets":8,"sheets":["PPNE1","PPNE2","Sheet1","PPNE2.1","PPNE3","PPNE4","PPNE5","Insumos"],"not_rendered":{"images":2,"defined_names":60,"comments":4},"read":"whole","date_system":"1900"}

{"sheet":"PPNE1","index":0,"n_rows":37,"n_cols":20,"rows_kept":37,"merged":[[5,1,5,8],[6,1,6,8],[7,0,8,0],[7,1,8,1],[7,2,8,2],[7,3,8,3],[7,4,8,4],[7,5,7,8],[7,10,8,10]]}
[null,"Plan Operativo Anual"]
[null,"Servicio Nacional de Salud"]
[null,"Dirección de Planificación y Desarrollo",{"$nulls":8},2025,2026,2027,2028]
[null,"Programación Insumos por Producto Nivel Especializado",{"$nulls":8},"Cibao Norte","Cibao Sur","Cibao Nordeste","Cibao Noroeste","Valdesia","El Valle","Enriquillo","Yuma","Higüamo","Ozama"]
[null,"Año",2026]
["Servicio Regional de Salud:","Cibao Sur"]
["CEAS"]
["Productos Terminales","Unidad de Medida","Meta Lograda Año 2024","Meta Proyectada a Lograr Año 2025","Meta Proyectada Año 2026","Programación Trimestral",{"$nulls":4},"Meta Lograda actual periodo                 Año 2025"]
[{"$nulls":5},"1er. Trimestre","2do. Trimestre","3er. Trimestre","4to. Trimestre"]
["Servicio de Consulta Externa","Consultas",{"$f":"SUM(C11:C12)","v":31444},{"$f":"SUM(D11:D12)","v":{"v":21865.714285714283,"d":"21,866"}},{"v":15324.34461175488,"d":"15,324"},{"v":5363.520614114208,"d":"5,364"},{"v":4597.303383526463,"d":"4,597"},{"v":3064.868922350976,"d":"3,065"},{"v":2298.6516917632316,"d":"2,299"},null,{"$f":"SUM(K11:K12)","v":{"v":12755,"d":"12,755"}}]
["Primera Vez",null,11159,{"$f":"(K11/7)*12","v":{"v":8686.285714285714,"d":"8686"}},{"$f":"IF(C11=\"\",0,(D11/C11)*D11)","v":{"v":6761.498298252896,"d":"6761"}},{"v":2366.5244043885136,"d":"2367"},{"v":2028.4494894758689,"d":"2028"},{"v":1352.2996596505793,"d":"1352"},{"v":1014.2247447379344,"d":"1014"},null,5067]
["Subsecuente",null,20285,{"$f":"(K12/7)*12","v":{"v":13179.42857142857,"d":"13179"}},{"$f":"IF(C12=\"\",0,(D12/C12)*D12)","v":{"v":8562.846313501983,"d":"8563"}},{"v":2996.996209725694,"d":"2,997"},{"v":2568.8538940505946,"d":"2,569"},{"v":1712.5692627003966,"d":"1,713"},{"v":1284.4269470252973,"d":"1,284"},null,{"v":7688,"d":"7,688"}]
["Servicio de Emergencia","Consultas",{"$f":"SUM(C14)","v":36703},{"$f":"D14","v":{"v":32262.85714285714,"d":"32,263"}},{"v":28359.8602572108,"d":"28,360"},{"v":9925.951090023778,"d":"9,926"},{"v":8507.958077163239,"d":"8,508"},{"v":5671.972051442161,"d":"5,672"},{"v":4253.9790385816195,"d":"4,254"},null,{"v":18820,"d":"18,820"}]
["Emergencias",null,36703,{"$f":"(K14/7)*12","v":{"v":32262.85714285714,"d":"32263"}},{"$f":"IF(C14=\"\",0,(D14/C14)*D14)","v":{"v":28359.8602572108,"d":"28360"}},{"$f":"E14*35%","v":{"v":9925.951090023778,"d":"9,926"}},{"$f":"E14*30%","v":{"v":8507.958077163239,"d":"8,508"}},{"$f":"E14*20%","v":{"v":5671.972051442161,"d":"5,672"}},{"$f":"E14*15%","v":{"v":4253.9790385816195,"d":"4,254"}},null,{"v":18820,"d":"18,820"}]
["Servicio Hospitalización","Egresos",{"$f":"SUM(C16:C29)","v":31601},{"$f":"SUM(D16:D29)","v":{"v":20804.571428571428,"d":"20,805"}},{"v":14388.651908343778,"d":"14,389"},{"v":5036.028167920322,"d":"5,036"},{"v":4316.595572503134,"d":"4,317"},{"v":2877.7303816687554,"d":"2,878"},{"v":2158.297786251567,"d":"2,158"},null,{"$f":"SUM(K16:K29)","v":{"v":12136,"d":"12,136"}}]
["Medicina General",null,null,{"$f":"(K16/7)*12","v":0},{"$f":"IF(C16=\"\",0,(D16/C16)*D16)","v":0},{"$f":"E16*35%","v":0},{"$f":"E16*30%","v":0},{"$f":"E16*20%","v":0},{"$f":"E16*15%","v":0}]
["Cirugia General",null,647,{"$f":"(K17/7)*12","v":{"v":330.8571428571429,"d":"331"}},{"v":169.19080213229037,"d":"169"},{"$f":"E17*35%","v":{"v":59.21678074630162,"d":"59"}},{"$f":"E17*30%","v":{"v":50.75724063968711,"d":"51"}},{"$f":"E17*20%","v":{"v":33.838160426458074,"d":"34"}},{"$f":"E17*15%","v":{"v":25.378620319843556,"d":"25"}},null,193]
["Ginecología",null,1634,{"v":723.4285714285714,"d":"723"},{"v":320.2869632553144,"d":"320"},{"v":112.10043713936003,"d":"112"},{"v":96.08608897659431,"d":"96"},{"v":64.05739265106288,"d":"64"},{"v":48.043044488297156,"d":"48"},null,422]
["Obstetricia",null,1141,{"v":349.7142857142857,"d":"350"},{"v":107.18674989715431,"d":"107"},{"v":37.515362464004006,"d":"38"},{"v":32.156024969146294,"d":"32"},{"v":21.437349979430863,"d":"21"},{"v":16.078012484573147,"d":"16"},null,204]
["Pediatria",null,6580,{"v":4539.428571428572,"d":"4539"},{"v":3131.673519012468,"d":"3132"},{"v":1096.0857316543638,"d":"1,096"},{"v":939.5020557037404,"d":"940"},{"v":626.3347038024937,"d":"626"},{"v":469.7510278518702,"d":"470"},null,{"v":2648,"d":"2,648"}]
["Cardiologia",null,null,0,0,0,0,0,0]
["Gastroenterologia",null,1278,{"v":629.1428571428571,"d":"629"},{"v":309.71888473699335,"d":"310"},{"v":108.40160965794766,"d":"108"},{"v":92.915665421098,"d":"93"},{"v":61.943776947398675,"d":"62"},{"v":46.457832710549,"d":"46"},null,367]
["Endocrinologia",null,null,0,0,0,0,0,0]
["Medicina Interna",null,3729,{"v":3267.4285714285716,"d":"3267"},{"v":2862.989935475397,"d":"2863"},{"v":1002.0464774163889,"d":"1,002"},{"v":858.896980642619,"d":"859"},{"v":572.5979870950795,"d":"573"},{"v":429.4484903213095,"d":"429"},null,{"v":1906,"d":"1,906"}]
["Ortopedia",null,695,{"v":860.5714285714284,"d":"861"},{"v":1065.587314638085,"d":"1066"},{"v":372.95556012332975,"d":"373"},{"v":319.6761943914255,"d":"320"},{"v":213.117462927617,"d":"213"},{"v":159.83809719571275,"d":"160"},null,502]
["Neumología",null,null,0,0,0,0,0,0]
["Cardiología",null,null,0,0,0,0,0,0]
["Cuidados Intensivos",null,null,0,0,0,0,0,0]
["Otros",null,15897,10104,{"v":6422.017739196074,"d":"6422"},{"v":2247.706208718626,"d":"2,248"},{"v":1926.6053217588221,"d":"1,927"},{"v":1284.403547839215,"d":"1,284"},{"v":963.3026608794111,"d":"963"},null,{"v":5894,"d":"5,894"}]
["Servicios de Apoyo Diagnóstico",null,{"$f":"SUM(C31:C32)","v":191688},{"$f":"SUM(D31:D32)","v":{"v":166524,"d":"166,524"}},{"v":145513.87088899937,"d":"145,514"},{"v":50929.85481114977,"d":"50,930"},{"v":43654.161266699804,"d":"43,654"},{"v":29102.774177799874,"d":"29,103"},{"v":21827.080633349902,"d":"21,827"},null,{"$f":"SUM(K31:K32)","v":{"v":97139,"d":"97,139"}}]
["Análisis de Laboratorio","Pruebas",175343,{"$f":"(K31/7)*12","v":{"v":148758.85714285716,"d":"148759"}},{"$f":"IF(C31=\"\",0,(D31/C31)*D31)","v":{"v":126205.1954081371,"d":"126205"}},{"$f":"E31*35%","v":{"v":44171.81839284798,"d":"44,172"}},{"$f":"E31*30%","v":{"v":37861.55862244112,"d":"37,862"}},{"$f":"E31*20%","v":{"v":25241.03908162742,"d":"25,241"}},{"$f":"E31*15%","v":{"v":18930.77931122056,"d":"18,931"}},null,{"v":86776,"d":"86,776"}]
["Servicio de Imágenes","Imágenes",16345,{"$f":"(K32/7)*12","v":{"v":17765.142857142855,"d":"17765"}},{"v":19308.67548086227,"d":"19309"},{"v":6758.036418301795,"d":"6,758"},{"v":5792.602644258682,"d":"5,793"},{"v":3861.7350961724546,"d":"3,862"},{"v":2896.301322129341,"d":"2,896"},null,{"v":10363,"d":"10,363"}]
["Indicadores de Producción"]
["Años","Camas Disponibles","Egresos Hospitalarios","Día Cama Disponibles","Dias Pacientes","Promedio Días Estada","Porcentaje Ocupacional","Porcentaje nacimientos prematuros","Porcentaje de cesárea"]
[2023,34,2044,{"$f":"+B35*365","v":12410},6355,{"$f":"+E35/C35","v":{"v":3.1090998043052838,"d":"3"}},{"$f":"+E35/D35*100","v":{"v":51.20870265914586,"d":"51"}},{"v":99.05,"d":"99"},{"v":63.65,"d":"64"}]
[2024,40,2240,{"$f":"+B36*365","v":14600},3660,{"$f":"+E36/C36","v":{"v":1.6339285714285714,"d":"2"}},{"$f":"+E36/D36*100","v":{"v":25.068493150684933,"d":"25"}},98,57]
[2025,40,1680,14600,6071,{"v":3.613690476190476,"d":"4"},{"v":41.58219178082192,"d":"42"},{"v":98.5,"d":"99"},{"v":63.7,"d":"64"}]

{"sheet":"PPNE2","index":1,"n_rows":148,"n_cols":23,"rows_kept":148,"merged":[[0,0,0,9],[1,0,1,9],[2,0,2,9],[3,0,3,9],[4,0,4,9],[5,1,5,9],[6,1,6,9]]}
[{"$f":"+PPNE1!$B$1","v":"Plan Operativo Anual"}]
["Servicio Nacional de Salud"]
["Dirección de Planificación y Desarrollo",{"$nulls":9},"Anticipo Financiero"]
["Programación de actividades",{"$nulls":9},"Nómina"]
[{"$f":"PPNE1!$C$5","v":2026},{"$nulls":9},"Venta Servicios"]
["Servicio Regional de Salud:",{"$f":"PPNE1!B6","v":"Cibao Sur"},{"$nulls":8},"Recursos Externos"]
["CEAS:",{"$f":"PPNE1!B7","v":0}]
["Resultados Esperados","Productos ","Código","Actividades Programables Presupuestables","Ene","Feb","Mar","Abr","May","Jun","Jul","Ago","Sep","Oct","Nov","Dic","Total de Acciones ","Medio de Verificación 1","Medio de Verificación 2","Medio de Verificación 3","Observaciones/ Comentarios","Área Responsable","OBSERVACIONES POR EL HOSPITAL"]
["1.1 Reducidos los niveles de morbilidad y mortalidad materna e infantil por causas prevenibles en la población materno-infantil del país, disminuyendo la mortalidad materna de 127.33 y la mortalidad infantil de 18.44 en 2023 a 89.13 y 16.56  en 2028 en todas las regiones del territorio nacional.","1.1.1 Niños, niñas y Adolescentes reciben atención médica y servicios de salud basado en protocolos nacionales e internacionales.","1.1.1.01","Fortalecimiento de los Programas Madre Canguro .",2,2,1,1,1,2,1,1,2,1,1,2,{"$f":"SUM(E9:P9)","v":17},null,null,"Autoevaluación (enero)/ Plan de mejora (febrero)/ Registro Módulo PMC (mensual)/ Avances Plan de mejora (junio, septiembre,diciembre)","Maternidad Nuestra Señora de la Altagracia, Infantil Dr. Robert Reid Cabral, Materno Infantil San Lorenzo de Los Mina, Materno Dr.Reynaldo Almanzar, Materno Dra. Evangelina Rodríguez, Materno Infantil Dr. Marcelino Velez, Hospital Pediátrico Dr. José Manuel Rodriguez Jimenes, Juan Pablo Pina, Infantil Dr. Arturo Grullón, Maternidad Presidente Estrella Ureña, San Vicente de Paul, Jaime Mota, Dr. Antonio Musa, Materno Infantil Nuestra Señora de la Altagracia, Materno Infantil Dr. Francisco A. Gonzalvo, Taiwan 19 de marzo, Dr.Alejandro Cabral, Materno Infantil Dr. José Fco. Peña Gómez, Dr. Luis M. Morillo King  ","Materno Infantil y Adolescentes","no somos un hospital priorizado. "]
["1.1 Reducidos los niveles de morbilidad y mortalidad materna e infantil por causas prevenibles en la población materno-infantil del país, disminuyendo la mortalidad materna de 127.33 y la mortalidad infantil de 18.44 en 2023 a 89.13 y 16.56  en 2028 en todas las regiones del territorio nacional.","1.1.1 Niños, niñas y Adolescentes reciben atención médica y servicios de salud basado en protocolos nacionales e internacionales.","1.1.1.02","Seguimiento a la Sala Situacional IA",1,1,1,1,1,1,1,1,1,1,1,1,12,null,null,"Reporte digital Módulo Sala Situacional IA","Infantil Dr. Arturo Grullón, Dr. Luis Morillo King, San Vicente de Paul, Materno Infantil Dr. José Francisco Peña Gómez, Juan Pablo Pina, Jaime Mota, Regional Dr. Alejandro Cabral, Taiwan 19 de marzo, Regional Dr. Antonio Musa, Materno Infantil Nuestra Señora de la Altagracia, Materno Infantil Dr. Francisco A. Gonzalvo, Infantil Dr. Robert Reid Cabral, Materno Infantil San Lorenzo de Los Mina, Materno Infantil Dr. Marcelino Vélez Santana, Pediátrico Dr. Hugo Mendoza, Infantil Dr. José Rodriguez Jimenes, Materno Infantil Dr. Julio Rodriguez Grullón, Materno Infantil de Villa Mella","Materno Infantil y Adolescentes"]
["1.1 Reducidos los niveles de morbilidad y mortalidad materna e infantil por causas prevenibles en la población materno-infantil del país, disminuyendo la mortalidad materna de 127.33 y la mortalidad infantil de 18.44 en 2023 a 89.13 y 16.56  en 2028 en todas las regiones del territorio nacional.","1.1.1 Niños, niñas y Adolescentes reciben atención médica y servicios de salud basado en protocolos nacionales e internacionales.","1.1.1.03","Reporte casos niños asistidos por violencia.",1,1,1,1,1,1,1,1,1,1,1,1,12,null,null,"Registro Sala Situacional/ Formulario de reporte","Infantil Dr. Arturo Grullón, Dr. Luis Morillo King, San Vicente de Paul, Materno Infantil Dr. José Francisco Peña Gómez, Juan Pablo Pina, Jaime Mota, Regional Dr. Alejandro Cabral, Taiwan 19 de marzo, Regional Dr. Antonio Musa, Materno Infantil Nuestra Señora de la Altagracia, Materno Infantil Dr. Francisco A. Gonzalvo, Infantil Dr. Robert Reid Cabral, Materno Infantil San Lorenzo de Los Mina, Materno Infantil Dr. Marcelino Vélez Santana, Pediátrico Dr. Hugo Mendoza, Infantil Dr. José Rodriguez Jimenes, Materno Infantil Dr. Julio Rodriguez Grullón, Materno Infantil de Villa Mella","Materno Infantil y Adolescentes","Favor de ajustar la frecuencia de veces al años, creemos que no es prudente reportar mensual, sino trimestral. (ya que en este hospital no se reporta constantemente niños y niñas asiatido por violencia)."]
["1.1 Reducidos los niveles de morbilidad y mortalidad materna e infantil por causas prevenibles en la población materno-infantil del país, disminuyendo la mortalidad materna de 127.33 y la mortalidad infantil de 18.44 en 2023 a 89.13 y 16.56  en 2028 en todas las regiones del territorio nacional.","1.1.1 Niños, niñas y Adolescentes reciben atención médica y servicios de salud basado en protocolos nacionales e internacionales.","1.1.1.04","Elaboración e implementación del plan de mejora para fortalecimiento de las Unidades de Atención Integrales en Salud para personas Adolescentes",1,null,null,1,null,null,1,null,null,1,null,null,4,null,null,"Plan (elaboración enero) Seguimiento (abril, julio, octubre)","Pediátrico Dr. Hugo Mendoza, Pediátrico Dr. Robert Reid Cabral, Materno Infantil San Lorenzo de Los Mina, Municipal Materno Infantil Villa Mella, Infantil Dr. Arturo Grullón, Dr. Ricardo Limardo, Maternidad Infantil Nuestra Señora de la Altagracia (Higuey), Dr. Luis Manuel Morillo King, Juan Pablo Pina, Materno Infantil Dr.Francisco Gonzalvo, San Vicente de Paúl, Dr.Antonio Musa, Jaime Mota, Materno Infantil Dr. Marcelino Vélez, Centro Dr. Nelson Astacio","Materno Infantil y Adolescentes","no somos un hospital priorizado. "]
["1.1 Reducidos los niveles de morbilidad y mortalidad materna e infantil por causas prevenibles en la población materno-infantil del país, disminuyendo la mortalidad materna de 127.33 y la mortalidad infantil de 18.44 en 2023 a 89.13 y 16.56  en 2028 en todas las regiones del territorio nacional.","1.1.1 Niños, niñas y Adolescentes reciben atención médica y servicios de salud basado en protocolos nacionales e internacionales.","1.1.1.05","Reporte de la Planificación familiar en Adolescentes ",1,1,1,1,1,1,1,1,1,1,1,1,12,null,null,"Reporte","Hospitales que asisten Adolecentes","Materno Infantil y Adolescentes"]
["1.2 Aumentado el cumplimiento normativo para reducir la incidencia de complicaciones neonatales y maternas, pasando de un promedio del 75.5% en el año 2023 al 88% en el año 2028 en todas las regiones de la Red Pública de Servicios de Salud.","1.2.1 Gestantes reciben atención médica y servicios de salud materna basados en protocolos y normas nacionales e internacionales.","1.2.1.01","Seguimiento de la  Morbilidad Materna Extrema",null,1,1,1,1,1,1,1,1,1,1,null,10,"Informe",null,null,"Todos los hospitales regionales, maternos, materno infantil, que ofrecen servicios maternos","Materno Infantil y Adolescentes"]
["1.2 Aumentado el cumplimiento normativo para reducir la incidencia de complicaciones neonatales y maternas, pasando de un promedio del 75.5% en el año 2023 al 88% en el año 2028 en todas las regiones de la Red Pública de Servicios de Salud.","1.2.1 Gestantes reciben atención médica y servicios de salud materna basados en protocolos y normas nacionales e internacionales.","1.2.1.02","Análisis de los indicadores Maternos Neonatales de la Sala Situacional",null,null,1,null,null,1,null,null,1,null,null,1,4,"Informe",null,"Plantilla estandarizada","Todos los CEAS regionales, especializados y de referencia que ofrezcan servicios maternos","Materno Infantil y Adolescentes"]
["1.2 Aumentado el cumplimiento normativo para reducir la incidencia de complicaciones neonatales y maternas, pasando de un promedio del 75.5% en el año 2023 al 88% en el año 2028 en todas las regiones de la Red Pública de Servicios de Salud.","1.2.1 Gestantes reciben atención médica y servicios de salud materna basados en protocolos y normas nacionales e internacionales.","1.2.1.03","Seguimiento a la implementacion de la Estrategia Código Rojo.",null,null,1,null,null,1,null,null,1,null,null,1,4,"Informe","Listado de participación",null,"Todos los hospitales regionales, maternos y materno infantil que ofrecen servicios maternos","Materno Infantil y Adolescentes"]
["1.2 Aumentado el cumplimiento normativo para reducir la incidencia de complicaciones neonatales y maternas, pasando de un promedio del 75.5% en el año 2023 al 88% en el año 2028 en todas las regiones de la Red Pública de Servicios de Salud.","1.2.1 Gestantes reciben atención médica y servicios de salud materna basados en protocolos y normas nacionales e internacionales.","1.2.1.04","Seguimiento al tamizaje de infecciones vaginales y urinarias en la embarazada",null,null,1,null,null,1,{"$nulls":3},1,null,null,3,"Informe",null,null,"Materno Dr. Reynaldo Almanzar, Maternidad Nuestra Señora de la Altagracia, Materno Infantil San Lorenzo de los Mina, Maternidad Presidente Estrella Ureña","Materno Infantil y Adolescentes","no somos un hospital priorizado. "]
["1.2 Aumentado el cumplimiento normativo para reducir la incidencia de complicaciones neonatales y maternas, pasando de un promedio del 75.5% en el año 2023 al 88% en el año 2028 en todas las regiones de la Red Pública de Servicios de Salud.","1.2.1 Gestantes reciben atención médica y servicios de salud materna basados en protocolos y normas nacionales e internacionales.","1.2.1.05","Elaboracion de los planes de mejora de la metodología de Observación de la Práctica Clínica (OPC) según los resultados del monitoreo de calidad de los servicios en los CEAS priorizados ",{"$nulls":4},1,{"$nulls":4},1,null,null,2,"Plan","Listado de participación",null,"CEAS PRIORIZADOS \nSRS Ozama\n1. Hospital Materno Dr. Reynaldo Almánzar\n2. Hospital Maternidad Nuestra Señora de la Altagracia\n3. Hospital Materno Infantil San Lorenzo de los Mina\n4. Hospital Materno Dra. Evangelina Rodríguez\n5. ⁠Hospital Materno Infantil Dr. Marcelino Vélez Santana\n6. Hospital Materno Infantil Dr. Julio Rodriguez Grullón\nSRS Valdesia\n7.Hospital Regional Juan Pablo Pina\nSRS Cibao Norte\n8. Hospital Maternidad Presidente Estrella Ureña\nSRS Cibao Nordeste\n9. Hospital Regional  San Vicente de Paul\nSRS Enriquillo\n10. Hospital Regional Jaime Mota\nSRS Higuamo\n11. Hospital Materno Infantil Nuestra Señora de la Altagracia\n12. Hospital Materno Infantil Dr. Francisco Gonzalvo. \nSRS Yuma \n13. Hospital Regional Dr. Antonio Musa\nSRS El Valle\n14. Hospital Regional Dr. Alejandro Cabral\n15. Hospital Regional Taiwán 19 de marzo\nSRS Cibao Noroeste\n16. Hospital Materno Infantil Dr.José Francisco Peña Gómez\nSRS Cibao Sur\n17. Hospital Regional Dr. Luis Morillo King","Materno Infantil y Adolescentes","no somos un hospital priorizado. "]
["1.2 Aumentado el cumplimiento normativo para reducir la incidencia de complicaciones neonatales y maternas, pasando de un promedio del 75.5% en el año 2023 al 88% en el año 2028 en todas las regiones de la Red Pública de Servicios de Salud.","1.2.1 Gestantes reciben atención médica y servicios de salud materna basados en protocolos y normas nacionales e internacionales.","1.2.1.06","Seguimiento a la Planificación  Post Evento Obstétrico",{"$nulls":3},1,{"$nulls":3},1,null,null,1,null,3,"Informe ",null,null,"CEAS PRIORIZADOS \nSRS Ozama\n1. Hospital Materno Dr. Reynaldo Almánzar\n2. Hospital Maternidad Nuestra Señora de la Altagracia\n3. Hospital Materno Infantil San Lorenzo de los Mina\n4. Hospital Materno Dra. Evangelina Rodríguez\n5. ⁠Hospital Materno Infantil Dr. Marcelino Vélez Santana\n6. Hospital Materno Infantil Dr. Julio Rodriguez Grullón\nSRS Valdesia\n7.Hospital Regional Juan Pablo Pina\nSRS Cibao Norte\n8. Hospital Maternidad Presidente Estrella Ureña\nSRS Cibao Nordeste\n9. Hospital Regional  San Vicente de Paul\nSRS Enriquillo\n10. Hospital Regional Jaime Mota\nSRS Higuamo\n11. Hospital Materno Infantil Nuestra Señora de la Altagracia\n12. Hospital Materno Infantil Dr. Francisco Gonzalvo. \nSRS Yuma \n13. Hospital Regional Dr. Antonio Musa\nSRS El Valle\n14. Hospital Regional Dr. Alejandro Cabral\n15. Hospital Regional Taiwán 19 de marzo\nSRS Cibao Noroeste\n16. Hospital Materno Infantil Dr.José Francisco Peña Gómez\nSRS Cibao Sur\n17. Hospital Regional Dr. Luis Morillo King","Materno Infantil y Adolescentes","no somos un hospital priorizado. "]
["1.2 Aumentado el cumplimiento normativo para reducir la incidencia de complicaciones neonatales y maternas, pasando de un promedio del 75.5% en el año 2023 al 88% en el año 2028 en todas las regiones de la Red Pública de Servicios de Salud.","1.2.1 Gestantes reciben atención médica y servicios de salud materna basados en protocolos y normas nacionales e internacionales.","1.2.1.07","Monitoreo  al apego a protocolo de atencion en consulta prenatal.",{"$nulls":4},1,{"$nulls":4},1,null,null,2,"Informe ",null,null,"CEAS PRIORIZADOS \nSRS Ozama\n1. Hospital Materno Dr. Reynaldo Almánzar\n2. Hospital Maternidad Nuestra Señora de la Altagracia\n3. Hospital Materno Infantil San Lorenzo de los Mina\n4. Hospital Materno Dra. Evangelina Rodríguez\n5. ⁠Hospital Materno Infantil Dr. Marcelino Vélez Santana\n6. Hospital Materno Infantil Dr. Julio Rodriguez Grullón\nSRS Valdesia\n7.Hospital Regional Juan Pablo Pina\nSRS Cibao Norte\n8. Hospital Maternidad Presidente Estrella Ureña\nSRS Cibao Nordeste\n9. Hospital Regional  San Vicente de Paul\nSRS Enriquillo\n10. Hospital Regional Jaime Mota\nSRS Higuamo\n11. Hospital Materno Infantil Nuestra Señora de la Altagracia\n12. Hospital Materno Infantil Dr. Francisco Gonzalvo. \nSRS Yuma \n13. Hospital Regional Dr. Antonio Musa\nSRS El Valle\n14. Hospital Regional Dr. Alejandro Cabral\n15. Hospital Regional Taiwán 19 de marzo\nSRS Cibao Noroeste\n16. Hospital Materno Infantil Dr.José Francisco Peña Gómez\nSRS Cibao Sur\n17. Hospital Regional Dr. Luis Morillo King","Materno Infantil y Adolescentes","no somos un hospital priorizado. "]
["1.1 Reducidos los niveles de morbilidad y mortalidad materna e infantil por causas prevenibles en la población materno-infantil del país, disminuyendo la mortalidad materna de 127.33 y la mortalidad infantil de 18.44 en 2023 a 89.13 y 16.56  en 2028 en todas las regiones del territorio nacional.","1.1.2 Recién nacidos reciben atención medica y servicios de salud neonatal basados en protocolos y normas nacionales e internacionales","1.2.2.01","Vigilanica sanitaria del agua en las UCIN del SNS",{"$nulls":5},1,{"$nulls":5},1,2,"Reporte",null,null,"Maternidad Nuestra Señora de la Altagracia , Materno Infantil San Lorenzo de los Mina, Materno Dr. Reynaldo Almánzar, Materno Infantil Dr. Marcelino Vélez, Maternidad Presidente Estrella Ureña, Materno Infantil Nuestra Señora de la Altagracia (Higuey), Juan Pablo Pina, San Vicente de Paul, Dr. Luis M. Morillo King, Infantil Dr.Robert Reid Cabral, Maternidad Dra.Evangelina Rodriguez, Materno Infantil Dr. José Fco.Peña Gomez,  Jaime Mota, Dr. Antonio Musa, Infantil Dr. Arturo Grullon, Materno Infantil Dr. José Rodriguez Grullón (Ciudad Sanitaria), Pediatrico Dr.Hugo Mendoza, Taiwan 19 de marzo, Dr. Alejandro Cabral","Materno Infantil y Adolescentes","No contamos con unidad de UCIN"]
["1.1 Reducidos los niveles de morbilidad y mortalidad materna e infantil por causas prevenibles en la población materno-infantil del país, disminuyendo la mortalidad materna de 127.33 y la mortalidad infantil de 18.44 en 2023 a 89.13 y 16.56  en 2028 en todas las regiones del territorio nacional.","1.1.2 Recién nacidos reciben atención medica y servicios de salud neonatal basados en protocolos y normas nacionales e internacionales","1.2.2.02","Monitoreo del registro en línea del Certificado de Nacido Vivo ",1,1,1,1,1,1,1,1,1,1,1,1,12,"Reporte",null,null,"Todos los CEAS donde se producen nacimientos","Materno Infantil y Adolescentes"]
["1.5 Reducida la morbilidad y mortalidad prematura por enfermedades no transmisibles en personas de 30 a 69 años, en un 20% al año 2028, mediante la implementación de intervenciones integrales de prevención, diagnóstico temprano y tratamiento oportuno en los establecimientos de la Red Pública.","1.5.1 La población con riesgo o diagnóstico de hipertensión y diabetes recibe servicios integrales de prevención, diagnóstico, manejo y seguimiento de enfermedades crónicas no transmisibles, fortalecidos mediante la implementación del enfoque HEARTS.","1.5.1.01",{"$nulls":13},0]
["1.5 Reducida la morbilidad y mortalidad prematura por enfermedades no transmisibles en personas de 30 a 69 años, en un 20% al año 2028, mediante la implementación de intervenciones integrales de prevención, diagnóstico temprano y tratamiento oportuno en los establecimientos de la Red Pública.","1.5.2 Las víctimas de violencia de género e intrafamiliar reciben atención integral, oportuna y segura en los servicios de salud.","1.5.2.01","Reporte de estadísticas de los casos de violencia de género e intrafamiliar.",1,1,1,1,1,1,1,1,1,1,1,1,12,"Reporte",{"$nulls":3},"Género"]
["1.6 Incrementado el acceso oportuno a servicios de salud de calidad, aumentando el acceso a servicios preventivos de 2.23% de la población prioritaria en 2023 al 5.24% en 2028 en todas las regiones del país.","1.6.5 La población usuaria recibe servicios odontológicos fortalecidos y de calidad mediante la ejecución de planes de mejora de la atención dental.","1.6.5.01","Capacitaciones a RRHH de las areas de odontología de acuerdo a las necesidades. ",null,null,1,null,null,1,null,null,1,{"$nulls":3},3,"Listado de participación","Plan",null,null,"Odontología"]
["1.6 Incrementado el acceso oportuno a servicios de salud de calidad, aumentando el acceso a servicios preventivos de 2.23% de la población prioritaria en 2023 al 5.24% en 2028 en todas las regiones del país.","1.6.5 La población usuaria recibe servicios odontológicos fortalecidos y de calidad mediante la ejecución de planes de mejora de la atención dental.","1.6.5.02","Desarrollo de plan de acciones para el acondicionamiento de infraestructura, mantenimiento de  equipos y equipamiento de las áreas de odontología  EES",null,null,1,null,null,1,null,null,1,null,1,null,4,"Informe","Plan",null,null,"Odontología"]
["1.6 Incrementado el acceso oportuno a servicios de salud de calidad, aumentando el acceso a servicios preventivos de 2.23% de la población prioritaria en 2023 al 5.24% en 2028 en todas las regiones del país.","1.6.5 La población usuaria recibe servicios odontológicos fortalecidos y de calidad mediante la ejecución de planes de mejora de la atención dental.","1.6.5.03","Desarrollo del Programa Fomento de la Salud bucal.",{"$nulls":3},1,{"$nulls":3},1,null,1,null,null,3,"Informe",{"$nulls":3},"Odontología"]
["1.6 Incrementado el acceso oportuno a servicios de salud de calidad, aumentando el acceso a servicios preventivos de 2.23% de la población prioritaria en 2023 al 5.24% en 2028 en todas las regiones del país.","1.6.5 La población usuaria recibe servicios odontológicos fortalecidos y de calidad mediante la ejecución de planes de mejora de la atención dental.","1.6.5.04","Desarrollo del Programa Hospitales libre de caries",{"$nulls":3},1,{"$nulls":4},1,{"$nulls":3},2,"Informe",{"$nulls":3},"Odontología"]
["1.7 Aumentada la disponibilidad de medicamentos esenciales en los establecimientos de la Red Pública de Servicios de Salud, incrementando el cumplimiento promedio de abastecimiento del 88% en 2023 al 93% en 2028 en todas las regiones del país.","1.7.1 Pacientes reciben medicamentos esenciales para el tratamiento adecuado y oportuno de sus condiciones de salud.","1.7.1.01","Reunión Comité Farmaco Terapeutico (CFT) Hospitalario y promoción del uso racional de los medicamentos.",1,null,null,1,null,null,1,null,null,1,null,null,4,"Listado de participación","Minuta",null,null,"Medicamentos"]
["1.8 Superadas las deficiencias en la organización e implementación de las Redes Integradas de Servicios de Salud (RISS) beneficiando a toda la población que utiliza los servicios de salud de la Red Pública, aumentando del 38% en 2023 al 50% en 2028 en todo el territorio nacional.","1.8.2 La población recibe acceso equitativo a servicios de salud, incluidos los de emergencia, de calidad, seguros, integrales, continuos e inclusivos, mediante redes integradas que incorporan mejora continua de procesos y avances tecnológicos.","1.8.2.01","Implementación del Modelo hospitalario y flujos de Asistencia Emergencias y Urgencias ",{"$nulls":5},1,{"$nulls":6},1,"Reporte",{"$nulls":3},"Emergencia"]
["1.8 Superadas las deficiencias en la organización e implementación de las Redes Integradas de Servicios de Salud (RISS) beneficiando a toda la población que utiliza los servicios de salud de la Red Pública, aumentando del 38% en 2023 al 50% en 2028 en todo el territorio nacional.","1.8.2 La población recibe acceso equitativo a servicios de salud, incluidos los de emergencia, de calidad, seguros, integrales, continuos e inclusivos, mediante redes integradas que incorporan mejora continua de procesos y avances tecnológicos.","1.8.2.02","Socializacion e implementación del RAC-Triaje en las Salas de Emergencias Centros Hospitalarios ",{"$nulls":5},1,{"$nulls":4},1,null,2,"Listado de participación","Reporte",null,null,"Emergencia"]
["1.8 Superadas las deficiencias en la organización e implementación de las Redes Integradas de Servicios de Salud (RISS) beneficiando a toda la población que utiliza los servicios de salud de la Red Pública, aumentando del 38% en 2023 al 50% en 2028 en todo el territorio nacional.","1.8.2 La población recibe acceso equitativo a servicios de salud, incluidos los de emergencia, de calidad, seguros, integrales, continuos e inclusivos, mediante redes integradas que incorporan mejora continua de procesos y avances tecnológicos.","1.8.2.03","Llenado de historia clinica de emergencias y registro de todos los pacientes del libro de emergencias ",{"$nulls":8},1,{"$nulls":3},1,"Reporte",{"$nulls":3},"Emergencia"]
["1.8 Superadas las deficiencias en la organización e implementación de las Redes Integradas de Servicios de Salud (RISS) beneficiando a toda la población que utiliza los servicios de salud de la Red Pública, aumentando del 38% en 2023 al 50% en 2028 en todo el territorio nacional.","1.8.2 La población recibe acceso equitativo a servicios de salud, incluidos los de emergencia, de calidad, seguros, integrales, continuos e inclusivos, mediante redes integradas que incorporan mejora continua de procesos y avances tecnológicos.","1.8.2.04","Implementación del procedimiento para la entrega, recibo y reposicion de carro de paro",null,1,null,null,1,null,null,1,null,null,1,null,4,null,null,"Formularios de verificacion de Carro de paro (Apertura, Stock y Verificacion de desfibrilador)",null,"Emergencia"]
["1.8 Superadas las deficiencias en la organización e implementación de las Redes Integradas de Servicios de Salud (RISS) beneficiando a toda la población que utiliza los servicios de salud de la Red Pública, aumentando del 38% en 2023 al 50% en 2028 en todo el territorio nacional.","1.8.2 La población recibe acceso equitativo a servicios de salud, incluidos los de emergencia, de calidad, seguros, integrales, continuos e inclusivos, mediante redes integradas que incorporan mejora continua de procesos y avances tecnológicos.","1.8.2.05","Registros en el tablero de Indicadores de Gestión de las Salas de Emergencias de los Centros de Salud.",null,null,1,null,null,1,null,null,1,null,null,1,4,"Reporte",{"$nulls":3},"Emergencia"]
["1.8 Superadas las deficiencias en la organización e implementación de las Redes Integradas de Servicios de Salud (RISS) beneficiando a toda la población que utiliza los servicios de salud de la Red Pública, aumentando del 38% en 2023 al 50% en 2028 en todo el territorio nacional.","1.8.2 La población recibe acceso equitativo a servicios de salud, incluidos los de emergencia, de calidad, seguros, integrales, continuos e inclusivos, mediante redes integradas que incorporan mejora continua de procesos y avances tecnológicos.","1.8.2.06","Socialización de los procedimientos de traslado de pacientes",{"$nulls":4},1,{"$nulls":7},1,"Listado de participación","Agenda",null,null,"Emergencia"]
["1.8 Superadas las deficiencias en la organización e implementación de las Redes Integradas de Servicios de Salud (RISS) beneficiando a toda la población que utiliza los servicios de salud de la Red Pública, aumentando del 38% en 2023 al 50% en 2028 en todo el territorio nacional.","1.8.2 La población recibe acceso equitativo a servicios de salud, incluidos los de emergencia, de calidad, seguros, integrales, continuos e inclusivos, mediante redes integradas que incorporan mejora continua de procesos y avances tecnológicos.","1.8.2.07","Elaboración y/o actualización de los Planes de Emergencias y Desastres Hospitalarios",null,null,1,{"$nulls":9},1,"Plan",{"$nulls":3},"Emergencia"]
["1.8 Superadas las deficiencias en la organización e implementación de las Redes Integradas de Servicios de Salud (RISS) beneficiando a toda la población que utiliza los servicios de salud de la Red Pública, aumentando del 38% en 2023 al 50% en 2028 en todo el territorio nacional.","1.8.2 La población recibe acceso equitativo a servicios de salud, incluidos los de emergencia, de calidad, seguros, integrales, continuos e inclusivos, mediante redes integradas que incorporan mejora continua de procesos y avances tecnológicos.","1.8.2.08","Reunion del comité de emergencias para socializacion del plan Hospitalarios  Emergencias de salud publica y desastres naturales con el personal del hospital.",null,null,1,null,null,1,null,null,1,{"$nulls":3},3,"Listado de participación","Minuta",null,null,"Emergencia"]
["1.8 Superadas las deficiencias en la organización e implementación de las Redes Integradas de Servicios de Salud (RISS) beneficiando a toda la población que utiliza los servicios de salud de la Red Pública, aumentando del 38% en 2023 al 50% en 2028 en todo el territorio nacional.","1.8.2 La población recibe acceso equitativo a servicios de salud, incluidos los de emergencia, de calidad, seguros, integrales, continuos e inclusivos, mediante redes integradas que incorporan mejora continua de procesos y avances tecnológicos.","1.8.2.09","Simulacro para probar la funcionabilidad de los  Planes de  Emergencias y Desastres Hospitalarios.",{"$nulls":9},1,null,null,1,"Listado de participación","Reporte",null,null,"Emergencia"]
["1.8 Superadas las deficiencias en la organización e implementación de las Redes Integradas de Servicios de Salud (RISS) beneficiando a toda la población que utiliza los servicios de salud de la Red Pública, aumentando del 38% en 2023 al 50% en 2028 en todo el territorio nacional.","1.8.2 La población recibe acceso equitativo a servicios de salud, incluidos los de emergencia, de calidad, seguros, integrales, continuos e inclusivos, mediante redes integradas que incorporan mejora continua de procesos y avances tecnológicos.","1.8.2.10","Reunión con el Comite Hospitalario de Emergencias y Desastres para preparar el Operativo de Navidad y Año Nuevo comité de emergencias ",{"$nulls":11},1,1,"Listado de participación","Minuta",null,null,"Emergencia"]
["1.8 Superadas las deficiencias en la organización e implementación de las Redes Integradas de Servicios de Salud (RISS) beneficiando a toda la población que utiliza los servicios de salud de la Red Pública, aumentando del 38% en 2023 al 50% en 2028 en todo el territorio nacional.","1.8.2 La población recibe acceso equitativo a servicios de salud, incluidos los de emergencia, de calidad, seguros, integrales, continuos e inclusivos, mediante redes integradas que incorporan mejora continua de procesos y avances tecnológicos.","1.8.2.11","Reunión con el Comite Hospitalario de Emergencias y Desastres para preparar el Operativo de Semana Santa comité de emergencias",null,null,1,{"$nulls":9},1,"Listado de participación","Minuta",null,null,"Emergencia"]
["1.8 Superadas las deficiencias en la organización e implementación de las Redes Integradas de Servicios de Salud (RISS) beneficiando a toda la población que utiliza los servicios de salud de la Red Pública, aumentando del 38% en 2023 al 50% en 2028 en todo el territorio nacional.","1.8.2 La población recibe acceso equitativo a servicios de salud, incluidos los de emergencia, de calidad, seguros, integrales, continuos e inclusivos, mediante redes integradas que incorporan mejora continua de procesos y avances tecnológicos.","1.8.2.12","Reunión con el Comite Hospitalario de Emergencias y Desastres para respuesta a Temporada Ciclonica y Eventos Hidrometeorologicos comité de emergencias",1,{"$nulls":9},1,null,{"$f":"SUM(E41:P41)","v":2},"Listado de participación","Minuta",null,null,"Emergencia"]
["1.8 Superadas las deficiencias en la organización e implementación de las Redes Integradas de Servicios de Salud (RISS) beneficiando a toda la población que utiliza los servicios de salud de la Red Pública, aumentando del 38% en 2023 al 50% en 2028 en todo el territorio nacional.","1.8.2 La población recibe acceso equitativo a servicios de salud, incluidos los de emergencia, de calidad, seguros, integrales, continuos e inclusivos, mediante redes integradas que incorporan mejora continua de procesos y avances tecnológicos.","1.8.2.13","Reunión con el Comite Hospitalario de Emergencias y Desastres para la respuesta alta demanda asistencial por siniestros siniestro viales, emergencias de salud, desastres naturales y cambio climaticos.",{"$nulls":7},1,{"$nulls":4},1,"Listado de participación","Minuta",null,null,"Emergencia"]
["1.8 Superadas las deficiencias en la organización e implementación de las Redes Integradas de Servicios de Salud (RISS) beneficiando a toda la población que utiliza los servicios de salud de la Red Pública, aumentando del 38% en 2023 al 50% en 2028 en todo el territorio nacional.","1.8.3 La población usuaria recibe servicios hospitalarios fortalecidos, integrales y de calidad mediante la mejora continua de procesos y servicios, la optimización de la gestión y el fortalecimiento de la infraestructura, el equipamiento y las capacidades del personal.","1.8.3.01","Supervision de indicadores de calidad en el programa de hemodialisis y diálisis peritoneal, para los centros que apliquen para el programa.",1,1,1,1,1,1,1,1,1,1,1,1,12,"Informe",{"$nulls":3},"Centros Hospitalarios","no contamos con el programa de dialisis. "]
["1.8 Superadas las deficiencias en la organización e implementación de las Redes Integradas de Servicios de Salud (RISS) beneficiando a toda la población que utiliza los servicios de salud de la Red Pública, aumentando del 38% en 2023 al 50% en 2028 en todo el territorio nacional.","1.8.3 La población usuaria recibe servicios hospitalarios fortalecidos, integrales y de calidad mediante la mejora continua de procesos y servicios, la optimización de la gestión y el fortalecimiento de la infraestructura, el equipamiento y las capacidades del personal.","1.8.3.02","Plan de mejora a partir de los resultados de la evaluacion de indicadores de calidad en el programa de hemodialisis y diálisis peritoneal, para los centros que apliquen para el programa.",null,null,1,null,null,1,null,null,1,null,null,1,4,"Protocolo",{"$nulls":3},"Centros Hospitalarios","no contamos con el programa de dialisis. "]
["1.8 Superadas las deficiencias en la organización e implementación de las Redes Integradas de Servicios de Salud (RISS) beneficiando a toda la población que utiliza los servicios de salud de la Red Pública, aumentando del 38% en 2023 al 50% en 2028 en todo el territorio nacional.","1.8.3 La población usuaria recibe servicios hospitalarios fortalecidos, integrales y de calidad mediante la mejora continua de procesos y servicios, la optimización de la gestión y el fortalecimiento de la infraestructura, el equipamiento y las capacidades del personal.","1.8.3.03","Seguimiento a los planes de mejora de la evaluacion de indicadores de calidad en el programa de hemodialisis y diálisis peritoneal, para los centros que apliquen para el programa.",{"$nulls":3},1,null,null,1,null,null,1,null,null,3,"Informe","Plan",null,null,"Centros Hospitalarios","no contamos con el programa de dialisis. "]
["1.8 Superadas las deficiencias en la organización e implementación de las Redes Integradas de Servicios de Salud (RISS) beneficiando a toda la población que utiliza los servicios de salud de la Red Pública, aumentando del 38% en 2023 al 50% en 2028 en todo el territorio nacional.","1.8.3 La población usuaria recibe servicios hospitalarios fortalecidos, integrales y de calidad mediante la mejora continua de procesos y servicios, la optimización de la gestión y el fortalecimiento de la infraestructura, el equipamiento y las capacidades del personal.","1.8.3.04","Seguimiento al plan de mejora de las evaluaciones de la calidad de los servicios de nutrición",null,null,1,null,null,1,null,null,1,null,null,1,4,"Informe","Plan",null,null,"Centros Hospitalarios"]
["1.8 Superadas las deficiencias en la organización e implementación de las Redes Integradas de Servicios de Salud (RISS) beneficiando a toda la población que utiliza los servicios de salud de la Red Pública, aumentando del 38% en 2023 al 50% en 2028 en todo el territorio nacional.","1.8.3 La población usuaria recibe servicios hospitalarios fortalecidos, integrales y de calidad mediante la mejora continua de procesos y servicios, la optimización de la gestión y el fortalecimiento de la infraestructura, el equipamiento y las capacidades del personal.","1.8.3.05","Implementacion de los procesos de bioseguridad hospitalaria",null,null,1,null,null,1,null,null,1,null,null,1,4,"Informe",{"$nulls":3},"Centros Hospitalarios"]
["1.8 Superadas las deficiencias en la organización e implementación de las Redes Integradas de Servicios de Salud (RISS) beneficiando a toda la población que utiliza los servicios de salud de la Red Pública, aumentando del 38% en 2023 al 50% en 2028 en todo el territorio nacional.","1.8.3 La población usuaria recibe servicios hospitalarios fortalecidos, integrales y de calidad mediante la mejora continua de procesos y servicios, la optimización de la gestión y el fortalecimiento de la infraestructura, el equipamiento y las capacidades del personal.","1.8.3.06","Elaboración de los planes de mejora a partir de los resultados de evaluacion de procesos de bioseguridad hospitalaria",null,null,1,null,null,1,null,null,1,null,null,1,4,"Plan",{"$nulls":3},"Centros Hospitalarios"]
["1.8 Superadas las deficiencias en la organización e implementación de las Redes Integradas de Servicios de Salud (RISS) beneficiando a toda la población que utiliza los servicios de salud de la Red Pública, aumentando del 38% en 2023 al 50% en 2028 en todo el territorio nacional.","1.8.3 La población usuaria recibe servicios hospitalarios fortalecidos, integrales y de calidad mediante la mejora continua de procesos y servicios, la optimización de la gestión y el fortalecimiento de la infraestructura, el equipamiento y las capacidades del personal.","1.8.3.07","Seguimiento a los planes de mejora de evaluación de procesos de bioseguridad hospitalaria",null,null,1,null,null,1,null,null,1,null,null,1,4,"Informe","Plan",null,null,"Centros Hospitalarios"]
["1.8 Superadas las deficiencias en la organización e implementación de las Redes Integradas de Servicios de Salud (RISS) beneficiando a toda la población que utiliza los servicios de salud de la Red Pública, aumentando del 38% en 2023 al 50% en 2028 en todo el territorio nacional.","1.8.3 La población usuaria recibe servicios hospitalarios fortalecidos, integrales y de calidad mediante la mejora continua de procesos y servicios, la optimización de la gestión y el fortalecimiento de la infraestructura, el equipamiento y las capacidades del personal.","1.8.3.08","Notificación oportuna de las enfermedades bajo vigilancia epidemiológica (Epi 1 y 2)",1,1,1,1,1,1,1,1,1,1,1,1,12,"Reporte",{"$nulls":3},"Centros Hospitalarios"]
["1.8 Superadas las deficiencias en la organización e implementación de las Redes Integradas de Servicios de Salud (RISS) beneficiando a toda la población que utiliza los servicios de salud de la Red Pública, aumentando del 38% en 2023 al 50% en 2028 en todo el territorio nacional.","1.8.3 La población usuaria recibe servicios hospitalarios fortalecidos, integrales y de calidad mediante la mejora continua de procesos y servicios, la optimización de la gestión y el fortalecimiento de la infraestructura, el equipamiento y las capacidades del personal.","1.8.3.09","Implementación del procedimiento de hosteleria hospitalaria",{"$nulls":5},1,{"$nulls":5},1,2,"Informe",{"$nulls":3},"Centros Hospitalarios"]
["1.8 Superadas las deficiencias en la organización e implementación de las Redes Integradas de Servicios de Salud (RISS) beneficiando a toda la población que utiliza los servicios de salud de la Red Pública, aumentando del 38% en 2023 al 50% en 2028 en todo el territorio nacional.","1.8.3 La población usuaria recibe servicios hospitalarios fortalecidos, integrales y de calidad mediante la mejora continua de procesos y servicios, la optimización de la gestión y el fortalecimiento de la infraestructura, el equipamiento y las capacidades del personal.","1.8.3.10","Diagnóstico situacional de la conformación de los comités hospitalarios",null,null,1,null,null,1,null,null,1,null,null,1,4,"Informe",{"$nulls":3},"Centros Hospitalarios"]
["1.8 Superadas las deficiencias en la organización e implementación de las Redes Integradas de Servicios de Salud (RISS) beneficiando a toda la población que utiliza los servicios de salud de la Red Pública, aumentando del 38% en 2023 al 50% en 2028 en todo el territorio nacional.","1.8.3 La población usuaria recibe servicios hospitalarios fortalecidos, integrales y de calidad mediante la mejora continua de procesos y servicios, la optimización de la gestión y el fortalecimiento de la infraestructura, el equipamiento y las capacidades del personal.","1.8.3.11","Conformacion de los comité Hospitalarios",null,null,1,null,null,1,null,null,1,null,null,1,4,"Reporte",null,"Matriz",null,"Centros Hospitalarios","favor de verificar la frecuencia de reporte. "]
["1.8 Superadas las deficiencias en la organización e implementación de las Redes Integradas de Servicios de Salud (RISS) beneficiando a toda la población que utiliza los servicios de salud de la Red Pública, aumentando del 38% en 2023 al 50% en 2028 en todo el territorio nacional.","1.8.3 La población usuaria recibe servicios hospitalarios fortalecidos, integrales y de calidad mediante la mejora continua de procesos y servicios, la optimización de la gestión y el fortalecimiento de la infraestructura, el equipamiento y las capacidades del personal.","1.8.3.12","Evaluacion de la Metodologia de Gestion Productiva",null,null,1,null,null,1,null,null,1,null,null,1,4,"Informe",{"$nulls":3},"Centros Hospitalarios","favor de verificar la frecuencia de reporte. "]
["1.8 Superadas las deficiencias en la organización e implementación de las Redes Integradas de Servicios de Salud (RISS) beneficiando a toda la población que utiliza los servicios de salud de la Red Pública, aumentando del 38% en 2023 al 50% en 2028 en todo el territorio nacional.","1.8.3 La población usuaria recibe servicios hospitalarios fortalecidos, integrales y de calidad mediante la mejora continua de procesos y servicios, la optimización de la gestión y el fortalecimiento de la infraestructura, el equipamiento y las capacidades del personal.","1.8.3.13","Plan de mejora a partir de los resultados de la evaluacion de la metodologia de gestion productiva",{"$nulls":3},1,null,null,1,null,null,1,null,1,4,"Plan",{"$nulls":3},"Centros Hospitalarios"]
["1.8 Superadas las deficiencias en la organización e implementación de las Redes Integradas de Servicios de Salud (RISS) beneficiando a toda la población que utiliza los servicios de salud de la Red Pública, aumentando del 38% en 2023 al 50% en 2028 en todo el territorio nacional.","1.8.3 La población usuaria recibe servicios hospitalarios fortalecidos, integrales y de calidad mediante la mejora continua de procesos y servicios, la optimización de la gestión y el fortalecimiento de la infraestructura, el equipamiento y las capacidades del personal.","1.8.3.14","Seguimiento a los planes de mejora de la MGP",{"$nulls":4},1,null,null,1,{"$nulls":3},1,3,"Informe","Plan",null,null,"Centros Hospitalarios"]
["1.8 Superadas las deficiencias en la organización e implementación de las Redes Integradas de Servicios de Salud (RISS) beneficiando a toda la población que utiliza los servicios de salud de la Red Pública, aumentando del 38% en 2023 al 50% en 2028 en todo el territorio nacional.","1.8.3 La población usuaria recibe servicios hospitalarios fortalecidos, integrales y de calidad mediante la mejora continua de procesos y servicios, la optimización de la gestión y el fortalecimiento de la infraestructura, el equipamiento y las capacidades del personal.","1.8.3.15","Supervisión de la calidad de los servicios de nutrición ",1,1,1,1,1,1,1,1,1,1,1,1,12,"Informe",{"$nulls":3},"Centros Hospitalarios"]
["1.8 Superadas las deficiencias en la organización e implementación de las Redes Integradas de Servicios de Salud (RISS) beneficiando a toda la población que utiliza los servicios de salud de la Red Pública, aumentando del 38% en 2023 al 50% en 2028 en todo el territorio nacional.","1.8.3 La población usuaria recibe servicios hospitalarios fortalecidos, integrales y de calidad mediante la mejora continua de procesos y servicios, la optimización de la gestión y el fortalecimiento de la infraestructura, el equipamiento y las capacidades del personal.","1.8.3.16","Desarrollo de los planes de mejora a partir de los resultados de las evaluaciones de la calidad de los servicios de nutrición",null,null,1,null,null,1,null,null,1,null,null,1,4,"Plan",{"$nulls":3},"Centros Hospitalarios"]
["1.8 Superadas las deficiencias en la organización e implementación de las Redes Integradas de Servicios de Salud (RISS) beneficiando a toda la población que utiliza los servicios de salud de la Red Pública, aumentando del 38% en 2023 al 50% en 2028 en todo el territorio nacional.","1.8.3 La población usuaria recibe servicios hospitalarios fortalecidos, integrales y de calidad mediante la mejora continua de procesos y servicios, la optimización de la gestión y el fortalecimiento de la infraestructura, el equipamiento y las capacidades del personal.","1.8.3.17","Implementación del plan de mejora de las evaluaciones de la calidad de los servicios de nutrición",{"$nulls":3},1,null,null,1,null,null,1,null,null,3,"Informe",{"$nulls":3},"Centros Hospitalarios"]
["1.8 Superadas las deficiencias en la organización e implementación de las Redes Integradas de Servicios de Salud (RISS) beneficiando a toda la población que utiliza los servicios de salud de la Red Pública, aumentando del 38% en 2023 al 50% en 2028 en todo el territorio nacional.","1.8.3 La población usuaria recibe servicios hospitalarios fortalecidos, integrales y de calidad mediante la mejora continua de procesos y servicios, la optimización de la gestión y el fortalecimiento de la infraestructura, el equipamiento y las capacidades del personal.","1.8.3.18","Análisis del comportamiento de las objeciones médicas y administrativas",1,1,1,1,1,1,1,1,1,1,1,1,12,"Inventario",{"$nulls":3},"Centros Hospitalarios"]
["1.8 Superadas las deficiencias en la organización e implementación de las Redes Integradas de Servicios de Salud (RISS) beneficiando a toda la población que utiliza los servicios de salud de la Red Pública, aumentando del 38% en 2023 al 50% en 2028 en todo el territorio nacional.","1.8.3 La población usuaria recibe servicios hospitalarios fortalecidos, integrales y de calidad mediante la mejora continua de procesos y servicios, la optimización de la gestión y el fortalecimiento de la infraestructura, el equipamiento y las capacidades del personal.","1.8.3.19","Elaboracion de los planes de mejora para la disminucion de las objeciones médicas, administrativas y el incremento de la facturación de los CEAS, en coordinacion de los SRS los centros de salud.",null,null,1,null,null,1,null,null,1,null,null,1,4,"Plan",{"$nulls":3},"Centros Hospitalarios"]
["1.8 Superadas las deficiencias en la organización e implementación de las Redes Integradas de Servicios de Salud (RISS) beneficiando a toda la población que utiliza los servicios de salud de la Red Pública, aumentando del 38% en 2023 al 50% en 2028 en todo el territorio nacional.","1.8.3 La población usuaria recibe servicios hospitalarios fortalecidos, integrales y de calidad mediante la mejora continua de procesos y servicios, la optimización de la gestión y el fortalecimiento de la infraestructura, el equipamiento y las capacidades del personal.","1.8.3.20","Seguimiento a la ejecución de planes de mejora para la disminucion de las objeciones médicas, administrativas y el incremento de la facturación de los CEAS.",null,null,1,null,null,1,null,null,1,null,null,1,4,"Informe","Plan",null,null,"Centros Hospitalarios"]
["2.1 Reducida la escasez de recursos humanos de salud, aumentando un 12% en el 2028 la dotación de personal en establecimientos públicos del país.","2.1.1 El personal del SNS recibe desarrollo de competencias (técnicas y blandas), evaluación del desempeño y gestión de seguridad y salud en el trabajo, con procesos efectivos de relaciones laborales, para mejorar el desempeño, el bienestar y el cumplimiento normativo en toda la red.","2.1.1.01","Ejecución Plan de Capacitación 2026.",null,null,1,null,null,1,null,null,1,null,null,1,4,"Informe","Plan",null,"1- El informe trimestral se realiza en el formulario estandarizado por el INAP. \n2-Adicional presentar listados de asistencia y plan de capacitación 2026.","Recursos Humanos"]
["2.1 Reducida la escasez de recursos humanos de salud, aumentando un 12% en el 2028 la dotación de personal en establecimientos públicos del país.","2.1.1 El personal del SNS recibe desarrollo de competencias (técnicas y blandas), evaluación del desempeño y gestión de seguridad y salud en el trabajo, con procesos efectivos de relaciones laborales, para mejorar el desempeño, el bienestar y el cumplimiento normativo en toda la red.","2.1.1.02","Detección necesidades capacitación por departamento CEAS Plan 2027.",{"$nulls":8},1,{"$nulls":3},1,"Reporte",null,null,"Presentar anexo formulario por departamento, de acuerdo a la estructura organizativa de cada dependencia.","Recursos Humanos"]
["2.1 Reducida la escasez de recursos humanos de salud, aumentando un 12% en el 2028 la dotación de personal en establecimientos públicos del país.","2.1.1 El personal del SNS recibe desarrollo de competencias (técnicas y blandas), evaluación del desempeño y gestión de seguridad y salud en el trabajo, con procesos efectivos de relaciones laborales, para mejorar el desempeño, el bienestar y el cumplimiento normativo en toda la red.","2.1.1.03","Elaboración del Plan de Capacitación CEAS 2027.",{"$nulls":9},1,null,null,1,"Plan",null,null,"Realizar plan de capacitación en formulario estándarizado por el INAP.","Recursos Humanos"]
["2.1 Reducida la escasez de recursos humanos de salud, aumentando un 12% en el 2028 la dotación de personal en establecimientos públicos del país.","2.1.1 El personal del SNS recibe desarrollo de competencias (técnicas y blandas), evaluación del desempeño y gestión de seguridad y salud en el trabajo, con procesos efectivos de relaciones laborales, para mejorar el desempeño, el bienestar y el cumplimiento normativo en toda la red.","2.1.1.04","Consolidado de resultados de evaluación del desempeño laboral 2025.",1,{"$nulls":11},1,"Reporte",null,null,"Matriz para reportar resultados de evaluación del desempeño laboral 2025.","Recursos Humanos"]
["2.1 Reducida la escasez de recursos humanos de salud, aumentando un 12% en el 2028 la dotación de personal en establecimientos públicos del país.","2.1.1 El personal del SNS recibe desarrollo de competencias (técnicas y blandas), evaluación del desempeño y gestión de seguridad y salud en el trabajo, con procesos efectivos de relaciones laborales, para mejorar el desempeño, el bienestar y el cumplimiento normativo en toda la red.","2.1.1.05","Consolidado de resultados de acuerdos del desempeño laboral  2026.",1,{"$nulls":11},1,"Reporte",null,null,"Matriz para reportar acuerdos del desempeño laboral 2026.","Recursos Humanos"]
["2.1 Reducida la escasez de recursos humanos de salud, aumentando un 12% en el 2028 la dotación de personal en establecimientos públicos del país.","2.1.1 El personal del SNS recibe desarrollo de competencias (técnicas y blandas), evaluación del desempeño y gestión de seguridad y salud en el trabajo, con procesos efectivos de relaciones laborales, para mejorar el desempeño, el bienestar y el cumplimiento normativo en toda la red.","2.1.1.06","Elaboración informe técnico resultados de evaluación del desempeño laboral 2025 CEAS y remisión al SRS.",null,null,1,{"$nulls":9},1,"Informe",null,null,"Informe técnico de resultados evaluación del desempeño laboral 2025.","Recursos Humanos"]
["2.1 Reducida la escasez de recursos humanos de salud, aumentando un 12% en el 2028 la dotación de personal en establecimientos públicos del país.","2.1.1 El personal del SNS recibe desarrollo de competencias (técnicas y blandas), evaluación del desempeño y gestión de seguridad y salud en el trabajo, con procesos efectivos de relaciones laborales, para mejorar el desempeño, el bienestar y el cumplimiento normativo en toda la red.","2.1.1.07","Monitoreo por departamento  de los acuerdos de desempeño laboral 2027",{"$nulls":3},1,null,null,1,null,null,1,null,null,3,"Minuta",null,null,"No se requiere listado de asistencia adicional, ya que la minuta estandarizada del MAP es firmada por los colaboradores que participan en la reunión de revisión.","Recursos Humanos"]
["2.1 Reducida la escasez de recursos humanos de salud, aumentando un 12% en el 2028 la dotación de personal en establecimientos públicos del país.","2.1.1 El personal del SNS recibe desarrollo de competencias (técnicas y blandas), evaluación del desempeño y gestión de seguridad y salud en el trabajo, con procesos efectivos de relaciones laborales, para mejorar el desempeño, el bienestar y el cumplimiento normativo en toda la red.","2.1.1.08","Remisión al SRS consolidado trimestral de acuerdos de desempeño personal nuevo ingreso CEAS",{"$nulls":3},1,null,null,1,null,null,1,null,null,3,"Reporte",{"$nulls":3},"Recursos Humanos"]
["3.1 Fortalecida la capacidad institucional para aumentar el acceso a servicios públicos de calidad mediante la optimización de procesos, empoderamiento del talento humano, articulación efectiva, incorporación de tecnologías de la información y comunicación, modernización de la infraestructura física y equipamiento adecuado.","3.1.1 Los Centros de Atención y Servicios (CEAS) y las Oficinas Regionales de Salud (ORS) reciben el Formulario de Levantamiento de Necesidades de Cooperación No Reembolsable como instrumento estandarizado, ","3.1.1.01","Llenado y envío del formulario de levantamiento de necesidades de cooperación no reembolsable a la ORS.",1,{"$nulls":11},1,null,null,"1. Formulario de levantamiento de necesidades de cooperación no reembolsable completo y firmado.\n2. Remisión vía correo electrónico del formulario a la ORS.",null,"Planificación"]
["3.1 Fortalecida la capacidad institucional para aumentar el acceso a servicios públicos de calidad mediante la optimización de procesos, empoderamiento del talento humano, articulación efectiva, incorporación de tecnologías de la información y comunicación, modernización de la infraestructura física y equipamiento adecuado.","3.1.1 Los Centros de Atención y Servicios (CEAS) y las Oficinas Regionales de Salud (ORS) reciben el Formulario de Levantamiento de Necesidades de Cooperación No Reembolsable como instrumento estandarizado, ","3.1.1.02","Llenado y envío del Formulario de Reporte de Donaciones a la ORS.",{"$nulls":6},1,{"$nulls":4},1,2,null,null,"1. Formulario de Reporte de Donaciones sellado y firmado.\n2. Remisión vía correo electrónico del formulario a la ORS.",null,"Planificación"]
["3.1 Fortalecida la capacidad institucional para aumentar el acceso a servicios públicos de calidad mediante la optimización de procesos, empoderamiento del talento humano, articulación efectiva, incorporación de tecnologías de la información y comunicación, modernización de la infraestructura física y equipamiento adecuado.","3.1.5 Personal y usuarios del SNS reciben servicios tecnológicos confiables ","3.1.5.01","Actualización de portales web  ",null,null,1,null,null,1,null,null,1,null,null,1,{"$f":"SUM(E73:P73)","v":4},"Reporte",{"$nulls":3},"Tecnología"]
["3.1 Fortalecida la capacidad institucional para aumentar el acceso a servicios públicos de calidad mediante la optimización de procesos, empoderamiento del talento humano, articulación efectiva, incorporación de tecnologías de la información y comunicación, modernización de la infraestructura física y equipamiento adecuado.","3.1.5 Personal y usuarios del SNS reciben servicios tecnológicos confiables ","3.1.5.02","Soportes incidencias tecnológicas atendidas ",null,null,1,null,null,1,null,null,1,null,null,1,4,"Reporte",{"$nulls":3},"Tecnología"]
["3.1 Fortalecida la capacidad institucional para aumentar el acceso a servicios públicos de calidad mediante la optimización de procesos, empoderamiento del talento humano, articulación efectiva, incorporación de tecnologías de la información y comunicación, modernización de la infraestructura física y equipamiento adecuado.","3.1.5 Personal y usuarios del SNS reciben servicios tecnológicos confiables ","3.1.5.03","Inventario de activos tecnológicos ",null,null,1,null,null,1,null,null,1,null,null,1,4,"Inventario",{"$nulls":3},"Tecnología"]
["3.1 Fortalecida la capacidad institucional para aumentar el acceso a servicios públicos de calidad mediante la optimización de procesos, empoderamiento del talento humano, articulación efectiva, incorporación de tecnologías de la información y comunicación, modernización de la infraestructura física y equipamiento adecuado.","3.1.6 La población usuaria recibe servicios seguros y de calidad mediante el fortalecimiento del modelo institucional de gestión y monitoreo de la calidad, con estándares, indicadores, auditorías y acciones de mejora continua en todas las unidades.","3.1.6.01","Elaboración de la memoria institucional 2026",{"$nulls":10},1,null,1,"Memoria",{"$nulls":3},"Planificación"]
["3.1 Fortalecida la capacidad institucional para aumentar el acceso a servicios públicos de calidad mediante la optimización de procesos, empoderamiento del talento humano, articulación efectiva, incorporación de tecnologías de la información y comunicación, modernización de la infraestructura física y equipamiento adecuado.","3.1.6 La población usuaria recibe servicios seguros y de calidad mediante el fortalecimiento del modelo institucional de gestión y monitoreo de la calidad, con estándares, indicadores, auditorías y acciones de mejora continua en todas las unidades.","3.1.6.02","Elaboración del Plan Operativo Anual 2027",{"$nulls":8},1,{"$nulls":3},1,"Plan",{"$nulls":3},"Planificación"]
["3.1 Fortalecida la capacidad institucional para aumentar el acceso a servicios públicos de calidad mediante la optimización de procesos, empoderamiento del talento humano, articulación efectiva, incorporación de tecnologías de la información y comunicación, modernización de la infraestructura física y equipamiento adecuado.","3.1.6 La población usuaria recibe servicios seguros y de calidad mediante el fortalecimiento del modelo institucional de gestión y monitoreo de la calidad, con estándares, indicadores, auditorías y acciones de mejora continua en todas las unidades.","3.1.6.03","Autoevaluación POA 2026",1,null,null,1,null,null,1,null,null,1,null,null,4,null,null,"MEP",null,"Planificación"]
["3.1 Fortalecida la capacidad institucional para aumentar el acceso a servicios públicos de calidad mediante la optimización de procesos, empoderamiento del talento humano, articulación efectiva, incorporación de tecnologías de la información y comunicación, modernización de la infraestructura física y equipamiento adecuado.","3.1.6 La población usuaria recibe servicios seguros y de calidad mediante el fortalecimiento del modelo institucional de gestión y monitoreo de la calidad, con estándares, indicadores, auditorías y acciones de mejora continua en todas las unidades.","3.1.6.04","Elaboración y seguimiento a la ejecución de los planes de mejora acorde a los hallazgos del MEP",null,1,null,null,1,null,null,1,null,null,1,null,4,"Listado de participación","Informe","Plan",null,"Planificación"]
["3.1 Fortalecida la capacidad institucional para aumentar el acceso a servicios públicos de calidad mediante la optimización de procesos, empoderamiento del talento humano, articulación efectiva, incorporación de tecnologías de la información y comunicación, modernización de la infraestructura física y equipamiento adecuado.","3.1.6 La población usuaria recibe servicios seguros y de calidad mediante el fortalecimiento del modelo institucional de gestión y monitoreo de la calidad, con estándares, indicadores, auditorías y acciones de mejora continua en todas las unidades.","3.1.6.05","Elaboración del informe de autodiagnóstico y sistema afinado de puntuación CAF",{"$nulls":4},1,{"$nulls":7},1,"Informe",{"$nulls":3},"Planificación / Responsable principal Calidad en la Gestion"]
["3.1 Fortalecida la capacidad institucional para aumentar el acceso a servicios públicos de calidad mediante la optimización de procesos, empoderamiento del talento humano, articulación efectiva, incorporación de tecnologías de la información y comunicación, modernización de la infraestructura física y equipamiento adecuado.","3.1.6 La población usuaria recibe servicios seguros y de calidad mediante el fortalecimiento del modelo institucional de gestión y monitoreo de la calidad, con estándares, indicadores, auditorías y acciones de mejora continua en todas las unidades.","3.1.6.06","Informe de seguimiento a plan de mejora CAF año en curso",{"$nulls":4},1,{"$nulls":7},1,"Informe",{"$nulls":3},"Planificación / Responsable principal Calidad en la Gestion"]
["3.1 Fortalecida la capacidad institucional para aumentar el acceso a servicios públicos de calidad mediante la optimización de procesos, empoderamiento del talento humano, articulación efectiva, incorporación de tecnologías de la información y comunicación, modernización de la infraestructura física y equipamiento adecuado.","3.1.6 La población usuaria recibe servicios seguros y de calidad mediante el fortalecimiento del modelo institucional de gestión y monitoreo de la calidad, con estándares, indicadores, auditorías y acciones de mejora continua en todas las unidades.","3.1.6.07","Elaboración plan de mejora CAF del próximo año ",{"$nulls":6},1,{"$nulls":5},1,"Plan",{"$nulls":3},"Planificación / Responsable principal Calidad en la Gestion"]
["3.1 Fortalecida la capacidad institucional para aumentar el acceso a servicios públicos de calidad mediante la optimización de procesos, empoderamiento del talento humano, articulación efectiva, incorporación de tecnologías de la información y comunicación, modernización de la infraestructura física y equipamiento adecuado.","3.1.6 La población usuaria recibe servicios seguros y de calidad mediante el fortalecimiento del modelo institucional de gestión y monitoreo de la calidad, con estándares, indicadores, auditorías y acciones de mejora continua en todas las unidades.","3.1.6.08","Implementación, renovación o actualización de CCC (Carta Compromiso al Ciudadano) según aplique",{"$nulls":10},1,null,1,null,null,"Resolución aprobatoria",null,"Planificación / Responsable principal Calidad en la Gestion"]
["3.1 Fortalecida la capacidad institucional para aumentar el acceso a servicios públicos de calidad mediante la optimización de procesos, empoderamiento del talento humano, articulación efectiva, incorporación de tecnologías de la información y comunicación, modernización de la infraestructura física y equipamiento adecuado.","3.1.6 La población usuaria recibe servicios seguros y de calidad mediante el fortalecimiento del modelo institucional de gestión y monitoreo de la calidad, con estándares, indicadores, auditorías y acciones de mejora continua en todas las unidades.","3.1.6.09","Seguimiento al cumplimiento de la CCC (Carta Compromiso al Ciudadano)",null,null,1,null,null,1,null,null,1,null,null,1,4,"Reporte",{"$nulls":3},"Planificación / Responsable principal Calidad en la Gestion"]
["3.1 Fortalecida la capacidad institucional para aumentar el acceso a servicios públicos de calidad mediante la optimización de procesos, empoderamiento del talento humano, articulación efectiva, incorporación de tecnologías de la información y comunicación, modernización de la infraestructura física y equipamiento adecuado.","3.1.6 La población usuaria recibe servicios seguros y de calidad mediante el fortalecimiento del modelo institucional de gestión y monitoreo de la calidad, con estándares, indicadores, auditorías y acciones de mejora continua en todas las unidades.","3.1.6.10","Seguimiento a la implementación plan de mejora SISMAP Salud y Programa de Desempeño SNS",{"$nulls":10},1,null,1,"Informe",{"$nulls":3},"Planificación / Responsable principal Calidad en la Gestion"]
["3.1 Fortalecida la capacidad institucional para aumentar el acceso a servicios públicos de calidad mediante la optimización de procesos, empoderamiento del talento humano, articulación efectiva, incorporación de tecnologías de la información y comunicación, modernización de la infraestructura física y equipamiento adecuado.","3.1.6 La población usuaria recibe servicios seguros y de calidad mediante el fortalecimiento del modelo institucional de gestión y monitoreo de la calidad, con estándares, indicadores, auditorías y acciones de mejora continua en todas las unidades.","3.1.6.11","Ejecución de las sesiones del comité de calidad del CEAS",{"$nulls":5},1,{"$nulls":6},1,"Listado de participación","Minuta",null,null,"Planificación / Responsable principal Calidad en la Gestion"]
["3.1 Fortalecida la capacidad institucional para aumentar el acceso a servicios públicos de calidad mediante la optimización de procesos, empoderamiento del talento humano, articulación efectiva, incorporación de tecnologías de la información y comunicación, modernización de la infraestructura física y equipamiento adecuado.","3.1.7 Los establecimientos de la red SNS disponen de bienes oportunos, custodiados y en condiciones óptimas mediante el fortalecimiento del Sistema de Administración de Bienes: registro e inventario, control y trazabilidad, mantenimiento, distribución y bajas, con enfoque de ciclo de vida y transparencia.","3.1.7.01","Actualizacion de Inventarios de la ORS",{"$nulls":5},1,{"$nulls":5},1,2,"Informe","Inventario",null,null,"Administrativo-Financiero"]
["3.1 Fortalecida la capacidad institucional para aumentar el acceso a servicios públicos de calidad mediante la optimización de procesos, empoderamiento del talento humano, articulación efectiva, incorporación de tecnologías de la información y comunicación, modernización de la infraestructura física y equipamiento adecuado.","3.1.7 Los establecimientos de la red SNS disponen de bienes oportunos, custodiados y en condiciones óptimas mediante el fortalecimiento del Sistema de Administración de Bienes: registro e inventario, control y trazabilidad, mantenimiento, distribución y bajas, con enfoque de ciclo de vida y transparencia.","3.1.7.02","Registro de Activos en el Sistema de Administracion de Bienes (SIAB) ",null,null,1,null,null,1,null,null,1,null,null,1,4,"Reporte",{"$nulls":3},"Administrativo-Financiero"]
["3.10 Implementado un sistema integral de medición y gestión de la satisfacción de usuarios, con reportes trimestrales y planes de mejora continua para elevar la calidad percibida de los servicios públicos.","3.10.1 Personas usuarias de los servicios públicos reciben acceso oportuno y eficiente a servicios públicos de calidad ","3.10.1.01","Aplicación de encuestas de satisfacción de usuarios acorde a cuota establecida mensualmente y Generación de reporte de nivel de satisfacción de usuarios",1,1,1,1,1,1,1,1,1,1,1,1,12,"Reporte digital  (fuente tablero BI)",{"$nulls":3},"Atención a Usuarios"]
["3.10 Implementado un sistema integral de medición y gestión de la satisfacción de usuarios, con reportes trimestrales y planes de mejora continua para elevar la calidad percibida de los servicios públicos.","3.10.1 Personas usuarias de los servicios públicos reciben acceso oportuno y eficiente a servicios públicos de calidad ","3.10.1.02","Formulación y/o actualización del plan de mejora de la experiencia del paciente",1,{"$nulls":11},1,"Plan de Mejora elaborado/actualizado",{"$nulls":3},"Atención a Usuarios"]
["3.10 Implementado un sistema integral de medición y gestión de la satisfacción de usuarios, con reportes trimestrales y planes de mejora continua para elevar la calidad percibida de los servicios públicos.","3.10.1 Personas usuarias de los servicios públicos reciben acceso oportuno y eficiente a servicios públicos de calidad ","3.10.1.03","Seguimiento del cumplimiento de acciones  del plan de mejora de la experiencia del paciente (alineado con los resultados de las supervisones, encuestas de satisfacción, grupos focales, QDRS).",null,1,null,null,1,null,null,1,null,null,1,null,4,"Reporte",{"$nulls":3},"Atención a Usuarios"]
["3.10 Implementado un sistema integral de medición y gestión de la satisfacción de usuarios, con reportes trimestrales y planes de mejora continua para elevar la calidad percibida de los servicios públicos.","3.10.1 Personas usuarias de los servicios públicos reciben acceso oportuno y eficiente a servicios públicos de calidad ","3.10.1.04","Gestión de los buzones de sugerencias (QDRS)",1,1,1,1,1,1,1,1,1,1,1,1,12,"Reporte",{"$nulls":3},"Atención a Usuarios"]
["3.10 Implementado un sistema integral de medición y gestión de la satisfacción de usuarios, con reportes trimestrales y planes de mejora continua para elevar la calidad percibida de los servicios públicos.","3.10.1 Personas usuarias de los servicios públicos reciben acceso oportuno y eficiente a servicios públicos de calidad ","3.10.1.05","Registro de las referencias y contrareferencias de la Red.",1,1,1,1,1,1,1,1,1,1,1,1,12,"Reporte",null,null,"En caso no tener registros, Deben fechar y colocar el comentario de que no hubo ","Atención a Usuarios"]
["3.10 Implementado un sistema integral de medición y gestión de la satisfacción de usuarios, con reportes trimestrales y planes de mejora continua para elevar la calidad percibida de los servicios públicos.","3.10.1 Personas usuarias de los servicios públicos reciben acceso oportuno y eficiente a servicios públicos de calidad ","3.10.1.06","Cumplimiento indicadores de AU",null,null,1,null,null,1,null,null,1,null,null,1,4,"Reporte",null,null,"Reporte (enviado desde el  SRS)","Atención a Usuarios"]
["3.2 Incrementada la satisfacción de usuarios y la calidad percibida de los servicios públicos","3.2.1 Los pacientes reciben cuidados seguros y de calidad mediante la continuidad en la implementación y aplicación de los siete estándares de calidad de los servicios de enfermería.","3.2.1.01","Supervisión y aplicación expediente clínico en el hospital",null,null,1,null,null,1,null,null,1,null,1,null,4,"Informe",{"$nulls":3},"Enfermería"]
["3.2 Incrementada la satisfacción de usuarios y la calidad percibida de los servicios públicos","3.2.1 Los pacientes reciben cuidados seguros y de calidad mediante la continuidad en la implementación y aplicación de los siete estándares de calidad de los servicios de enfermería.","3.2.1.02","Capacitación y retroalimentación en dosificación y administración de medicamentos al personal de enfermería",null,1,null,1,null,1,null,1,null,1,null,null,5,"Listado de participación","Agenda",null,null,"Enfermería"]
["3.2 Incrementada la satisfacción de usuarios y la calidad percibida de los servicios públicos","3.2.1 Los pacientes reciben cuidados seguros y de calidad mediante la continuidad en la implementación y aplicación de los siete estándares de calidad de los servicios de enfermería.","3.2.1.03","Seguimiento a la aplicación de los 7 estándares de cuidados de enfermería ",{"$nulls":8},1,{"$nulls":3},1,"Informe",{"$nulls":3},"Enfermería"]
["3.2 Incrementada la satisfacción de usuarios y la calidad percibida de los servicios públicos","3.2.2 La población usuaria y los clínicos reciben diagnósticos confiables y oportunos mediante el fortalecimiento de la red del SNS: monitoreo y evaluación continua de la calidad para guiar decisiones, habilitación/acreditación de establecimientos y cumplimiento de estándares de seguridad, asegurando acceso eficiente a servicios de calidad.","3.2.2.01","Autoevaluacion SLIPTA para cumplimiento de SISMAP SALUD",{"$nulls":3},1,null,1,null,null,1,{"$nulls":3},3,"Listado de participación",null,null,"Plan de Mejora","Laboratorios e Imágenes"]
["3.2 Incrementada la satisfacción de usuarios y la calidad percibida de los servicios públicos","3.2.2 La población usuaria y los clínicos reciben diagnósticos confiables y oportunos mediante el fortalecimiento de la red del SNS: monitoreo y evaluación continua de la calidad para guiar decisiones, habilitación/acreditación de establecimientos y cumplimiento de estándares de seguridad, asegurando acceso eficiente a servicios de calidad.","3.2.2.02","Garantizar la disponibilidad de pruebas de laboratorios y estudios de imágenes que se realizan a embarazadas y recien nacidos en hospitales maternos.",null,1,null,1,null,1,null,1,{"$nulls":4},4,"Informe",null,null,"Febrero EES que apliquen de : ozama, el valle, higuamo Abril  EES que apliquen de: valdesia, cibao noroeste Junio EES que apliquen de: enriquillo, cibao norte, cibao sur Agosto EES que apliquen de: cibao nordeste,yuma","Laboratorios e Imágenes"]
["3.2 Incrementada la satisfacción de usuarios y la calidad percibida de los servicios públicos","3.2.2 La población usuaria y los clínicos reciben diagnósticos confiables y oportunos mediante el fortalecimiento de la red del SNS: monitoreo y evaluación continua de la calidad para guiar decisiones, habilitación/acreditación de establecimientos y cumplimiento de estándares de seguridad, asegurando acceso eficiente a servicios de calidad.","3.2.2.03","Automatización de los servicios/ mantenimiento a los equipos  y calibracion de cabinas de los departamentos de microbiologia en los EES que cuentan con departamento de microbiologia clinica.",{"$nulls":6},1,{"$nulls":5},1,"Informe",{"$nulls":3},"laboratorios e Imágenes"]
["3.2 Incrementada la satisfacción de usuarios y la calidad percibida de los servicios públicos","3.2.2 La población usuaria y los clínicos reciben diagnósticos confiables y oportunos mediante el fortalecimiento de la red del SNS: monitoreo y evaluación continua de la calidad para guiar decisiones, habilitación/acreditación de establecimientos y cumplimiento de estándares de seguridad, asegurando acceso eficiente a servicios de calidad.","3.2.2.04","Cumplimiento la ruta de recolecion y/o envio y/o recepción de las muestras.",1,null,null,1,null,null,1,null,1,{"$nulls":3},4,null,null,"Cronograma de ruta/ formularios de envios y/o recepción de muestras.","Enero EES que apliquen de : ozama, el valle, higuamo Abril EES de: valdesia, cibao noroeste Julio EES de:  enriquillo, cibao norte, cibao sur Septiembre EES de : cibao nordeste,yuma","Laboratorios e Imágenes"]
["3.2 Incrementada la satisfacción de usuarios y la calidad percibida de los servicios públicos","3.2.2 La población usuaria y los clínicos reciben diagnósticos confiables y oportunos mediante el fortalecimiento de la red del SNS: monitoreo y evaluación continua de la calidad para guiar decisiones, habilitación/acreditación de establecimientos y cumplimiento de estándares de seguridad, asegurando acceso eficiente a servicios de calidad.","3.2.2.05","Autoevaluacion para cumplimiento de habilitacion en los EES que cuentan con servicios de hemoterapia.",1,{"$nulls":4},1,{"$nulls":6},2,"Informe",{"$nulls":3},"Laboratorios e Imágenes","no contamos en el servico de hemoterapia"]
["3.2 Incrementada la satisfacción de usuarios y la calidad percibida de los servicios públicos","3.2.2 La población usuaria y los clínicos reciben diagnósticos confiables y oportunos mediante el fortalecimiento de la red del SNS: monitoreo y evaluación continua de la calidad para guiar decisiones, habilitación/acreditación de establecimientos y cumplimiento de estándares de seguridad, asegurando acceso eficiente a servicios de calidad.","3.2.2.06","Conformación y/o actualización de  clubes de donantes de sangre en EES que cuentan con servicios de hemoterapia.",1,{"$nulls":4},1,{"$nulls":6},2,null,null,"Acta de formación/ Listado actualizado del club de donantes.",null,"Laboratorios e Imágenes","no contamos en el servico de hemoterapia"]
["3.2 Incrementada la satisfacción de usuarios y la calidad percibida de los servicios públicos","3.2.2 La población usuaria y los clínicos reciben diagnósticos confiables y oportunos mediante el fortalecimiento de la red del SNS: monitoreo y evaluación continua de la calidad para guiar decisiones, habilitación/acreditación de establecimientos y cumplimiento de estándares de seguridad, asegurando acceso eficiente a servicios de calidad.","3.2.2.07","Mantenimiento a los equipos  y calibracion de cabinas.",null,null,1,null,1,null,null,1,{"$nulls":4},3,"Reporte",null,"Reporte de los mantenimientos de equipos y calibración de cabinas.","EES donde aplique, Marzo: enriquillo, cibao norte, cibao sur mayo: ozama, el valle, higuamo agosto: valdesia, cibao noroeste,Yuma y cibao nordeste","Laboratorios e Imágenes"]
["3.2 Incrementada la satisfacción de usuarios y la calidad percibida de los servicios públicos","3.2.2 La población usuaria y los clínicos reciben diagnósticos confiables y oportunos mediante el fortalecimiento de la red del SNS: monitoreo y evaluación continua de la calidad para guiar decisiones, habilitación/acreditación de establecimientos y cumplimiento de estándares de seguridad, asegurando acceso eficiente a servicios de calidad.","3.2.2.08","Compra de insumos para la toma de las muestras.",null,null,1,{"$nulls":5},1,{"$nulls":3},{"$f":"SUM(E105:P105)","v":2},null,null,"Listado de disponibilidad de insumos de toma de muestras.  Evidencia de compra de insumos actualizada.",null,"Laboratorios e Imágenes"]
["3.2 Incrementada la satisfacción de usuarios y la calidad percibida de los servicios públicos","3.2.2 La población usuaria y los clínicos reciben diagnósticos confiables y oportunos mediante el fortalecimiento de la red del SNS: monitoreo y evaluación continua de la calidad para guiar decisiones, habilitación/acreditación de establecimientos y cumplimiento de estándares de seguridad, asegurando acceso eficiente a servicios de calidad.","3.2.2.09","Envio mensual Infolab a SRS",1,1,1,1,1,1,1,1,1,1,1,1,12,null,null,"Captura de envio a SRS",null,"Laboratorios e Imágenes"]
["3.2 Incrementada la satisfacción de usuarios y la calidad percibida de los servicios públicos","3.2.2 La población usuaria y los clínicos reciben diagnósticos confiables y oportunos mediante el fortalecimiento de la red del SNS: monitoreo y evaluación continua de la calidad para guiar decisiones, habilitación/acreditación de establecimientos y cumplimiento de estándares de seguridad, asegurando acceso eficiente a servicios de calidad.","3.2.2.10","Reunion con DPS cordinar entrega insumos de malaria",{"$nulls":3},1,{"$nulls":6},1,null,2,"Minuta","Listado de participación",null,null,"Laboratorios e Imágenes"]
["3.2 Incrementada la satisfacción de usuarios y la calidad percibida de los servicios públicos","3.2.2 La población usuaria y los clínicos reciben diagnósticos confiables y oportunos mediante el fortalecimiento de la red del SNS: monitoreo y evaluación continua de la calidad para guiar decisiones, habilitación/acreditación de establecimientos y cumplimiento de estándares de seguridad, asegurando acceso eficiente a servicios de calidad.","3.2.2.11","Ejecución del Monitoreo Interno en Adherencia a Protocolos, Guías de Atención y otras Normativas de Salud.",1,1,1,null,1,1,1,null,1,1,1,null,9,"Formularios",null,null,"Aplica solo a CEAS que no estén en remozamiento/remoción y que ofrezcan el servicio a monitorear. En caso de no realizar el monitoreo, debe entregarse una carta justificativa firmada y sellada por la Dirección.\n\nENERO-MARZO: consulta prenatal, morbilidades maternas y lista de seguridad en cirugía. MAYO-JULIO: morbilidades neonatales, pediátricas y de salud pública. SEPTIEMBRE-NOVIEMBRE: completitud de expedientes.","Calidad de los Servicios de Salud"]
["3.2 Incrementada la satisfacción de usuarios y la calidad percibida de los servicios públicos","3.2.2 La población usuaria y los clínicos reciben diagnósticos confiables y oportunos mediante el fortalecimiento de la red del SNS: monitoreo y evaluación continua de la calidad para guiar decisiones, habilitación/acreditación de establecimientos y cumplimiento de estándares de seguridad, asegurando acceso eficiente a servicios de calidad.","3.2.2.12","Elaboración y/o Actualización de los Planes de Mejora asociados al Monitoreo Interno de la Adherencia a Protocolos, Guias de Atención y Otras Normativas de Salud.",{"$nulls":3},1,{"$nulls":3},1,{"$nulls":3},1,3,"Planes de Mejora",null,null,"Cada establecimiento debe contar con planes de mejora aprobados (firmados y sellados), con actividades acorde a los hallazgos identificados en el Monitoreo Interno de la Adherencia a Protocolos, Guias de Atención y Otras Normativas de Salud.  OJO: Es una evidencia a cargar para SISMAP Salud.","Calidad de los Servicios de Salud"]
["3.2 Incrementada la satisfacción de usuarios y la calidad percibida de los servicios públicos","3.2.2 La población usuaria y los clínicos reciben diagnósticos confiables y oportunos mediante el fortalecimiento de la red del SNS: monitoreo y evaluación continua de la calidad para guiar decisiones, habilitación/acreditación de establecimientos y cumplimiento de estándares de seguridad, asegurando acceso eficiente a servicios de calidad.","3.2.2.13","Avances en la Ejecución de los Planes de Mejora asociados al Monitoreo Interno de la Adherencia a Protocolos, Guias de Atención y Otras Normativas de Salud.",{"$nulls":5},1,{"$nulls":4},1,null,2,"Informe",null,null,"El informe (firmado y sellado) debe reflejar los avances en la ejecución de las actividades aprobadas en los planes de mejora. OJO: Es una evidencia a cargar para SISMAP Salud.","Calidad de los Servicios de Salud"]
["3.2 Incrementada la satisfacción de usuarios y la calidad percibida de los servicios públicos","3.2.2 La población usuaria y los clínicos reciben diagnósticos confiables y oportunos mediante el fortalecimiento de la red del SNS: monitoreo y evaluación continua de la calidad para guiar decisiones, habilitación/acreditación de establecimientos y cumplimiento de estándares de seguridad, asegurando acceso eficiente a servicios de calidad.","3.2.2.14","Informe de seguimiento a la implementación y correcto llenado de la Lista de Verificación de la Seguridad de la Cirugía.",{"$nulls":3},1,{"$nulls":8},1,"Informe",null,null,"El informe (firmado y sellado) debe mencionar los resultados del monitoreo interno, brechas detectadas, aciones de seguimiento y análisis comparativo con monitoreos anteriores para conocer el nivel de avance. OJO: Es una evidencia a cargar para SISMAP Salud.","Calidad de los Servicios de Salud"]
["3.2 Incrementada la satisfacción de usuarios y la calidad percibida de los servicios públicos","3.2.2 La población usuaria y los clínicos reciben diagnósticos confiables y oportunos mediante el fortalecimiento de la red del SNS: monitoreo y evaluación continua de la calidad para guiar decisiones, habilitación/acreditación de establecimientos y cumplimiento de estándares de seguridad, asegurando acceso eficiente a servicios de calidad.","3.2.2.15","Conformación vigente del Comité de Mejora Continua de la Calidad de la Atención y Seguridad del Paciente en el establecimiento de salud.",1,{"$nulls":5},1,{"$nulls":5},2,"Acta Constitutiva",null,null,"Cada establecimiento debe contar con un acta vigente del comité (firmada, sellada, con todos sus campos llenos). Se actualiza solo ante cambios en sus integrantes o inactividad igual o mayor a 3 meses.  OJO: Es una evidencia a cargar para SISMAP Salud.","Calidad de los Servicios de Salud"]
["3.2 Incrementada la satisfacción de usuarios y la calidad percibida de los servicios públicos","3.2.2 La población usuaria y los clínicos reciben diagnósticos confiables y oportunos mediante el fortalecimiento de la red del SNS: monitoreo y evaluación continua de la calidad para guiar decisiones, habilitación/acreditación de establecimientos y cumplimiento de estándares de seguridad, asegurando acceso eficiente a servicios de calidad.","3.2.2.16","Reuniones del Comité de Mejora Continua de la Calidad de la Atención y Seguridad del Paciente.",1,1,1,1,1,1,1,1,1,1,1,1,12,"Actas de Reunión (Minutas); Listados de participación",null,null,"El Comité debe reunirse MENSUAL. Las actas de reuniones (minutas) deben tener todos los campos llenos, firmada y sellada. Su contenido debe reflejar los temas tratados por el comité, con seguimiento a acuerdos y compromisos.  OJO: Es una evidencia a cargar para SISMAP Salud.","Calidad de los Servicios de Salud"]
["3.2 Incrementada la satisfacción de usuarios y la calidad percibida de los servicios públicos","3.2.2 La población usuaria y los clínicos reciben diagnósticos confiables y oportunos mediante el fortalecimiento de la red del SNS: monitoreo y evaluación continua de la calidad para guiar decisiones, habilitación/acreditación de establecimientos y cumplimiento de estándares de seguridad, asegurando acceso eficiente a servicios de calidad.","3.2.2.17","Capacitación en Humanización de los Servicios",null,null,1,{"$nulls":3},1,{"$nulls":3},1,null,3,"Agenda; Listados de participación; Fotos",null,null,"Agenda con el sello del establecimiento; listado de participación firmado y sellado, sin campos vacíos. Mínimo 3 fotografías. OJO: Es una evidencia a cargar para SISMAP Salud.","Calidad de los Servicios de Salud"]
["3.2 Incrementada la satisfacción de usuarios y la calidad percibida de los servicios públicos","3.2.2 La población usuaria y los clínicos reciben diagnósticos confiables y oportunos mediante el fortalecimiento de la red del SNS: monitoreo y evaluación continua de la calidad para guiar decisiones, habilitación/acreditación de establecimientos y cumplimiento de estándares de seguridad, asegurando acceso eficiente a servicios de calidad.","3.2.2.18","Capacitación en la Guía Técnica para la Implementación de la Lista de Verificación de la Seguridad de la Cirugía del Ministerio de Salud Pública.",null,1,{"$nulls":10},1,"Agenda; Listados de participación; Fotos",null,null,"Dirigida a cirujanos, anestesiólogos, instrumentistas, enfermeras de cirugía y personal de enfermería de las salas de recuperación, así como otros que se consideren necesarios. OJO: Es una evidencia a cargar para SISMAP Salud.","Calidad de los Servicios de Salud"]
["3.2 Incrementada la satisfacción de usuarios y la calidad percibida de los servicios públicos","3.2.2 La población usuaria y los clínicos reciben diagnósticos confiables y oportunos mediante el fortalecimiento de la red del SNS: monitoreo y evaluación continua de la calidad para guiar decisiones, habilitación/acreditación de establecimientos y cumplimiento de estándares de seguridad, asegurando acceso eficiente a servicios de calidad.","3.2.2.19","Capacitación en Protocolos y Guías de Atención emitidos por el Ministerio de Salud Pública (los que apliquen según su cartera de servicios).",{"$nulls":3},1,{"$nulls":4},1,{"$nulls":3},2,"Agenda; Listados de participación; Fotos",null,null,"La agenda y la lista de participantes deben especificar claramente el nombre oficial del protocolo o guía nacional abordado en la capacitación, según lo establecido por el Ministerio de Salud Pública. Mínimo 3 fotografías.  OJO: Es una evidencia a cargar para SISMAP Salud.","Calidad de los Servicios de Salud"]
["3.2 Incrementada la satisfacción de usuarios y la calidad percibida de los servicios públicos","3.2.3 Establecimientos de salud garantizan un entorno de atención seguro y confiable para los usuarios, conforme a estándares nacionales e internacionales","3.2.3.01","Aplicación del formulario de evaluación del programa de Prevención y Control de Infecciones (PCI) y bioseguridad.",null,1,{"$nulls":10},1,{"$nulls":3},"Formulario de Evaluación de los Programas de Prevención y Control de Infecciones de OMS (provistos por PCR) y Formulario DCH-FO-035.","Calidad de los Servicios de Salud"]
["3.2 Incrementada la satisfacción de usuarios y la calidad percibida de los servicios públicos","3.2.3 Establecimientos de salud garantizan un entorno de atención seguro y confiable para los usuarios, conforme a estándares nacionales e internacionales","3.2.3.02","Elaboración de plan de mejora del programa de prevención y control de infecciones y procesos de bioseguridad, con base en los hallazgos de las autoevaluaciones .",null,null,1,{"$nulls":9},1,"Plan",null,null,"Cada establecimiento debe contar con un plan de mejora, aprobado por su dirección y área administrativa (firmado y sellado), que incluya actividades alineadas con los hallazgos identificados en los resultados de las evaluaciones de PCI y bioseguridad. OJO: EVIDENCIA SISMAP.","Calidad de los Servicios de Salud"]
["3.2 Incrementada la satisfacción de usuarios y la calidad percibida de los servicios públicos","3.2.3 Establecimientos de salud garantizan un entorno de atención seguro y confiable para los usuarios, conforme a estándares nacionales e internacionales","3.2.3.03","Seguimiento a la ejecución del plan de mejora de prevencion y control de infecciones y procesos de bioseguridad.",{"$nulls":7},1,{"$nulls":4},1,"Informe",null,null,"El informe, debidamente aprobado por la dirección y el área administrativa (firmado y sellado), debe incluir las evidencias de las mejoras alcanzadas y las acciones realizadas para gestionar el cierre de las brechas pendientes. OJO: EVIDENCIA SISMAP.","Calidad de los Servicios de Salud"]
["3.2 Incrementada la satisfacción de usuarios y la calidad percibida de los servicios públicos","3.2.3 Establecimientos de salud garantizan un entorno de atención seguro y confiable para los usuarios, conforme a estándares nacionales e internacionales","3.2.3.04","Monitoreo de la calidad del agua ",null,null,1,null,null,1,null,null,1,null,null,1,4,"Informe, matriz de registro diario de cloro residual, resultado de estudios microbiológicos",null,null,"El establecimiento deberá elaborar un informe trimestral que integre los hallazgos del monitoreo diario del cloro residual en fuentes y puntos críticos de agua (intensivos, urgencias, quirófano, cocina, etc), así como los resultados de los análisis microbiológicos (mensuales o, como mínimo, trimestrales). El informe deberá incluir las medidas correctivas aplicadas ante desviaciones o contaminaciones detectadas y la última fecha de limpieza y desinfección de cisterna y/o red de distribución de agua. OJO: EVIDENCIA SISMAP","Calidad de los Servicios de Salud"]
["3.2 Incrementada la satisfacción de usuarios y la calidad percibida de los servicios públicos","3.2.3 Establecimientos de salud garantizan un entorno de atención seguro y confiable para los usuarios, conforme a estándares nacionales e internacionales","3.2.3.05","Limpieza y desinfección de la cisterna y/o red de distribución de agua del establecimiento",{"$nulls":8},1,{"$nulls":3},1,"Fotografias del proceso, constancia de servicio recibido, en caso de terceros",null,null,"Limpieza y desinfección semestral o, como mínimo, anual y de manera inmediata si se detecta:","Calidad de los Servicios de Salud"]
["3.2 Incrementada la satisfacción de usuarios y la calidad percibida de los servicios públicos","3.2.3 Establecimientos de salud garantizan un entorno de atención seguro y confiable para los usuarios, conforme a estándares nacionales e internacionales","3.2.3.06","Registro y análisis de eventos adversos: IAAS, caída de pacientes, errores de medicación, relacionados a cirugía, transfusiones, embarazo, parto y puerperio. ",null,null,1,null,null,1,null,null,1,null,null,1,4,"Formularios completados",null,null,"- Presencia de sedimentos o suciedad visible.","Calidad de los Servicios de Salud"]
["3.2 Incrementada la satisfacción de usuarios y la calidad percibida de los servicios públicos","3.2.3 Establecimientos de salud garantizan un entorno de atención seguro y confiable para los usuarios, conforme a estándares nacionales e internacionales","3.2.3.07","Capacitación a personal de servicios generales en higiene de manos, uso de EPP y gestión de desechos.",1,{"$nulls":5},1,{"$nulls":5},2,"Listado de participantes ",null,null,"- Resultados microbiológicos con patógenos indicadores (ej. E. coli, coliformes totales, Pseudomonas).","Calidad de los Servicios de Salud"]
["3.2 Incrementada la satisfacción de usuarios y la calidad percibida de los servicios públicos","3.2.3 Establecimientos de salud garantizan un entorno de atención seguro y confiable para los usuarios, conforme a estándares nacionales e internacionales","3.2.3.08","Capacitación a personal médico, enfermería y laboratorio en higiene de manos, uso de EPP y gestión de desechos.",null,1,{"$nulls":5},1,{"$nulls":4},2,"Listado de participantes ",null,null,"- Reparaciones o interrupciones prolongadas en el suministro de agua.","Calidad de los Servicios de Salud"]
["3.5 Atendidas las solicitudes de información recibidas en los plazos establecidos, con reportes de cumplimiento mensual y mecanismos de retroalimentación al usuario.","3.5.1 La ciudadanía y los usuarios del SNS acceden a información pública y mecanismos de participación (consultas, veedurías y control social), fortaleciendo la transparencia, la rendición de cuentas y la mejora continua de los servicios.","3.5.1.01","Actualización del Portal de Transparencia.",1,1,1,1,1,1,1,1,1,1,null,1,11,"Reporte",null,null,"Formulario de registro compartido por PCR y Formularios de reportes y accion preventiva de eventos adversos (DGCSS-FO-071) ","OAI"]
["3.5 Atendidas las solicitudes de información recibidas en los plazos establecidos, con reportes de cumplimiento mensual y mecanismos de retroalimentación al usuario.","3.5.1 La ciudadanía y los usuarios del SNS acceden a información pública y mecanismos de participación (consultas, veedurías y control social), fortaleciendo la transparencia, la rendición de cuentas y la mejora continua de los servicios.","3.5.1.02","Levantamiento del estatus y necesidades de la Oficina de Acceso la Información",null,1,{"$nulls":5},1,{"$nulls":4},2,"Reporte",null,null,"OJO: EVIDENCIA SISMAP.","OAI"]
["3.5 Atendidas las solicitudes de información recibidas en los plazos establecidos, con reportes de cumplimiento mensual y mecanismos de retroalimentación al usuario.","3.5.1 La ciudadanía y los usuarios del SNS acceden a información pública y mecanismos de participación (consultas, veedurías y control social), fortaleciendo la transparencia, la rendición de cuentas y la mejora continua de los servicios.","3.5.1.03","Capacitación en la Ley 200-04 y la Resolución No. 002-21de la Dirección General de Ética e Integridad Gubernamental, dirigida al personal administrativo del Hospital.",{"$nulls":5},1,{"$nulls":6},1,"Listado de participación","Agenda",null,"OJO: EVIDENCIA SISMAP.","OAI"]
["3.5 Atendidas las solicitudes de información recibidas en los plazos establecidos, con reportes de cumplimiento mensual y mecanismos de retroalimentación al usuario.","3.5.1 La ciudadanía y los usuarios del SNS acceden a información pública y mecanismos de participación (consultas, veedurías y control social), fortaleciendo la transparencia, la rendición de cuentas y la mejora continua de los servicios.","3.5.1.04","Capacitación en el Sistema Nacional de Atención Ciudadana 311, dirigida al personal del Hospital. ",{"$nulls":7},1,{"$nulls":4},1,"Listado de participación","Agenda",null,"El RAI tiene dos opciones para realizar esta actividad:\n\n1.\tSolicitar al Ministerio de la Presidencia que imparta la capacitación; o, \n\n2.\tSolicitar al RAIs de la regional la capacitación.","OAI"]
["3.5 Atendidas las solicitudes de información recibidas en los plazos establecidos, con reportes de cumplimiento mensual y mecanismos de retroalimentación al usuario.","3.5.1 La ciudadanía y los usuarios del SNS acceden a información pública y mecanismos de participación (consultas, veedurías y control social), fortaleciendo la transparencia, la rendición de cuentas y la mejora continua de los servicios.","3.5.1.05","Capacitación sobre declaración jurada de bienes, a los funcionarios competentes, de conformidad con la Ley 311-14.",{"$nulls":11},1,1,"Listado de participación","Agenda",null,"El RAI tiene dos opciones para realizar esta actividad:\n\n1.\tSolicitar a la Cámara de Cuentas que imparta la capacitación; o, \n\n2.\tPreparar la capacitación e impartirla a todo el personal que le corresponda presentarla","OAI"]
["3.5 Atendidas las solicitudes de información recibidas en los plazos establecidos, con reportes de cumplimiento mensual y mecanismos de retroalimentación al usuario.","3.5.1 La ciudadanía y los usuarios del SNS acceden a información pública y mecanismos de participación (consultas, veedurías y control social), fortaleciendo la transparencia, la rendición de cuentas y la mejora continua de los servicios.","3.5.1.06","Capacitación en la Ley No. 172-13 sobre Protección de Datos Personales a todo el personal del hospital. ",{"$nulls":8},1,{"$nulls":3},1,"Listado de participación","Agenda",null,"El RAI debe preparar la capacitación e impartirla a todo el personal de la  hospitales.","OAI"]
["3.5 Atendidas las solicitudes de información recibidas en los plazos establecidos, con reportes de cumplimiento mensual y mecanismos de retroalimentación al usuario.","3.5.1 La ciudadanía y los usuarios del SNS acceden a información pública y mecanismos de participación (consultas, veedurías y control social), fortaleciendo la transparencia, la rendición de cuentas y la mejora continua de los servicios.","3.5.1.07","Creación de la Matriz de Responsabilidad y socialización  con el personal del hospital",null,null,1,{"$nulls":9},1,"Registro Digital",null,null,"El RAI es el responsable de crear, socializar y actualizar la Matriz de Responsabilidad Informacional. También debe agotar el proceso de registro ante la DIGEIG.\n\nCada vez que se produzca un cambio (desvinculación o renuncia) de una de las personas responsables de suministrar la información, se debe modificar la Matriz de Responsabilidad Informacional y agotar nuevamente todo el proceso. \n\nEste documento debe estar publicado en el Portal de Transparencia. \n\nVer Resolución 03-2012 emitida por la DIGEIG en fecha 7 de diciembre de 2012.","OAI"]
["3.5 Atendidas las solicitudes de información recibidas en los plazos establecidos, con reportes de cumplimiento mensual y mecanismos de retroalimentación al usuario.","3.5.1 La ciudadanía y los usuarios del SNS acceden a información pública y mecanismos de participación (consultas, veedurías y control social), fortaleciendo la transparencia, la rendición de cuentas y la mejora continua de los servicios.","3.5.1.08","Creación y/ o actualización de la Resolución de Información Clasificada, si aplica ",{"$nulls":3},1,{"$nulls":8},1,"Resolución",null,null,"El RAI es el responsable de crear y actualizar la Resolución de Información Clasificada.","OAI"]
["3.6 Registradas y procesadas en el Sistema Electrónico de Compras Públicas las adquisiciones y contrataciones institucionales y de la Red Pública.","3.6.1 Los establecimientos de la red y unidades usuarias del SNS disponen oportunamente de bienes y servicios esenciales mediante la eficientización de la gestión de compras y contrataciones, asegurando planificación, transparencia, competencia y ahorro.","3.6.1.01","Consolidación y validación de la plantilla para el Plan Anual de Compras y Contrataciones 2027",{"$nulls":8},1,{"$nulls":3},1,null,null,"Matriz PACC",null,"Planificación"]
["3.6 Registradas y procesadas en el Sistema Electrónico de Compras Públicas las adquisiciones y contrataciones institucionales y de la Red Pública.","3.6.1 Los establecimientos de la red y unidades usuarias del SNS disponen oportunamente de bienes y servicios esenciales mediante la eficientización de la gestión de compras y contrataciones, asegurando planificación, transparencia, competencia y ahorro.","3.6.1.02","Seguimiento a la formulación del presupuesto 2027 ",{"$nulls":8},1,{"$nulls":3},1,"Reporte",null,"Matrix Presupuesto ",null,"Planificación"]
["3.6 Registradas y procesadas en el Sistema Electrónico de Compras Públicas las adquisiciones y contrataciones institucionales y de la Red Pública.","3.6.1 Los establecimientos de la red y unidades usuarias del SNS disponen oportunamente de bienes y servicios esenciales mediante la eficientización de la gestión de compras y contrataciones, asegurando planificación, transparencia, competencia y ahorro.","3.6.1.04","Autoevaluación del desempeño hospitalario del SISCOMPRA y elaboración de un plan de mejora conforme hallazgos",null,null,1,null,null,1,null,null,1,null,null,1,4,"Informe",null,null,"Solo aplica a hospitales que tienen SECP","Administrativo-Financiero"]
["3.8 Implementados y operativos los controles internos definidos por las NOBACI, con revisiones de cumplimiento semestrales y planes de mejora continua.","3.8.1 Los establecimientos de la red y las unidades gestoras del SNS reciben fortalecimiento de la gestión financiera mediante la fiscalización del gasto, la evaluación del control interno, el seguimiento de indicadores financieros y la regularización de anticipos según su naturaleza, asegurando uso eficiente, transparente y oportuno de los recursos.","3.8.1.01","Implementación del plan de mejora con  las recomendaciones resultados de las auditorías realizadas.",1,null,null,1,{"$nulls":3},1,{"$nulls":3},1,4,"Informe","Plan","Soportes de la ejecución","22 Hospitales convencionales y  hospitales de autogestión.","Fiscalización"]
["3.8 Implementados y operativos los controles internos definidos por las NOBACI, con revisiones de cumplimiento semestrales y planes de mejora continua.","3.8.1 Los establecimientos de la red y las unidades gestoras del SNS reciben fortalecimiento de la gestión financiera mediante la fiscalización del gasto, la evaluación del control interno, el seguimiento de indicadores financieros y la regularización de anticipos según su naturaleza, asegurando uso eficiente, transparente y oportuno de los recursos.","3.8.1.02","Elaboración y remisión de nóminas de Incentivo Rendimiento Individual  y guardias presenciales en los plazos establecidos.",1,1,1,1,1,1,1,1,1,1,1,1,{"$f":"SUM(E137:P137)","v":12},null,null,"No Objeción MAP\nDFC-F0-015 \nDFC-F0-016 \nFormularios reporte diario y mensual guardias presenciales           ","Los incentivos aplican a todos los establecimientos, las guardias presenciales excluye los establecimientos de autogestión","Fiscalización"]
["3.8 Implementados y operativos los controles internos definidos por las NOBACI, con revisiones de cumplimiento semestrales y planes de mejora continua.","3.8.1 Los establecimientos de la red y las unidades gestoras del SNS reciben fortalecimiento de la gestión financiera mediante la fiscalización del gasto, la evaluación del control interno, el seguimiento de indicadores financieros y la regularización de anticipos según su naturaleza, asegurando uso eficiente, transparente y oportuno de los recursos.","3.8.1.03","Ejecución de planes de mejora resultados de la evaluación de control interno aplicada.",1,null,null,1,{"$nulls":3},1,{"$nulls":3},1,4,"Informe","Plan","Soportes de la ejecución","Hospitales bajo seguimiento en el SISMAP Salud","Fiscalización"]
["3.8 Implementados y operativos los controles internos definidos por las NOBACI, con revisiones de cumplimiento semestrales y planes de mejora continua.","3.8.1 Los establecimientos de la red y las unidades gestoras del SNS reciben fortalecimiento de la gestión financiera mediante la fiscalización del gasto, la evaluación del control interno, el seguimiento de indicadores financieros y la regularización de anticipos según su naturaleza, asegurando uso eficiente, transparente y oportuno de los recursos.","3.8.1.04","Reunión con las áreas para identificación de cumplimiento de las actividades programadas del plan piloto Proyecto Sistema de Fiscalización y Control Regional.",1,null,1,null,1,null,1,null,1,null,1,null,6,"Listado de participación","Minuta",null,"Establecimientos de salud de la región Valdesia (Juan Pablo Pina).","Fiscalización"]
["3.8 Implementados y operativos los controles internos definidos por las NOBACI, con revisiones de cumplimiento semestrales y planes de mejora continua.","3.8.1 Los establecimientos de la red y las unidades gestoras del SNS reciben fortalecimiento de la gestión financiera mediante la fiscalización del gasto, la evaluación del control interno, el seguimiento de indicadores financieros y la regularización de anticipos según su naturaleza, asegurando uso eficiente, transparente y oportuno de los recursos.","3.8.1.05","Remisión reporte comportamiento de indicadores financieros en seguimiento (disminución de deuda, eficientización de la nómina e incremento de captación recursos directos)..",1,1,1,1,1,1,1,1,1,1,1,1,12,"Reporte",{"$nulls":3},"Fiscalización"]
["3.8 Implementados y operativos los controles internos definidos por las NOBACI, con revisiones de cumplimiento semestrales y planes de mejora continua.","3.8.1 Los establecimientos de la red y las unidades gestoras del SNS reciben fortalecimiento de la gestión financiera mediante la fiscalización del gasto, la evaluación del control interno, el seguimiento de indicadores financieros y la regularización de anticipos según su naturaleza, asegurando uso eficiente, transparente y oportuno de los recursos.","3.8.1.06","Ejecución de fondos del anticipo financiero  en los plazos establecidos. ",1,null,1,1,1,1,1,1,1,1,1,1,11,null,null,"Formulario de recepción expediente de rendición de cuenta  de anticipo financiero",null,"Fiscalización"]
["3.8 Implementados y operativos los controles internos definidos por las NOBACI, con revisiones de cumplimiento semestrales y planes de mejora continua.","3.8.1 Los establecimientos de la red y las unidades gestoras del SNS reciben fortalecimiento de la gestión financiera mediante la fiscalización del gasto, la evaluación del control interno, el seguimiento de indicadores financieros y la regularización de anticipos según su naturaleza, asegurando uso eficiente, transparente y oportuno de los recursos.","3.8.1.07","Tramitación oportuna ante la ORS de los registros de firmas en cuentas bancarias a nuevos directores y administradores.",1,1,1,1,1,1,1,1,1,1,1,1,12,null,null,"Oficio de solicitud",null,"Fiscalización"]
["3.8 Implementados y operativos los controles internos definidos por las NOBACI, con revisiones de cumplimiento semestrales y planes de mejora continua.","3.8.1 Los establecimientos de la red y las unidades gestoras del SNS reciben fortalecimiento de la gestión financiera mediante la fiscalización del gasto, la evaluación del control interno, el seguimiento de indicadores financieros y la regularización de anticipos según su naturaleza, asegurando uso eficiente, transparente y oportuno de los recursos.","3.8.1.08","Contratación de firma privada para realizar auditoría interna",null,null,1,{"$nulls":9},1,null,null,"Contrato","Hospitales de autogestión","Fiscalización"]
["3.9 Instalaciones físicas remodeladas y equipadas conforme a estándares de centros de salud incrementando su capacidad resolutiva.","3.9.3 Establecimientos de salud logran y sostienen su habilitación conforme a la normativa vigente","3.9.3.01","Implementación de Autoinspecciones de Habilitación ",null,null,1,{"$nulls":9},1,null,null,"Formularios autorizados por DSHH",null,"Calidad de los Servicios de Salud"]
["3.9 Instalaciones físicas remodeladas y equipadas conforme a estándares de centros de salud incrementando su capacidad resolutiva.","3.9.3 Establecimientos de salud logran y sostienen su habilitación conforme a la normativa vigente","3.9.3.02","Elaboración de Plan de Mejora ",{"$nulls":3},1,{"$nulls":8},1,"Plan",null,"Plan de Mejora en el formato autorizado DGCSS-FO-005",null,"Calidad de los Servicios de Salud"]
["3.9 Instalaciones físicas remodeladas y equipadas conforme a estándares de centros de salud incrementando su capacidad resolutiva.","3.9.3 Establecimientos de salud logran y sostienen su habilitación conforme a la normativa vigente","3.9.3.03","Notificación de Estatus de Habilitación ",null,1,{"$nulls":10},1,null,null,"Certificado Vigente/\nRecibo de renovación MSP",null,"Calidad de los Servicios de Salud"]
["3.9 Instalaciones físicas remodeladas y equipadas conforme a estándares de centros de salud incrementando su capacidad resolutiva.","3.9.3 Establecimientos de salud logran y sostienen su habilitación conforme a la normativa vigente","3.9.3.04","Implementación de Acciones de Plan de Mejora de Habilitación ",{"$nulls":10},1,null,1,null,null,"Plan actualizado y evidencias de ejecución ",null,"Calidad de los Servicios de Salud"]
[{"$nulls":4},{"$f":"SUM(E16:E147)","v":32},26,56,38,28,58,32,33,58,31,32,50,474]

{"sheet":"Sheet1","index":2,"n_rows":26,"n_cols":6,"rows_kept":26,"hidden":true}
[]
[{"$nulls":4},"Informe","1.1 Reducidos los niveles de morbilidad y mortalidad materna e infantil por causas prevenibles en la población materno-infantil del país, disminuyendo la mortalidad materna de 127.33 y la mortalidad infantil de 18.44 en 2023 a 89.13 y 16.56  en 2028 en todas las regiones del territorio nacional."]
[{"$nulls":4},"Listado de participación","1.2 Aumentado el cumplimiento normativo para reducir la incidencia de complicaciones neonatales y maternas, pasando de un promedio del 75.5% en el año 2023 al 88% en el año 2028 en todas las regiones de la Red Pública de Servicios de Salud."]
[{"$nulls":4},"Fotos","1.3 Reducido el embarazo en adolescentes atendidas en los establecimientos de la Red Pública en un 20% al año 2028, mediante el fortalecimiento del acceso a servicios integrales de salud sexual y reproductiva."]
[{"$nulls":4},"Agenda","1.4 Disminuida la proporción de partos por cesárea en hospitales del sector público pasando de 48.83 en el 2023 a 34 en el 2028."]
[{"$nulls":4},"Plan","1.5 Reducida la morbilidad y mortalidad prematura por enfermedades no transmisibles en personas de 30 a 69 años, en un 20% al año 2028, mediante la implementación de intervenciones integrales de prevención, diagnóstico temprano y tratamiento oportuno en los establecimientos de la Red Pública."]
[{"$nulls":4},"Protocolo","1.6 Incrementado el acceso oportuno a servicios de salud de calidad, aumentando el acceso a servicios preventivos de 2.23% de la población prioritaria en 2023 al 5.24% en 2028 en todas las regiones del país."]
[{"$nulls":4},"Manual","1.7 Aumentada la disponibilidad de medicamentos esenciales en los establecimientos de la Red Pública de Servicios de Salud, incrementando el cumplimiento promedio de abastecimiento del 88% en 2023 al 93% en 2028 en todas las regiones del país."]
[{"$nulls":4},"Resolución","1.8 Superadas las deficiencias en la organización e implementación de las Redes Integradas de Servicios de Salud (RISS) beneficiando a toda la población que utiliza los servicios de salud de la Red Pública, aumentando del 38% en 2023 al 50% en 2028 en todo el territorio nacional."]
[{"$nulls":4},"Boletin","1.9 Fortalecida la implementación del Modelo de Atención en Salud beneficiando a la población usuaria del primer nivel de atención, incrementando la adscripción del 7% en 2023 al 80% en 2028, en todas las regiones del país."]
[{"$nulls":4},"Reporte","1.10 Mejorada la distribución y presencia del Primer Nivel de Atención respecto a la sectorización, incrementando la presencia del Primer Nivel del 70% en 2023 al 71% en 2028  en todas las regiones del territorio nacional."]
[{"$nulls":4},"Minuta","1.11 Fortalecida la continuidad en la atención de las puérperas y recién nacidos, aumentando la captación oportuna del 30% en 2023 al 50% en 2028 en el Primer Nivel de Atención."]
[{"$nulls":4},"Hoja de supervisión","1.12 Superadas las deficiencias en la organización e implementación de las Redes Integradas de Servicios de Salud (RISS) beneficiando a toda la población que utiliza los servicios de salud de la Red Pública, aumentando del 38% en 2023 al 50% en 2028 en todo el territorio nacional."]
[{"$nulls":4},"Inventario","1.13 Fortalecida la continuidad en la atención de las puérperas y recién nacidos, aumentando la captación oportuna del 30% en 2023 al 50% en 2028 en el Primer Nivel de Atención."]
[{"$nulls":4},"Reglamento","2.1 Reducida la escasez de recursos humanos de salud, aumentando un 12% en el 2028 la dotación de personal en establecimientos públicos del país."]
[{"$nulls":4},"Memoria","2.2 Incrementada la eficacia de los procesos de contratación y retención de recursos humanos de salud en establecimientos públicos, reduciendo vacantes y mejorando la dotación de personal."]
[{"$nulls":4},"Encuesta","3.1 Fortalecida la capacidad institucional para aumentar el acceso a servicios públicos de calidad mediante la optimización de procesos, empoderamiento del talento humano, articulación efectiva, incorporación de tecnologías de la información y comunicación, modernización de la infraestructura física y equipamiento adecuado."]
[{"$nulls":4},"Registro Digital","3.2 Incrementada la satisfacción de usuarios y la calidad percibida de los servicios públicos"]
[{"$nulls":4},"Base de datos","3.3 Cumplidos los indicadores de gestión pública institucional, garantizando disponibilidad oportuna de la información para la toma de decisiones."]
[{"$nulls":4},"Otros","3.4 Alcanzado un cumplimiento mínimo del 90% de las metas de planificación y ejecución presupuestaria, optimizando la asignación y uso de recursos."]
[{"$nulls":5},"3.5 Atendidas las solicitudes de información recibidas en los plazos establecidos, con reportes de cumplimiento mensual y mecanismos de retroalimentación al usuario."]
[{"$nulls":5},"3.6 Registradas y procesadas en el Sistema Electrónico de Compras Públicas las adquisiciones y contrataciones institucionales y de la Red Pública."]
[{"$nulls":5},"3.7 Incrementando progresivamente el índice de uso de las TIC y Gobierno Digital en la Red Pública de Servicios de Salud."]
[{"$nulls":5},"3.8 Implementados y operativos los controles internos definidos por las NOBACI, con revisiones de cumplimiento semestrales y planes de mejora continua."]
[{"$nulls":5},"3.9 Instalaciones físicas remodeladas y equipadas conforme a estándares de centros de salud incrementando su capacidad resolutiva."]
[{"$nulls":5},"3.10 Implementado un sistema integral de medición y gestión de la satisfacción de usuarios, con reportes trimestrales y planes de mejora continua para elevar la calidad percibida de los servicios públicos."]

{"sheet":"PPNE2.1","index":3,"n_rows":381,"n_cols":19,"rows_kept":381,"merged":[[1,6,1,15],[2,6,2,15],[3,6,3,15],[4,9,4,10],[5,7,5,13]]}
[{"$nulls":14},"Venta Servicios"]
[{"$nulls":6},"Servicio Nacional de Salud",{"$nulls":11},"Anticipo Financiero"]
[{"$nulls":6},"Dirección de Planificación y Desarrollo",{"$nulls":11},"Venta de Servicios"]
[{"$nulls":6},"Programación de Insumos",{"$nulls":11},"Donaciones"]
[{"$nulls":9},{"$f":"+PPNE1!C5","v":2026}]
[{"$nulls":6},"CEAS",{"$f":"+PPNE1!B7","v":0}]
[null,"ID_Dependendencia","POA","SRS","AREA","TIPO","Código_Actividad","Insumos","Unidad de Medida","Cantidad de Insumos","Precio Unitario","Valor Total","Código Presupuestario","Fuente de Financiamiento"]
[null,{"$f":"IF(Tabla1[[#This Row],[Código_Actividad]]=\"\",\"\",CONCATENATE(Tabla1[[#This Row],[POA]],\".\",Tabla1[[#This Row],[SRS]],\".\",Tabla1[[#This Row],[AREA]],\".\",Tabla1[[#This Row],[TIPO]]))","v":"..."},"","","","","1.1.1.02","Tinta Epson","Unidad",2,{"v":800,"d":"800.00"},{"v":1600,"d":"1,600.00"},null,"Venta de Servicios"]
[null,{"$f":"IF(Tabla1[[#This Row],[Código_Actividad]]=\"\",\"\",CONCATENATE(Tabla1[[#This Row],[POA]],\".\",Tabla1[[#This Row],[SRS]],\".\",Tabla1[[#This Row],[AREA]],\".\",Tabla1[[#This Row],[TIPO]]))","v":""},"","","","",null,"Papel de escritorio","Unidad",100,{"v":0.5,"d":"0.50"},{"v":50,"d":"50.00"},null,"Venta de Servicios"]
[null,{"$f":"IF(Tabla1[[#This Row],[Código_Actividad]]=\"\",\"\",CONCATENATE(Tabla1[[#This Row],[POA]],\".\",Tabla1[[#This Row],[SRS]],\".\",Tabla1[[#This Row],[AREA]],\".\",Tabla1[[#This Row],[TIPO]]))","v":""},"","","","",null,"Lapiceros","Unidad",12,{"v":15,"d":"15.00"},{"v":180,"d":"180.00"},null,"Venta de Servicios"]
[null,{"$f":"IF(Tabla1[[#This Row],[Código_Actividad]]=\"\",\"\",CONCATENATE(Tabla1[[#This Row],[POA]],\".\",Tabla1[[#This Row],[SRS]],\".\",Tabla1[[#This Row],[AREA]],\".\",Tabla1[[#This Row],[TIPO]]))","v":"..."},"","","","","1.1.1.05","Tinta Epson","Unidad",2,{"v":800,"d":"800.00"},{"v":1600,"d":"1,600.00"},null,"Venta de Servicios"]
[null,{"$f":"IF(Tabla1[[#This Row],[Código_Actividad]]=\"\",\"\",CONCATENATE(Tabla1[[#This Row],[POA]],\".\",Tabla1[[#This Row],[SRS]],\".\",Tabla1[[#This Row],[AREA]],\".\",Tabla1[[#This Row],[TIPO]]))","v":""},"","","","",null,"Papel de escritorio","Unidad",100,{"v":0.5,"d":"0.50"},{"v":50,"d":"50.00"},null,"Venta de Servicios"]
[null,{"$f":"IF(Tabla1[[#This Row],[Código_Actividad]]=\"\",\"\",CONCATENATE(Tabla1[[#This Row],[POA]],\".\",Tabla1[[#This Row],[SRS]],\".\",Tabla1[[#This Row],[AREA]],\".\",Tabla1[[#This Row],[TIPO]]))","v":""},"","","","",null,"Lapiceros","Unidad",12,{"v":15,"d":"15.00"},{"v":180,"d":"180.00"},null,"Venta de Servicios"]
[null,{"$f":"IF(Tabla1[[#This Row],[Código_Actividad]]=\"\",\"\",CONCATENATE(Tabla1[[#This Row],[POA]],\".\",Tabla1[[#This Row],[SRS]],\".\",Tabla1[[#This Row],[AREA]],\".\",Tabla1[[#This Row],[TIPO]]))","v":"..."},"","","","","1.2.1.03","Tinta Epson","Unidad",2,{"v":800,"d":"800.00"},{"v":1600,"d":"1,600.00"},null,"Venta de Servicios"]
[null,{"$f":"IF(Tabla1[[#This Row],[Código_Actividad]]=\"\",\"\",CONCATENATE(Tabla1[[#This Row],[POA]],\".\",Tabla1[[#This Row],[SRS]],\".\",Tabla1[[#This Row],[AREA]],\".\",Tabla1[[#This Row],[TIPO]]))","v":""},"","","","",null,"Papel de escritorio","Unidad",100,{"v":0.5,"d":"0.50"},{"v":50,"d":"50.00"},null,"Venta de Servicios"]
[null,{"$f":"IF(Tabla1[[#This Row],[Código_Actividad]]=\"\",\"\",CONCATENATE(Tabla1[[#This Row],[POA]],\".\",Tabla1[[#This Row],[SRS]],\".\",Tabla1[[#This Row],[AREA]],\".\",Tabla1[[#This Row],[TIPO]]))","v":""},"","","","",null,"Lapiceros","Unidad",12,{"v":15,"d":"15.00"},{"v":180,"d":"180.00"},null,"Venta de Servicios"]
[null,{"$f":"IF(Tabla1[[#This Row],[Código_Actividad]]=\"\",\"\",CONCATENATE(Tabla1[[#This Row],[POA]],\".\",Tabla1[[#This Row],[SRS]],\".\",Tabla1[[#This Row],[AREA]],\".\",Tabla1[[#This Row],[TIPO]]))","v":"..."},"","","","","1.2.1.05","Tinta Epson","Unidad",2,{"v":800,"d":"800.00"},{"v":1600,"d":"1,600.00"},null,"Venta de Servicios"]
[null,{"$f":"IF(Tabla1[[#This Row],[Código_Actividad]]=\"\",\"\",CONCATENATE(Tabla1[[#This Row],[POA]],\".\",Tabla1[[#This Row],[SRS]],\".\",Tabla1[[#This Row],[AREA]],\".\",Tabla1[[#This Row],[TIPO]]))","v":""},"","","","",null,"Papel de escritorio","Unidad",100,{"v":0.5,"d":"0.50"},{"v":50,"d":"50.00"},null,"Venta de Servicios"]
[null,{"$f":"IF(Tabla1[[#This Row],[Código_Actividad]]=\"\",\"\",CONCATENATE(Tabla1[[#This Row],[POA]],\".\",Tabla1[[#This Row],[SRS]],\".\",Tabla1[[#This Row],[AREA]],\".\",Tabla1[[#This Row],[TIPO]]))","v":""},"","","","",null,"Lapiceros","Unidad",12,{"v":15,"d":"15.00"},{"v":180,"d":"180.00"},null,"Venta de Servicios"]
[null,{"$f":"IF(Tabla1[[#This Row],[Código_Actividad]]=\"\",\"\",CONCATENATE(Tabla1[[#This Row],[POA]],\".\",Tabla1[[#This Row],[SRS]],\".\",Tabla1[[#This Row],[AREA]],\".\",Tabla1[[#This Row],[TIPO]]))","v":"..."},"","","","","1.2.1.06","Tinta Epson","Unidad",2,{"v":800,"d":"800.00"},{"v":1600,"d":"1,600.00"},null,"Venta de Servicios"]
[null,{"$f":"IF(Tabla1[[#This Row],[Código_Actividad]]=\"\",\"\",CONCATENATE(Tabla1[[#This Row],[POA]],\".\",Tabla1[[#This Row],[SRS]],\".\",Tabla1[[#This Row],[AREA]],\".\",Tabla1[[#This Row],[TIPO]]))","v":""},"","","","",null,"Papel de escritorio","Unidad",100,{"v":0.5,"d":"0.50"},{"v":50,"d":"50.00"},null,"Venta de Servicios"]
[null,{"$f":"IF(Tabla1[[#This Row],[Código_Actividad]]=\"\",\"\",CONCATENATE(Tabla1[[#This Row],[POA]],\".\",Tabla1[[#This Row],[SRS]],\".\",Tabla1[[#This Row],[AREA]],\".\",Tabla1[[#This Row],[TIPO]]))","v":""},"","","","",null,"Lapiceros","Unidad",12,{"v":15,"d":"15.00"},{"v":180,"d":"180.00"},null,"Venta de Servicios"]
[null,{"$f":"IF(Tabla1[[#This Row],[Código_Actividad]]=\"\",\"\",CONCATENATE(Tabla1[[#This Row],[POA]],\".\",Tabla1[[#This Row],[SRS]],\".\",Tabla1[[#This Row],[AREA]],\".\",Tabla1[[#This Row],[TIPO]]))","v":"..."},"","","","","1.2.2.02","Tinta Epson","Unidad",2,{"v":800,"d":"800.00"},{"v":1600,"d":"1,600.00"},null,"Venta de Servicios"]
[null,{"$f":"IF(Tabla1[[#This Row],[Código_Actividad]]=\"\",\"\",CONCATENATE(Tabla1[[#This Row],[POA]],\".\",Tabla1[[#This Row],[SRS]],\".\",Tabla1[[#This Row],[AREA]],\".\",Tabla1[[#This Row],[TIPO]]))","v":""},"","","","",null,"Papel de escritorio","Unidad",100,{"v":0.5,"d":"0.50"},{"v":50,"d":"50.00"},null,"Venta de Servicios"]
[null,{"$f":"IF(Tabla1[[#This Row],[Código_Actividad]]=\"\",\"\",CONCATENATE(Tabla1[[#This Row],[POA]],\".\",Tabla1[[#This Row],[SRS]],\".\",Tabla1[[#This Row],[AREA]],\".\",Tabla1[[#This Row],[TIPO]]))","v":""},"","","","",null,"Lapiceros","Unidad",12,{"v":15,"d":"15.00"},{"v":180,"d":"180.00"},null,"Venta de Servicios"]
[null,{"$f":"IF(Tabla1[[#This Row],[Código_Actividad]]=\"\",\"\",CONCATENATE(Tabla1[[#This Row],[POA]],\".\",Tabla1[[#This Row],[SRS]],\".\",Tabla1[[#This Row],[AREA]],\".\",Tabla1[[#This Row],[TIPO]]))","v":"..."},"","","","","1.5.1.01","Tinta Epson","Unidad",2,{"v":800,"d":"800.00"},{"v":1600,"d":"1,600.00"},null,"Venta de Servicios"]
[null,{"$f":"IF(Tabla1[[#This Row],[Código_Actividad]]=\"\",\"\",CONCATENATE(Tabla1[[#This Row],[POA]],\".\",Tabla1[[#This Row],[SRS]],\".\",Tabla1[[#This Row],[AREA]],\".\",Tabla1[[#This Row],[TIPO]]))","v":""},"","","","",null,"Papel de escritorio","Unidad",100,{"v":0.5,"d":"0.50"},{"v":50,"d":"50.00"},null,"Venta de Servicios"]
[null,{"$f":"IF(Tabla1[[#This Row],[Código_Actividad]]=\"\",\"\",CONCATENATE(Tabla1[[#This Row],[POA]],\".\",Tabla1[[#This Row],[SRS]],\".\",Tabla1[[#This Row],[AREA]],\".\",Tabla1[[#This Row],[TIPO]]))","v":""},"","","","",null,"Lapiceros","Unidad",12,{"v":15,"d":"15.00"},{"v":180,"d":"180.00"},null,"Venta de Servicios"]
[null,{"$f":"IF(Tabla1[[#This Row],[Código_Actividad]]=\"\",\"\",CONCATENATE(Tabla1[[#This Row],[POA]],\".\",Tabla1[[#This Row],[SRS]],\".\",Tabla1[[#This Row],[AREA]],\".\",Tabla1[[#This Row],[TIPO]]))","v":"..."},"","","","","1.5.2.01","Tinta Epson","Unidad",2,{"v":800,"d":"800.00"},{"v":1600,"d":"1,600.00"},null,"Venta de Servicios"]
[null,{"$f":"IF(Tabla1[[#This Row],[Código_Actividad]]=\"\",\"\",CONCATENATE(Tabla1[[#This Row],[POA]],\".\",Tabla1[[#This Row],[SRS]],\".\",Tabla1[[#This Row],[AREA]],\".\",Tabla1[[#This Row],[TIPO]]))","v":""},"","","","",null,"Papel de escritorio","Unidad",100,{"v":0.5,"d":"0.50"},{"v":50,"d":"50.00"},null,"Venta de Servicios"]
[null,{"$f":"IF(Tabla1[[#This Row],[Código_Actividad]]=\"\",\"\",CONCATENATE(Tabla1[[#This Row],[POA]],\".\",Tabla1[[#This Row],[SRS]],\".\",Tabla1[[#This Row],[AREA]],\".\",Tabla1[[#This Row],[TIPO]]))","v":""},"","","","",null,"Lapiceros","Unidad",12,{"v":15,"d":"15.00"},{"v":180,"d":"180.00"},null,"Venta de Servicios"]
[null,{"$f":"IF(Tabla1[[#This Row],[Código_Actividad]]=\"\",\"\",CONCATENATE(Tabla1[[#This Row],[POA]],\".\",Tabla1[[#This Row],[SRS]],\".\",Tabla1[[#This Row],[AREA]],\".\",Tabla1[[#This Row],[TIPO]]))","v":"..."},"","","","","1.6.5.01","Tinta Epson","Unidad",2,{"v":800,"d":"800.00"},{"v":1600,"d":"1,600.00"},null,"Venta de Servicios"]
[null,{"$f":"IF(Tabla1[[#This Row],[Código_Actividad]]=\"\",\"\",CONCATENATE(Tabla1[[#This Row],[POA]],\".\",Tabla1[[#This Row],[SRS]],\".\",Tabla1[[#This Row],[AREA]],\".\",Tabla1[[#This Row],[TIPO]]))","v":""},"","","","",null,"Papel de escritorio","Unidad",100,{"v":0.5,"d":"0.50"},{"v":50,"d":"50.00"},null,"Venta de Servicios"]
[null,{"$f":"IF(Tabla1[[#This Row],[Código_Actividad]]=\"\",\"\",CONCATENATE(Tabla1[[#This Row],[POA]],\".\",Tabla1[[#This Row],[SRS]],\".\",Tabla1[[#This Row],[AREA]],\".\",Tabla1[[#This Row],[TIPO]]))","v":""},"","","","",null,"Lapiceros","Unidad",12,{"v":15,"d":"15.00"},{"v":180,"d":"180.00"},null,"Venta de Servicios"]
[null,{"$f":"IF(Tabla1[[#This Row],[Código_Actividad]]=\"\",\"\",CONCATENATE(Tabla1[[#This Row],[POA]],\".\",Tabla1[[#This Row],[SRS]],\".\",Tabla1[[#This Row],[AREA]],\".\",Tabla1[[#This Row],[TIPO]]))","v":"..."},"","","","","1.6.5.02","Tinta Epson","Unidad",2,{"v":800,"d":"800.00"},{"v":1600,"d":"1,600.00"},null,"Venta de Servicios"]
[null,{"$f":"IF(Tabla1[[#This Row],[Código_Actividad]]=\"\",\"\",CONCATENATE(Tabla1[[#This Row],[POA]],\".\",Tabla1[[#This Row],[SRS]],\".\",Tabla1[[#This Row],[AREA]],\".\",Tabla1[[#This Row],[TIPO]]))","v":""},"","","","",null,"Papel de escritorio","Unidad",100,{"v":0.5,"d":"0.50"},{"v":50,"d":"50.00"},null,"Venta de Servicios"]
[null,{"$f":"IF(Tabla1[[#This Row],[Código_Actividad]]=\"\",\"\",CONCATENATE(Tabla1[[#This Row],[POA]],\".\",Tabla1[[#This Row],[SRS]],\".\",Tabla1[[#This Row],[AREA]],\".\",Tabla1[[#This Row],[TIPO]]))","v":""},"","","","",null,"Lapiceros","Unidad",12,{"v":15,"d":"15.00"},{"v":180,"d":"180.00"},null,"Venta de Servicios"]
[null,{"$f":"IF(Tabla1[[#This Row],[Código_Actividad]]=\"\",\"\",CONCATENATE(Tabla1[[#This Row],[POA]],\".\",Tabla1[[#This Row],[SRS]],\".\",Tabla1[[#This Row],[AREA]],\".\",Tabla1[[#This Row],[TIPO]]))","v":"..."},"","","","","1.6.5.03","Tinta Epson","Unidad",2,{"v":800,"d":"800.00"},{"v":1600,"d":"1,600.00"},null,"Venta de Servicios"]
[null,{"$f":"IF(Tabla1[[#This Row],[Código_Actividad]]=\"\",\"\",CONCATENATE(Tabla1[[#This Row],[POA]],\".\",Tabla1[[#This Row],[SRS]],\".\",Tabla1[[#This Row],[AREA]],\".\",Tabla1[[#This Row],[TIPO]]))","v":""},"","","","",null,"Papel de escritorio","Unidad",100,{"v":0.5,"d":"0.50"},{"v":50,"d":"50.00"},null,"Venta de Servicios"]
[null,{"$f":"IF(Tabla1[[#This Row],[Código_Actividad]]=\"\",\"\",CONCATENATE(Tabla1[[#This Row],[POA]],\".\",Tabla1[[#This Row],[SRS]],\".\",Tabla1[[#This Row],[AREA]],\".\",Tabla1[[#This Row],[TIPO]]))","v":""},"","","","",null,"Lapiceros","Unidad",12,{"v":15,"d":"15.00"},{"v":180,"d":"180.00"},null,"Venta de Servicios"]
[null,{"$f":"IF(Tabla1[[#This Row],[Código_Actividad]]=\"\",\"\",CONCATENATE(Tabla1[[#This Row],[POA]],\".\",Tabla1[[#This Row],[SRS]],\".\",Tabla1[[#This Row],[AREA]],\".\",Tabla1[[#This Row],[TIPO]]))","v":"..."},"","","","","1.6.5.04","Tinta Epson","Unidad",2,{"v":800,"d":"800.00"},{"v":1600,"d":"1,600.00"},null,"Venta de Servicios"]
[null,{"$f":"IF(Tabla1[[#This Row],[Código_Actividad]]=\"\",\"\",CONCATENATE(Tabla1[[#This Row],[POA]],\".\",Tabla1[[#This Row],[SRS]],\".\",Tabla1[[#This Row],[AREA]],\".\",Tabla1[[#This Row],[TIPO]]))","v":""},"","","","",null,"Papel de escritorio","Unidad",100,{"v":0.5,"d":"0.50"},{"v":50,"d":"50.00"},null,"Venta de Servicios"]
[null,{"$f":"IF(Tabla1[[#This Row],[Código_Actividad]]=\"\",\"\",CONCATENATE(Tabla1[[#This Row],[POA]],\".\",Tabla1[[#This Row],[SRS]],\".\",Tabla1[[#This Row],[AREA]],\".\",Tabla1[[#This Row],[TIPO]]))","v":""},"","","","",null,"Lapiceros","Unidad",12,{"v":15,"d":"15.00"},{"v":180,"d":"180.00"},null,"Venta de Servicios"]
[null,{"$f":"IF(Tabla1[[#This Row],[Código_Actividad]]=\"\",\"\",CONCATENATE(Tabla1[[#This Row],[POA]],\".\",Tabla1[[#This Row],[SRS]],\".\",Tabla1[[#This Row],[AREA]],\".\",Tabla1[[#This Row],[TIPO]]))","v":"..."},"","","","","1.7.1.01","Tinta Epson","Unidad",2,{"v":800,"d":"800.00"},{"v":1600,"d":"1,600.00"},null,"Venta de Servicios"]
[null,{"$f":"IF(Tabla1[[#This Row],[Código_Actividad]]=\"\",\"\",CONCATENATE(Tabla1[[#This Row],[POA]],\".\",Tabla1[[#This Row],[SRS]],\".\",Tabla1[[#This Row],[AREA]],\".\",Tabla1[[#This Row],[TIPO]]))","v":""},"","","","",null,"Papel de escritorio","Unidad",100,{"v":0.5,"d":"0.50"},{"v":50,"d":"50.00"},null,"Venta de Servicios"]
[null,{"$f":"IF(Tabla1[[#This Row],[Código_Actividad]]=\"\",\"\",CONCATENATE(Tabla1[[#This Row],[POA]],\".\",Tabla1[[#This Row],[SRS]],\".\",Tabla1[[#This Row],[AREA]],\".\",Tabla1[[#This Row],[TIPO]]))","v":""},"","","","",null,"Lapiceros","Unidad",12,{"v":15,"d":"15.00"},{"v":180,"d":"180.00"},null,"Venta de Servicios"]
[null,{"$f":"IF(Tabla1[[#This Row],[Código_Actividad]]=\"\",\"\",CONCATENATE(Tabla1[[#This Row],[POA]],\".\",Tabla1[[#This Row],[SRS]],\".\",Tabla1[[#This Row],[AREA]],\".\",Tabla1[[#This Row],[TIPO]]))","v":"..."},"","","","","1.8.2.01","Tinta Epson","Unidad",2,{"v":800,"d":"800.00"},{"v":1600,"d":"1,600.00"},null,"Venta de Servicios"]
[null,{"$f":"IF(Tabla1[[#This Row],[Código_Actividad]]=\"\",\"\",CONCATENATE(Tabla1[[#This Row],[POA]],\".\",Tabla1[[#This Row],[SRS]],\".\",Tabla1[[#This Row],[AREA]],\".\",Tabla1[[#This Row],[TIPO]]))","v":""},"","","","",null,"Papel de escritorio","Unidad",100,{"v":0.5,"d":"0.50"},{"v":50,"d":"50.00"},null,"Venta de Servicios"]
[null,{"$f":"IF(Tabla1[[#This Row],[Código_Actividad]]=\"\",\"\",CONCATENATE(Tabla1[[#This Row],[POA]],\".\",Tabla1[[#This Row],[SRS]],\".\",Tabla1[[#This Row],[AREA]],\".\",Tabla1[[#This Row],[TIPO]]))","v":""},"","","","",null,"Lapiceros","Unidad",12,{"v":15,"d":"15.00"},{"v":180,"d":"180.00"},null,"Venta de Servicios"]
[null,{"$f":"IF(Tabla1[[#This Row],[Código_Actividad]]=\"\",\"\",CONCATENATE(Tabla1[[#This Row],[POA]],\".\",Tabla1[[#This Row],[SRS]],\".\",Tabla1[[#This Row],[AREA]],\".\",Tabla1[[#This Row],[TIPO]]))","v":"..."},"","","","","1.8.2.02","Tinta Epson","Unidad",2,{"v":800,"d":"800.00"},{"v":1600,"d":"1,600.00"},null,"Venta de Servicios"]
[null,{"$f":"IF(Tabla1[[#This Row],[Código_Actividad]]=\"\",\"\",CONCATENATE(Tabla1[[#This Row],[POA]],\".\",Tabla1[[#This Row],[SRS]],\".\",Tabla1[[#This Row],[AREA]],\".\",Tabla1[[#This Row],[TIPO]]))","v":""},"","","","",null,"Papel de escritorio","Unidad",100,{"v":0.5,"d":"0.50"},{"v":50,"d":"50.00"},null,"Venta de Servicios"]
[null,{"$f":"IF(Tabla1[[#This Row],[Código_Actividad]]=\"\",\"\",CONCATENATE(Tabla1[[#This Row],[POA]],\".\",Tabla1[[#This Row],[SRS]],\".\",Tabla1[[#This Row],[AREA]],\".\",Tabla1[[#This Row],[TIPO]]))","v":""},"","","","",null,"Lapiceros","Unidad",12,{"v":15,"d":"15.00"},{"v":180,"d":"180.00"},null,"Venta de Servicios"]
[null,{"$f":"IF(Tabla1[[#This Row],[Código_Actividad]]=\"\",\"\",CONCATENATE(Tabla1[[#This Row],[POA]],\".\",Tabla1[[#This Row],[SRS]],\".\",Tabla1[[#This Row],[AREA]],\".\",Tabla1[[#This Row],[TIPO]]))","v":"..."},"","","","","1.8.2.03","Tinta Epson","Unidad",2,{"v":800,"d":"800.00"},{"v":1600,"d":"1,600.00"},null,"Venta de Servicios"]
[null,{"$f":"IF(Tabla1[[#This Row],[Código_Actividad]]=\"\",\"\",CONCATENATE(Tabla1[[#This Row],[POA]],\".\",Tabla1[[#This Row],[SRS]],\".\",Tabla1[[#This Row],[AREA]],\".\",Tabla1[[#This Row],[TIPO]]))","v":""},"","","","",null,"Papel de escritorio","Unidad",100,{"v":0.5,"d":"0.50"},{"v":50,"d":"50.00"},null,"Venta de Servicios"]
[null,{"$f":"IF(Tabla1[[#This Row],[Código_Actividad]]=\"\",\"\",CONCATENATE(Tabla1[[#This Row],[POA]],\".\",Tabla1[[#This Row],[SRS]],\".\",Tabla1[[#This Row],[AREA]],\".\",Tabla1[[#This Row],[TIPO]]))","v":""},"","","","",null,"Lapiceros","Unidad",12,{"v":15,"d":"15.00"},{"v":180,"d":"180.00"},null,"Venta de Servicios"]
[null,{"$f":"IF(Tabla1[[#This Row],[Código_Actividad]]=\"\",\"\",CONCATENATE(Tabla1[[#This Row],[POA]],\".\",Tabla1[[#This Row],[SRS]],\".\",Tabla1[[#This Row],[AREA]],\".\",Tabla1[[#This Row],[TIPO]]))","v":"..."},"","","","","1.8.2.04","Tinta Epson","Unidad",2,{"v":800,"d":"800.00"},{"v":1600,"d":"1,600.00"},null,"Venta de Servicios"]
[null,{"$f":"IF(Tabla1[[#This Row],[Código_Actividad]]=\"\",\"\",CONCATENATE(Tabla1[[#This Row],[POA]],\".\",Tabla1[[#This Row],[SRS]],\".\",Tabla1[[#This Row],[AREA]],\".\",Tabla1[[#This Row],[TIPO]]))","v":""},"","","","",null,"Papel de escritorio","Unidad",100,{"v":0.5,"d":"0.50"},{"v":50,"d":"50.00"},null,"Venta de Servicios"]
[null,{"$f":"IF(Tabla1[[#This Row],[Código_Actividad]]=\"\",\"\",CONCATENATE(Tabla1[[#This Row],[POA]],\".\",Tabla1[[#This Row],[SRS]],\".\",Tabla1[[#This Row],[AREA]],\".\",Tabla1[[#This Row],[TIPO]]))","v":""},"","","","",null,"Lapiceros","Unidad",12,{"v":15,"d":"15.00"},{"v":180,"d":"180.00"},null,"Venta de Servicios"]
[null,{"$f":"IF(Tabla1[[#This Row],[Código_Actividad]]=\"\",\"\",CONCATENATE(Tabla1[[#This Row],[POA]],\".\",Tabla1[[#This Row],[SRS]],\".\",Tabla1[[#This Row],[AREA]],\".\",Tabla1[[#This Row],[TIPO]]))","v":"..."},"","","","","1.8.2.05","Tinta Epson","Unidad",2,{"v":800,"d":"800.00"},{"v":1600,"d":"1,600.00"},null,"Venta de Servicios"]
[null,{"$f":"IF(Tabla1[[#This Row],[Código_Actividad]]=\"\",\"\",CONCATENATE(Tabla1[[#This Row],[POA]],\".\",Tabla1[[#This Row],[SRS]],\".\",Tabla1[[#This Row],[AREA]],\".\",Tabla1[[#This Row],[TIPO]]))","v":""},"","","","",null,"Papel de escritorio","Unidad",100,{"v":0.5,"d":"0.50"},{"v":50,"d":"50.00"},null,"Venta de Servicios"]
[null,{"$f":"IF(Tabla1[[#This Row],[Código_Actividad]]=\"\",\"\",CONCATENATE(Tabla1[[#This Row],[POA]],\".\",Tabla1[[#This Row],[SRS]],\".\",Tabla1[[#This Row],[AREA]],\".\",Tabla1[[#This Row],[TIPO]]))","v":""},"","","","",null,"Lapiceros","Unidad",12,{"v":15,"d":"15.00"},{"v":180,"d":"180.00"},null,"Venta de Servicios"]
[null,{"$f":"IF(Tabla1[[#This Row],[Código_Actividad]]=\"\",\"\",CONCATENATE(Tabla1[[#This Row],[POA]],\".\",Tabla1[[#This Row],[SRS]],\".\",Tabla1[[#This Row],[AREA]],\".\",Tabla1[[#This Row],[TIPO]]))","v":"..."},"","","","","1.8.2.06","Tinta Epson","Unidad",2,{"v":800,"d":"800.00"},{"v":1600,"d":"1,600.00"},null,"Venta de Servicios"]
[null,{"$f":"IF(Tabla1[[#This Row],[Código_Actividad]]=\"\",\"\",CONCATENATE(Tabla1[[#This Row],[POA]],\".\",Tabla1[[#This Row],[SRS]],\".\",Tabla1[[#This Row],[AREA]],\".\",Tabla1[[#This Row],[TIPO]]))","v":""},"","","","",null,"Papel de escritorio","Unidad",100,{"v":0.5,"d":"0.50"},{"v":50,"d":"50.00"},null,"Venta de Servicios"]
[null,{"$f":"IF(Tabla1[[#This Row],[Código_Actividad]]=\"\",\"\",CONCATENATE(Tabla1[[#This Row],[POA]],\".\",Tabla1[[#This Row],[SRS]],\".\",Tabla1[[#This Row],[AREA]],\".\",Tabla1[[#This Row],[TIPO]]))","v":""},"","","","",null,"Lapiceros","Unidad",12,{"v":15,"d":"15.00"},{"v":180,"d":"180.00"},null,"Venta de Servicios"]
[null,{"$f":"IF(Tabla1[[#This Row],[Código_Actividad]]=\"\",\"\",CONCATENATE(Tabla1[[#This Row],[POA]],\".\",Tabla1[[#This Row],[SRS]],\".\",Tabla1[[#This Row],[AREA]],\".\",Tabla1[[#This Row],[TIPO]]))","v":"..."},"","","","","1.8.2.07","Tinta Epson","Unidad",2,{"v":800,"d":"800.00"},{"v":1600,"d":"1,600.00"},null,"Venta de Servicios"]
[null,{"$f":"IF(Tabla1[[#This Row],[Código_Actividad]]=\"\",\"\",CONCATENATE(Tabla1[[#This Row],[POA]],\".\",Tabla1[[#This Row],[SRS]],\".\",Tabla1[[#This Row],[AREA]],\".\",Tabla1[[#This Row],[TIPO]]))","v":""},"","","","",null,"Papel de escritorio","Unidad",250,{"v":0.7,"d":"0.70"},{"v":175,"d":"175.00"},null,"Venta de Servicios"]
[null,{"$f":"IF(Tabla1[[#This Row],[Código_Actividad]]=\"\",\"\",CONCATENATE(Tabla1[[#This Row],[POA]],\".\",Tabla1[[#This Row],[SRS]],\".\",Tabla1[[#This Row],[AREA]],\".\",Tabla1[[#This Row],[TIPO]]))","v":"..."},"","","","","1.8.2.08","Tinta Epson","Unidad",1,{"v":850,"d":"850.00"},{"v":850,"d":"850.00"},null,"Venta de Servicios"]
[null,{"$f":"IF(Tabla1[[#This Row],[Código_Actividad]]=\"\",\"\",CONCATENATE(Tabla1[[#This Row],[POA]],\".\",Tabla1[[#This Row],[SRS]],\".\",Tabla1[[#This Row],[AREA]],\".\",Tabla1[[#This Row],[TIPO]]))","v":""},"","","","",null,"Carpetas","Unidad",1,{"v":450,"d":"450.00"},{"v":450,"d":"450.00"},null,"Venta de Servicios"]
[null,{"$f":"IF(Tabla1[[#This Row],[Código_Actividad]]=\"\",\"\",CONCATENATE(Tabla1[[#This Row],[POA]],\".\",Tabla1[[#This Row],[SRS]],\".\",Tabla1[[#This Row],[AREA]],\".\",Tabla1[[#This Row],[TIPO]]))","v":""},"","","","",null,"Lapiceros","Unidad",12,{"v":15,"d":"15.00"},{"v":180,"d":"180.00"},null,"Venta de Servicios"]
[null,{"$f":"IF(Tabla1[[#This Row],[Código_Actividad]]=\"\",\"\",CONCATENATE(Tabla1[[#This Row],[POA]],\".\",Tabla1[[#This Row],[SRS]],\".\",Tabla1[[#This Row],[AREA]],\".\",Tabla1[[#This Row],[TIPO]]))","v":""},"","","","",null,"Papel de escritorio","Unidad",250,{"v":0.7,"d":"0.70"},{"v":175,"d":"175.00"},null,"Venta de Servicios"]
[null,{"$f":"IF(Tabla1[[#This Row],[Código_Actividad]]=\"\",\"\",CONCATENATE(Tabla1[[#This Row],[POA]],\".\",Tabla1[[#This Row],[SRS]],\".\",Tabla1[[#This Row],[AREA]],\".\",Tabla1[[#This Row],[TIPO]]))","v":"..."},"","","","","1.8.2.09","Tinta Epson","Unidad",1,{"v":850,"d":"850.00"},{"v":850,"d":"850.00"},null,"Venta de Servicios"]
[null,{"$f":"IF(Tabla1[[#This Row],[Código_Actividad]]=\"\",\"\",CONCATENATE(Tabla1[[#This Row],[POA]],\".\",Tabla1[[#This Row],[SRS]],\".\",Tabla1[[#This Row],[AREA]],\".\",Tabla1[[#This Row],[TIPO]]))","v":""},"","","","",null,"Carpetas","Unidad",1,{"v":450,"d":"450.00"},{"v":450,"d":"450.00"},null,"Venta de Servicios"]
[null,{"$f":"IF(Tabla1[[#This Row],[Código_Actividad]]=\"\",\"\",CONCATENATE(Tabla1[[#This Row],[POA]],\".\",Tabla1[[#This Row],[SRS]],\".\",Tabla1[[#This Row],[AREA]],\".\",Tabla1[[#This Row],[TIPO]]))","v":""},"","","","",null,"Lapiceros","Unidad",12,{"v":15,"d":"15.00"},{"v":180,"d":"180.00"},null,"Venta de Servicios"]
[null,{"$f":"IF(Tabla1[[#This Row],[Código_Actividad]]=\"\",\"\",CONCATENATE(Tabla1[[#This Row],[POA]],\".\",Tabla1[[#This Row],[SRS]],\".\",Tabla1[[#This Row],[AREA]],\".\",Tabla1[[#This Row],[TIPO]]))","v":""},"","","","",null,"Papel de escritorio","Unidad",250,{"v":0.7,"d":"0.70"},{"v":175,"d":"175.00"},null,"Venta de Servicios"]
[null,{"$f":"IF(Tabla1[[#This Row],[Código_Actividad]]=\"\",\"\",CONCATENATE(Tabla1[[#This Row],[POA]],\".\",Tabla1[[#This Row],[SRS]],\".\",Tabla1[[#This Row],[AREA]],\".\",Tabla1[[#This Row],[TIPO]]))","v":"..."},"","","","","1.8.2.10","Tinta Epson","Unidad",1,{"v":850,"d":"850.00"},{"v":850,"d":"850.00"},null,"Venta de Servicios"]
[null,{"$f":"IF(Tabla1[[#This Row],[Código_Actividad]]=\"\",\"\",CONCATENATE(Tabla1[[#This Row],[POA]],\".\",Tabla1[[#This Row],[SRS]],\".\",Tabla1[[#This Row],[AREA]],\".\",Tabla1[[#This Row],[TIPO]]))","v":""},"","","","",null,"Carpetas","Unidad",1,{"v":450,"d":"450.00"},{"v":450,"d":"450.00"},null,"Venta de Servicios"]
[null,{"$f":"IF(Tabla1[[#This Row],[Código_Actividad]]=\"\",\"\",CONCATENATE(Tabla1[[#This Row],[POA]],\".\",Tabla1[[#This Row],[SRS]],\".\",Tabla1[[#This Row],[AREA]],\".\",Tabla1[[#This Row],[TIPO]]))","v":""},"","","","",null,"Lapiceros","Unidad",12,{"v":15,"d":"15.00"},{"v":180,"d":"180.00"},null,"Venta de Servicios"]
[null,{"$f":"IF(Tabla1[[#This Row],[Código_Actividad]]=\"\",\"\",CONCATENATE(Tabla1[[#This Row],[POA]],\".\",Tabla1[[#This Row],[SRS]],\".\",Tabla1[[#This Row],[AREA]],\".\",Tabla1[[#This Row],[TIPO]]))","v":""},"","","","",null,"Papel de escritorio","Unidad",250,{"v":0.7,"d":"0.70"},{"v":175,"d":"175.00"},null,"Venta de Servicios"]
[null,{"$f":"IF(Tabla1[[#This Row],[Código_Actividad]]=\"\",\"\",CONCATENATE(Tabla1[[#This Row],[POA]],\".\",Tabla1[[#This Row],[SRS]],\".\",Tabla1[[#This Row],[AREA]],\".\",Tabla1[[#This Row],[TIPO]]))","v":"..."},"","","","","1.8.2.11","Tinta Epson","Unidad",2,{"v":800,"d":"800.00"},{"v":1600,"d":"1,600.00"},null,"Venta de Servicios"]
[null,{"$f":"IF(Tabla1[[#This Row],[Código_Actividad]]=\"\",\"\",CONCATENATE(Tabla1[[#This Row],[POA]],\".\",Tabla1[[#This Row],[SRS]],\".\",Tabla1[[#This Row],[AREA]],\".\",Tabla1[[#This Row],[TIPO]]))","v":""},"","","","",null,"Papel de escritorio","Unidad",100,{"v":0.5,"d":"0.50"},{"v":50,"d":"50.00"},null,"Venta de Servicios"]
[null,{"$f":"IF(Tabla1[[#This Row],[Código_Actividad]]=\"\",\"\",CONCATENATE(Tabla1[[#This Row],[POA]],\".\",Tabla1[[#This Row],[SRS]],\".\",Tabla1[[#This Row],[AREA]],\".\",Tabla1[[#This Row],[TIPO]]))","v":""},"","","","",null,"Lapiceros","Unidad",12,{"v":15,"d":"15.00"},{"v":180,"d":"180.00"},null,"Venta de Servicios"]
[null,{"$f":"IF(Tabla1[[#This Row],[Código_Actividad]]=\"\",\"\",CONCATENATE(Tabla1[[#This Row],[POA]],\".\",Tabla1[[#This Row],[SRS]],\".\",Tabla1[[#This Row],[AREA]],\".\",Tabla1[[#This Row],[TIPO]]))","v":"..."},"","","","","1.8.2.12","Tinta Epson","Unidad",2,{"v":800,"d":"800.00"},{"v":1600,"d":"1,600.00"},null,"Venta de Servicios"]
[null,{"$f":"IF(Tabla1[[#This Row],[Código_Actividad]]=\"\",\"\",CONCATENATE(Tabla1[[#This Row],[POA]],\".\",Tabla1[[#This Row],[SRS]],\".\",Tabla1[[#This Row],[AREA]],\".\",Tabla1[[#This Row],[TIPO]]))","v":""},"","","","",null,"Papel de escritorio","Unidad",100,{"v":0.5,"d":"0.50"},{"v":50,"d":"50.00"},null,"Venta de Servicios"]
[null,{"$f":"IF(Tabla1[[#This Row],[Código_Actividad]]=\"\",\"\",CONCATENATE(Tabla1[[#This Row],[POA]],\".\",Tabla1[[#This Row],[SRS]],\".\",Tabla1[[#This Row],[AREA]],\".\",Tabla1[[#This Row],[TIPO]]))","v":""},"","","","",null,"Lapiceros","Unidad",12,{"v":15,"d":"15.00"},{"v":180,"d":"180.00"},null,"Venta de Servicios"]
[null,{"$f":"IF(Tabla1[[#This Row],[Código_Actividad]]=\"\",\"\",CONCATENATE(Tabla1[[#This Row],[POA]],\".\",Tabla1[[#This Row],[SRS]],\".\",Tabla1[[#This Row],[AREA]],\".\",Tabla1[[#This Row],[TIPO]]))","v":"..."},"","","","","1.8.2.13","Tinta Epson","Unidad",2,{"v":800,"d":"800.00"},{"v":1600,"d":"1,600.00"},null,"Venta de Servicios"]
[null,{"$f":"IF(Tabla1[[#This Row],[Código_Actividad]]=\"\",\"\",CONCATENATE(Tabla1[[#This Row],[POA]],\".\",Tabla1[[#This Row],[SRS]],\".\",Tabla1[[#This Row],[AREA]],\".\",Tabla1[[#This Row],[TIPO]]))","v":""},"","","","",null,"Papel de escritorio","Unidad",100,{"v":0.5,"d":"0.50"},{"v":50,"d":"50.00"},null,"Venta de Servicios"]
[null,{"$f":"IF(Tabla1[[#This Row],[Código_Actividad]]=\"\",\"\",CONCATENATE(Tabla1[[#This Row],[POA]],\".\",Tabla1[[#This Row],[SRS]],\".\",Tabla1[[#This Row],[AREA]],\".\",Tabla1[[#This Row],[TIPO]]))","v":""},"","","","",null,"Lapiceros","Unidad",12,{"v":15,"d":"15.00"},{"v":180,"d":"180.00"},null,"Venta de Servicios"]
[null,{"$f":"IF(Tabla1[[#This Row],[Código_Actividad]]=\"\",\"\",CONCATENATE(Tabla1[[#This Row],[POA]],\".\",Tabla1[[#This Row],[SRS]],\".\",Tabla1[[#This Row],[AREA]],\".\",Tabla1[[#This Row],[TIPO]]))","v":"..."},"","","","","1.8.3.04","Tinta Epson","Unidad",2,{"v":800,"d":"800.00"},{"v":1600,"d":"1,600.00"},null,"Venta de Servicios"]
[null,{"$f":"IF(Tabla1[[#This Row],[Código_Actividad]]=\"\",\"\",CONCATENATE(Tabla1[[#This Row],[POA]],\".\",Tabla1[[#This Row],[SRS]],\".\",Tabla1[[#This Row],[AREA]],\".\",Tabla1[[#This Row],[TIPO]]))","v":""},"","","","",null,"Papel de escritorio","Unidad",100,{"v":0.5,"d":"0.50"},{"v":50,"d":"50.00"},null,"Venta de Servicios"]
[null,{"$f":"IF(Tabla1[[#This Row],[Código_Actividad]]=\"\",\"\",CONCATENATE(Tabla1[[#This Row],[POA]],\".\",Tabla1[[#This Row],[SRS]],\".\",Tabla1[[#This Row],[AREA]],\".\",Tabla1[[#This Row],[TIPO]]))","v":""},"","","","",null,"Lapiceros","Unidad",12,{"v":15,"d":"15.00"},{"v":180,"d":"180.00"},null,"Venta de Servicios"]
[null,{"$f":"IF(Tabla1[[#This Row],[Código_Actividad]]=\"\",\"\",CONCATENATE(Tabla1[[#This Row],[POA]],\".\",Tabla1[[#This Row],[SRS]],\".\",Tabla1[[#This Row],[AREA]],\".\",Tabla1[[#This Row],[TIPO]]))","v":"..."},"","","","","1.8.3.05","Tinta Epson","Unidad",2,{"v":800,"d":"800.00"},{"v":1600,"d":"1,600.00"},null,"Venta de Servicios"]
[null,{"$f":"IF(Tabla1[[#This Row],[Código_Actividad]]=\"\",\"\",CONCATENATE(Tabla1[[#This Row],[POA]],\".\",Tabla1[[#This Row],[SRS]],\".\",Tabla1[[#This Row],[AREA]],\".\",Tabla1[[#This Row],[TIPO]]))","v":""},"","","","",null,"Papel de escritorio","Unidad",100,{"v":0.5,"d":"0.50"},{"v":50,"d":"50.00"},null,"Venta de Servicios"]
[null,{"$f":"IF(Tabla1[[#This Row],[Código_Actividad]]=\"\",\"\",CONCATENATE(Tabla1[[#This Row],[POA]],\".\",Tabla1[[#This Row],[SRS]],\".\",Tabla1[[#This Row],[AREA]],\".\",Tabla1[[#This Row],[TIPO]]))","v":""},"","","","",null,"Lapiceros","Unidad",12,{"v":15,"d":"15.00"},{"v":180,"d":"180.00"},null,"Venta de Servicios"]
[null,{"$f":"IF(Tabla1[[#This Row],[Código_Actividad]]=\"\",\"\",CONCATENATE(Tabla1[[#This Row],[POA]],\".\",Tabla1[[#This Row],[SRS]],\".\",Tabla1[[#This Row],[AREA]],\".\",Tabla1[[#This Row],[TIPO]]))","v":"..."},"","","","","1.8.3.06","Tinta Epson","Unidad",2,{"v":800,"d":"800.00"},{"v":1600,"d":"1,600.00"},null,"Venta de Servicios"]
[null,{"$f":"IF(Tabla1[[#This Row],[Código_Actividad]]=\"\",\"\",CONCATENATE(Tabla1[[#This Row],[POA]],\".\",Tabla1[[#This Row],[SRS]],\".\",Tabla1[[#This Row],[AREA]],\".\",Tabla1[[#This Row],[TIPO]]))","v":""},"","","","",null,"Papel de escritorio","Unidad",100,{"v":0.5,"d":"0.50"},{"v":50,"d":"50.00"},null,"Venta de Servicios"]
[null,{"$f":"IF(Tabla1[[#This Row],[Código_Actividad]]=\"\",\"\",CONCATENATE(Tabla1[[#This Row],[POA]],\".\",Tabla1[[#This Row],[SRS]],\".\",Tabla1[[#This Row],[AREA]],\".\",Tabla1[[#This Row],[TIPO]]))","v":""},"","","","",null,"Lapiceros","Unidad",12,{"v":15,"d":"15.00"},{"v":180,"d":"180.00"},null,"Venta de Servicios"]
[null,{"$f":"IF(Tabla1[[#This Row],[Código_Actividad]]=\"\",\"\",CONCATENATE(Tabla1[[#This Row],[POA]],\".\",Tabla1[[#This Row],[SRS]],\".\",Tabla1[[#This Row],[AREA]],\".\",Tabla1[[#This Row],[TIPO]]))","v":"..."},"","","","","1.8.2.07","Tinta Epson","Unidad",2,{"v":800,"d":"800.00"},{"v":1600,"d":"1,600.00"},null,"Venta de Servicios"]
[null,{"$f":"IF(Tabla1[[#This Row],[Código_Actividad]]=\"\",\"\",CONCATENATE(Tabla1[[#This Row],[POA]],\".\",Tabla1[[#This Row],[SRS]],\".\",Tabla1[[#This Row],[AREA]],\".\",Tabla1[[#This Row],[TIPO]]))","v":""},"","","","",null,"Papel de escritorio","Unidad",100,{"v":0.5,"d":"0.50"},{"v":50,"d":"50.00"},null,"Venta de Servicios"]
[null,{"$f":"IF(Tabla1[[#This Row],[Código_Actividad]]=\"\",\"\",CONCATENATE(Tabla1[[#This Row],[POA]],\".\",Tabla1[[#This Row],[SRS]],\".\",Tabla1[[#This Row],[AREA]],\".\",Tabla1[[#This Row],[TIPO]]))","v":""},"","","","",null,"Lapiceros","Unidad",12,{"v":15,"d":"15.00"},{"v":180,"d":"180.00"},null,"Venta de Servicios"]
[null,{"$f":"IF(Tabla1[[#This Row],[Código_Actividad]]=\"\",\"\",CONCATENATE(Tabla1[[#This Row],[POA]],\".\",Tabla1[[#This Row],[SRS]],\".\",Tabla1[[#This Row],[AREA]],\".\",Tabla1[[#This Row],[TIPO]]))","v":"..."},"","","","","1.8.3.08","Tinta Epson","Unidad",2,{"v":800,"d":"800.00"},{"v":1600,"d":"1,600.00"},null,"Venta de Servicios"]
[null,{"$f":"IF(Tabla1[[#This Row],[Código_Actividad]]=\"\",\"\",CONCATENATE(Tabla1[[#This Row],[POA]],\".\",Tabla1[[#This Row],[SRS]],\".\",Tabla1[[#This Row],[AREA]],\".\",Tabla1[[#This Row],[TIPO]]))","v":""},"","","","",null,"Papel de escritorio","Unidad",100,{"v":0.5,"d":"0.50"},{"v":50,"d":"50.00"},null,"Venta de Servicios"]
[null,{"$f":"IF(Tabla1[[#This Row],[Código_Actividad]]=\"\",\"\",CONCATENATE(Tabla1[[#This Row],[POA]],\".\",Tabla1[[#This Row],[SRS]],\".\",Tabla1[[#This Row],[AREA]],\".\",Tabla1[[#This Row],[TIPO]]))","v":""},"","","","",null,"Lapiceros","Unidad",12,{"v":15,"d":"15.00"},{"v":180,"d":"180.00"},null,"Venta de Servicios"]
[null,{"$f":"IF(Tabla1[[#This Row],[Código_Actividad]]=\"\",\"\",CONCATENATE(Tabla1[[#This Row],[POA]],\".\",Tabla1[[#This Row],[SRS]],\".\",Tabla1[[#This Row],[AREA]],\".\",Tabla1[[#This Row],[TIPO]]))","v":"..."},"","","","","1.8.3.09","Tinta Epson","Unidad",2,{"v":800,"d":"800.00"},{"v":1600,"d":"1,600.00"},null,"Venta de Servicios"]
[null,{"$f":"IF(Tabla1[[#This Row],[Código_Actividad]]=\"\",\"\",CONCATENATE(Tabla1[[#This Row],[POA]],\".\",Tabla1[[#This Row],[SRS]],\".\",Tabla1[[#This Row],[AREA]],\".\",Tabla1[[#This Row],[TIPO]]))","v":""},"","","","",null,"Papel de escritorio","Unidad",100,{"v":0.5,"d":"0.50"},{"v":50,"d":"50.00"},null,"Venta de Servicios"]
[null,{"$f":"IF(Tabla1[[#This Row],[Código_Actividad]]=\"\",\"\",CONCATENATE(Tabla1[[#This Row],[POA]],\".\",Tabla1[[#This Row],[SRS]],\".\",Tabla1[[#This Row],[AREA]],\".\",Tabla1[[#This Row],[TIPO]]))","v":""},"","","","",null,"Lapiceros","Unidad",12,{"v":15,"d":"15.00"},{"v":180,"d":"180.00"},null,"Venta de Servicios"]
[null,{"$f":"IF(Tabla1[[#This Row],[Código_Actividad]]=\"\",\"\",CONCATENATE(Tabla1[[#This Row],[POA]],\".\",Tabla1[[#This Row],[SRS]],\".\",Tabla1[[#This Row],[AREA]],\".\",Tabla1[[#This Row],[TIPO]]))","v":"..."},"","","","","1.8.3.10","Tinta Epson","Unidad",2,{"v":800,"d":"800.00"},{"v":1600,"d":"1,600.00"},null,"Venta de Servicios"]
[null,{"$f":"IF(Tabla1[[#This Row],[Código_Actividad]]=\"\",\"\",CONCATENATE(Tabla1[[#This Row],[POA]],\".\",Tabla1[[#This Row],[SRS]],\".\",Tabla1[[#This Row],[AREA]],\".\",Tabla1[[#This Row],[TIPO]]))","v":""},"","","","",null,"Papel de escritorio","Unidad",100,{"v":0.5,"d":"0.50"},{"v":50,"d":"50.00"},null,"Venta de Servicios"]
[null,{"$f":"IF(Tabla1[[#This Row],[Código_Actividad]]=\"\",\"\",CONCATENATE(Tabla1[[#This Row],[POA]],\".\",Tabla1[[#This Row],[SRS]],\".\",Tabla1[[#This Row],[AREA]],\".\",Tabla1[[#This Row],[TIPO]]))","v":""},"","","","",null,"Lapiceros","Unidad",12,{"v":15,"d":"15.00"},{"v":180,"d":"180.00"},null,"Venta de Servicios"]
[null,{"$f":"IF(Tabla1[[#This Row],[Código_Actividad]]=\"\",\"\",CONCATENATE(Tabla1[[#This Row],[POA]],\".\",Tabla1[[#This Row],[SRS]],\".\",Tabla1[[#This Row],[AREA]],\".\",Tabla1[[#This Row],[TIPO]]))","v":"..."},"","","","","1.8.3.11","Tinta Epson","Unidad",2,{"v":800,"d":"800.00"},{"v":1600,"d":"1,600.00"},null,"Venta de Servicios"]
[null,{"$f":"IF(Tabla1[[#This Row],[Código_Actividad]]=\"\",\"\",CONCATENATE(Tabla1[[#This Row],[POA]],\".\",Tabla1[[#This Row],[SRS]],\".\",Tabla1[[#This Row],[AREA]],\".\",Tabla1[[#This Row],[TIPO]]))","v":""},"","","","",null,"Papel de escritorio","Unidad",100,{"v":0.5,"d":"0.50"},{"v":50,"d":"50.00"},null,"Venta de Servicios"]
[null,{"$f":"IF(Tabla1[[#This Row],[Código_Actividad]]=\"\",\"\",CONCATENATE(Tabla1[[#This Row],[POA]],\".\",Tabla1[[#This Row],[SRS]],\".\",Tabla1[[#This Row],[AREA]],\".\",Tabla1[[#This Row],[TIPO]]))","v":""},"","","","",null,"Lapiceros","Unidad",12,{"v":15,"d":"15.00"},{"v":180,"d":"180.00"},null,"Venta de Servicios"]
[null,{"$f":"IF(Tabla1[[#This Row],[Código_Actividad]]=\"\",\"\",CONCATENATE(Tabla1[[#This Row],[POA]],\".\",Tabla1[[#This Row],[SRS]],\".\",Tabla1[[#This Row],[AREA]],\".\",Tabla1[[#This Row],[TIPO]]))","v":"..."},"","","","","1.8.3.12","Tinta Epson","Unidad",2,{"v":800,"d":"800.00"},{"v":1600,"d":"1,600.00"},null,"Venta de Servicios"]
[null,{"$f":"IF(Tabla1[[#This Row],[Código_Actividad]]=\"\",\"\",CONCATENATE(Tabla1[[#This Row],[POA]],\".\",Tabla1[[#This Row],[SRS]],\".\",Tabla1[[#This Row],[AREA]],\".\",Tabla1[[#This Row],[TIPO]]))","v":""},"","","","",null,"Papel de escritorio","Unidad",100,{"v":0.5,"d":"0.50"},{"v":50,"d":"50.00"},null,"Venta de Servicios"]
[null,{"$f":"IF(Tabla1[[#This Row],[Código_Actividad]]=\"\",\"\",CONCATENATE(Tabla1[[#This Row],[POA]],\".\",Tabla1[[#This Row],[SRS]],\".\",Tabla1[[#This Row],[AREA]],\".\",Tabla1[[#This Row],[TIPO]]))","v":""},"","","","",null,"Lapiceros","Unidad",12,{"v":15,"d":"15.00"},{"v":180,"d":"180.00"},null,"Venta de Servicios"]
[null,{"$f":"IF(Tabla1[[#This Row],[Código_Actividad]]=\"\",\"\",CONCATENATE(Tabla1[[#This Row],[POA]],\".\",Tabla1[[#This Row],[SRS]],\".\",Tabla1[[#This Row],[AREA]],\".\",Tabla1[[#This Row],[TIPO]]))","v":"..."},"","","","","1.8.3.13","Tinta Epson","Unidad",2,{"v":800,"d":"800.00"},{"v":1600,"d":"1,600.00"},null,"Venta de Servicios"]
[null,{"$f":"IF(Tabla1[[#This Row],[Código_Actividad]]=\"\",\"\",CONCATENATE(Tabla1[[#This Row],[POA]],\".\",Tabla1[[#This Row],[SRS]],\".\",Tabla1[[#This Row],[AREA]],\".\",Tabla1[[#This Row],[TIPO]]))","v":""},"","","","",null,"Papel de escritorio","Unidad",100,{"v":0.5,"d":"0.50"},{"v":50,"d":"50.00"},null,"Venta de Servicios"]
[null,{"$f":"IF(Tabla1[[#This Row],[Código_Actividad]]=\"\",\"\",CONCATENATE(Tabla1[[#This Row],[POA]],\".\",Tabla1[[#This Row],[SRS]],\".\",Tabla1[[#This Row],[AREA]],\".\",Tabla1[[#This Row],[TIPO]]))","v":""},"","","","",null,"Lapiceros","Unidad",12,{"v":15,"d":"15.00"},{"v":180,"d":"180.00"},null,"Venta de Servicios"]
[null,{"$f":"IF(Tabla1[[#This Row],[Código_Actividad]]=\"\",\"\",CONCATENATE(Tabla1[[#This Row],[POA]],\".\",Tabla1[[#This Row],[SRS]],\".\",Tabla1[[#This Row],[AREA]],\".\",Tabla1[[#This Row],[TIPO]]))","v":"..."},"","","","","1.8.3.14","Tinta Epson","Unidad",2,{"v":800,"d":"800.00"},{"v":1600,"d":"1,600.00"},null,"Venta de Servicios"]
[null,{"$f":"IF(Tabla1[[#This Row],[Código_Actividad]]=\"\",\"\",CONCATENATE(Tabla1[[#This Row],[POA]],\".\",Tabla1[[#This Row],[SRS]],\".\",Tabla1[[#This Row],[AREA]],\".\",Tabla1[[#This Row],[TIPO]]))","v":""},"","","","",null,"Papel de escritorio","Unidad",100,{"v":0.5,"d":"0.50"},{"v":50,"d":"50.00"},null,"Venta de Servicios"]
[null,{"$f":"IF(Tabla1[[#This Row],[Código_Actividad]]=\"\",\"\",CONCATENATE(Tabla1[[#This Row],[POA]],\".\",Tabla1[[#This Row],[SRS]],\".\",Tabla1[[#This Row],[AREA]],\".\",Tabla1[[#This Row],[TIPO]]))","v":""},"","","","",null,"Lapiceros","Unidad",12,{"v":15,"d":"15.00"},{"v":180,"d":"180.00"},null,"Venta de Servicios"]
[null,{"$f":"IF(Tabla1[[#This Row],[Código_Actividad]]=\"\",\"\",CONCATENATE(Tabla1[[#This Row],[POA]],\".\",Tabla1[[#This Row],[SRS]],\".\",Tabla1[[#This Row],[AREA]],\".\",Tabla1[[#This Row],[TIPO]]))","v":"..."},"","","","","1.8.3.15","Tinta Epson","Unidad",2,{"v":800,"d":"800.00"},{"v":1600,"d":"1,600.00"},null,"Venta de Servicios"]
[null,{"$f":"IF(Tabla1[[#This Row],[Código_Actividad]]=\"\",\"\",CONCATENATE(Tabla1[[#This Row],[POA]],\".\",Tabla1[[#This Row],[SRS]],\".\",Tabla1[[#This Row],[AREA]],\".\",Tabla1[[#This Row],[TIPO]]))","v":""},"","","","",null,"Papel de escritorio","Unidad",100,{"v":0.5,"d":"0.50"},{"v":50,"d":"50.00"},null,"Venta de Servicios"]
[null,{"$f":"IF(Tabla1[[#This Row],[Código_Actividad]]=\"\",\"\",CONCATENATE(Tabla1[[#This Row],[POA]],\".\",Tabla1[[#This Row],[SRS]],\".\",Tabla1[[#This Row],[AREA]],\".\",Tabla1[[#This Row],[TIPO]]))","v":""},"","","","",null,"Lapiceros","Unidad",12,{"v":15,"d":"15.00"},{"v":180,"d":"180.00"},null,"Venta de Servicios"]
[null,{"$f":"IF(Tabla1[[#This Row],[Código_Actividad]]=\"\",\"\",CONCATENATE(Tabla1[[#This Row],[POA]],\".\",Tabla1[[#This Row],[SRS]],\".\",Tabla1[[#This Row],[AREA]],\".\",Tabla1[[#This Row],[TIPO]]))","v":"..."},"","","","","1.8.3.16","Tinta Epson","Unidad",2,{"v":800,"d":"800.00"},{"v":1600,"d":"1,600.00"},null,"Venta de Servicios"]
[null,{"$f":"IF(Tabla1[[#This Row],[Código_Actividad]]=\"\",\"\",CONCATENATE(Tabla1[[#This Row],[POA]],\".\",Tabla1[[#This Row],[SRS]],\".\",Tabla1[[#This Row],[AREA]],\".\",Tabla1[[#This Row],[TIPO]]))","v":""},"","","","",null,"Papel de escritorio","Unidad",100,{"v":0.5,"d":"0.50"},{"v":50,"d":"50.00"},null,"Venta de Servicios"]
[null,{"$f":"IF(Tabla1[[#This Row],[Código_Actividad]]=\"\",\"\",CONCATENATE(Tabla1[[#This Row],[POA]],\".\",Tabla1[[#This Row],[SRS]],\".\",Tabla1[[#This Row],[AREA]],\".\",Tabla1[[#This Row],[TIPO]]))","v":""},"","","","",null,"Lapiceros","Unidad",12,{"v":15,"d":"15.00"},{"v":180,"d":"180.00"},null,"Venta de Servicios"]
[null,{"$f":"IF(Tabla1[[#This Row],[Código_Actividad]]=\"\",\"\",CONCATENATE(Tabla1[[#This Row],[POA]],\".\",Tabla1[[#This Row],[SRS]],\".\",Tabla1[[#This Row],[AREA]],\".\",Tabla1[[#This Row],[TIPO]]))","v":"..."},"","","","","1.8.3.17","Tinta Epson","Unidad",2,{"v":800,"d":"800.00"},{"v":1600,"d":"1,600.00"},null,"Venta de Servicios"]
[null,{"$f":"IF(Tabla1[[#This Row],[Código_Actividad]]=\"\",\"\",CONCATENATE(Tabla1[[#This Row],[POA]],\".\",Tabla1[[#This Row],[SRS]],\".\",Tabla1[[#This Row],[AREA]],\".\",Tabla1[[#This Row],[TIPO]]))","v":""},"","","","",null,"Papel de escritorio","Unidad",100,{"v":0.5,"d":"0.50"},{"v":50,"d":"50.00"},null,"Venta de Servicios"]
[null,{"$f":"IF(Tabla1[[#This Row],[Código_Actividad]]=\"\",\"\",CONCATENATE(Tabla1[[#This Row],[POA]],\".\",Tabla1[[#This Row],[SRS]],\".\",Tabla1[[#This Row],[AREA]],\".\",Tabla1[[#This Row],[TIPO]]))","v":""},"","","","",null,"Lapiceros","Unidad",12,{"v":15,"d":"15.00"},{"v":180,"d":"180.00"},null,"Venta de Servicios"]
[null,{"$f":"IF(Tabla1[[#This Row],[Código_Actividad]]=\"\",\"\",CONCATENATE(Tabla1[[#This Row],[POA]],\".\",Tabla1[[#This Row],[SRS]],\".\",Tabla1[[#This Row],[AREA]],\".\",Tabla1[[#This Row],[TIPO]]))","v":"..."},"","","","","1.8.3.18","Tinta Epson","Unidad",2,{"v":800,"d":"800.00"},{"v":1600,"d":"1,600.00"},null,"Venta de Servicios"]
[null,{"$f":"IF(Tabla1[[#This Row],[Código_Actividad]]=\"\",\"\",CONCATENATE(Tabla1[[#This Row],[POA]],\".\",Tabla1[[#This Row],[SRS]],\".\",Tabla1[[#This Row],[AREA]],\".\",Tabla1[[#This Row],[TIPO]]))","v":""},"","","","",null,"Papel de escritorio","Unidad",100,{"v":0.5,"d":"0.50"},{"v":50,"d":"50.00"},null,"Venta de Servicios"]
[null,{"$f":"IF(Tabla1[[#This Row],[Código_Actividad]]=\"\",\"\",CONCATENATE(Tabla1[[#This Row],[POA]],\".\",Tabla1[[#This Row],[SRS]],\".\",Tabla1[[#This Row],[AREA]],\".\",Tabla1[[#This Row],[TIPO]]))","v":""},"","","","",null,"Lapiceros","Unidad",12,{"v":15,"d":"15.00"},{"v":180,"d":"180.00"},null,"Venta de Servicios"]
[null,{"$f":"IF(Tabla1[[#This Row],[Código_Actividad]]=\"\",\"\",CONCATENATE(Tabla1[[#This Row],[POA]],\".\",Tabla1[[#This Row],[SRS]],\".\",Tabla1[[#This Row],[AREA]],\".\",Tabla1[[#This Row],[TIPO]]))","v":"..."},"","","","","1.8.3.19","Tinta Epson","Unidad",2,{"v":800,"d":"800.00"},{"v":1600,"d":"1,600.00"},null,"Venta de Servicios"]
[null,{"$f":"IF(Tabla1[[#This Row],[Código_Actividad]]=\"\",\"\",CONCATENATE(Tabla1[[#This Row],[POA]],\".\",Tabla1[[#This Row],[SRS]],\".\",Tabla1[[#This Row],[AREA]],\".\",Tabla1[[#This Row],[TIPO]]))","v":""},"","","","",null,"Papel de escritorio","Unidad",100,{"v":0.5,"d":"0.50"},{"v":50,"d":"50.00"},null,"Venta de Servicios"]
[null,{"$f":"IF(Tabla1[[#This Row],[Código_Actividad]]=\"\",\"\",CONCATENATE(Tabla1[[#This Row],[POA]],\".\",Tabla1[[#This Row],[SRS]],\".\",Tabla1[[#This Row],[AREA]],\".\",Tabla1[[#This Row],[TIPO]]))","v":""},"","","","",null,"Lapiceros","Unidad",12,{"v":15,"d":"15.00"},{"v":180,"d":"180.00"},null,"Venta de Servicios"]
[null,{"$f":"IF(Tabla1[[#This Row],[Código_Actividad]]=\"\",\"\",CONCATENATE(Tabla1[[#This Row],[POA]],\".\",Tabla1[[#This Row],[SRS]],\".\",Tabla1[[#This Row],[AREA]],\".\",Tabla1[[#This Row],[TIPO]]))","v":"..."},"","","","","1.8.3.20","Tinta Epson","Unidad",2,{"v":800,"d":"800.00"},{"v":1600,"d":"1,600.00"},null,"Venta de Servicios"]
[null,{"$f":"IF(Tabla1[[#This Row],[Código_Actividad]]=\"\",\"\",CONCATENATE(Tabla1[[#This Row],[POA]],\".\",Tabla1[[#This Row],[SRS]],\".\",Tabla1[[#This Row],[AREA]],\".\",Tabla1[[#This Row],[TIPO]]))","v":""},"","","","",null,"Papel de escritorio","Unidad",250,{"v":0.7,"d":"0.70"},{"v":175,"d":"175.00"},null,"Venta de Servicios"]
[null,{"$f":"IF(Tabla1[[#This Row],[Código_Actividad]]=\"\",\"\",CONCATENATE(Tabla1[[#This Row],[POA]],\".\",Tabla1[[#This Row],[SRS]],\".\",Tabla1[[#This Row],[AREA]],\".\",Tabla1[[#This Row],[TIPO]]))","v":"..."},"","","","","2.1.1.01","Tinta Epson","Unidad",1,{"v":850,"d":"850.00"},{"v":850,"d":"850.00"},null,"Venta de Servicios"]
[null,{"$f":"IF(Tabla1[[#This Row],[Código_Actividad]]=\"\",\"\",CONCATENATE(Tabla1[[#This Row],[POA]],\".\",Tabla1[[#This Row],[SRS]],\".\",Tabla1[[#This Row],[AREA]],\".\",Tabla1[[#This Row],[TIPO]]))","v":""},"","","","",null,"Carpetas","Unidad",1,{"v":450,"d":"450.00"},{"v":450,"d":"450.00"},null,"Venta de Servicios"]
[null,{"$f":"IF(Tabla1[[#This Row],[Código_Actividad]]=\"\",\"\",CONCATENATE(Tabla1[[#This Row],[POA]],\".\",Tabla1[[#This Row],[SRS]],\".\",Tabla1[[#This Row],[AREA]],\".\",Tabla1[[#This Row],[TIPO]]))","v":""},"","","","",null,"Lapiceros","Unidad",12,{"v":15,"d":"15.00"},{"v":180,"d":"180.00"},null,"Venta de Servicios"]
[null,{"$f":"IF(Tabla1[[#This Row],[Código_Actividad]]=\"\",\"\",CONCATENATE(Tabla1[[#This Row],[POA]],\".\",Tabla1[[#This Row],[SRS]],\".\",Tabla1[[#This Row],[AREA]],\".\",Tabla1[[#This Row],[TIPO]]))","v":""},"","","","",null,"Papel de escritorio","Unidad",250,{"v":0.7,"d":"0.70"},{"v":175,"d":"175.00"},null,"Venta de Servicios"]
[null,{"$f":"IF(Tabla1[[#This Row],[Código_Actividad]]=\"\",\"\",CONCATENATE(Tabla1[[#This Row],[POA]],\".\",Tabla1[[#This Row],[SRS]],\".\",Tabla1[[#This Row],[AREA]],\".\",Tabla1[[#This Row],[TIPO]]))","v":"..."},"","","","","2.1.1.02","Tinta Epson","Unidad",1,{"v":850,"d":"850.00"},{"v":850,"d":"850.00"},null,"Venta de Servicios"]
[null,{"$f":"IF(Tabla1[[#This Row],[Código_Actividad]]=\"\",\"\",CONCATENATE(Tabla1[[#This Row],[POA]],\".\",Tabla1[[#This Row],[SRS]],\".\",Tabla1[[#This Row],[AREA]],\".\",Tabla1[[#This Row],[TIPO]]))","v":""},"","","","",null,"Carpetas","Unidad",1,{"v":450,"d":"450.00"},{"v":450,"d":"450.00"},null,"Venta de Servicios"]
[null,{"$f":"IF(Tabla1[[#This Row],[Código_Actividad]]=\"\",\"\",CONCATENATE(Tabla1[[#This Row],[POA]],\".\",Tabla1[[#This Row],[SRS]],\".\",Tabla1[[#This Row],[AREA]],\".\",Tabla1[[#This Row],[TIPO]]))","v":""},"","","","",null,"Lapiceros","Unidad",12,{"v":15,"d":"15.00"},{"v":180,"d":"180.00"},null,"Venta de Servicios"]
[null,{"$f":"IF(Tabla1[[#This Row],[Código_Actividad]]=\"\",\"\",CONCATENATE(Tabla1[[#This Row],[POA]],\".\",Tabla1[[#This Row],[SRS]],\".\",Tabla1[[#This Row],[AREA]],\".\",Tabla1[[#This Row],[TIPO]]))","v":""},"","","","",null,"Papel de escritorio","Unidad",250,{"v":0.7,"d":"0.70"},{"v":175,"d":"175.00"},null,"Venta de Servicios"]
[null,{"$f":"IF(Tabla1[[#This Row],[Código_Actividad]]=\"\",\"\",CONCATENATE(Tabla1[[#This Row],[POA]],\".\",Tabla1[[#This Row],[SRS]],\".\",Tabla1[[#This Row],[AREA]],\".\",Tabla1[[#This Row],[TIPO]]))","v":"..."},"","","","","2.1.1.03","Tinta Epson","Unidad",1,{"v":850,"d":"850.00"},{"v":850,"d":"850.00"},null,"Venta de Servicios"]
[null,{"$f":"IF(Tabla1[[#This Row],[Código_Actividad]]=\"\",\"\",CONCATENATE(Tabla1[[#This Row],[POA]],\".\",Tabla1[[#This Row],[SRS]],\".\",Tabla1[[#This Row],[AREA]],\".\",Tabla1[[#This Row],[TIPO]]))","v":""},"","","","",null,"Carpetas","Unidad",1,{"v":450,"d":"450.00"},{"v":450,"d":"450.00"},null,"Venta de Servicios"]
[null,{"$f":"IF(Tabla1[[#This Row],[Código_Actividad]]=\"\",\"\",CONCATENATE(Tabla1[[#This Row],[POA]],\".\",Tabla1[[#This Row],[SRS]],\".\",Tabla1[[#This Row],[AREA]],\".\",Tabla1[[#This Row],[TIPO]]))","v":""},"","","","",null,"Lapiceros","Unidad",12,{"v":15,"d":"15.00"},{"v":180,"d":"180.00"},null,"Venta de Servicios"]
[null,{"$f":"IF(Tabla1[[#This Row],[Código_Actividad]]=\"\",\"\",CONCATENATE(Tabla1[[#This Row],[POA]],\".\",Tabla1[[#This Row],[SRS]],\".\",Tabla1[[#This Row],[AREA]],\".\",Tabla1[[#This Row],[TIPO]]))","v":""},"","","","",null,"Papel de escritorio","Unidad",250,{"v":0.7,"d":"0.70"},{"v":175,"d":"175.00"},null,"Venta de Servicios"]
[null,{"$f":"IF(Tabla1[[#This Row],[Código_Actividad]]=\"\",\"\",CONCATENATE(Tabla1[[#This Row],[POA]],\".\",Tabla1[[#This Row],[SRS]],\".\",Tabla1[[#This Row],[AREA]],\".\",Tabla1[[#This Row],[TIPO]]))","v":"..."},"","","","","2.1.1.04","Tinta Epson","Unidad",2,{"v":800,"d":"800.00"},{"v":1600,"d":"1,600.00"},null,"Venta de Servicios"]
[null,{"$f":"IF(Tabla1[[#This Row],[Código_Actividad]]=\"\",\"\",CONCATENATE(Tabla1[[#This Row],[POA]],\".\",Tabla1[[#This Row],[SRS]],\".\",Tabla1[[#This Row],[AREA]],\".\",Tabla1[[#This Row],[TIPO]]))","v":""},"","","","",null,"Papel de escritorio","Unidad",100,{"v":0.5,"d":"0.50"},{"v":50,"d":"50.00"},null,"Venta de Servicios"]
[null,{"$f":"IF(Tabla1[[#This Row],[Código_Actividad]]=\"\",\"\",CONCATENATE(Tabla1[[#This Row],[POA]],\".\",Tabla1[[#This Row],[SRS]],\".\",Tabla1[[#This Row],[AREA]],\".\",Tabla1[[#This Row],[TIPO]]))","v":""},"","","","",null,"Lapiceros","Unidad",12,{"v":15,"d":"15.00"},{"v":180,"d":"180.00"},null,"Venta de Servicios"]
[null,{"$f":"IF(Tabla1[[#This Row],[Código_Actividad]]=\"\",\"\",CONCATENATE(Tabla1[[#This Row],[POA]],\".\",Tabla1[[#This Row],[SRS]],\".\",Tabla1[[#This Row],[AREA]],\".\",Tabla1[[#This Row],[TIPO]]))","v":"..."},"","","","","2.1.1.05","Tinta Epson","Unidad",2,{"v":800,"d":"800.00"},{"v":1600,"d":"1,600.00"},null,"Venta de Servicios"]
[null,{"$f":"IF(Tabla1[[#This Row],[Código_Actividad]]=\"\",\"\",CONCATENATE(Tabla1[[#This Row],[POA]],\".\",Tabla1[[#This Row],[SRS]],\".\",Tabla1[[#This Row],[AREA]],\".\",Tabla1[[#This Row],[TIPO]]))","v":""},"","","","",null,"Papel de escritorio","Unidad",100,{"v":0.5,"d":"0.50"},{"v":50,"d":"50.00"},null,"Venta de Servicios"]
[null,{"$f":"IF(Tabla1[[#This Row],[Código_Actividad]]=\"\",\"\",CONCATENATE(Tabla1[[#This Row],[POA]],\".\",Tabla1[[#This Row],[SRS]],\".\",Tabla1[[#This Row],[AREA]],\".\",Tabla1[[#This Row],[TIPO]]))","v":""},"","","","",null,"Lapiceros","Unidad",12,{"v":15,"d":"15.00"},{"v":180,"d":"180.00"},null,"Venta de Servicios"]
[null,{"$f":"IF(Tabla1[[#This Row],[Código_Actividad]]=\"\",\"\",CONCATENATE(Tabla1[[#This Row],[POA]],\".\",Tabla1[[#This Row],[SRS]],\".\",Tabla1[[#This Row],[AREA]],\".\",Tabla1[[#This Row],[TIPO]]))","v":"..."},"","","","","2.1.1.06","Tinta Epson","Unidad",2,{"v":800,"d":"800.00"},{"v":1600,"d":"1,600.00"},null,"Venta de Servicios"]
[null,{"$f":"IF(Tabla1[[#This Row],[Código_Actividad]]=\"\",\"\",CONCATENATE(Tabla1[[#This Row],[POA]],\".\",Tabla1[[#This Row],[SRS]],\".\",Tabla1[[#This Row],[AREA]],\".\",Tabla1[[#This Row],[TIPO]]))","v":""},"","","","",null,"Papel de escritorio","Unidad",100,{"v":0.5,"d":"0.50"},{"v":50,"d":"50.00"},null,"Venta de Servicios"]
[null,{"$f":"IF(Tabla1[[#This Row],[Código_Actividad]]=\"\",\"\",CONCATENATE(Tabla1[[#This Row],[POA]],\".\",Tabla1[[#This Row],[SRS]],\".\",Tabla1[[#This Row],[AREA]],\".\",Tabla1[[#This Row],[TIPO]]))","v":""},"","","","",null,"Lapiceros","Unidad",12,{"v":15,"d":"15.00"},{"v":180,"d":"180.00"},null,"Venta de Servicios"]
[null,{"$f":"IF(Tabla1[[#This Row],[Código_Actividad]]=\"\",\"\",CONCATENATE(Tabla1[[#This Row],[POA]],\".\",Tabla1[[#This Row],[SRS]],\".\",Tabla1[[#This Row],[AREA]],\".\",Tabla1[[#This Row],[TIPO]]))","v":"..."},"","","","","2.1.1.07","Tinta Epson","Unidad",2,{"v":800,"d":"800.00"},{"v":1600,"d":"1,600.00"},null,"Venta de Servicios"]
[null,{"$f":"IF(Tabla1[[#This Row],[Código_Actividad]]=\"\",\"\",CONCATENATE(Tabla1[[#This Row],[POA]],\".\",Tabla1[[#This Row],[SRS]],\".\",Tabla1[[#This Row],[AREA]],\".\",Tabla1[[#This Row],[TIPO]]))","v":""},"","","","",null,"Papel de escritorio","Unidad",100,{"v":0.5,"d":"0.50"},{"v":50,"d":"50.00"},null,"Venta de Servicios"]
[null,{"$f":"IF(Tabla1[[#This Row],[Código_Actividad]]=\"\",\"\",CONCATENATE(Tabla1[[#This Row],[POA]],\".\",Tabla1[[#This Row],[SRS]],\".\",Tabla1[[#This Row],[AREA]],\".\",Tabla1[[#This Row],[TIPO]]))","v":""},"","","","",null,"Lapiceros","Unidad",12,{"v":15,"d":"15.00"},{"v":180,"d":"180.00"},null,"Venta de Servicios"]
[null,{"$f":"IF(Tabla1[[#This Row],[Código_Actividad]]=\"\",\"\",CONCATENATE(Tabla1[[#This Row],[POA]],\".\",Tabla1[[#This Row],[SRS]],\".\",Tabla1[[#This Row],[AREA]],\".\",Tabla1[[#This Row],[TIPO]]))","v":"..."},"","","","","2.1.1.08","Tinta Epson","Unidad",2,{"v":800,"d":"800.00"},{"v":1600,"d":"1,600.00"},null,"Venta de Servicios"]
[null,{"$f":"IF(Tabla1[[#This Row],[Código_Actividad]]=\"\",\"\",CONCATENATE(Tabla1[[#This Row],[POA]],\".\",Tabla1[[#This Row],[SRS]],\".\",Tabla1[[#This Row],[AREA]],\".\",Tabla1[[#This Row],[TIPO]]))","v":""},"","","","",null,"Papel de escritorio","Unidad",100,{"v":0.5,"d":"0.50"},{"v":50,"d":"50.00"},null,"Venta de Servicios"]
[null,{"$f":"IF(Tabla1[[#This Row],[Código_Actividad]]=\"\",\"\",CONCATENATE(Tabla1[[#This Row],[POA]],\".\",Tabla1[[#This Row],[SRS]],\".\",Tabla1[[#This Row],[AREA]],\".\",Tabla1[[#This Row],[TIPO]]))","v":""},"","","","",null,"Lapiceros","Unidad",12,{"v":15,"d":"15.00"},{"v":180,"d":"180.00"},null,"Venta de Servicios"]
[null,{"$f":"IF(Tabla1[[#This Row],[Código_Actividad]]=\"\",\"\",CONCATENATE(Tabla1[[#This Row],[POA]],\".\",Tabla1[[#This Row],[SRS]],\".\",Tabla1[[#This Row],[AREA]],\".\",Tabla1[[#This Row],[TIPO]]))","v":"..."},"","","","","3.1.1.01","Tinta Epson","Unidad",2,{"v":800,"d":"800.00"},{"v":1600,"d":"1,600.00"},null,"Venta de Servicios"]
[null,{"$f":"IF(Tabla1[[#This Row],[Código_Actividad]]=\"\",\"\",CONCATENATE(Tabla1[[#This Row],[POA]],\".\",Tabla1[[#This Row],[SRS]],\".\",Tabla1[[#This Row],[AREA]],\".\",Tabla1[[#This Row],[TIPO]]))","v":""},"","","","",null,"Papel de escritorio","Unidad",100,{"v":0.5,"d":"0.50"},{"v":50,"d":"50.00"},null,"Venta de Servicios"]
[null,{"$f":"IF(Tabla1[[#This Row],[Código_Actividad]]=\"\",\"\",CONCATENATE(Tabla1[[#This Row],[POA]],\".\",Tabla1[[#This Row],[SRS]],\".\",Tabla1[[#This Row],[AREA]],\".\",Tabla1[[#This Row],[TIPO]]))","v":""},"","","","",null,"Lapiceros","Unidad",12,{"v":15,"d":"15.00"},{"v":180,"d":"180.00"},null,"Venta de Servicios"]
[null,{"$f":"IF(Tabla1[[#This Row],[Código_Actividad]]=\"\",\"\",CONCATENATE(Tabla1[[#This Row],[POA]],\".\",Tabla1[[#This Row],[SRS]],\".\",Tabla1[[#This Row],[AREA]],\".\",Tabla1[[#This Row],[TIPO]]))","v":"..."},"","","","","3.1.1.02","Tinta Epson","Unidad",2,{"v":800,"d":"800.00"},{"v":1600,"d":"1,600.00"},null,"Venta de Servicios"]
[null,{"$f":"IF(Tabla1[[#This Row],[Código_Actividad]]=\"\",\"\",CONCATENATE(Tabla1[[#This Row],[POA]],\".\",Tabla1[[#This Row],[SRS]],\".\",Tabla1[[#This Row],[AREA]],\".\",Tabla1[[#This Row],[TIPO]]))","v":""},"","","","",null,"Papel de escritorio","Unidad",100,{"v":0.5,"d":"0.50"},{"v":50,"d":"50.00"},null,"Venta de Servicios"]
[null,{"$f":"IF(Tabla1[[#This Row],[Código_Actividad]]=\"\",\"\",CONCATENATE(Tabla1[[#This Row],[POA]],\".\",Tabla1[[#This Row],[SRS]],\".\",Tabla1[[#This Row],[AREA]],\".\",Tabla1[[#This Row],[TIPO]]))","v":""},"","","","",null,"Lapiceros","Unidad",12,{"v":15,"d":"15.00"},{"v":180,"d":"180.00"},null,"Venta de Servicios"]
[null,{"$f":"IF(Tabla1[[#This Row],[Código_Actividad]]=\"\",\"\",CONCATENATE(Tabla1[[#This Row],[POA]],\".\",Tabla1[[#This Row],[SRS]],\".\",Tabla1[[#This Row],[AREA]],\".\",Tabla1[[#This Row],[TIPO]]))","v":"..."},"","","","","3.1.5.01","Tinta Epson","Unidad",2,{"v":800,"d":"800.00"},{"v":1600,"d":"1,600.00"},null,"Venta de Servicios"]
[null,{"$f":"IF(Tabla1[[#This Row],[Código_Actividad]]=\"\",\"\",CONCATENATE(Tabla1[[#This Row],[POA]],\".\",Tabla1[[#This Row],[SRS]],\".\",Tabla1[[#This Row],[AREA]],\".\",Tabla1[[#This Row],[TIPO]]))","v":""},"","","","",null,"Papel de escritorio","Unidad",100,{"v":0.5,"d":"0.50"},{"v":50,"d":"50.00"},null,"Venta de Servicios"]
[null,{"$f":"IF(Tabla1[[#This Row],[Código_Actividad]]=\"\",\"\",CONCATENATE(Tabla1[[#This Row],[POA]],\".\",Tabla1[[#This Row],[SRS]],\".\",Tabla1[[#This Row],[AREA]],\".\",Tabla1[[#This Row],[TIPO]]))","v":""},"","","","",null,"Lapiceros","Unidad",12,{"v":15,"d":"15.00"},{"v":180,"d":"180.00"},null,"Venta de Servicios"]
[null,{"$f":"IF(Tabla1[[#This Row],[Código_Actividad]]=\"\",\"\",CONCATENATE(Tabla1[[#This Row],[POA]],\".\",Tabla1[[#This Row],[SRS]],\".\",Tabla1[[#This Row],[AREA]],\".\",Tabla1[[#This Row],[TIPO]]))","v":"..."},"","","","","3.1.5.02","Tinta Epson","Unidad",2,{"v":800,"d":"800.00"},{"v":1600,"d":"1,600.00"},null,"Venta de Servicios"]
[null,{"$f":"IF(Tabla1[[#This Row],[Código_Actividad]]=\"\",\"\",CONCATENATE(Tabla1[[#This Row],[POA]],\".\",Tabla1[[#This Row],[SRS]],\".\",Tabla1[[#This Row],[AREA]],\".\",Tabla1[[#This Row],[TIPO]]))","v":""},"","","","",null,"Papel de escritorio","Unidad",100,{"v":0.5,"d":"0.50"},{"v":50,"d":"50.00"},null,"Venta de Servicios"]
[null,{"$f":"IF(Tabla1[[#This Row],[Código_Actividad]]=\"\",\"\",CONCATENATE(Tabla1[[#This Row],[POA]],\".\",Tabla1[[#This Row],[SRS]],\".\",Tabla1[[#This Row],[AREA]],\".\",Tabla1[[#This Row],[TIPO]]))","v":""},"","","","",null,"Lapiceros","Unidad",12,{"v":15,"d":"15.00"},{"v":180,"d":"180.00"},null,"Venta de Servicios"]
[null,{"$f":"IF(Tabla1[[#This Row],[Código_Actividad]]=\"\",\"\",CONCATENATE(Tabla1[[#This Row],[POA]],\".\",Tabla1[[#This Row],[SRS]],\".\",Tabla1[[#This Row],[AREA]],\".\",Tabla1[[#This Row],[TIPO]]))","v":"..."},"","","","","3.1.6.01","Tinta Epson","Unidad",2,{"v":800,"d":"800.00"},{"v":1600,"d":"1,600.00"},null,"Venta de Servicios"]
[null,{"$f":"IF(Tabla1[[#This Row],[Código_Actividad]]=\"\",\"\",CONCATENATE(Tabla1[[#This Row],[POA]],\".\",Tabla1[[#This Row],[SRS]],\".\",Tabla1[[#This Row],[AREA]],\".\",Tabla1[[#This Row],[TIPO]]))","v":""},"","","","",null,"Papel de escritorio","Unidad",100,{"v":0.5,"d":"0.50"},{"v":50,"d":"50.00"},null,"Venta de Servicios"]
[null,{"$f":"IF(Tabla1[[#This Row],[Código_Actividad]]=\"\",\"\",CONCATENATE(Tabla1[[#This Row],[POA]],\".\",Tabla1[[#This Row],[SRS]],\".\",Tabla1[[#This Row],[AREA]],\".\",Tabla1[[#This Row],[TIPO]]))","v":""},"","","","",null,"Lapiceros","Unidad",12,{"v":15,"d":"15.00"},{"v":180,"d":"180.00"},null,"Venta de Servicios"]
[null,{"$f":"IF(Tabla1[[#This Row],[Código_Actividad]]=\"\",\"\",CONCATENATE(Tabla1[[#This Row],[POA]],\".\",Tabla1[[#This Row],[SRS]],\".\",Tabla1[[#This Row],[AREA]],\".\",Tabla1[[#This Row],[TIPO]]))","v":"..."},"","","","","3.1.6.02","Tinta Epson","Unidad",2,{"v":800,"d":"800.00"},{"v":1600,"d":"1,600.00"},null,"Venta de Servicios"]
[null,{"$f":"IF(Tabla1[[#This Row],[Código_Actividad]]=\"\",\"\",CONCATENATE(Tabla1[[#This Row],[POA]],\".\",Tabla1[[#This Row],[SRS]],\".\",Tabla1[[#This Row],[AREA]],\".\",Tabla1[[#This Row],[TIPO]]))","v":""},"","","","",null,"Papel de escritorio","Unidad",100,{"v":0.5,"d":"0.50"},{"v":50,"d":"50.00"},null,"Venta de Servicios"]
[null,{"$f":"IF(Tabla1[[#This Row],[Código_Actividad]]=\"\",\"\",CONCATENATE(Tabla1[[#This Row],[POA]],\".\",Tabla1[[#This Row],[SRS]],\".\",Tabla1[[#This Row],[AREA]],\".\",Tabla1[[#This Row],[TIPO]]))","v":""},"","","","",null,"Lapiceros","Unidad",12,{"v":15,"d":"15.00"},{"v":180,"d":"180.00"},null,"Venta de Servicios"]
[null,{"$f":"IF(Tabla1[[#This Row],[Código_Actividad]]=\"\",\"\",CONCATENATE(Tabla1[[#This Row],[POA]],\".\",Tabla1[[#This Row],[SRS]],\".\",Tabla1[[#This Row],[AREA]],\".\",Tabla1[[#This Row],[TIPO]]))","v":"..."},"","","","","3.1.6.03","Tinta Epson","Unidad",2,{"v":800,"d":"800.00"},{"v":1600,"d":"1,600.00"},null,"Venta de Servicios"]
[null,{"$f":"IF(Tabla1[[#This Row],[Código_Actividad]]=\"\",\"\",CONCATENATE(Tabla1[[#This Row],[POA]],\".\",Tabla1[[#This Row],[SRS]],\".\",Tabla1[[#This Row],[AREA]],\".\",Tabla1[[#This Row],[TIPO]]))","v":""},"","","","",null,"Papel de escritorio","Unidad",100,{"v":0.5,"d":"0.50"},{"v":50,"d":"50.00"},null,"Venta de Servicios"]
[null,{"$f":"IF(Tabla1[[#This Row],[Código_Actividad]]=\"\",\"\",CONCATENATE(Tabla1[[#This Row],[POA]],\".\",Tabla1[[#This Row],[SRS]],\".\",Tabla1[[#This Row],[AREA]],\".\",Tabla1[[#This Row],[TIPO]]))","v":""},"","","","",null,"Lapiceros","Unidad",12,{"v":15,"d":"15.00"},{"v":180,"d":"180.00"},null,"Venta de Servicios"]
[null,{"$f":"IF(Tabla1[[#This Row],[Código_Actividad]]=\"\",\"\",CONCATENATE(Tabla1[[#This Row],[POA]],\".\",Tabla1[[#This Row],[SRS]],\".\",Tabla1[[#This Row],[AREA]],\".\",Tabla1[[#This Row],[TIPO]]))","v":"..."},"","","","","3.1.6.04","Tinta Epson","Unidad",2,{"v":800,"d":"800.00"},{"v":1600,"d":"1,600.00"},null,"Venta de Servicios"]
[null,{"$f":"IF(Tabla1[[#This Row],[Código_Actividad]]=\"\",\"\",CONCATENATE(Tabla1[[#This Row],[POA]],\".\",Tabla1[[#This Row],[SRS]],\".\",Tabla1[[#This Row],[AREA]],\".\",Tabla1[[#This Row],[TIPO]]))","v":""},"","","","",null,"Papel de escritorio","Unidad",100,{"v":0.5,"d":"0.50"},{"v":50,"d":"50.00"},null,"Venta de Servicios"]
[null,{"$f":"IF(Tabla1[[#This Row],[Código_Actividad]]=\"\",\"\",CONCATENATE(Tabla1[[#This Row],[POA]],\".\",Tabla1[[#This Row],[SRS]],\".\",Tabla1[[#This Row],[AREA]],\".\",Tabla1[[#This Row],[TIPO]]))","v":""},"","","","",null,"Lapiceros","Unidad",12,{"v":15,"d":"15.00"},{"v":180,"d":"180.00"},null,"Venta de Servicios"]
[null,{"$f":"IF(Tabla1[[#This Row],[Código_Actividad]]=\"\",\"\",CONCATENATE(Tabla1[[#This Row],[POA]],\".\",Tabla1[[#This Row],[SRS]],\".\",Tabla1[[#This Row],[AREA]],\".\",Tabla1[[#This Row],[TIPO]]))","v":"..."},"","","","","3.1.6.05","Tinta Epson","Unidad",2,{"v":800,"d":"800.00"},{"v":1600,"d":"1,600.00"},null,"Venta de Servicios"]
[null,{"$f":"IF(Tabla1[[#This Row],[Código_Actividad]]=\"\",\"\",CONCATENATE(Tabla1[[#This Row],[POA]],\".\",Tabla1[[#This Row],[SRS]],\".\",Tabla1[[#This Row],[AREA]],\".\",Tabla1[[#This Row],[TIPO]]))","v":""},"","","","",null,"Papel de escritorio","Unidad",100,{"v":0.5,"d":"0.50"},{"v":50,"d":"50.00"},null,"Venta de Servicios"]
[null,{"$f":"IF(Tabla1[[#This Row],[Código_Actividad]]=\"\",\"\",CONCATENATE(Tabla1[[#This Row],[POA]],\".\",Tabla1[[#This Row],[SRS]],\".\",Tabla1[[#This Row],[AREA]],\".\",Tabla1[[#This Row],[TIPO]]))","v":""},"","","","",null,"Lapiceros","Unidad",12,{"v":15,"d":"15.00"},{"v":180,"d":"180.00"},null,"Venta de Servicios"]
[null,{"$f":"IF(Tabla1[[#This Row],[Código_Actividad]]=\"\",\"\",CONCATENATE(Tabla1[[#This Row],[POA]],\".\",Tabla1[[#This Row],[SRS]],\".\",Tabla1[[#This Row],[AREA]],\".\",Tabla1[[#This Row],[TIPO]]))","v":"..."},"","","","","3.1.6.06","Tinta Epson","Unidad",2,{"v":800,"d":"800.00"},{"v":1600,"d":"1,600.00"},null,"Venta de Servicios"]
[null,{"$f":"IF(Tabla1[[#This Row],[Código_Actividad]]=\"\",\"\",CONCATENATE(Tabla1[[#This Row],[POA]],\".\",Tabla1[[#This Row],[SRS]],\".\",Tabla1[[#This Row],[AREA]],\".\",Tabla1[[#This Row],[TIPO]]))","v":""},"","","","",null,"Papel de escritorio","Unidad",100,{"v":0.5,"d":"0.50"},{"v":50,"d":"50.00"},null,"Venta de Servicios"]
[null,{"$f":"IF(Tabla1[[#This Row],[Código_Actividad]]=\"\",\"\",CONCATENATE(Tabla1[[#This Row],[POA]],\".\",Tabla1[[#This Row],[SRS]],\".\",Tabla1[[#This Row],[AREA]],\".\",Tabla1[[#This Row],[TIPO]]))","v":""},"","","","",null,"Lapiceros","Unidad",12,{"v":15,"d":"15.00"},{"v":180,"d":"180.00"},null,"Venta de Servicios"]
[null,{"$f":"IF(Tabla1[[#This Row],[Código_Actividad]]=\"\",\"\",CONCATENATE(Tabla1[[#This Row],[POA]],\".\",Tabla1[[#This Row],[SRS]],\".\",Tabla1[[#This Row],[AREA]],\".\",Tabla1[[#This Row],[TIPO]]))","v":"..."},"","","","","3.1.6.07","Tinta Epson","Unidad",2,{"v":800,"d":"800.00"},{"v":1600,"d":"1,600.00"},null,"Venta de Servicios"]
[null,{"$f":"IF(Tabla1[[#This Row],[Código_Actividad]]=\"\",\"\",CONCATENATE(Tabla1[[#This Row],[POA]],\".\",Tabla1[[#This Row],[SRS]],\".\",Tabla1[[#This Row],[AREA]],\".\",Tabla1[[#This Row],[TIPO]]))","v":""},"","","","",null,"Papel de escritorio","Unidad",100,{"v":0.5,"d":"0.50"},{"v":50,"d":"50.00"},null,"Venta de Servicios"]
[null,{"$f":"IF(Tabla1[[#This Row],[Código_Actividad]]=\"\",\"\",CONCATENATE(Tabla1[[#This Row],[POA]],\".\",Tabla1[[#This Row],[SRS]],\".\",Tabla1[[#This Row],[AREA]],\".\",Tabla1[[#This Row],[TIPO]]))","v":""},{"$nulls":5},"Lapiceros","Unidad",12,{"v":15,"d":"15.00"},{"v":180,"d":"180.00"},null,"Venta de Servicios"]
[null,{"$f":"IF(Tabla1[[#This Row],[Código_Actividad]]=\"\",\"\",CONCATENATE(Tabla1[[#This Row],[POA]],\".\",Tabla1[[#This Row],[SRS]],\".\",Tabla1[[#This Row],[AREA]],\".\",Tabla1[[#This Row],[TIPO]]))","v":"..."},{"$nulls":4},"3.1.6.08","Tinta Epson","Unidad",2,{"v":800,"d":"800.00"},{"v":1600,"d":"1,600.00"},null,"Venta de Servicios"]
[null,{"$f":"IF(Tabla1[[#This Row],[Código_Actividad]]=\"\",\"\",CONCATENATE(Tabla1[[#This Row],[POA]],\".\",Tabla1[[#This Row],[SRS]],\".\",Tabla1[[#This Row],[AREA]],\".\",Tabla1[[#This Row],[TIPO]]))","v":""},{"$nulls":5},"Papel de escritorio","Unidad",100,{"v":0.5,"d":"0.50"},{"v":50,"d":"50.00"},null,"Venta de Servicios"]
[null,{"$f":"IF(Tabla1[[#This Row],[Código_Actividad]]=\"\",\"\",CONCATENATE(Tabla1[[#This Row],[POA]],\".\",Tabla1[[#This Row],[SRS]],\".\",Tabla1[[#This Row],[AREA]],\".\",Tabla1[[#This Row],[TIPO]]))","v":""},{"$nulls":5},"Lapiceros","Unidad",12,{"v":15,"d":"15.00"},{"v":180,"d":"180.00"},null,"Venta de Servicios"]
[null,{"$f":"IF(Tabla1[[#This Row],[Código_Actividad]]=\"\",\"\",CONCATENATE(Tabla1[[#This Row],[POA]],\".\",Tabla1[[#This Row],[SRS]],\".\",Tabla1[[#This Row],[AREA]],\".\",Tabla1[[#This Row],[TIPO]]))","v":"..."},{"$nulls":4},"3.1.6.09","Tinta Epson","Unidad",2,{"v":800,"d":"800.00"},{"v":1600,"d":"1,600.00"},null,"Venta de Servicios"]
[null,{"$f":"IF(Tabla1[[#This Row],[Código_Actividad]]=\"\",\"\",CONCATENATE(Tabla1[[#This Row],[POA]],\".\",Tabla1[[#This Row],[SRS]],\".\",Tabla1[[#This Row],[AREA]],\".\",Tabla1[[#This Row],[TIPO]]))","v":""},{"$nulls":5},"Papel de escritorio","Unidad",100,{"v":0.5,"d":"0.50"},{"v":50,"d":"50.00"},null,"Venta de Servicios"]
[null,{"$f":"IF(Tabla1[[#This Row],[Código_Actividad]]=\"\",\"\",CONCATENATE(Tabla1[[#This Row],[POA]],\".\",Tabla1[[#This Row],[SRS]],\".\",Tabla1[[#This Row],[AREA]],\".\",Tabla1[[#This Row],[TIPO]]))","v":""},{"$nulls":5},"Lapiceros","Unidad",12,{"v":15,"d":"15.00"},{"v":180,"d":"180.00"},null,"Venta de Servicios"]
[null,{"$f":"IF(Tabla1[[#This Row],[Código_Actividad]]=\"\",\"\",CONCATENATE(Tabla1[[#This Row],[POA]],\".\",Tabla1[[#This Row],[SRS]],\".\",Tabla1[[#This Row],[AREA]],\".\",Tabla1[[#This Row],[TIPO]]))","v":"..."},{"$nulls":4},"3.1.6.10","Tinta Epson","Unidad",2,{"v":800,"d":"800.00"},{"v":1600,"d":"1,600.00"},null,"Venta de Servicios"]
[null,{"$f":"IF(Tabla1[[#This Row],[Código_Actividad]]=\"\",\"\",CONCATENATE(Tabla1[[#This Row],[POA]],\".\",Tabla1[[#This Row],[SRS]],\".\",Tabla1[[#This Row],[AREA]],\".\",Tabla1[[#This Row],[TIPO]]))","v":""},{"$nulls":5},"Papel de escritorio","Unidad",100,{"v":0.5,"d":"0.50"},{"v":50,"d":"50.00"},null,"Venta de Servicios"]
[null,{"$f":"IF(Tabla1[[#This Row],[Código_Actividad]]=\"\",\"\",CONCATENATE(Tabla1[[#This Row],[POA]],\".\",Tabla1[[#This Row],[SRS]],\".\",Tabla1[[#This Row],[AREA]],\".\",Tabla1[[#This Row],[TIPO]]))","v":""},{"$nulls":5},"Lapiceros","Unidad",12,{"v":15,"d":"15.00"},{"v":180,"d":"180.00"},null,"Venta de Servicios"]
[null,{"$f":"IF(Tabla1[[#This Row],[Código_Actividad]]=\"\",\"\",CONCATENATE(Tabla1[[#This Row],[POA]],\".\",Tabla1[[#This Row],[SRS]],\".\",Tabla1[[#This Row],[AREA]],\".\",Tabla1[[#This Row],[TIPO]]))","v":"..."},{"$nulls":4},"3.1.6.11","Tinta Epson","Unidad",2,{"v":800,"d":"800.00"},{"v":1600,"d":"1,600.00"},null,"Venta de Servicios"]
[null,{"$f":"IF(Tabla1[[#This Row],[Código_Actividad]]=\"\",\"\",CONCATENATE(Tabla1[[#This Row],[POA]],\".\",Tabla1[[#This Row],[SRS]],\".\",Tabla1[[#This Row],[AREA]],\".\",Tabla1[[#This Row],[TIPO]]))","v":""},{"$nulls":5},"Papel de escritorio","Unidad",100,{"v":0.5,"d":"0.50"},{"v":50,"d":"50.00"},null,"Venta de Servicios"]
[null,{"$f":"IF(Tabla1[[#This Row],[Código_Actividad]]=\"\",\"\",CONCATENATE(Tabla1[[#This Row],[POA]],\".\",Tabla1[[#This Row],[SRS]],\".\",Tabla1[[#This Row],[AREA]],\".\",Tabla1[[#This Row],[TIPO]]))","v":""},{"$nulls":5},"Lapiceros","Unidad",12,{"v":15,"d":"15.00"},{"v":180,"d":"180.00"},null,"Venta de Servicios"]
[null,{"$f":"IF(Tabla1[[#This Row],[Código_Actividad]]=\"\",\"\",CONCATENATE(Tabla1[[#This Row],[POA]],\".\",Tabla1[[#This Row],[SRS]],\".\",Tabla1[[#This Row],[AREA]],\".\",Tabla1[[#This Row],[TIPO]]))","v":"..."},{"$nulls":4},"3.1.7.01","Tinta Epson","Unidad",2,{"v":800,"d":"800.00"},{"v":1600,"d":"1,600.00"},null,"Venta de Servicios"]
[null,{"$f":"IF(Tabla1[[#This Row],[Código_Actividad]]=\"\",\"\",CONCATENATE(Tabla1[[#This Row],[POA]],\".\",Tabla1[[#This Row],[SRS]],\".\",Tabla1[[#This Row],[AREA]],\".\",Tabla1[[#This Row],[TIPO]]))","v":""},{"$nulls":5},"Papel de escritorio","Unidad",100,{"v":0.5,"d":"0.50"},{"v":50,"d":"50.00"},null,"Venta de Servicios"]
[null,{"$f":"IF(Tabla1[[#This Row],[Código_Actividad]]=\"\",\"\",CONCATENATE(Tabla1[[#This Row],[POA]],\".\",Tabla1[[#This Row],[SRS]],\".\",Tabla1[[#This Row],[AREA]],\".\",Tabla1[[#This Row],[TIPO]]))","v":""},{"$nulls":5},"Lapiceros","Unidad",12,{"v":15,"d":"15.00"},{"v":180,"d":"180.00"},null,"Venta de Servicios"]
[null,{"$f":"IF(Tabla1[[#This Row],[Código_Actividad]]=\"\",\"\",CONCATENATE(Tabla1[[#This Row],[POA]],\".\",Tabla1[[#This Row],[SRS]],\".\",Tabla1[[#This Row],[AREA]],\".\",Tabla1[[#This Row],[TIPO]]))","v":"..."},{"$nulls":4},"3.1.7.02","Tinta Epson","Unidad",2,{"v":800,"d":"800.00"},{"v":1600,"d":"1,600.00"},null,"Venta de Servicios"]
[null,{"$f":"IF(Tabla1[[#This Row],[Código_Actividad]]=\"\",\"\",CONCATENATE(Tabla1[[#This Row],[POA]],\".\",Tabla1[[#This Row],[SRS]],\".\",Tabla1[[#This Row],[AREA]],\".\",Tabla1[[#This Row],[TIPO]]))","v":""},{"$nulls":5},"Papel de escritorio","Unidad",100,{"v":0.5,"d":"0.50"},{"v":50,"d":"50.00"},null,"Venta de Servicios"]
[null,{"$f":"IF(Tabla1[[#This Row],[Código_Actividad]]=\"\",\"\",CONCATENATE(Tabla1[[#This Row],[POA]],\".\",Tabla1[[#This Row],[SRS]],\".\",Tabla1[[#This Row],[AREA]],\".\",Tabla1[[#This Row],[TIPO]]))","v":""},{"$nulls":5},"Lapiceros","Unidad",12,{"v":15,"d":"15.00"},{"v":180,"d":"180.00"},null,"Venta de Servicios"]
[null,{"$f":"IF(Tabla1[[#This Row],[Código_Actividad]]=\"\",\"\",CONCATENATE(Tabla1[[#This Row],[POA]],\".\",Tabla1[[#This Row],[SRS]],\".\",Tabla1[[#This Row],[AREA]],\".\",Tabla1[[#This Row],[TIPO]]))","v":"..."},{"$nulls":4},"3.10.1.01","Tinta Epson","Unidad",2,{"v":800,"d":"800.00"},{"v":1600,"d":"1,600.00"},null,"Venta de Servicios"]
[null,{"$f":"IF(Tabla1[[#This Row],[Código_Actividad]]=\"\",\"\",CONCATENATE(Tabla1[[#This Row],[POA]],\".\",Tabla1[[#This Row],[SRS]],\".\",Tabla1[[#This Row],[AREA]],\".\",Tabla1[[#This Row],[TIPO]]))","v":""},{"$nulls":5},"Papel de escritorio","Unidad",250,{"v":0.7,"d":"0.70"},{"v":175,"d":"175.00"},null,"Venta de Servicios"]
[null,{"$f":"IF(Tabla1[[#This Row],[Código_Actividad]]=\"\",\"\",CONCATENATE(Tabla1[[#This Row],[POA]],\".\",Tabla1[[#This Row],[SRS]],\".\",Tabla1[[#This Row],[AREA]],\".\",Tabla1[[#This Row],[TIPO]]))","v":"..."},{"$nulls":4},"3.10.1.02","Tinta Epson","Unidad",1,{"v":850,"d":"850.00"},{"v":850,"d":"850.00"},null,"Venta de Servicios"]
[null,{"$f":"IF(Tabla1[[#This Row],[Código_Actividad]]=\"\",\"\",CONCATENATE(Tabla1[[#This Row],[POA]],\".\",Tabla1[[#This Row],[SRS]],\".\",Tabla1[[#This Row],[AREA]],\".\",Tabla1[[#This Row],[TIPO]]))","v":""},{"$nulls":5},"Carpetas","Unidad",1,{"v":450,"d":"450.00"},{"v":450,"d":"450.00"},null,"Venta de Servicios"]
[null,{"$f":"IF(Tabla1[[#This Row],[Código_Actividad]]=\"\",\"\",CONCATENATE(Tabla1[[#This Row],[POA]],\".\",Tabla1[[#This Row],[SRS]],\".\",Tabla1[[#This Row],[AREA]],\".\",Tabla1[[#This Row],[TIPO]]))","v":""},{"$nulls":5},"Lapiceros","Unidad",12,{"v":15,"d":"15.00"},{"v":180,"d":"180.00"},null,"Venta de Servicios"]
[null,{"$f":"IF(Tabla1[[#This Row],[Código_Actividad]]=\"\",\"\",CONCATENATE(Tabla1[[#This Row],[POA]],\".\",Tabla1[[#This Row],[SRS]],\".\",Tabla1[[#This Row],[AREA]],\".\",Tabla1[[#This Row],[TIPO]]))","v":""},{"$nulls":5},"Papel de escritorio","Unidad",250,{"v":0.7,"d":"0.70"},{"v":175,"d":"175.00"},null,"Venta de Servicios"]
[null,{"$f":"IF(Tabla1[[#This Row],[Código_Actividad]]=\"\",\"\",CONCATENATE(Tabla1[[#This Row],[POA]],\".\",Tabla1[[#This Row],[SRS]],\".\",Tabla1[[#This Row],[AREA]],\".\",Tabla1[[#This Row],[TIPO]]))","v":"..."},{"$nulls":4},"3.10.1.03","Tinta Epson","Unidad",1,{"v":850,"d":"850.00"},{"v":850,"d":"850.00"},null,"Venta de Servicios"]
[null,{"$f":"IF(Tabla1[[#This Row],[Código_Actividad]]=\"\",\"\",CONCATENATE(Tabla1[[#This Row],[POA]],\".\",Tabla1[[#This Row],[SRS]],\".\",Tabla1[[#This Row],[AREA]],\".\",Tabla1[[#This Row],[TIPO]]))","v":""},{"$nulls":5},"Carpetas","Unidad",1,{"v":450,"d":"450.00"},{"v":450,"d":"450.00"},null,"Venta de Servicios"]
[null,{"$f":"IF(Tabla1[[#This Row],[Código_Actividad]]=\"\",\"\",CONCATENATE(Tabla1[[#This Row],[POA]],\".\",Tabla1[[#This Row],[SRS]],\".\",Tabla1[[#This Row],[AREA]],\".\",Tabla1[[#This Row],[TIPO]]))","v":""},{"$nulls":5},"Lapiceros","Unidad",12,{"v":15,"d":"15.00"},{"v":180,"d":"180.00"},null,"Venta de Servicios"]
[null,{"$f":"IF(Tabla1[[#This Row],[Código_Actividad]]=\"\",\"\",CONCATENATE(Tabla1[[#This Row],[POA]],\".\",Tabla1[[#This Row],[SRS]],\".\",Tabla1[[#This Row],[AREA]],\".\",Tabla1[[#This Row],[TIPO]]))","v":""},{"$nulls":5},"Papel de escritorio","Unidad",250,{"v":0.7,"d":"0.70"},{"v":175,"d":"175.00"},null,"Venta de Servicios"]
[null,{"$f":"IF(Tabla1[[#This Row],[Código_Actividad]]=\"\",\"\",CONCATENATE(Tabla1[[#This Row],[POA]],\".\",Tabla1[[#This Row],[SRS]],\".\",Tabla1[[#This Row],[AREA]],\".\",Tabla1[[#This Row],[TIPO]]))","v":"..."},{"$nulls":4},"3.10.1.04","Tinta Epson","Unidad",1,{"v":850,"d":"850.00"},{"v":850,"d":"850.00"},null,"Venta de Servicios"]
[null,{"$f":"IF(Tabla1[[#This Row],[Código_Actividad]]=\"\",\"\",CONCATENATE(Tabla1[[#This Row],[POA]],\".\",Tabla1[[#This Row],[SRS]],\".\",Tabla1[[#This Row],[AREA]],\".\",Tabla1[[#This Row],[TIPO]]))","v":""},{"$nulls":5},"Carpetas","Unidad",1,{"v":450,"d":"450.00"},{"v":450,"d":"450.00"},null,"Venta de Servicios"]
[null,{"$f":"IF(Tabla1[[#This Row],[Código_Actividad]]=\"\",\"\",CONCATENATE(Tabla1[[#This Row],[POA]],\".\",Tabla1[[#This Row],[SRS]],\".\",Tabla1[[#This Row],[AREA]],\".\",Tabla1[[#This Row],[TIPO]]))","v":""},{"$nulls":5},"Lapiceros","Unidad",12,{"v":15,"d":"15.00"},{"v":180,"d":"180.00"},null,"Venta de Servicios"]
[null,{"$f":"IF(Tabla1[[#This Row],[Código_Actividad]]=\"\",\"\",CONCATENATE(Tabla1[[#This Row],[POA]],\".\",Tabla1[[#This Row],[SRS]],\".\",Tabla1[[#This Row],[AREA]],\".\",Tabla1[[#This Row],[TIPO]]))","v":""},{"$nulls":5},"Papel de escritorio","Unidad",250,{"v":0.7,"d":"0.70"},{"v":175,"d":"175.00"},null,"Venta de Servicios"]
[null,{"$f":"IF(Tabla1[[#This Row],[Código_Actividad]]=\"\",\"\",CONCATENATE(Tabla1[[#This Row],[POA]],\".\",Tabla1[[#This Row],[SRS]],\".\",Tabla1[[#This Row],[AREA]],\".\",Tabla1[[#This Row],[TIPO]]))","v":"..."},{"$nulls":4},"3.10.1.05","Tinta Epson","Unidad",2,{"v":800,"d":"800.00"},{"v":1600,"d":"1,600.00"},null,"Venta de Servicios"]
[null,{"$f":"IF(Tabla1[[#This Row],[Código_Actividad]]=\"\",\"\",CONCATENATE(Tabla1[[#This Row],[POA]],\".\",Tabla1[[#This Row],[SRS]],\".\",Tabla1[[#This Row],[AREA]],\".\",Tabla1[[#This Row],[TIPO]]))","v":""},{"$nulls":5},"Papel de escritorio","Unidad",100,{"v":0.5,"d":"0.50"},{"v":50,"d":"50.00"},null,"Venta de Servicios"]
[null,{"$f":"IF(Tabla1[[#This Row],[Código_Actividad]]=\"\",\"\",CONCATENATE(Tabla1[[#This Row],[POA]],\".\",Tabla1[[#This Row],[SRS]],\".\",Tabla1[[#This Row],[AREA]],\".\",Tabla1[[#This Row],[TIPO]]))","v":""},{"$nulls":5},"Lapiceros","Unidad",12,{"v":15,"d":"15.00"},{"v":180,"d":"180.00"},null,"Venta de Servicios"]
[null,{"$f":"IF(Tabla1[[#This Row],[Código_Actividad]]=\"\",\"\",CONCATENATE(Tabla1[[#This Row],[POA]],\".\",Tabla1[[#This Row],[SRS]],\".\",Tabla1[[#This Row],[AREA]],\".\",Tabla1[[#This Row],[TIPO]]))","v":"..."},{"$nulls":4},"3.10.1.06","Tinta Epson","Unidad",2,{"v":800,"d":"800.00"},{"v":1600,"d":"1,600.00"},null,"Venta de Servicios"]
[null,{"$f":"IF(Tabla1[[#This Row],[Código_Actividad]]=\"\",\"\",CONCATENATE(Tabla1[[#This Row],[POA]],\".\",Tabla1[[#This Row],[SRS]],\".\",Tabla1[[#This Row],[AREA]],\".\",Tabla1[[#This Row],[TIPO]]))","v":""},{"$nulls":5},"Papel de escritorio","Unidad",100,{"v":0.5,"d":"0.50"},{"v":50,"d":"50.00"},null,"Venta de Servicios"]
[null,{"$f":"IF(Tabla1[[#This Row],[Código_Actividad]]=\"\",\"\",CONCATENATE(Tabla1[[#This Row],[POA]],\".\",Tabla1[[#This Row],[SRS]],\".\",Tabla1[[#This Row],[AREA]],\".\",Tabla1[[#This Row],[TIPO]]))","v":""},{"$nulls":5},"Lapiceros","Unidad",12,{"v":15,"d":"15.00"},{"v":180,"d":"180.00"},null,"Venta de Servicios"]
[null,{"$f":"IF(Tabla1[[#This Row],[Código_Actividad]]=\"\",\"\",CONCATENATE(Tabla1[[#This Row],[POA]],\".\",Tabla1[[#This Row],[SRS]],\".\",Tabla1[[#This Row],[AREA]],\".\",Tabla1[[#This Row],[TIPO]]))","v":"..."},{"$nulls":4},"3.2.1.01","Tinta Epson","Unidad",2,{"v":800,"d":"800.00"},{"v":1600,"d":"1,600.00"},null,"Venta de Servicios"]
[null,{"$f":"IF(Tabla1[[#This Row],[Código_Actividad]]=\"\",\"\",CONCATENATE(Tabla1[[#This Row],[POA]],\".\",Tabla1[[#This Row],[SRS]],\".\",Tabla1[[#This Row],[AREA]],\".\",Tabla1[[#This Row],[TIPO]]))","v":""},{"$nulls":5},"Papel de escritorio","Unidad",100,{"v":0.5,"d":"0.50"},{"v":50,"d":"50.00"},null,"Venta de Servicios"]
[null,{"$f":"IF(Tabla1[[#This Row],[Código_Actividad]]=\"\",\"\",CONCATENATE(Tabla1[[#This Row],[POA]],\".\",Tabla1[[#This Row],[SRS]],\".\",Tabla1[[#This Row],[AREA]],\".\",Tabla1[[#This Row],[TIPO]]))","v":""},{"$nulls":5},"Lapiceros","Unidad",12,{"v":15,"d":"15.00"},{"v":180,"d":"180.00"},null,"Venta de Servicios"]
[null,{"$f":"IF(Tabla1[[#This Row],[Código_Actividad]]=\"\",\"\",CONCATENATE(Tabla1[[#This Row],[POA]],\".\",Tabla1[[#This Row],[SRS]],\".\",Tabla1[[#This Row],[AREA]],\".\",Tabla1[[#This Row],[TIPO]]))","v":"..."},{"$nulls":4},"3.2.1.02","Tinta Epson","Unidad",2,{"v":800,"d":"800.00"},{"v":1600,"d":"1,600.00"},null,"Venta de Servicios"]
[null,{"$f":"IF(Tabla1[[#This Row],[Código_Actividad]]=\"\",\"\",CONCATENATE(Tabla1[[#This Row],[POA]],\".\",Tabla1[[#This Row],[SRS]],\".\",Tabla1[[#This Row],[AREA]],\".\",Tabla1[[#This Row],[TIPO]]))","v":""},{"$nulls":5},"Papel de escritorio","Unidad",100,{"v":0.5,"d":"0.50"},{"v":50,"d":"50.00"},null,"Venta de Servicios"]
[null,{"$f":"IF(Tabla1[[#This Row],[Código_Actividad]]=\"\",\"\",CONCATENATE(Tabla1[[#This Row],[POA]],\".\",Tabla1[[#This Row],[SRS]],\".\",Tabla1[[#This Row],[AREA]],\".\",Tabla1[[#This Row],[TIPO]]))","v":""},{"$nulls":5},"Lapiceros","Unidad",12,{"v":15,"d":"15.00"},{"v":180,"d":"180.00"},null,"Venta de Servicios"]
[null,{"$f":"IF(Tabla1[[#This Row],[Código_Actividad]]=\"\",\"\",CONCATENATE(Tabla1[[#This Row],[POA]],\".\",Tabla1[[#This Row],[SRS]],\".\",Tabla1[[#This Row],[AREA]],\".\",Tabla1[[#This Row],[TIPO]]))","v":"..."},{"$nulls":4},"3.2.2.03","Tinta Epson","Unidad",2,{"v":800,"d":"800.00"},{"v":1600,"d":"1,600.00"},null,"Venta de Servicios"]
[null,{"$f":"IF(Tabla1[[#This Row],[Código_Actividad]]=\"\",\"\",CONCATENATE(Tabla1[[#This Row],[POA]],\".\",Tabla1[[#This Row],[SRS]],\".\",Tabla1[[#This Row],[AREA]],\".\",Tabla1[[#This Row],[TIPO]]))","v":""},{"$nulls":5},"Papel de escritorio","Unidad",100,{"v":0.5,"d":"0.50"},{"v":50,"d":"50.00"},null,"Venta de Servicios"]
[null,{"$f":"IF(Tabla1[[#This Row],[Código_Actividad]]=\"\",\"\",CONCATENATE(Tabla1[[#This Row],[POA]],\".\",Tabla1[[#This Row],[SRS]],\".\",Tabla1[[#This Row],[AREA]],\".\",Tabla1[[#This Row],[TIPO]]))","v":""},{"$nulls":5},"Lapiceros","Unidad",12,{"v":15,"d":"15.00"},{"v":180,"d":"180.00"},null,"Venta de Servicios"]
[null,{"$f":"IF(Tabla1[[#This Row],[Código_Actividad]]=\"\",\"\",CONCATENATE(Tabla1[[#This Row],[POA]],\".\",Tabla1[[#This Row],[SRS]],\".\",Tabla1[[#This Row],[AREA]],\".\",Tabla1[[#This Row],[TIPO]]))","v":"..."},{"$nulls":4},"3.2.2.04","Tinta Epson","Unidad",2,{"v":800,"d":"800.00"},{"v":1600,"d":"1,600.00"},null,"Venta de Servicios"]
[null,{"$f":"IF(Tabla1[[#This Row],[Código_Actividad]]=\"\",\"\",CONCATENATE(Tabla1[[#This Row],[POA]],\".\",Tabla1[[#This Row],[SRS]],\".\",Tabla1[[#This Row],[AREA]],\".\",Tabla1[[#This Row],[TIPO]]))","v":""},{"$nulls":5},"Papel de escritorio","Unidad",100,{"v":0.5,"d":"0.50"},{"v":50,"d":"50.00"},null,"Venta de Servicios"]
[null,{"$f":"IF(Tabla1[[#This Row],[Código_Actividad]]=\"\",\"\",CONCATENATE(Tabla1[[#This Row],[POA]],\".\",Tabla1[[#This Row],[SRS]],\".\",Tabla1[[#This Row],[AREA]],\".\",Tabla1[[#This Row],[TIPO]]))","v":""},{"$nulls":5},"Lapiceros","Unidad",12,{"v":15,"d":"15.00"},{"v":180,"d":"180.00"},null,"Venta de Servicios"]
[null,{"$f":"IF(Tabla1[[#This Row],[Código_Actividad]]=\"\",\"\",CONCATENATE(Tabla1[[#This Row],[POA]],\".\",Tabla1[[#This Row],[SRS]],\".\",Tabla1[[#This Row],[AREA]],\".\",Tabla1[[#This Row],[TIPO]]))","v":"..."},{"$nulls":4},"3.2.2.07","Tinta Epson","Unidad",2,{"v":800,"d":"800.00"},{"v":1600,"d":"1,600.00"},null,"Venta de Servicios"]
[null,{"$f":"IF(Tabla1[[#This Row],[Código_Actividad]]=\"\",\"\",CONCATENATE(Tabla1[[#This Row],[POA]],\".\",Tabla1[[#This Row],[SRS]],\".\",Tabla1[[#This Row],[AREA]],\".\",Tabla1[[#This Row],[TIPO]]))","v":""},{"$nulls":5},"Papel de escritorio","Unidad",100,{"v":0.5,"d":"0.50"},{"v":50,"d":"50.00"},null,"Venta de Servicios"]
[null,{"$f":"IF(Tabla1[[#This Row],[Código_Actividad]]=\"\",\"\",CONCATENATE(Tabla1[[#This Row],[POA]],\".\",Tabla1[[#This Row],[SRS]],\".\",Tabla1[[#This Row],[AREA]],\".\",Tabla1[[#This Row],[TIPO]]))","v":""},{"$nulls":5},"Lapiceros","Unidad",12,{"v":15,"d":"15.00"},{"v":180,"d":"180.00"},null,"Venta de Servicios"]
[null,{"$f":"IF(Tabla1[[#This Row],[Código_Actividad]]=\"\",\"\",CONCATENATE(Tabla1[[#This Row],[POA]],\".\",Tabla1[[#This Row],[SRS]],\".\",Tabla1[[#This Row],[AREA]],\".\",Tabla1[[#This Row],[TIPO]]))","v":"..."},{"$nulls":4},"3.2.2.08","Tinta Epson","Unidad",2,{"v":800,"d":"800.00"},{"v":1600,"d":"1,600.00"},null,"Venta de Servicios"]
[null,{"$f":"IF(Tabla1[[#This Row],[Código_Actividad]]=\"\",\"\",CONCATENATE(Tabla1[[#This Row],[POA]],\".\",Tabla1[[#This Row],[SRS]],\".\",Tabla1[[#This Row],[AREA]],\".\",Tabla1[[#This Row],[TIPO]]))","v":""},{"$nulls":5},"Papel de escritorio","Unidad",100,{"v":0.5,"d":"0.50"},{"v":50,"d":"50.00"},null,"Venta de Servicios"]
[null,{"$f":"IF(Tabla1[[#This Row],[Código_Actividad]]=\"\",\"\",CONCATENATE(Tabla1[[#This Row],[POA]],\".\",Tabla1[[#This Row],[SRS]],\".\",Tabla1[[#This Row],[AREA]],\".\",Tabla1[[#This Row],[TIPO]]))","v":""},{"$nulls":5},"Lapiceros","Unidad",12,{"v":15,"d":"15.00"},{"v":180,"d":"180.00"},null,"Venta de Servicios"]
[null,{"$f":"IF(Tabla1[[#This Row],[Código_Actividad]]=\"\",\"\",CONCATENATE(Tabla1[[#This Row],[POA]],\".\",Tabla1[[#This Row],[SRS]],\".\",Tabla1[[#This Row],[AREA]],\".\",Tabla1[[#This Row],[TIPO]]))","v":"..."},{"$nulls":4},"3.2.2.09","Tinta Epson","Unidad",2,{"v":800,"d":"800.00"},{"v":1600,"d":"1,600.00"},null,"Venta de Servicios"]
[null,{"$f":"IF(Tabla1[[#This Row],[Código_Actividad]]=\"\",\"\",CONCATENATE(Tabla1[[#This Row],[POA]],\".\",Tabla1[[#This Row],[SRS]],\".\",Tabla1[[#This Row],[AREA]],\".\",Tabla1[[#This Row],[TIPO]]))","v":""},{"$nulls":5},"Papel de escritorio","Unidad",100,{"v":0.5,"d":"0.50"},{"v":50,"d":"50.00"},null,"Venta de Servicios"]
[null,{"$f":"IF(Tabla1[[#This Row],[Código_Actividad]]=\"\",\"\",CONCATENATE(Tabla1[[#This Row],[POA]],\".\",Tabla1[[#This Row],[SRS]],\".\",Tabla1[[#This Row],[AREA]],\".\",Tabla1[[#This Row],[TIPO]]))","v":""},{"$nulls":5},"Lapiceros","Unidad",12,{"v":15,"d":"15.00"},{"v":180,"d":"180.00"},null,"Venta de Servicios"]
[null,{"$f":"IF(Tabla1[[#This Row],[Código_Actividad]]=\"\",\"\",CONCATENATE(Tabla1[[#This Row],[POA]],\".\",Tabla1[[#This Row],[SRS]],\".\",Tabla1[[#This Row],[AREA]],\".\",Tabla1[[#This Row],[TIPO]]))","v":"..."},{"$nulls":4},"3.2.2.10","Tinta Epson","Unidad",2,{"v":800,"d":"800.00"},{"v":1600,"d":"1,600.00"},null,"Venta de Servicios"]
[null,{"$f":"IF(Tabla1[[#This Row],[Código_Actividad]]=\"\",\"\",CONCATENATE(Tabla1[[#This Row],[POA]],\".\",Tabla1[[#This Row],[SRS]],\".\",Tabla1[[#This Row],[AREA]],\".\",Tabla1[[#This Row],[TIPO]]))","v":""},{"$nulls":5},"Papel de escritorio","Unidad",100,{"v":0.5,"d":"0.50"},{"v":50,"d":"50.00"},null,"Venta de Servicios"]
[null,{"$f":"IF(Tabla1[[#This Row],[Código_Actividad]]=\"\",\"\",CONCATENATE(Tabla1[[#This Row],[POA]],\".\",Tabla1[[#This Row],[SRS]],\".\",Tabla1[[#This Row],[AREA]],\".\",Tabla1[[#This Row],[TIPO]]))","v":""},{"$nulls":5},"Lapiceros","Unidad",12,{"v":15,"d":"15.00"},{"v":180,"d":"180.00"},null,"Venta de Servicios"]
[null,{"$f":"IF(Tabla1[[#This Row],[Código_Actividad]]=\"\",\"\",CONCATENATE(Tabla1[[#This Row],[POA]],\".\",Tabla1[[#This Row],[SRS]],\".\",Tabla1[[#This Row],[AREA]],\".\",Tabla1[[#This Row],[TIPO]]))","v":"..."},{"$nulls":4},"3.2.2.11","Tinta Epson","Unidad",2,{"v":800,"d":"800.00"},{"v":1600,"d":"1,600.00"},null,"Venta de Servicios"]
[null,{"$f":"IF(Tabla1[[#This Row],[Código_Actividad]]=\"\",\"\",CONCATENATE(Tabla1[[#This Row],[POA]],\".\",Tabla1[[#This Row],[SRS]],\".\",Tabla1[[#This Row],[AREA]],\".\",Tabla1[[#This Row],[TIPO]]))","v":""},{"$nulls":5},"Papel de escritorio","Unidad",100,{"v":0.5,"d":"0.50"},{"v":50,"d":"50.00"},null,"Venta de Servicios"]
[null,{"$f":"IF(Tabla1[[#This Row],[Código_Actividad]]=\"\",\"\",CONCATENATE(Tabla1[[#This Row],[POA]],\".\",Tabla1[[#This Row],[SRS]],\".\",Tabla1[[#This Row],[AREA]],\".\",Tabla1[[#This Row],[TIPO]]))","v":""},{"$nulls":5},"Lapiceros","Unidad",12,{"v":15,"d":"15.00"},{"v":180,"d":"180.00"},null,"Venta de Servicios"]
[null,{"$f":"IF(Tabla1[[#This Row],[Código_Actividad]]=\"\",\"\",CONCATENATE(Tabla1[[#This Row],[POA]],\".\",Tabla1[[#This Row],[SRS]],\".\",Tabla1[[#This Row],[AREA]],\".\",Tabla1[[#This Row],[TIPO]]))","v":"..."},{"$nulls":4},"3.2.2.12","Tinta Epson","Unidad",2,{"v":800,"d":"800.00"},{"v":1600,"d":"1,600.00"},null,"Venta de Servicios"]
[null,{"$f":"IF(Tabla1[[#This Row],[Código_Actividad]]=\"\",\"\",CONCATENATE(Tabla1[[#This Row],[POA]],\".\",Tabla1[[#This Row],[SRS]],\".\",Tabla1[[#This Row],[AREA]],\".\",Tabla1[[#This Row],[TIPO]]))","v":""},{"$nulls":5},"Papel de escritorio","Unidad",100,{"v":0.5,"d":"0.50"},{"v":50,"d":"50.00"},null,"Venta de Servicios"]
[null,{"$f":"IF(Tabla1[[#This Row],[Código_Actividad]]=\"\",\"\",CONCATENATE(Tabla1[[#This Row],[POA]],\".\",Tabla1[[#This Row],[SRS]],\".\",Tabla1[[#This Row],[AREA]],\".\",Tabla1[[#This Row],[TIPO]]))","v":""},{"$nulls":5},"Lapiceros","Unidad",12,{"v":15,"d":"15.00"},{"v":180,"d":"180.00"},null,"Venta de Servicios"]
[null,{"$f":"IF(Tabla1[[#This Row],[Código_Actividad]]=\"\",\"\",CONCATENATE(Tabla1[[#This Row],[POA]],\".\",Tabla1[[#This Row],[SRS]],\".\",Tabla1[[#This Row],[AREA]],\".\",Tabla1[[#This Row],[TIPO]]))","v":"..."},{"$nulls":4},"3.2.2.13","Tinta Epson","Unidad",2,{"v":800,"d":"800.00"},{"v":1600,"d":"1,600.00"},null,"Venta de Servicios"]
[null,{"$f":"IF(Tabla1[[#This Row],[Código_Actividad]]=\"\",\"\",CONCATENATE(Tabla1[[#This Row],[POA]],\".\",Tabla1[[#This Row],[SRS]],\".\",Tabla1[[#This Row],[AREA]],\".\",Tabla1[[#This Row],[TIPO]]))","v":""},{"$nulls":5},"Papel de escritorio","Unidad",100,{"v":0.5,"d":"0.50"},{"v":50,"d":"50.00"},null,"Venta de Servicios"]
[null,{"$f":"IF(Tabla1[[#This Row],[Código_Actividad]]=\"\",\"\",CONCATENATE(Tabla1[[#This Row],[POA]],\".\",Tabla1[[#This Row],[SRS]],\".\",Tabla1[[#This Row],[AREA]],\".\",Tabla1[[#This Row],[TIPO]]))","v":""},{"$nulls":5},"Lapiceros","Unidad",12,{"v":15,"d":"15.00"},{"v":180,"d":"180.00"},null,"Venta de Servicios"]
[null,{"$f":"IF(Tabla1[[#This Row],[Código_Actividad]]=\"\",\"\",CONCATENATE(Tabla1[[#This Row],[POA]],\".\",Tabla1[[#This Row],[SRS]],\".\",Tabla1[[#This Row],[AREA]],\".\",Tabla1[[#This Row],[TIPO]]))","v":"..."},{"$nulls":4},"3.2.2.14","Tinta Epson","Unidad",2,{"v":800,"d":"800.00"},{"v":1600,"d":"1,600.00"},null,"Venta de Servicios"]
[null,{"$f":"IF(Tabla1[[#This Row],[Código_Actividad]]=\"\",\"\",CONCATENATE(Tabla1[[#This Row],[POA]],\".\",Tabla1[[#This Row],[SRS]],\".\",Tabla1[[#This Row],[AREA]],\".\",Tabla1[[#This Row],[TIPO]]))","v":""},{"$nulls":5},"Papel de escritorio","Unidad",100,{"v":0.5,"d":"0.50"},{"v":50,"d":"50.00"},null,"Venta de Servicios"]
[null,{"$f":"IF(Tabla1[[#This Row],[Código_Actividad]]=\"\",\"\",CONCATENATE(Tabla1[[#This Row],[POA]],\".\",Tabla1[[#This Row],[SRS]],\".\",Tabla1[[#This Row],[AREA]],\".\",Tabla1[[#This Row],[TIPO]]))","v":""},{"$nulls":5},"Lapiceros","Unidad",12,{"v":15,"d":"15.00"},{"v":180,"d":"180.00"},null,"Venta de Servicios"]
[null,{"$f":"IF(Tabla1[[#This Row],[Código_Actividad]]=\"\",\"\",CONCATENATE(Tabla1[[#This Row],[POA]],\".\",Tabla1[[#This Row],[SRS]],\".\",Tabla1[[#This Row],[AREA]],\".\",Tabla1[[#This Row],[TIPO]]))","v":"..."},{"$nulls":4},"3.2.2.15","Tinta Epson","Unidad",2,{"v":800,"d":"800.00"},{"v":1600,"d":"1,600.00"},null,"Venta de Servicios"]
[null,{"$f":"IF(Tabla1[[#This Row],[Código_Actividad]]=\"\",\"\",CONCATENATE(Tabla1[[#This Row],[POA]],\".\",Tabla1[[#This Row],[SRS]],\".\",Tabla1[[#This Row],[AREA]],\".\",Tabla1[[#This Row],[TIPO]]))","v":""},{"$nulls":5},"Papel de escritorio","Unidad",100,{"v":0.5,"d":"0.50"},{"v":50,"d":"50.00"},null,"Venta de Servicios"]
[null,{"$f":"IF(Tabla1[[#This Row],[Código_Actividad]]=\"\",\"\",CONCATENATE(Tabla1[[#This Row],[POA]],\".\",Tabla1[[#This Row],[SRS]],\".\",Tabla1[[#This Row],[AREA]],\".\",Tabla1[[#This Row],[TIPO]]))","v":""},{"$nulls":5},"Lapiceros","Unidad",12,{"v":15,"d":"15.00"},{"v":180,"d":"180.00"},null,"Venta de Servicios"]
[null,{"$f":"IF(Tabla1[[#This Row],[Código_Actividad]]=\"\",\"\",CONCATENATE(Tabla1[[#This Row],[POA]],\".\",Tabla1[[#This Row],[SRS]],\".\",Tabla1[[#This Row],[AREA]],\".\",Tabla1[[#This Row],[TIPO]]))","v":"..."},{"$nulls":4},"3.2.2.16","Tinta Epson","Unidad",2,{"v":800,"d":"800.00"},{"v":1600,"d":"1,600.00"},null,"Venta de Servicios"]
[null,{"$f":"IF(Tabla1[[#This Row],[Código_Actividad]]=\"\",\"\",CONCATENATE(Tabla1[[#This Row],[POA]],\".\",Tabla1[[#This Row],[SRS]],\".\",Tabla1[[#This Row],[AREA]],\".\",Tabla1[[#This Row],[TIPO]]))","v":""},{"$nulls":5},"Papel de escritorio","Unidad",100,{"v":0.5,"d":"0.50"},{"v":50,"d":"50.00"},null,"Venta de Servicios"]
[null,{"$f":"IF(Tabla1[[#This Row],[Código_Actividad]]=\"\",\"\",CONCATENATE(Tabla1[[#This Row],[POA]],\".\",Tabla1[[#This Row],[SRS]],\".\",Tabla1[[#This Row],[AREA]],\".\",Tabla1[[#This Row],[TIPO]]))","v":""},{"$nulls":5},"Lapiceros","Unidad",12,{"v":15,"d":"15.00"},{"v":180,"d":"180.00"},null,"Venta de Servicios"]
[null,{"$f":"IF(Tabla1[[#This Row],[Código_Actividad]]=\"\",\"\",CONCATENATE(Tabla1[[#This Row],[POA]],\".\",Tabla1[[#This Row],[SRS]],\".\",Tabla1[[#This Row],[AREA]],\".\",Tabla1[[#This Row],[TIPO]]))","v":"..."},{"$nulls":4},"3.2.2.17","Tinta Epson","Unidad",2,{"v":800,"d":"800.00"},{"v":1600,"d":"1,600.00"},null,"Venta de Servicios"]
[null,{"$f":"IF(Tabla1[[#This Row],[Código_Actividad]]=\"\",\"\",CONCATENATE(Tabla1[[#This Row],[POA]],\".\",Tabla1[[#This Row],[SRS]],\".\",Tabla1[[#This Row],[AREA]],\".\",Tabla1[[#This Row],[TIPO]]))","v":""},{"$nulls":5},"Papel de escritorio","Unidad",100,{"v":0.5,"d":"0.50"},{"v":50,"d":"50.00"},null,"Venta de Servicios"]
[null,{"$f":"IF(Tabla1[[#This Row],[Código_Actividad]]=\"\",\"\",CONCATENATE(Tabla1[[#This Row],[POA]],\".\",Tabla1[[#This Row],[SRS]],\".\",Tabla1[[#This Row],[AREA]],\".\",Tabla1[[#This Row],[TIPO]]))","v":""},{"$nulls":5},"Lapiceros","Unidad",12,{"v":15,"d":"15.00"},{"v":180,"d":"180.00"},null,"Venta de Servicios"]
[null,{"$f":"IF(Tabla1[[#This Row],[Código_Actividad]]=\"\",\"\",CONCATENATE(Tabla1[[#This Row],[POA]],\".\",Tabla1[[#This Row],[SRS]],\".\",Tabla1[[#This Row],[AREA]],\".\",Tabla1[[#This Row],[TIPO]]))","v":"..."},{"$nulls":4},"3.2.2.18","Tinta Epson","Unidad",2,{"v":800,"d":"800.00"},{"v":1600,"d":"1,600.00"},null,"Venta de Servicios"]
[null,{"$f":"IF(Tabla1[[#This Row],[Código_Actividad]]=\"\",\"\",CONCATENATE(Tabla1[[#This Row],[POA]],\".\",Tabla1[[#This Row],[SRS]],\".\",Tabla1[[#This Row],[AREA]],\".\",Tabla1[[#This Row],[TIPO]]))","v":""},{"$nulls":5},"Papel de escritorio","Unidad",100,{"v":0.5,"d":"0.50"},{"v":50,"d":"50.00"},null,"Venta de Servicios"]
[null,{"$f":"IF(Tabla1[[#This Row],[Código_Actividad]]=\"\",\"\",CONCATENATE(Tabla1[[#This Row],[POA]],\".\",Tabla1[[#This Row],[SRS]],\".\",Tabla1[[#This Row],[AREA]],\".\",Tabla1[[#This Row],[TIPO]]))","v":""},{"$nulls":5},"Lapiceros","Unidad",12,{"v":15,"d":"15.00"},{"v":180,"d":"180.00"},null,"Venta de Servicios"]
[null,{"$f":"IF(Tabla1[[#This Row],[Código_Actividad]]=\"\",\"\",CONCATENATE(Tabla1[[#This Row],[POA]],\".\",Tabla1[[#This Row],[SRS]],\".\",Tabla1[[#This Row],[AREA]],\".\",Tabla1[[#This Row],[TIPO]]))","v":"..."},{"$nulls":4},"3.2.2.19","Tinta Epson","Unidad",2,{"v":800,"d":"800.00"},{"v":1600,"d":"1,600.00"},null,"Venta de Servicios"]
[null,{"$f":"IF(Tabla1[[#This Row],[Código_Actividad]]=\"\",\"\",CONCATENATE(Tabla1[[#This Row],[POA]],\".\",Tabla1[[#This Row],[SRS]],\".\",Tabla1[[#This Row],[AREA]],\".\",Tabla1[[#This Row],[TIPO]]))","v":""},{"$nulls":5},"Papel de escritorio","Unidad",100,{"v":0.5,"d":"0.50"},{"v":50,"d":"50.00"},null,"Venta de Servicios"]
[null,{"$f":"IF(Tabla1[[#This Row],[Código_Actividad]]=\"\",\"\",CONCATENATE(Tabla1[[#This Row],[POA]],\".\",Tabla1[[#This Row],[SRS]],\".\",Tabla1[[#This Row],[AREA]],\".\",Tabla1[[#This Row],[TIPO]]))","v":""},{"$nulls":5},"Lapiceros","Unidad",12,{"v":15,"d":"15.00"},{"v":180,"d":"180.00"},null,"Venta de Servicios"]
[null,{"$f":"IF(Tabla1[[#This Row],[Código_Actividad]]=\"\",\"\",CONCATENATE(Tabla1[[#This Row],[POA]],\".\",Tabla1[[#This Row],[SRS]],\".\",Tabla1[[#This Row],[AREA]],\".\",Tabla1[[#This Row],[TIPO]]))","v":"..."},{"$nulls":4},"3.2.3.01","Tinta Epson","Unidad",2,{"v":800,"d":"800.00"},{"v":1600,"d":"1,600.00"},null,"Venta de Servicios"]
[null,{"$f":"IF(Tabla1[[#This Row],[Código_Actividad]]=\"\",\"\",CONCATENATE(Tabla1[[#This Row],[POA]],\".\",Tabla1[[#This Row],[SRS]],\".\",Tabla1[[#This Row],[AREA]],\".\",Tabla1[[#This Row],[TIPO]]))","v":""},{"$nulls":5},"Papel de escritorio","Unidad",100,{"v":0.5,"d":"0.50"},{"v":50,"d":"50.00"},null,"Venta de Servicios"]
[null,{"$f":"IF(Tabla1[[#This Row],[Código_Actividad]]=\"\",\"\",CONCATENATE(Tabla1[[#This Row],[POA]],\".\",Tabla1[[#This Row],[SRS]],\".\",Tabla1[[#This Row],[AREA]],\".\",Tabla1[[#This Row],[TIPO]]))","v":""},{"$nulls":5},"Lapiceros","Unidad",12,{"v":15,"d":"15.00"},{"v":180,"d":"180.00"},null,"Venta de Servicios"]
[null,{"$f":"IF(Tabla1[[#This Row],[Código_Actividad]]=\"\",\"\",CONCATENATE(Tabla1[[#This Row],[POA]],\".\",Tabla1[[#This Row],[SRS]],\".\",Tabla1[[#This Row],[AREA]],\".\",Tabla1[[#This Row],[TIPO]]))","v":"..."},{"$nulls":4},"3.2.3.02","Tinta Epson","Unidad",2,{"v":800,"d":"800.00"},{"v":1600,"d":"1,600.00"},null,"Venta de Servicios"]
[null,{"$f":"IF(Tabla1[[#This Row],[Código_Actividad]]=\"\",\"\",CONCATENATE(Tabla1[[#This Row],[POA]],\".\",Tabla1[[#This Row],[SRS]],\".\",Tabla1[[#This Row],[AREA]],\".\",Tabla1[[#This Row],[TIPO]]))","v":""},{"$nulls":5},"Papel de escritorio","Unidad",250,{"v":0.7,"d":"0.70"},{"v":175,"d":"175.00"},null,"Venta de Servicios"]
[null,{"$f":"IF(Tabla1[[#This Row],[Código_Actividad]]=\"\",\"\",CONCATENATE(Tabla1[[#This Row],[POA]],\".\",Tabla1[[#This Row],[SRS]],\".\",Tabla1[[#This Row],[AREA]],\".\",Tabla1[[#This Row],[TIPO]]))","v":"..."},{"$nulls":4},"3.2.3.03","Tinta Epson","Unidad",1,{"v":850,"d":"850.00"},{"v":850,"d":"850.00"},null,"Venta de Servicios"]
[null,{"$f":"IF(Tabla1[[#This Row],[Código_Actividad]]=\"\",\"\",CONCATENATE(Tabla1[[#This Row],[POA]],\".\",Tabla1[[#This Row],[SRS]],\".\",Tabla1[[#This Row],[AREA]],\".\",Tabla1[[#This Row],[TIPO]]))","v":""},{"$nulls":5},"Carpetas","Unidad",1,{"v":450,"d":"450.00"},{"v":450,"d":"450.00"},null,"Venta de Servicios"]
[null,{"$f":"IF(Tabla1[[#This Row],[Código_Actividad]]=\"\",\"\",CONCATENATE(Tabla1[[#This Row],[POA]],\".\",Tabla1[[#This Row],[SRS]],\".\",Tabla1[[#This Row],[AREA]],\".\",Tabla1[[#This Row],[TIPO]]))","v":""},{"$nulls":5},"Lapiceros","Unidad",12,{"v":15,"d":"15.00"},{"v":180,"d":"180.00"},null,"Venta de Servicios"]
[null,{"$f":"IF(Tabla1[[#This Row],[Código_Actividad]]=\"\",\"\",CONCATENATE(Tabla1[[#This Row],[POA]],\".\",Tabla1[[#This Row],[SRS]],\".\",Tabla1[[#This Row],[AREA]],\".\",Tabla1[[#This Row],[TIPO]]))","v":""},{"$nulls":5},"Papel de escritorio","Unidad",250,{"v":0.7,"d":"0.70"},{"v":175,"d":"175.00"},null,"Venta de Servicios"]
[null,{"$f":"IF(Tabla1[[#This Row],[Código_Actividad]]=\"\",\"\",CONCATENATE(Tabla1[[#This Row],[POA]],\".\",Tabla1[[#This Row],[SRS]],\".\",Tabla1[[#This Row],[AREA]],\".\",Tabla1[[#This Row],[TIPO]]))","v":"..."},{"$nulls":4},"3.2.3.04","Tinta Epson","Unidad",1,{"v":850,"d":"850.00"},{"v":850,"d":"850.00"},null,"Venta de Servicios"]
[null,{"$f":"IF(Tabla1[[#This Row],[Código_Actividad]]=\"\",\"\",CONCATENATE(Tabla1[[#This Row],[POA]],\".\",Tabla1[[#This Row],[SRS]],\".\",Tabla1[[#This Row],[AREA]],\".\",Tabla1[[#This Row],[TIPO]]))","v":""},{"$nulls":5},"Carpetas","Unidad",1,{"v":450,"d":"450.00"},{"v":450,"d":"450.00"},null,"Venta de Servicios"]
[null,{"$f":"IF(Tabla1[[#This Row],[Código_Actividad]]=\"\",\"\",CONCATENATE(Tabla1[[#This Row],[POA]],\".\",Tabla1[[#This Row],[SRS]],\".\",Tabla1[[#This Row],[AREA]],\".\",Tabla1[[#This Row],[TIPO]]))","v":""},{"$nulls":5},"Lapiceros","Unidad",12,{"v":15,"d":"15.00"},{"v":180,"d":"180.00"},null,"Venta de Servicios"]
[null,{"$f":"IF(Tabla1[[#This Row],[Código_Actividad]]=\"\",\"\",CONCATENATE(Tabla1[[#This Row],[POA]],\".\",Tabla1[[#This Row],[SRS]],\".\",Tabla1[[#This Row],[AREA]],\".\",Tabla1[[#This Row],[TIPO]]))","v":""},{"$nulls":5},"Papel de escritorio","Unidad",250,{"v":0.7,"d":"0.70"},{"v":175,"d":"175.00"},null,"Venta de Servicios"]
[null,{"$f":"IF(Tabla1[[#This Row],[Código_Actividad]]=\"\",\"\",CONCATENATE(Tabla1[[#This Row],[POA]],\".\",Tabla1[[#This Row],[SRS]],\".\",Tabla1[[#This Row],[AREA]],\".\",Tabla1[[#This Row],[TIPO]]))","v":"..."},{"$nulls":4},"3.2.3.05","Tinta Epson","Unidad",1,{"v":850,"d":"850.00"},{"v":850,"d":"850.00"},null,"Venta de Servicios"]
[null,{"$f":"IF(Tabla1[[#This Row],[Código_Actividad]]=\"\",\"\",CONCATENATE(Tabla1[[#This Row],[POA]],\".\",Tabla1[[#This Row],[SRS]],\".\",Tabla1[[#This Row],[AREA]],\".\",Tabla1[[#This Row],[TIPO]]))","v":""},{"$nulls":5},"Carpetas","Unidad",1,{"v":450,"d":"450.00"},{"v":450,"d":"450.00"},null,"Venta de Servicios"]
[null,{"$f":"IF(Tabla1[[#This Row],[Código_Actividad]]=\"\",\"\",CONCATENATE(Tabla1[[#This Row],[POA]],\".\",Tabla1[[#This Row],[SRS]],\".\",Tabla1[[#This Row],[AREA]],\".\",Tabla1[[#This Row],[TIPO]]))","v":""},{"$nulls":5},"Lapiceros","Unidad",12,{"v":15,"d":"15.00"},{"v":180,"d":"180.00"},null,"Venta de Servicios"]
[null,{"$f":"IF(Tabla1[[#This Row],[Código_Actividad]]=\"\",\"\",CONCATENATE(Tabla1[[#This Row],[POA]],\".\",Tabla1[[#This Row],[SRS]],\".\",Tabla1[[#This Row],[AREA]],\".\",Tabla1[[#This Row],[TIPO]]))","v":"..."},{"$nulls":4},"3.2.3.06","Tinta Epson","Unidad",2,{"v":800,"d":"800.00"},{"v":1600,"d":"1,600.00"},null,"Venta de Servicios"]
[null,{"$f":"IF(Tabla1[[#This Row],[Código_Actividad]]=\"\",\"\",CONCATENATE(Tabla1[[#This Row],[POA]],\".\",Tabla1[[#This Row],[SRS]],\".\",Tabla1[[#This Row],[AREA]],\".\",Tabla1[[#This Row],[TIPO]]))","v":""},{"$nulls":5},"Papel de escritorio","Unidad",100,{"v":0.5,"d":"0.50"},{"v":50,"d":"50.00"},null,"Venta de Servicios"]
[null,{"$f":"IF(Tabla1[[#This Row],[Código_Actividad]]=\"\",\"\",CONCATENATE(Tabla1[[#This Row],[POA]],\".\",Tabla1[[#This Row],[SRS]],\".\",Tabla1[[#This Row],[AREA]],\".\",Tabla1[[#This Row],[TIPO]]))","v":""},{"$nulls":5},"Lapiceros","Unidad",12,{"v":15,"d":"15.00"},{"v":180,"d":"180.00"},null,"Venta de Servicios"]
[null,{"$f":"IF(Tabla1[[#This Row],[Código_Actividad]]=\"\",\"\",CONCATENATE(Tabla1[[#This Row],[POA]],\".\",Tabla1[[#This Row],[SRS]],\".\",Tabla1[[#This Row],[AREA]],\".\",Tabla1[[#This Row],[TIPO]]))","v":"..."},{"$nulls":4},"3.2.3.07","Tinta Epson","Unidad",2,{"v":800,"d":"800.00"},{"v":1600,"d":"1,600.00"},null,"Venta de Servicios"]
[null,{"$f":"IF(Tabla1[[#This Row],[Código_Actividad]]=\"\",\"\",CONCATENATE(Tabla1[[#This Row],[POA]],\".\",Tabla1[[#This Row],[SRS]],\".\",Tabla1[[#This Row],[AREA]],\".\",Tabla1[[#This Row],[TIPO]]))","v":""},{"$nulls":5},"Papel de escritorio","Unidad",100,{"v":0.5,"d":"0.50"},{"v":50,"d":"50.00"},null,"Venta de Servicios"]
[null,{"$f":"IF(Tabla1[[#This Row],[Código_Actividad]]=\"\",\"\",CONCATENATE(Tabla1[[#This Row],[POA]],\".\",Tabla1[[#This Row],[SRS]],\".\",Tabla1[[#This Row],[AREA]],\".\",Tabla1[[#This Row],[TIPO]]))","v":""},{"$nulls":5},"Lapiceros","Unidad",12,{"v":15,"d":"15.00"},{"v":180,"d":"180.00"},null,"Venta de Servicios"]
[null,{"$f":"IF(Tabla1[[#This Row],[Código_Actividad]]=\"\",\"\",CONCATENATE(Tabla1[[#This Row],[POA]],\".\",Tabla1[[#This Row],[SRS]],\".\",Tabla1[[#This Row],[AREA]],\".\",Tabla1[[#This Row],[TIPO]]))","v":"..."},{"$nulls":4},"3.2.3.08","Tinta Epson","Unidad",2,{"v":800,"d":"800.00"},{"v":1600,"d":"1,600.00"},null,"Venta de Servicios"]
[null,{"$f":"IF(Tabla1[[#This Row],[Código_Actividad]]=\"\",\"\",CONCATENATE(Tabla1[[#This Row],[POA]],\".\",Tabla1[[#This Row],[SRS]],\".\",Tabla1[[#This Row],[AREA]],\".\",Tabla1[[#This Row],[TIPO]]))","v":""},{"$nulls":5},"Papel de escritorio","Unidad",250,{"v":0.7,"d":"0.70"},{"v":175,"d":"175.00"},null,"Venta de Servicios"]
[null,{"$f":"IF(Tabla1[[#This Row],[Código_Actividad]]=\"\",\"\",CONCATENATE(Tabla1[[#This Row],[POA]],\".\",Tabla1[[#This Row],[SRS]],\".\",Tabla1[[#This Row],[AREA]],\".\",Tabla1[[#This Row],[TIPO]]))","v":"..."},{"$nulls":4},"3.5.1.01","Tinta Epson","Unidad",1,{"v":850,"d":"850.00"},{"v":850,"d":"850.00"},null,"Venta de Servicios"]
[null,{"$f":"IF(Tabla1[[#This Row],[Código_Actividad]]=\"\",\"\",CONCATENATE(Tabla1[[#This Row],[POA]],\".\",Tabla1[[#This Row],[SRS]],\".\",Tabla1[[#This Row],[AREA]],\".\",Tabla1[[#This Row],[TIPO]]))","v":""},{"$nulls":5},"Carpetas","Unidad",1,{"v":450,"d":"450.00"},{"v":450,"d":"450.00"},null,"Venta de Servicios"]
[null,{"$f":"IF(Tabla1[[#This Row],[Código_Actividad]]=\"\",\"\",CONCATENATE(Tabla1[[#This Row],[POA]],\".\",Tabla1[[#This Row],[SRS]],\".\",Tabla1[[#This Row],[AREA]],\".\",Tabla1[[#This Row],[TIPO]]))","v":""},{"$nulls":5},"Lapiceros","Unidad",12,{"v":15,"d":"15.00"},{"v":180,"d":"180.00"},null,"Venta de Servicios"]
[null,{"$f":"IF(Tabla1[[#This Row],[Código_Actividad]]=\"\",\"\",CONCATENATE(Tabla1[[#This Row],[POA]],\".\",Tabla1[[#This Row],[SRS]],\".\",Tabla1[[#This Row],[AREA]],\".\",Tabla1[[#This Row],[TIPO]]))","v":""},{"$nulls":5},"Papel de escritorio","Unidad",250,{"v":0.7,"d":"0.70"},{"v":175,"d":"175.00"},null,"Venta de Servicios"]
[null,{"$f":"IF(Tabla1[[#This Row],[Código_Actividad]]=\"\",\"\",CONCATENATE(Tabla1[[#This Row],[POA]],\".\",Tabla1[[#This Row],[SRS]],\".\",Tabla1[[#This Row],[AREA]],\".\",Tabla1[[#This Row],[TIPO]]))","v":"..."},{"$nulls":4},"3.5.1.02","Tinta Epson","Unidad",1,{"v":850,"d":"850.00"},{"v":850,"d":"850.00"},null,"Venta de Servicios"]
[null,{"$f":"IF(Tabla1[[#This Row],[Código_Actividad]]=\"\",\"\",CONCATENATE(Tabla1[[#This Row],[POA]],\".\",Tabla1[[#This Row],[SRS]],\".\",Tabla1[[#This Row],[AREA]],\".\",Tabla1[[#This Row],[TIPO]]))","v":""},{"$nulls":5},"Carpetas","Unidad",1,{"v":450,"d":"450.00"},{"v":450,"d":"450.00"},null,"Venta de Servicios"]
[null,{"$f":"IF(Tabla1[[#This Row],[Código_Actividad]]=\"\",\"\",CONCATENATE(Tabla1[[#This Row],[POA]],\".\",Tabla1[[#This Row],[SRS]],\".\",Tabla1[[#This Row],[AREA]],\".\",Tabla1[[#This Row],[TIPO]]))","v":""},{"$nulls":5},"Lapiceros","Unidad",12,{"v":15,"d":"15.00"},{"v":180,"d":"180.00"},null,"Venta de Servicios"]
[null,{"$f":"IF(Tabla1[[#This Row],[Código_Actividad]]=\"\",\"\",CONCATENATE(Tabla1[[#This Row],[POA]],\".\",Tabla1[[#This Row],[SRS]],\".\",Tabla1[[#This Row],[AREA]],\".\",Tabla1[[#This Row],[TIPO]]))","v":""},{"$nulls":5},"Papel de escritorio","Unidad",250,{"v":0.7,"d":"0.70"},{"v":175,"d":"175.00"},null,"Venta de Servicios"]
[null,{"$f":"IF(Tabla1[[#This Row],[Código_Actividad]]=\"\",\"\",CONCATENATE(Tabla1[[#This Row],[POA]],\".\",Tabla1[[#This Row],[SRS]],\".\",Tabla1[[#This Row],[AREA]],\".\",Tabla1[[#This Row],[TIPO]]))","v":"..."},{"$nulls":4},"3.5.1.03","Tinta Epson","Unidad",1,{"v":850,"d":"850.00"},{"v":850,"d":"850.00"},null,"Venta de Servicios"]
[null,{"$f":"IF(Tabla1[[#This Row],[Código_Actividad]]=\"\",\"\",CONCATENATE(Tabla1[[#This Row],[POA]],\".\",Tabla1[[#This Row],[SRS]],\".\",Tabla1[[#This Row],[AREA]],\".\",Tabla1[[#This Row],[TIPO]]))","v":""},{"$nulls":5},"Carpetas","Unidad",1,{"v":450,"d":"450.00"},{"v":450,"d":"450.00"},null,"Venta de Servicios"]
[null,{"$f":"IF(Tabla1[[#This Row],[Código_Actividad]]=\"\",\"\",CONCATENATE(Tabla1[[#This Row],[POA]],\".\",Tabla1[[#This Row],[SRS]],\".\",Tabla1[[#This Row],[AREA]],\".\",Tabla1[[#This Row],[TIPO]]))","v":""},{"$nulls":5},"Lapiceros","Unidad",12,{"v":15,"d":"15.00"},{"v":180,"d":"180.00"},null,"Venta de Servicios"]
[null,{"$f":"IF(Tabla1[[#This Row],[Código_Actividad]]=\"\",\"\",CONCATENATE(Tabla1[[#This Row],[POA]],\".\",Tabla1[[#This Row],[SRS]],\".\",Tabla1[[#This Row],[AREA]],\".\",Tabla1[[#This Row],[TIPO]]))","v":"..."},{"$nulls":4},"3.5.1.04","Tinta Epson","Unidad",2,{"v":800,"d":"800.00"},{"v":1600,"d":"1,600.00"},null,"Venta de Servicios"]
[null,{"$f":"IF(Tabla1[[#This Row],[Código_Actividad]]=\"\",\"\",CONCATENATE(Tabla1[[#This Row],[POA]],\".\",Tabla1[[#This Row],[SRS]],\".\",Tabla1[[#This Row],[AREA]],\".\",Tabla1[[#This Row],[TIPO]]))","v":""},{"$nulls":5},"Papel de escritorio","Unidad",250,{"v":0.7,"d":"0.70"},{"v":175,"d":"175.00"},null,"Venta de Servicios"]
[null,{"$f":"IF(Tabla1[[#This Row],[Código_Actividad]]=\"\",\"\",CONCATENATE(Tabla1[[#This Row],[POA]],\".\",Tabla1[[#This Row],[SRS]],\".\",Tabla1[[#This Row],[AREA]],\".\",Tabla1[[#This Row],[TIPO]]))","v":"..."},{"$nulls":4},"3.5.1.05","Tinta Epson","Unidad",1,{"v":850,"d":"850.00"},{"v":850,"d":"850.00"},null,"Venta de Servicios"]
[null,{"$f":"IF(Tabla1[[#This Row],[Código_Actividad]]=\"\",\"\",CONCATENATE(Tabla1[[#This Row],[POA]],\".\",Tabla1[[#This Row],[SRS]],\".\",Tabla1[[#This Row],[AREA]],\".\",Tabla1[[#This Row],[TIPO]]))","v":""},{"$nulls":5},"Carpetas","Unidad",1,{"v":450,"d":"450.00"},{"v":450,"d":"450.00"},null,"Venta de Servicios"]
[null,{"$f":"IF(Tabla1[[#This Row],[Código_Actividad]]=\"\",\"\",CONCATENATE(Tabla1[[#This Row],[POA]],\".\",Tabla1[[#This Row],[SRS]],\".\",Tabla1[[#This Row],[AREA]],\".\",Tabla1[[#This Row],[TIPO]]))","v":""},{"$nulls":5},"Lapiceros","Unidad",12,{"v":15,"d":"15.00"},{"v":180,"d":"180.00"},null,"Venta de Servicios"]
[null,{"$f":"IF(Tabla1[[#This Row],[Código_Actividad]]=\"\",\"\",CONCATENATE(Tabla1[[#This Row],[POA]],\".\",Tabla1[[#This Row],[SRS]],\".\",Tabla1[[#This Row],[AREA]],\".\",Tabla1[[#This Row],[TIPO]]))","v":""},{"$nulls":5},"Papel de escritorio","Unidad",250,{"v":0.7,"d":"0.70"},{"v":175,"d":"175.00"},null,"Venta de Servicios"]
[null,{"$f":"IF(Tabla1[[#This Row],[Código_Actividad]]=\"\",\"\",CONCATENATE(Tabla1[[#This Row],[POA]],\".\",Tabla1[[#This Row],[SRS]],\".\",Tabla1[[#This Row],[AREA]],\".\",Tabla1[[#This Row],[TIPO]]))","v":"..."},{"$nulls":4},"3.5.1.06","Tinta Epson","Unidad",1,{"v":850,"d":"850.00"},{"v":850,"d":"850.00"},null,"Venta de Servicios"]
[null,{"$f":"IF(Tabla1[[#This Row],[Código_Actividad]]=\"\",\"\",CONCATENATE(Tabla1[[#This Row],[POA]],\".\",Tabla1[[#This Row],[SRS]],\".\",Tabla1[[#This Row],[AREA]],\".\",Tabla1[[#This Row],[TIPO]]))","v":""},{"$nulls":5},"Carpetas","Unidad",1,{"v":450,"d":"450.00"},{"v":450,"d":"450.00"},null,"Venta de Servicios"]
[null,{"$f":"IF(Tabla1[[#This Row],[Código_Actividad]]=\"\",\"\",CONCATENATE(Tabla1[[#This Row],[POA]],\".\",Tabla1[[#This Row],[SRS]],\".\",Tabla1[[#This Row],[AREA]],\".\",Tabla1[[#This Row],[TIPO]]))","v":""},{"$nulls":5},"Lapiceros","Unidad",12,{"v":15,"d":"15.00"},{"v":180,"d":"180.00"},null,"Venta de Servicios"]
[null,{"$f":"IF(Tabla1[[#This Row],[Código_Actividad]]=\"\",\"\",CONCATENATE(Tabla1[[#This Row],[POA]],\".\",Tabla1[[#This Row],[SRS]],\".\",Tabla1[[#This Row],[AREA]],\".\",Tabla1[[#This Row],[TIPO]]))","v":""},{"$nulls":5},"Papel de escritorio","Unidad",250,{"v":0.7,"d":"0.70"},{"v":175,"d":"175.00"},null,"Venta de Servicios"]
[null,{"$f":"IF(Tabla1[[#This Row],[Código_Actividad]]=\"\",\"\",CONCATENATE(Tabla1[[#This Row],[POA]],\".\",Tabla1[[#This Row],[SRS]],\".\",Tabla1[[#This Row],[AREA]],\".\",Tabla1[[#This Row],[TIPO]]))","v":"..."},{"$nulls":4},"3.5.1.07","Tinta Epson","Unidad",1,{"v":850,"d":"850.00"},{"v":850,"d":"850.00"},null,"Venta de Servicios"]
[null,{"$f":"IF(Tabla1[[#This Row],[Código_Actividad]]=\"\",\"\",CONCATENATE(Tabla1[[#This Row],[POA]],\".\",Tabla1[[#This Row],[SRS]],\".\",Tabla1[[#This Row],[AREA]],\".\",Tabla1[[#This Row],[TIPO]]))","v":""},{"$nulls":5},"Carpetas","Unidad",1,{"v":450,"d":"450.00"},{"v":450,"d":"450.00"},null,"Venta de Servicios"]
[null,{"$f":"IF(Tabla1[[#This Row],[Código_Actividad]]=\"\",\"\",CONCATENATE(Tabla1[[#This Row],[POA]],\".\",Tabla1[[#This Row],[SRS]],\".\",Tabla1[[#This Row],[AREA]],\".\",Tabla1[[#This Row],[TIPO]]))","v":""},{"$nulls":5},"Lapiceros","Unidad",12,{"v":15,"d":"15.00"},{"v":180,"d":"180.00"},null,"Venta de Servicios"]
[null,{"$f":"IF(Tabla1[[#This Row],[Código_Actividad]]=\"\",\"\",CONCATENATE(Tabla1[[#This Row],[POA]],\".\",Tabla1[[#This Row],[SRS]],\".\",Tabla1[[#This Row],[AREA]],\".\",Tabla1[[#This Row],[TIPO]]))","v":"..."},{"$nulls":4},"3.5.1.08","Tinta Epson","Unidad",2,{"v":800,"d":"800.00"},{"v":1600,"d":"1,600.00"},null,"Venta de Servicios"]
[null,{"$f":"IF(Tabla1[[#This Row],[Código_Actividad]]=\"\",\"\",CONCATENATE(Tabla1[[#This Row],[POA]],\".\",Tabla1[[#This Row],[SRS]],\".\",Tabla1[[#This Row],[AREA]],\".\",Tabla1[[#This Row],[TIPO]]))","v":""},{"$nulls":5},"Papel de escritorio","Unidad",100,{"v":0.5,"d":"0.50"},{"v":50,"d":"50.00"},null,"Venta de Servicios"]
[null,{"$f":"IF(Tabla1[[#This Row],[Código_Actividad]]=\"\",\"\",CONCATENATE(Tabla1[[#This Row],[POA]],\".\",Tabla1[[#This Row],[SRS]],\".\",Tabla1[[#This Row],[AREA]],\".\",Tabla1[[#This Row],[TIPO]]))","v":""},{"$nulls":5},"Lapiceros","Unidad",12,{"v":15,"d":"15.00"},{"v":180,"d":"180.00"},null,"Venta de Servicios"]
[null,{"$f":"IF(Tabla1[[#This Row],[Código_Actividad]]=\"\",\"\",CONCATENATE(Tabla1[[#This Row],[POA]],\".\",Tabla1[[#This Row],[SRS]],\".\",Tabla1[[#This Row],[AREA]],\".\",Tabla1[[#This Row],[TIPO]]))","v":"..."},{"$nulls":4},"3.6.1.01","Tinta Epson","Unidad",2,{"v":800,"d":"800.00"},{"v":1600,"d":"1,600.00"},null,"Venta de Servicios"]
[null,{"$f":"IF(Tabla1[[#This Row],[Código_Actividad]]=\"\",\"\",CONCATENATE(Tabla1[[#This Row],[POA]],\".\",Tabla1[[#This Row],[SRS]],\".\",Tabla1[[#This Row],[AREA]],\".\",Tabla1[[#This Row],[TIPO]]))","v":""},{"$nulls":5},"Papel de escritorio","Unidad",100,{"v":0.5,"d":"0.50"},{"v":50,"d":"50.00"},null,"Venta de Servicios"]
[null,{"$f":"IF(Tabla1[[#This Row],[Código_Actividad]]=\"\",\"\",CONCATENATE(Tabla1[[#This Row],[POA]],\".\",Tabla1[[#This Row],[SRS]],\".\",Tabla1[[#This Row],[AREA]],\".\",Tabla1[[#This Row],[TIPO]]))","v":""},{"$nulls":5},"Lapiceros","Unidad",12,{"v":15,"d":"15.00"},{"v":180,"d":"180.00"},null,"Venta de Servicios"]
[null,{"$f":"IF(Tabla1[[#This Row],[Código_Actividad]]=\"\",\"\",CONCATENATE(Tabla1[[#This Row],[POA]],\".\",Tabla1[[#This Row],[SRS]],\".\",Tabla1[[#This Row],[AREA]],\".\",Tabla1[[#This Row],[TIPO]]))","v":"..."},{"$nulls":4},"3.6.1.02","Tinta Epson","Unidad",2,{"v":800,"d":"800.00"},{"v":1600,"d":"1,600.00"},null,"Venta de Servicios"]
[null,{"$f":"IF(Tabla1[[#This Row],[Código_Actividad]]=\"\",\"\",CONCATENATE(Tabla1[[#This Row],[POA]],\".\",Tabla1[[#This Row],[SRS]],\".\",Tabla1[[#This Row],[AREA]],\".\",Tabla1[[#This Row],[TIPO]]))","v":""},{"$nulls":5},"Papel de escritorio","Unidad",250,{"v":0.7,"d":"0.70"},{"v":175,"d":"175.00"},null,"Venta de Servicios"]
[null,{"$f":"IF(Tabla1[[#This Row],[Código_Actividad]]=\"\",\"\",CONCATENATE(Tabla1[[#This Row],[POA]],\".\",Tabla1[[#This Row],[SRS]],\".\",Tabla1[[#This Row],[AREA]],\".\",Tabla1[[#This Row],[TIPO]]))","v":"..."},{"$nulls":4},"3.6.1.04","Tinta Epson","Unidad",1,{"v":850,"d":"850.00"},{"v":850,"d":"850.00"},null,"Venta de Servicios"]
[null,{"$f":"IF(Tabla1[[#This Row],[Código_Actividad]]=\"\",\"\",CONCATENATE(Tabla1[[#This Row],[POA]],\".\",Tabla1[[#This Row],[SRS]],\".\",Tabla1[[#This Row],[AREA]],\".\",Tabla1[[#This Row],[TIPO]]))","v":""},{"$nulls":5},"Carpetas","Unidad",1,{"v":450,"d":"450.00"},{"v":450,"d":"450.00"},null,"Venta de Servicios"]
[null,{"$f":"IF(Tabla1[[#This Row],[Código_Actividad]]=\"\",\"\",CONCATENATE(Tabla1[[#This Row],[POA]],\".\",Tabla1[[#This Row],[SRS]],\".\",Tabla1[[#This Row],[AREA]],\".\",Tabla1[[#This Row],[TIPO]]))","v":""},{"$nulls":5},"Lapiceros","Unidad",12,{"v":15,"d":"15.00"},{"v":180,"d":"180.00"},null,"Venta de Servicios"]
[null,{"$f":"IF(Tabla1[[#This Row],[Código_Actividad]]=\"\",\"\",CONCATENATE(Tabla1[[#This Row],[POA]],\".\",Tabla1[[#This Row],[SRS]],\".\",Tabla1[[#This Row],[AREA]],\".\",Tabla1[[#This Row],[TIPO]]))","v":""},{"$nulls":5},"Papel de escritorio","Unidad",250,{"v":0.7,"d":"0.70"},{"v":175,"d":"175.00"},null,"Venta de Servicios"]
[null,{"$f":"IF(Tabla1[[#This Row],[Código_Actividad]]=\"\",\"\",CONCATENATE(Tabla1[[#This Row],[POA]],\".\",Tabla1[[#This Row],[SRS]],\".\",Tabla1[[#This Row],[AREA]],\".\",Tabla1[[#This Row],[TIPO]]))","v":"..."},{"$nulls":4},"3.8.1.01","Tinta Epson","Unidad",1,{"v":850,"d":"850.00"},{"v":850,"d":"850.00"},null,"Venta de Servicios"]
[null,{"$f":"IF(Tabla1[[#This Row],[Código_Actividad]]=\"\",\"\",CONCATENATE(Tabla1[[#This Row],[POA]],\".\",Tabla1[[#This Row],[SRS]],\".\",Tabla1[[#This Row],[AREA]],\".\",Tabla1[[#This Row],[TIPO]]))","v":""},{"$nulls":5},"Carpetas","Unidad",1,{"v":450,"d":"450.00"},{"v":450,"d":"450.00"},null,"Venta de Servicios"]
[null,{"$f":"IF(Tabla1[[#This Row],[Código_Actividad]]=\"\",\"\",CONCATENATE(Tabla1[[#This Row],[POA]],\".\",Tabla1[[#This Row],[SRS]],\".\",Tabla1[[#This Row],[AREA]],\".\",Tabla1[[#This Row],[TIPO]]))","v":""},{"$nulls":5},"Lapiceros","Unidad",12,{"v":15,"d":"15.00"},{"v":180,"d":"180.00"},null,"Venta de Servicios"]
[null,{"$f":"IF(Tabla1[[#This Row],[Código_Actividad]]=\"\",\"\",CONCATENATE(Tabla1[[#This Row],[POA]],\".\",Tabla1[[#This Row],[SRS]],\".\",Tabla1[[#This Row],[AREA]],\".\",Tabla1[[#This Row],[TIPO]]))","v":""},{"$nulls":5},"Papel de escritorio","Unidad",250,{"v":0.7,"d":"0.70"},{"v":175,"d":"175.00"},null,"Venta de Servicios"]
[null,{"$f":"IF(Tabla1[[#This Row],[Código_Actividad]]=\"\",\"\",CONCATENATE(Tabla1[[#This Row],[POA]],\".\",Tabla1[[#This Row],[SRS]],\".\",Tabla1[[#This Row],[AREA]],\".\",Tabla1[[#This Row],[TIPO]]))","v":"..."},{"$nulls":4},"3.8.1.02","Tinta Epson","Unidad",1,{"v":850,"d":"850.00"},{"v":850,"d":"850.00"},null,"Venta de Servicios"]
[null,{"$f":"IF(Tabla1[[#This Row],[Código_Actividad]]=\"\",\"\",CONCATENATE(Tabla1[[#This Row],[POA]],\".\",Tabla1[[#This Row],[SRS]],\".\",Tabla1[[#This Row],[AREA]],\".\",Tabla1[[#This Row],[TIPO]]))","v":""},{"$nulls":5},"Carpetas","Unidad",1,{"v":450,"d":"450.00"},{"v":450,"d":"450.00"},null,"Venta de Servicios"]
[null,{"$f":"IF(Tabla1[[#This Row],[Código_Actividad]]=\"\",\"\",CONCATENATE(Tabla1[[#This Row],[POA]],\".\",Tabla1[[#This Row],[SRS]],\".\",Tabla1[[#This Row],[AREA]],\".\",Tabla1[[#This Row],[TIPO]]))","v":"..."},{"$nulls":4},"3.8.1.03","Tinta Epson","Unidad",1,{"v":850,"d":"850.00"},{"v":850,"d":"850.00"},null,"Venta de Servicios"]
[null,{"$f":"IF(Tabla1[[#This Row],[Código_Actividad]]=\"\",\"\",CONCATENATE(Tabla1[[#This Row],[POA]],\".\",Tabla1[[#This Row],[SRS]],\".\",Tabla1[[#This Row],[AREA]],\".\",Tabla1[[#This Row],[TIPO]]))","v":""},{"$nulls":5},"Carpetas","Unidad",1,{"v":450,"d":"450.00"},{"v":450,"d":"450.00"},null,"Venta de Servicios"]
[null,{"$f":"IF(Tabla1[[#This Row],[Código_Actividad]]=\"\",\"\",CONCATENATE(Tabla1[[#This Row],[POA]],\".\",Tabla1[[#This Row],[SRS]],\".\",Tabla1[[#This Row],[AREA]],\".\",Tabla1[[#This Row],[TIPO]]))","v":""},{"$nulls":5},"Lapiceros","Unidad",12,{"v":15,"d":"15.00"},{"v":180,"d":"180.00"},null,"Venta de Servicios"]
[null,{"$f":"IF(Tabla1[[#This Row],[Código_Actividad]]=\"\",\"\",CONCATENATE(Tabla1[[#This Row],[POA]],\".\",Tabla1[[#This Row],[SRS]],\".\",Tabla1[[#This Row],[AREA]],\".\",Tabla1[[#This Row],[TIPO]]))","v":""},{"$nulls":5},"Papel de escritorio","Unidad",250,{"v":0.7,"d":"0.70"},{"v":175,"d":"175.00"},null,"Venta de Servicios"]
[null,{"$f":"IF(Tabla1[[#This Row],[Código_Actividad]]=\"\",\"\",CONCATENATE(Tabla1[[#This Row],[POA]],\".\",Tabla1[[#This Row],[SRS]],\".\",Tabla1[[#This Row],[AREA]],\".\",Tabla1[[#This Row],[TIPO]]))","v":"..."},{"$nulls":4},"3.8.1.05","Tinta Epson","Unidad",2,{"v":800,"d":"800.00"},{"v":1600,"d":"1,600.00"},null,"Venta de Servicios"]
[null,{"$f":"IF(Tabla1[[#This Row],[Código_Actividad]]=\"\",\"\",CONCATENATE(Tabla1[[#This Row],[POA]],\".\",Tabla1[[#This Row],[SRS]],\".\",Tabla1[[#This Row],[AREA]],\".\",Tabla1[[#This Row],[TIPO]]))","v":""},{"$nulls":5},"Papel de escritorio","Unidad",250,{"v":0.7,"d":"0.70"},{"v":175,"d":"175.00"},null,"Venta de Servicios"]
[null,{"$f":"IF(Tabla1[[#This Row],[Código_Actividad]]=\"\",\"\",CONCATENATE(Tabla1[[#This Row],[POA]],\".\",Tabla1[[#This Row],[SRS]],\".\",Tabla1[[#This Row],[AREA]],\".\",Tabla1[[#This Row],[TIPO]]))","v":"..."},{"$nulls":4},"3.8.1.06","Tinta Epson","Unidad",1,{"v":850,"d":"850.00"},{"v":850,"d":"850.00"},null,"Venta de Servicios"]
[null,{"$f":"IF(Tabla1[[#This Row],[Código_Actividad]]=\"\",\"\",CONCATENATE(Tabla1[[#This Row],[POA]],\".\",Tabla1[[#This Row],[SRS]],\".\",Tabla1[[#This Row],[AREA]],\".\",Tabla1[[#This Row],[TIPO]]))","v":""},{"$nulls":5},"Carpetas","Unidad",1,{"v":450,"d":"450.00"},{"v":450,"d":"450.00"},null,"Venta de Servicios"]
[null,{"$f":"IF(Tabla1[[#This Row],[Código_Actividad]]=\"\",\"\",CONCATENATE(Tabla1[[#This Row],[POA]],\".\",Tabla1[[#This Row],[SRS]],\".\",Tabla1[[#This Row],[AREA]],\".\",Tabla1[[#This Row],[TIPO]]))","v":""},{"$nulls":5},"Lapiceros","Unidad",12,{"v":15,"d":"15.00"},{"v":180,"d":"180.00"},null,"Venta de Servicios"]
[null,{"$f":"IF(Tabla1[[#This Row],[Código_Actividad]]=\"\",\"\",CONCATENATE(Tabla1[[#This Row],[POA]],\".\",Tabla1[[#This Row],[SRS]],\".\",Tabla1[[#This Row],[AREA]],\".\",Tabla1[[#This Row],[TIPO]]))","v":""},{"$nulls":5},"Papel de escritorio","Unidad",250,{"v":0.7,"d":"0.70"},{"v":175,"d":"175.00"},null,"Venta de Servicios"]
[null,{"$f":"IF(Tabla1[[#This Row],[Código_Actividad]]=\"\",\"\",CONCATENATE(Tabla1[[#This Row],[POA]],\".\",Tabla1[[#This Row],[SRS]],\".\",Tabla1[[#This Row],[AREA]],\".\",Tabla1[[#This Row],[TIPO]]))","v":"..."},{"$nulls":4},"3.8.1.07","Tinta Epson","Unidad",1,{"v":850,"d":"850.00"},{"v":850,"d":"850.00"},null,"Venta de Servicios"]
[null,{"$f":"IF(Tabla1[[#This Row],[Código_Actividad]]=\"\",\"\",CONCATENATE(Tabla1[[#This Row],[POA]],\".\",Tabla1[[#This Row],[SRS]],\".\",Tabla1[[#This Row],[AREA]],\".\",Tabla1[[#This Row],[TIPO]]))","v":""},{"$nulls":5},"Carpetas","Unidad",1,{"v":450,"d":"450.00"},{"v":450,"d":"450.00"},null,"Venta de Servicios"]
[null,{"$f":"IF(Tabla1[[#This Row],[Código_Actividad]]=\"\",\"\",CONCATENATE(Tabla1[[#This Row],[POA]],\".\",Tabla1[[#This Row],[SRS]],\".\",Tabla1[[#This Row],[AREA]],\".\",Tabla1[[#This Row],[TIPO]]))","v":""},{"$nulls":5},"Lapiceros","Unidad",12,{"v":15,"d":"15.00"},{"v":180,"d":"180.00"},null,"Venta de Servicios"]
[null,{"$f":"IF(Tabla1[[#This Row],[Código_Actividad]]=\"\",\"\",CONCATENATE(Tabla1[[#This Row],[POA]],\".\",Tabla1[[#This Row],[SRS]],\".\",Tabla1[[#This Row],[AREA]],\".\",Tabla1[[#This Row],[TIPO]]))","v":""},{"$nulls":5},"Papel de escritorio","Unidad",250,{"v":0.7,"d":"0.70"},{"v":175,"d":"175.00"},null,"Venta de Servicios"]
[null,{"$f":"IF(Tabla1[[#This Row],[Código_Actividad]]=\"\",\"\",CONCATENATE(Tabla1[[#This Row],[POA]],\".\",Tabla1[[#This Row],[SRS]],\".\",Tabla1[[#This Row],[AREA]],\".\",Tabla1[[#This Row],[TIPO]]))","v":"..."},{"$nulls":4},"3.8.1.08","Tinta Epson","Unidad",1,{"v":850,"d":"850.00"},{"v":850,"d":"850.00"},null,"Venta de Servicios"]
[null,{"$f":"IF(Tabla1[[#This Row],[Código_Actividad]]=\"\",\"\",CONCATENATE(Tabla1[[#This Row],[POA]],\".\",Tabla1[[#This Row],[SRS]],\".\",Tabla1[[#This Row],[AREA]],\".\",Tabla1[[#This Row],[TIPO]]))","v":""},{"$nulls":5},"Carpetas","Unidad",1,{"v":450,"d":"450.00"},{"v":450,"d":"450.00"},null,"Venta de Servicios"]
[null,{"$f":"IF(Tabla1[[#This Row],[Código_Actividad]]=\"\",\"\",CONCATENATE(Tabla1[[#This Row],[POA]],\".\",Tabla1[[#This Row],[SRS]],\".\",Tabla1[[#This Row],[AREA]],\".\",Tabla1[[#This Row],[TIPO]]))","v":""},{"$nulls":5},"Lapiceros","Unidad",12,{"v":15,"d":"15.00"},{"v":180,"d":"180.00"},null,"Venta de Servicios"]
[null,{"$f":"IF(Tabla1[[#This Row],[Código_Actividad]]=\"\",\"\",CONCATENATE(Tabla1[[#This Row],[POA]],\".\",Tabla1[[#This Row],[SRS]],\".\",Tabla1[[#This Row],[AREA]],\".\",Tabla1[[#This Row],[TIPO]]))","v":"..."},{"$nulls":4},"3.9.3.01","Tinta Epson","Unidad",2,{"v":800,"d":"800.00"},{"v":1600,"d":"1,600.00"},null,"Venta de Servicios"]
[null,{"$f":"IF(Tabla1[[#This Row],[Código_Actividad]]=\"\",\"\",CONCATENATE(Tabla1[[#This Row],[POA]],\".\",Tabla1[[#This Row],[SRS]],\".\",Tabla1[[#This Row],[AREA]],\".\",Tabla1[[#This Row],[TIPO]]))","v":""},{"$nulls":5},"Papel de escritorio","Unidad",100,{"v":0.5,"d":"0.50"},{"v":50,"d":"50.00"},null,"Venta de Servicios"]
[null,{"$f":"IF(Tabla1[[#This Row],[Código_Actividad]]=\"\",\"\",CONCATENATE(Tabla1[[#This Row],[POA]],\".\",Tabla1[[#This Row],[SRS]],\".\",Tabla1[[#This Row],[AREA]],\".\",Tabla1[[#This Row],[TIPO]]))","v":""},{"$nulls":5},"Lapiceros","Unidad",12,{"v":15,"d":"15.00"},{"v":180,"d":"180.00"},null,"Venta de Servicios"]
[null,{"$f":"IF(Tabla1[[#This Row],[Código_Actividad]]=\"\",\"\",CONCATENATE(Tabla1[[#This Row],[POA]],\".\",Tabla1[[#This Row],[SRS]],\".\",Tabla1[[#This Row],[AREA]],\".\",Tabla1[[#This Row],[TIPO]]))","v":"..."},{"$nulls":4},"3.9.3.02","Tinta Epson","Unidad",2,{"v":800,"d":"800.00"},{"v":1600,"d":"1,600.00"},null,"Venta de Servicios"]
[null,{"$f":"IF(Tabla1[[#This Row],[Código_Actividad]]=\"\",\"\",CONCATENATE(Tabla1[[#This Row],[POA]],\".\",Tabla1[[#This Row],[SRS]],\".\",Tabla1[[#This Row],[AREA]],\".\",Tabla1[[#This Row],[TIPO]]))","v":""},{"$nulls":5},"Papel de escritorio","Unidad",100,{"v":0.5,"d":"0.50"},{"v":50,"d":"50.00"},null,"Venta de Servicios"]
[null,{"$f":"IF(Tabla1[[#This Row],[Código_Actividad]]=\"\",\"\",CONCATENATE(Tabla1[[#This Row],[POA]],\".\",Tabla1[[#This Row],[SRS]],\".\",Tabla1[[#This Row],[AREA]],\".\",Tabla1[[#This Row],[TIPO]]))","v":""},{"$nulls":5},"Lapiceros","Unidad",12,{"v":15,"d":"15.00"},{"v":180,"d":"180.00"},null,"Venta de Servicios"]
[null,{"$f":"IF(Tabla1[[#This Row],[Código_Actividad]]=\"\",\"\",CONCATENATE(Tabla1[[#This Row],[POA]],\".\",Tabla1[[#This Row],[SRS]],\".\",Tabla1[[#This Row],[AREA]],\".\",Tabla1[[#This Row],[TIPO]]))","v":"..."},{"$nulls":4},"3.9.3.03","Tinta Epson","Unidad",2,{"v":800,"d":"800.00"},{"v":1600,"d":"1,600.00"},null,"Venta de Servicios"]
[null,{"$f":"IF(Tabla1[[#This Row],[Código_Actividad]]=\"\",\"\",CONCATENATE(Tabla1[[#This Row],[POA]],\".\",Tabla1[[#This Row],[SRS]],\".\",Tabla1[[#This Row],[AREA]],\".\",Tabla1[[#This Row],[TIPO]]))","v":""},{"$nulls":5},"Papel de escritorio","Unidad",250,{"v":0.7,"d":"0.70"},{"v":175,"d":"175.00"},null,"Venta de Servicios"]
[null,{"$f":"IF(Tabla1[[#This Row],[Código_Actividad]]=\"\",\"\",CONCATENATE(Tabla1[[#This Row],[POA]],\".\",Tabla1[[#This Row],[SRS]],\".\",Tabla1[[#This Row],[AREA]],\".\",Tabla1[[#This Row],[TIPO]]))","v":"..."},{"$nulls":4},"3.9.3.04","Tinta Epson","Unidad",1,{"v":850,"d":"850.00"},{"v":850,"d":"850.00"},null,"Venta de Servicios"]
[null,{"$f":"IF(Tabla1[[#This Row],[Código_Actividad]]=\"\",\"\",CONCATENATE(Tabla1[[#This Row],[POA]],\".\",Tabla1[[#This Row],[SRS]],\".\",Tabla1[[#This Row],[AREA]],\".\",Tabla1[[#This Row],[TIPO]]))","v":""},{"$nulls":5},"Carpetas","Unidad",1,{"v":450,"d":"450.00"},{"v":450,"d":"450.00"},null,"Venta de Servicios"]
[null,{"$f":"IF(Tabla1[[#This Row],[Código_Actividad]]=\"\",\"\",CONCATENATE(Tabla1[[#This Row],[POA]],\".\",Tabla1[[#This Row],[SRS]],\".\",Tabla1[[#This Row],[AREA]],\".\",Tabla1[[#This Row],[TIPO]]))","v":""},{"$nulls":5},"Lapiceros","Unidad",12,{"v":15,"d":"15.00"},{"v":180,"d":"180.00"},null,"Venta de Servicios"]
[null,{"$f":"IF(Tabla1[[#This Row],[Código_Actividad]]=\"\",\"\",CONCATENATE(Tabla1[[#This Row],[POA]],\".\",Tabla1[[#This Row],[SRS]],\".\",Tabla1[[#This Row],[AREA]],\".\",Tabla1[[#This Row],[TIPO]]))","v":""},{"$nulls":5},"Papel de escritorio","Unidad",250,{"v":0.7,"d":"0.70"},{"v":175,"d":"175.00"},null,"Venta de Servicios"]

{"sheet":"PPNE3","index":4,"n_rows":31,"n_cols":7,"rows_kept":31,"merged":[[0,0,0,6],[1,0,1,6],[2,0,2,6],[3,0,3,6],[4,0,4,6],[5,4,5,6],[6,4,6,6]]}
[{"$f":"+PPNE1!B1","v":"Plan Operativo Anual"}]
[{"$f":"+PPNE1!B2","v":"Servicio Nacional de Salud"}]
[{"$f":"+PPNE1!B3","v":"Dirección de Planificación y Desarrollo"}]
["Estimación de Ingresos"]
[{"$f":"+PPNE1!C5","v":2026}]
["Servicio Regional de Salud:",{"$nulls":3},{"$f":"+PPNE1!B6","v":"Cibao Sur"}]
["CEAS:",{"$nulls":3},{"$f":"+PPNE1!B7","v":0}]
["Grupo","Subgrupo","Cuenta","Auxiliar","Descripción Ingresos por Cuenta","Valor RD$","%"]
[3,{"$nulls":3},"Donaciones",{"$f":"+F10","v":{"v":0,"d":"0.00"}},{"$f":"G10","v":{"v":0,"d":"0.00"}}]
[null,31,null,null,"Donaciones Corrientes",{"$f":"SUM(F11:F11)","v":{"v":0,"d":"0.00"}},{"$f":"G11","v":{"v":0,"d":"0.00"}}]
[null,null,312,null,"Donaciones corrientes de organismos internacionales",{"v":0,"d":"0.00"},{"$f":"IFERROR(F11/$F$31*100,\"0.00\")","v":{"v":0,"d":"0.00"}}]
[4,{"$nulls":3},"Transferencias ",{"$f":"+F13+F19","v":{"v":202311689.96,"d":"202,311,689.96"}},{"$f":"G13+G19","v":{"v":87.8959918985512,"d":"87.90"}}]
[null,41,null,null,"Transferencias Corrientes",{"$f":"SUM(F15:F18)","v":{"v":202311689.96,"d":"202,311,689.96"}},{"$f":"SUM(G15:G18)","v":{"v":87.8959918985512,"d":"87.90"}}]
[null,null,413,null,"Transferencias Corrientes Recibidas de Instituciones Públicas Descentralizas y Autonomas No Financieras",{"$f":"SUM(F16:F19)","v":{"v":14340000,"d":"14,340,000.00"}},{"$f":"SUM(G16:G19)","v":{"v":6.230131951714849,"d":"6.23"}}]
[null,null,413,"´01","Aportes SNS Nomina",{"v":187971689.96,"d":"187,971,689.96"},{"$f":"IFERROR(F15/$F$31*100,\"0.00\")","v":{"v":81.66585994683636,"d":"81.67"}}]
[null,null,413,"´02","Anticipos Financieros",{"v":4750000,"d":"4,750,000.00"},{"$f":"IFERROR(F16/$F$31*100,\"0.00\")","v":{"v":2.0636769017186563,"d":"2.06"}}]
[null,null,413,"´03","Aportes SNS Medicamentos",{"v":9410000,"d":"9,410,000.00"},{"$f":"IFERROR(F17/$F$31*100,\"0.00\")","v":{"v":4.088252556878433,"d":"4.09"}}]
[null,null,414,null,"Transferencias Corrientes Recibidas de Instituciones Públicas de la Seguridad Social",{"v":180000,"d":"180,000.00"},{"$f":"IFERROR(F18/$F$31*100,\"0.00\")","v":{"v":0.07820249311775962,"d":"0.08"}}]
[null,42,null,null,"Transferencia de Capital ",{"$f":"SUM(F21:F22)","v":{"v":0,"d":"0.00"}},{"$f":"G21+G22","v":{"v":0,"d":"0.00"}}]
[null,null,423,null,"Tranferencia de Capital Recibidas de Instituciones Públicas Descentralizas y Autonomas No Financieras",{"$f":"+F21+F22","v":{"v":0,"d":"0.00"}},{"$f":"+G21+G22","v":{"v":0,"d":"0.00"}}]
[null,null,423,"´01","Aportes SNS Equipamiento",{"v":0,"d":"0.00"},{"$f":"IFERROR(F21/$F$31*100,\"0.00\")","v":{"v":0,"d":"0.00"}}]
[null,null,423,"´02","Aportes para otros gastos de inversión del SNS",{"v":0,"d":"0.00"},{"$f":"IFERROR(F22/$F$31*100,\"0.00\")","v":{"v":0,"d":"0.00"}}]
[5,{"$nulls":3},"Ingresos por Contraprestación",{"$f":"+F24","v":{"v":27860000,"d":"27,860,000.00"}},{"$f":"G24","v":{"v":12.104008101448795,"d":"12.10"}}]
[null,51,null,null,"Venta de Bienes y Servicios",{"$f":"F25","v":{"v":27860000,"d":"27,860,000.00"}},{"$f":"G25","v":{"v":12.104008101448795,"d":"12.10"}}]
[null,null,512,null,"Venta de Servicios del Estado",{"$f":"F26","v":{"v":27860000,"d":"27,860,000.00"}},{"$f":"G26","v":{"v":12.104008101448795,"d":"12.10"}}]
[null,null,512,"´99","Otras ventas de servicios  ",{"$f":"+F27+F28+F29+F30","v":{"v":27860000,"d":"27,860,000.00"}},{"$f":"+G27+G28+G29+G30","v":{"v":12.104008101448795,"d":"12.10"}}]
[null,null,513,null,"Venta de Servicios a SENASA por afiliados regimen subsidiado",{"v":17900000,"d":"17,900,000.00"},{"$f":"IFERROR(F27/$F$31*100,\"0.00\")","v":{"v":7.776803482266096,"d":"7.78"}}]
[null,null,512,null,"Venta de Servicios a SENASA por afiliados regimen contributivo",{"v":6200000,"d":"6,200,000.00"},{"$f":"IFERROR(F28/$F$31*100,\"0.00\")","v":{"v":2.69364142961172,"d":"2.69"}}]
[null,null,512,null,"Venta de Servicios a otras ARS por atencion a Regimen contributivo",{"v":3760000,"d":"3,760,000.00"},{"$f":"IFERROR(F29/$F$31*100,\"0.00\")","v":{"v":1.6335631895709788,"d":"1.63"}}]
[null,null,512,null,"Venta de Servicios a ARL ",{"v":0,"d":"0.00"},{"$f":"IFERROR(F30/$F$31*100,\"0.00\")","v":{"v":0,"d":"0.00"}}]
[{"$nulls":4},"Total Ingresos",{"$f":"+F23+F12+F9","v":{"v":230171689.96,"d":"230,171,689.96"}},{"$f":"+G23+G12+G9","v":{"v":100,"d":"100.00"}}]

{"sheet":"PPNE4","index":5,"n_rows":328,"n_cols":15,"rows_kept":328,"merged":[[0,0,0,14],[1,0,1,14],[2,0,2,14],[3,0,3,14],[4,0,4,14],[5,5,5,14],[6,5,6,14],[15,0,16,0],[15,1,16,1],[15,2,16,2],[15,3,16,3],[15,4,16,4],[15,5,16,5],[15,6,16,6],[15,7,16,7],[15,8,16,8],[15,9,15,10],[15,11,15,12],[15,13,16,13],[15,14,16,14]]}
[{"$f":"+PPNE1!B1","v":"Plan Operativo Anual"}]
["Servicio Nacional de Salud"]
["Dirección de Planificación y Desarrollo"]
["Consolidado Presupuesto Estimado de Ingresos y Gastos Nivel Especializado por Actividad Especifica"]
[{"$f":"+PPNE1!C5","v":2026}]
["Servicio Regional de Salud:",{"$nulls":4},{"$f":"+PPNE1!B6","v":"Cibao Sur"}]
["Establecimiento:",{"$nulls":4},{"$f":"+PPNE1!B7","v":0}]
["Estimación de Ingresos"]
["        Anticipos Financieros",{"$nulls":5},{"$f":"+PPNE3!F16","v":{"v":4750000,"d":"4,750,000.00"}}]
["        Venta de Servicios y Otros Ingresos",{"$nulls":5},{"$f":"+PPNE3!F25","v":{"v":27860000,"d":"27,860,000.00"}}]
["        Aportes SNS Nómina",{"$nulls":5},{"$f":"+PPNE3!F15","v":{"v":187971689.96,"d":"187,971,689.96"}}]
["        Otros Aportes",{"$nulls":5},{"$f":"+PPNE3!F9+PPNE3!F17+PPNE3!F21+PPNE3!F22","v":{"v":9410000,"d":"9,410,000.00"}}]
["Transferencias Corrientes ",{"$nulls":5},{"$f":"+PPNE3!F18","v":{"v":180000,"d":"180,000.00"}}]
["      Total Ingresos RD$",{"$nulls":5},{"$f":"SUM(G9:G13)","v":{"v":230171689.96,"d":"230,171,689.96"}}]
["Estimación de Gastos"]
["Tipo","Objeto","Cuenta","Sub-Cuenta","Auxiliar","Descripción Gasto por Cuenta","Consultas Externa","Emergencias","Hospitalización","Apoyo Diagnóstico",null,"Servicios de Apoyo",null,"Total RD$","%"]
[{"$nulls":9},"Servicios de Laboratorios y Banco de Sangre","Servicios de Imágenes RX","Gestión de Usuario y Educación para la Salud","Gestión Técnica y Administrativa"]
[2,{"$nulls":4},"Egresos",{"$f":"+G19+G67+G171+G255+G272+G325","v":{"v":46675619.349999994,"d":"46,675,619.35"}},{"$f":"+H19+H67+H171+H255+H272+H325","v":{"v":70551656.74000001,"d":"70,551,656.74"}},{"v":49819294.58,"d":"49,819,294.58"},{"v":29276262.04,"d":"29,276,262.04"},{"v":15827935.53,"d":"15,827,935.53"},{"v":4889907.33,"d":"4,889,907.33"},{"$f":"+M19+M67+M171+M255+M272+M325","v":{"v":13119870.39,"d":"13,119,870.39"}},{"$f":"+N19+N67+N171+N255+N272+N325","v":{"v":230171689.96,"d":"230,171,689.96"}},{"v":119.07402252971666,"d":"119.07"}]
[2,1,{"$nulls":3},"Servicios Personales",{"$f":"+G20+G42+G54+G58","v":{"v":45392967.019999996,"d":"45,392,967.02"}},{"$f":"+H20+H42+H54+H58","v":{"v":55230764.38,"d":"55,230,764.38"}},{"v":40389847.02,"d":"40,389,847.02"},{"v":20285548,"d":"20,285,548.00"},{"v":14617556,"d":"14,617,556.00"},{"v":3824830,"d":"3,824,830.00"},{"v":10316177.540000001,"d":"10,316,177.54"},{"v":190057689.95999998,"d":"190,057,689.96"},{"v":82.57213995041215,"d":"82.57"}]
[2,1,1,null,null,"Remuneraciones",{"$f":"+G21+G26+G33+G35+G37","v":{"v":45392967.019999996,"d":"45,392,967.02"}},{"$f":"+H21+H26+H33+H35+H37","v":{"v":55230764.38,"d":"55,230,764.38"}},{"v":40389847.02,"d":"40,389,847.02"},{"v":20285548,"d":"20,285,548.00"},{"v":14617556,"d":"14,617,556.00"},{"v":3824830,"d":"3,824,830.00"},{"v":10316177.540000001,"d":"10,316,177.54"},{"v":190057689.95999998,"d":"190,057,689.96"},{"$f":"+O21+O26+O33+O35+O37","v":{"v":82.57213995041215,"d":"82.57"}}]
[2,1,1,1,null,"Remuneraciones al personal fijo",{"$f":"SUM(G22:G25)","v":{"v":41049010,"d":"41,049,010.00"}},{"$f":"SUM(H22:H25)","v":{"v":52005464.38,"d":"52,005,464.38"}},{"v":39045890,"d":"39,045,890.00"},{"v":16970342,"d":"16,970,342.00"},{"v":14302350,"d":"14,302,350.00"},{"v":3809206,"d":"3,809,206.00"},{"v":8416066.82,"d":"8,416,066.82"},{"$f":"SUM(N22:N25)","v":{"v":175598329.2,"d":"175,598,329.20"}},{"$f":"SUM(O22:O25)","v":{"v":76.29015072640603,"d":"76.29"}}]
[2,1,1,1,"`01","Sueldos fijos",null,null,{"v":38700000,"d":"38,700,000.00"},{"v":16625000,"d":"16,625,000.00"},{"v":14092700,"d":"14,092,700.00"},{"v":3625400,"d":"3,625,400.00"},{"v":8118024.82,"d":"8,118,024.82"},{"$f":"SUBTOTAL(9,G22:M22)","v":{"v":81161124.82,"d":"81,161,124.82"}},{"$f":"IFERROR(N22/$N$18*100,\"0.00\")","v":{"v":35.2611239175871,"d":"35.26"}}]
[2,1,1,1,"`02","Sueldos a medicos",{"v":40700000,"d":"40,700,000.00"},{"v":51651204.38,"d":"51,651,204.38"},{"$nulls":5},{"v":92351204.38,"d":"92,351,204.38"},{"v":40.12274680524312,"d":"40.12"}]
[2,1,1,1,"`05","Incentivos y escalafón",{"v":349010,"d":"349,010.00"},{"v":354260,"d":"354,260.00"},{"v":345890,"d":"345,890.00"},{"v":345342,"d":"345,342.00"},{"v":209650,"d":"209,650.00"},{"v":183806,"d":"183,806.00"},{"v":298042,"d":"298,042.00"},{"v":2086000,"d":"2,086,000.00"},{"v":0.9062800035758143,"d":"0.91"}]
[2,1,1,1,"`06","Nuevas plazas a medicos",{"$nulls":7},{"v":0,"d":"0.00"},{"v":0,"d":"0.00"}]
[2,1,1,2,null,"Remuneraciones al personal con carácter transitorio",{"$f":"SUM(G27:G32)","v":{"v":0,"d":"0.00"}},{"$f":"SUM(H27:H32)","v":{"v":0,"d":"0.00"}},{"v":0,"d":"0.00"},{"v":0,"d":"0.00"},{"v":0,"d":"0.00"},{"v":0,"d":"0.00"},{"$f":"SUM(M27:M32)","v":{"v":0,"d":"0.00"}},{"$f":"SUM(N27:N32)","v":{"v":0,"d":"0.00"}},{"$f":"SUM(O27:O32)","v":{"v":0,"d":"0.00"}}]
[2,1,1,2,"`03","Suplencias",{"$nulls":7},{"v":0,"d":"0.00"},{"v":0,"d":"0.00"}]
[2,1,1,2,"`05","Sueldo al personal nominal en período probatorio",{"$nulls":7},{"v":0,"d":"0.00"},{"v":0,"d":"0.00"}]
[2,1,1,2,"`06"," Jornales",{"$nulls":7},{"v":0,"d":"0.00"},{"v":0,"d":"0.00"}]
[2,1,1,2,"`08","Empleados temporales",{"$nulls":7},{"v":0,"d":"0.00"},{"v":0,"d":"0.00"}]
[2,1,1,2,"`09","Personal de carácter eventual",{"$nulls":7},{"v":0,"d":"0.00"},{"v":0,"d":"0.00"}]
[2,1,1,2,"`11","Interinato",{"$nulls":7},{"v":0,"d":"0.00"},{"v":0,"d":"0.00"}]
[2,1,1,3,null,"Sueldos al personal fijo en trámite de pensiones",{"$f":"G34","v":{"v":0,"d":"0.00"}},{"$f":"H34","v":{"v":0,"d":"0.00"}},{"v":0,"d":"0.00"},{"v":0,"d":"0.00"},{"v":0,"d":"0.00"},{"v":0,"d":"0.00"},{"v":0,"d":"0.00"},{"v":0,"d":"0.00"},{"v":0,"d":"0.00"}]
[2,1,1,3,"`01","Sueldos al personal fijo en trámite de pensiones",{"$nulls":7},{"v":0,"d":"0.00"},{"$f":"IFERROR(N34/$N$18*100,\"0.00\")","v":{"v":0,"d":"0.00"}}]
[2,1,1,4,null,"Sueldo anual No. 13",{"$f":"G36","v":{"v":4343957.02,"d":"4,343,957.02"}},{"$f":"H36","v":{"v":3225300,"d":"3,225,300.00"}},{"v":1343957.02,"d":"1,343,957.02"},{"v":3315206,"d":"3,315,206.00"},{"v":315206,"d":"315,206.00"},{"v":15624,"d":"15,624.00"},{"v":1900110.72,"d":"1,900,110.72"},{"$f":"N36","v":{"v":14459360.76,"d":"14,459,360.76"}},{"$f":"O36","v":{"v":6.2819892240061295,"d":"6.28"}}]
[2,1,1,4,"`01","Sueldo anual No. 13",{"v":4343957.02,"d":"4,343,957.02"},{"v":3225300,"d":"3,225,300.00"},{"v":1343957.02,"d":"1,343,957.02"},{"v":3315206,"d":"3,315,206.00"},{"v":315206,"d":"315,206.00"},{"v":15624,"d":"15,624.00"},{"v":1900110.72,"d":"1,900,110.72"},{"v":14459360.76,"d":"14,459,360.76"},{"v":6.2819892240061295,"d":"6.28"}]
[2,1,1,5,null,"Prestacianes economicas",{"$f":"SUM(G38:G41)","v":{"v":0,"d":"0.00"}},{"$f":"SUM(H38:H41)","v":{"v":0,"d":"0.00"}},{"v":0,"d":"0.00"},{"v":0,"d":"0.00"},{"v":0,"d":"0.00"},{"v":0,"d":"0.00"},{"v":0,"d":"0.00"},{"v":0,"d":"0.00"},{"v":0,"d":"0.00"}]
[2,1,1,5,"`01","Prestacianes economicas",{"$nulls":7},{"v":0,"d":"0.00"},{"v":0,"d":"0.00"}]
[2,1,1,5,"`02","Pago de porcentaje por desvinculación de cargo",{"$nulls":7},{"v":0,"d":"0.00"},{"v":0,"d":"0.00"}]
[2,1,1,5,"`03","Prestacion laboral por desvinculación",{"$nulls":7},{"v":0,"d":"0.00"},{"v":0,"d":"0.00"}]
[2,1,1,5,"`04","Proporción de vacaciones no disfrutadas",{"$nulls":7},{"v":0,"d":"0.00"},{"v":0,"d":"0.00"}]
[2,1,2,null,null,"Sobresueldos",{"$f":"+G43+G45","v":{"v":0,"d":"0.00"}},{"$f":"+H43+H45","v":{"v":0,"d":"0.00"}},{"v":0,"d":"0.00"},{"v":0,"d":"0.00"},{"v":0,"d":"0.00"},{"v":0,"d":"0.00"},{"v":0,"d":"0.00"},{"v":0,"d":"0.00"},{"v":0,"d":"0.00"}]
[2,1,2,1,null,"Primas por antigüedad",{"$f":"G44","v":{"v":0,"d":"0.00"}},{"$f":"H44","v":{"v":0,"d":"0.00"}},{"v":0,"d":"0.00"},{"v":0,"d":"0.00"},{"v":0,"d":"0.00"},{"v":0,"d":"0.00"},{"v":0,"d":"0.00"},{"v":0,"d":"0.00"},{"v":0,"d":"0.00"}]
[2,1,2,1,"`01","Primas por antigüedad",{"$nulls":7},{"$f":"SUBTOTAL(9,G44:M44)","v":{"v":0,"d":"0.00"}},{"$f":"IFERROR(N44/$N$18*100,\"0.00\")","v":{"v":0,"d":"0.00"}}]
[2,1,2,2,null,"Compensación",{"$f":"SUM(G46:G53)","v":{"v":0,"d":"0.00"}},{"$f":"SUM(H46:H53)","v":{"v":0,"d":"0.00"}},{"v":0,"d":"0.00"},{"v":0,"d":"0.00"},{"v":0,"d":"0.00"},{"v":0,"d":"0.00"},{"v":0,"d":"0.00"},{"$f":"SUM(N46:N53)","v":{"v":0,"d":"0.00"}},{"$f":"SUM(O46:O53)","v":{"v":0,"d":"0.00"}}]
[2,1,2,2,"`03","Pago de horas extraordinarias, Horas extraordinarias fin de año (Reglamento 523-09)",{"$nulls":7},{"$f":"SUBTOTAL(9,G46:M46)","v":{"v":0,"d":"0.00"}},{"$f":"IFERROR(N46/$N$18*100,\"0.00\")","v":{"v":0,"d":"0.00"}}]
[2,1,2,2,"`04","Prima de transporte",{"$nulls":7},{"$f":"SUBTOTAL(9,G47:M47)","v":{"v":0,"d":"0.00"}},{"v":0,"d":"0.00"}]
[2,1,2,2,"`05","Compensación servicios de Seguridad",{"$nulls":7},{"v":0,"d":"0.00"},{"v":0,"d":"0.00"}]
[2,1,2,2,"`06","Incentivo por rendimiento individual",{"$nulls":7},{"v":0,"d":"0.00"},{"v":0,"d":"0.00"}]
[2,1,2,2,"`07","Compensación por distancia",{"$nulls":7},{"v":0,"d":"0.00"},{"v":0,"d":"0.00"}]
[2,1,2,2,"`08","Compensaciones especiales",{"$nulls":7},{"v":0,"d":"0.00"},{"v":0,"d":"0.00"}]
[2,1,2,2,"`09","Bono por desempeño",{"$nulls":7},{"v":0,"d":"0.00"},{"v":0,"d":"0.00"}]
[2,1,2,2,"`10","Compensación por cumplimiento de indicadores",{"$nulls":7},{"v":0,"d":"0.00"},{"v":0,"d":"0.00"}]
[2,1,3,null,null,"Dietas y Gastos de Representación",{"$f":"+G55","v":{"v":0,"d":"0.00"}},{"$f":"+H55","v":{"v":0,"d":"0.00"}},{"v":0,"d":"0.00"},{"v":0,"d":"0.00"},{"v":0,"d":"0.00"},{"v":0,"d":"0.00"},{"v":0,"d":"0.00"},{"v":0,"d":"0.00"},{"v":0,"d":"0.00"}]
[2,1,3,2,null,"Gastos de representación",{"$f":"SUM(G56:G57)","v":{"v":0,"d":"0.00"}},{"$f":"SUM(H56:H57)","v":{"v":0,"d":"0.00"}},{"v":0,"d":"0.00"},{"v":0,"d":"0.00"},{"v":0,"d":"0.00"},{"v":0,"d":"0.00"},{"v":0,"d":"0.00"},{"v":0,"d":"0.00"},{"v":0,"d":"0.00"}]
[2,1,3,2,"`01","Gastos de representación en el país",{"$nulls":7},{"$f":"SUBTOTAL(9,G56:M56)","v":{"v":0,"d":"0.00"}},{"$f":"IFERROR(N56/$N$18*100,\"0.00\")","v":{"v":0,"d":"0.00"}}]
[2,1,3,2,"`02","Gastos de representación en el exterior",{"$nulls":7},{"v":0,"d":"0.00"},{"$f":"IFERROR(N57/$N$18*100,\"0.00\")","v":{"v":0,"d":"0.00"}}]
[2,1,5,null,null,"Contribuciones a la Seguridad Social y Riesgo Laboral",{"$f":"G59+G61+G63+G65","v":{"v":0,"d":"0.00"}},{"$f":"H59+H61+H63+H65","v":{"v":0,"d":"0.00"}},{"v":0,"d":"0.00"},{"v":0,"d":"0.00"},{"v":0,"d":"0.00"},{"v":0,"d":"0.00"},{"v":0,"d":"0.00"},{"v":0,"d":"0.00"},{"v":0,"d":"0.00"}]
[2,1,5,1,null,"Contribuciones al seguro de salud",{"$f":"G60","v":{"v":0,"d":"0.00"}},{"$f":"H60","v":{"v":0,"d":"0.00"}},{"v":0,"d":"0.00"},{"v":0,"d":"0.00"},{"v":0,"d":"0.00"},{"v":0,"d":"0.00"},{"v":0,"d":"0.00"},{"v":0,"d":"0.00"},{"v":0,"d":"0.00"}]
[2,1,5,1,"`01","Contribuciones al seguro de salud",{"$nulls":7},{"v":0,"d":"0.00"},{"$f":"IFERROR(N60/$N$18*100,\"0.00\")","v":{"v":0,"d":"0.00"}}]
[2,1,5,2,null,"Contribuciones al seguro de pensiones",{"$f":"G62","v":{"v":0,"d":"0.00"}},{"$f":"H62","v":{"v":0,"d":"0.00"}},{"v":0,"d":"0.00"},{"v":0,"d":"0.00"},{"v":0,"d":"0.00"},{"v":0,"d":"0.00"},{"v":0,"d":"0.00"},{"v":0,"d":"0.00"},{"v":0,"d":"0.00"}]
[2,1,5,2,"`01","Contribuciones al seguro de pensiones",{"$nulls":7},{"$f":"SUBTOTAL(9,G62:M62)","v":{"v":0,"d":"0.00"}},{"$f":"IFERROR(N62/$N$18*100,\"0.00\")","v":{"v":0,"d":"0.00"}}]
[2,1,5,3,null,"Contribuciones al seguro de riesgo laboral",{"$f":"G64","v":{"v":0,"d":"0.00"}},{"$f":"H64","v":{"v":0,"d":"0.00"}},{"v":0,"d":"0.00"},{"v":0,"d":"0.00"},{"v":0,"d":"0.00"},{"v":0,"d":"0.00"},{"v":0,"d":"0.00"},{"v":0,"d":"0.00"},{"v":0,"d":"0.00"}]
[2,1,5,3,"`01","Contribuciones al seguro de riesgo laboral",{"$nulls":7},{"$f":"SUBTOTAL(9,G64:M64)","v":{"v":0,"d":"0.00"}},{"$f":"IFERROR(N64/$N$18*100,\"0.00\")","v":{"v":0,"d":"0.00"}}]
[2,1,5,4,null,"Contribuciones al plan de retiro complementario",{"$f":"G66","v":{"v":0,"d":"0.00"}},{"$f":"H66","v":{"v":0,"d":"0.00"}},{"v":0,"d":"0.00"},{"v":0,"d":"0.00"},{"v":0,"d":"0.00"},{"v":0,"d":"0.00"},{"v":0,"d":"0.00"},{"v":0,"d":"0.00"},{"v":0,"d":"0.00"}]
[2,1,5,4,"`01","Contribuciones al plan de retiro complementario",{"$nulls":7},{"$f":"SUBTOTAL(9,G66:M66)","v":{"v":0,"d":"0.00"}},{"$f":"IFERROR(N66/$N$18*100,\"0.00\")","v":{"v":0,"d":"0.00"}}]
[2,2,{"$nulls":3},"Contratacion de servicios",{"$f":"+G68+G82+G87+G92+G99+G116+G125+G143","v":{"v":481910.36,"d":"481,910.36"}},{"$f":"+H68+H82+H87+H92+H99+H116+H125+H143","v":{"v":326530.36,"d":"326,530.36"}},{"v":415434.36000000004,"d":"415,434.36"},{"v":540915.3600000001,"d":"540,915.36"},{"v":239915.36000000002,"d":"239,915.36"},{"v":223587.36000000002,"d":"223,587.36"},{"v":536415.3600000001,"d":"536,415.36"},{"v":2514328.52,"d":"2,514,328.52"},{"$f":"+O68+O82+O87+O92+O99+O116+O125+O143","v":{"v":1.0923708821171485,"d":"1.09"}}]
[2,2,1,null,null,"Servicios Básicos",{"$f":"+G69+G71+G73+G75+G78+G80","v":{"v":36928,"d":"36,928.00"}},{"$f":"+H69+H71+H73+H75+H78+H80","v":{"v":131928,"d":"131,928.00"}},{"v":69447,"d":"69,447.00"},{"v":36928,"d":"36,928.00"},{"v":36928,"d":"36,928.00"},{"v":20600,"d":"20,600.00"},{"v":92928,"d":"92,928.00"},{"v":425687,"d":"425,687.00"},{"$f":"+O69+O71+O73+O75+O78+O80","v":{"v":0.18494324826566522,"d":"0.18"}}]
[2,2,1,2,null,"Servicios telefónico de larga distancia",{"$f":"G70","v":{"v":0,"d":"0.00"}},{"$f":"H70","v":{"v":0,"d":"0.00"}},{"v":0,"d":"0.00"},{"v":0,"d":"0.00"},{"v":0,"d":"0.00"},{"v":0,"d":"0.00"},{"v":0,"d":"0.00"},{"$f":"N70","v":{"v":0,"d":"0.00"}},{"v":0,"d":"0.00"}]
[2,2,1,2,"`01","Servicios telefónico de larga distancia",{"$nulls":7},{"$f":"SUBTOTAL(9,G70:M70)","v":{"v":0,"d":"0.00"}},{"$f":"IFERROR(N70/$N$18*100,\"0.00\")","v":{"v":0,"d":"0.00"}}]
[2,2,1,3,null,"Teléfono local",{"$f":"G72","v":{"v":0,"d":"0.00"}},{"$f":"H72","v":{"v":95000,"d":"95,000.00"}},{"v":48847,"d":"48,847.00"},{"v":0,"d":"0.00"},{"v":0,"d":"0.00"},{"v":0,"d":"0.00"},{"v":56000,"d":"56,000.00"},{"$f":"N72","v":{"v":199847,"d":"199,847.00"}},{"v":0.0868251869005828,"d":"0.09"}]
[2,2,1,3,"`01","Teléfono local",null,{"v":95000,"d":"95,000.00"},{"v":48847,"d":"48,847.00"},{"$nulls":3},{"v":56000,"d":"56,000.00"},{"$f":"SUBTOTAL(9,G72:M72)","v":{"v":199847,"d":"199,847.00"}},{"$f":"IFERROR(N72/$N$18*100,\"0.00\")","v":{"v":0.0868251869005828,"d":"0.09"}}]
[2,2,1,5,null,"Servicio de internet y televisión por cable",{"$f":"G74","v":{"v":16328,"d":"16,328.00"}},{"$f":"H74","v":{"v":16328,"d":"16,328.00"}},{"v":0,"d":"0.00"},{"v":16328,"d":"16,328.00"},{"v":16328,"d":"16,328.00"},{"v":0,"d":"0.00"},{"v":16328,"d":"16,328.00"},{"v":81640,"d":"81,640.00"},{"v":0.03546917521185497,"d":"0.04"}]
[2,2,1,5,"`01","Servicio de internet y televisión por cable",{"v":16328,"d":"16,328.00"},{"v":16328,"d":"16,328.00"},null,{"v":16328,"d":"16,328.00"},{"v":16328,"d":"16,328.00"},null,{"v":16328,"d":"16,328.00"},{"$f":"SUBTOTAL(9,G74:M74)","v":{"v":81640,"d":"81,640.00"}},{"$f":"IFERROR(N74/$N$18*100,\"0.00\")","v":{"v":0.03546917521185497,"d":"0.04"}}]
[2,2,1,6,null,"Electricidad",{"$f":"G76+G77","v":{"v":0,"d":"0.00"}},{"$f":"H76+H77","v":{"v":0,"d":"0.00"}},{"v":0,"d":"0.00"},{"v":0,"d":"0.00"},{"v":0,"d":"0.00"},{"v":0,"d":"0.00"},{"v":0,"d":"0.00"},{"$f":"N76+N77","v":{"v":0,"d":"0.00"}},{"v":0,"d":"0.00"}]
[2,2,1,6,"`01","Energía eléctrica",{"$nulls":7},{"$f":"SUBTOTAL(9,G76:M76)","v":{"v":0,"d":"0.00"}},{"$f":"IFERROR(N76/$N$18*100,\"0.00\")","v":{"v":0,"d":"0.00"}}]
[2,2,1,6,"`02","Electricidad no cortable",{"$nulls":7},{"$f":"SUBTOTAL(9,G77:M77)","v":{"v":0,"d":"0.00"}},{"$f":"IFERROR(N77/$N$18*100,\"0.00\")","v":{"v":0,"d":"0.00"}}]
[2,2,1,7,null,"Agua",{"$f":"G79","v":{"v":20600,"d":"20,600.00"}},{"$f":"H79","v":{"v":20600,"d":"20,600.00"}},{"v":20600,"d":"20,600.00"},{"v":20600,"d":"20,600.00"},{"v":20600,"d":"20,600.00"},{"v":20600,"d":"20,600.00"},{"v":20600,"d":"20,600.00"},{"v":144200,"d":"144,200.00"},{"v":0.06264888615322743,"d":"0.06"}]
[2,2,1,7,"`01","Agua",{"v":20600,"d":"20,600.00"},{"v":20600,"d":"20,600.00"},{"v":20600,"d":"20,600.00"},{"v":20600,"d":"20,600.00"},{"v":20600,"d":"20,600.00"},{"v":20600,"d":"20,600.00"},{"v":20600,"d":"20,600.00"},{"$f":"SUBTOTAL(9,G79:M79)","v":{"v":144200,"d":"144,200.00"}},{"$f":"IFERROR(N79/$N$18*100,\"0.00\")","v":{"v":0.06264888615322743,"d":"0.06"}}]
[2,2,1,8,null,"Recolección de residuos sólidos",{"$f":"G81","v":{"v":0,"d":"0.00"}},{"$f":"H81","v":{"v":0,"d":"0.00"}},{"v":0,"d":"0.00"},{"v":0,"d":"0.00"},{"v":0,"d":"0.00"},{"v":0,"d":"0.00"},{"v":0,"d":"0.00"},{"$f":"N81","v":{"v":0,"d":"0.00"}},{"$f":"O81","v":{"v":0,"d":"0.00"}}]
[2,2,1,8,"`01","Recolección de residuos sólidos",{"$nulls":7},{"$f":"SUBTOTAL(9,G81:M81)","v":{"v":0,"d":"0.00"}},{"$f":"IFERROR(N81/$N$18*100,\"0.00\")","v":{"v":0,"d":"0.00"}}]
[2,2,2,null,null,"Publicidad Impresión y Encuadernación",{"$f":"+G83+G85","v":{"v":0,"d":"0.00"}},{"$f":"+H83+H85","v":{"v":0,"d":"0.00"}},{"v":0,"d":"0.00"},{"v":0,"d":"0.00"},{"v":0,"d":"0.00"},{"v":0,"d":"0.00"},{"v":0,"d":"0.00"},{"$f":"+N83+N85","v":{"v":0,"d":"0.00"}},{"v":0,"d":"0.00"}]
[2,2,2,1,null,"Publicidad y propaganda",{"$f":"G84","v":{"v":0,"d":"0.00"}},{"$f":"H84","v":{"v":0,"d":"0.00"}},{"v":0,"d":"0.00"},{"v":0,"d":"0.00"},{"v":0,"d":"0.00"},{"v":0,"d":"0.00"},{"v":0,"d":"0.00"},{"v":0,"d":"0.00"},{"v":0,"d":"0.00"}]
[2,2,2,1,"`01","Publicidad y propaganda",{"$nulls":7},{"$f":"SUBTOTAL(9,G84:M84)","v":{"v":0,"d":"0.00"}},{"$f":"IFERROR(N84/$N$18*100,\"0.00\")","v":{"v":0,"d":"0.00"}}]
[2,2,2,2,null,"Impresión y encuadernación",{"$f":"G86","v":{"v":0,"d":"0.00"}},{"$f":"H86","v":{"v":0,"d":"0.00"}},{"v":0,"d":"0.00"},{"v":0,"d":"0.00"},{"v":0,"d":"0.00"},{"v":0,"d":"0.00"},{"v":0,"d":"0.00"},{"v":0,"d":"0.00"},{"v":0,"d":"0.00"}]
[2,2,2,2,"`01","Impresión y encuadernación",{"$nulls":7},{"$f":"SUBTOTAL(9,G86:M86)","v":{"v":0,"d":"0.00"}},{"$f":"IFERROR(N86/$N$18*100,\"0.00\")","v":{"v":0,"d":"0.00"}}]
[2,2,3,null,null,"Viáticos",{"$f":"+G88+G90","v":{"v":0,"d":"0.00"}},{"$f":"+H88+H90","v":{"v":0,"d":"0.00"}},{"$f":"+I88+I90","v":{"v":115000,"d":"115,000.00"}},{"v":95000,"d":"95,000.00"},{"v":0,"d":"0.00"},{"v":0,"d":"0.00"},{"v":210000,"d":"210,000.00"},{"$f":"+N88+N90","v":{"v":420000,"d":"420,000.00"}},{"$f":"+O88+O90","v":{"v":0.18247248394143908,"d":"0.18"}}]
[2,2,3,1,null,"Viáticos dentro del país",{"$f":"G89","v":{"v":0,"d":"0.00"}},{"$f":"H89","v":{"v":0,"d":"0.00"}},{"v":115000,"d":"115,000.00"},{"v":95000,"d":"95,000.00"},{"v":0,"d":"0.00"},{"v":0,"d":"0.00"},{"v":210000,"d":"210,000.00"},{"$f":"N89","v":{"v":420000,"d":"420,000.00"}},{"v":0.18247248394143908,"d":"0.18"}]
[2,2,3,1,"`01","Viáticos dentro del país",null,null,{"v":115000,"d":"115,000.00"},{"v":95000,"d":"95,000.00"},null,null,{"v":210000,"d":"210,000.00"},{"$f":"SUBTOTAL(9,G89:M89)","v":{"v":420000,"d":"420,000.00"}},{"$f":"IFERROR(N89/$N$18*100,\"0.00\")","v":{"v":0.18247248394143908,"d":"0.18"}}]
[2,2,3,2,null,"Viáticos fuera del país",{"$f":"G91","v":{"v":0,"d":"0.00"}},{"$f":"H91","v":{"v":0,"d":"0.00"}},{"v":0,"d":"0.00"},{"v":0,"d":"0.00"},{"v":0,"d":"0.00"},{"v":0,"d":"0.00"},{"v":0,"d":"0.00"},{"v":0,"d":"0.00"},{"v":0,"d":"0.00"}]
[2,2,3,2,"`01","Viáticos fuera del país",{"$nulls":7},{"$f":"SUBTOTAL(9,G91:M91)","v":{"v":0,"d":"0.00"}},{"$f":"IFERROR(N91/$N$18*100,\"0.00\")","v":{"v":0,"d":"0.00"}}]
[2,2,4,null,null,"Transporte y Alamcenaje",{"$f":"+G93+G95+G97","v":{"v":0,"d":"0.00"}},{"$f":"+H93+H95+H97","v":{"v":0,"d":"0.00"}},{"v":28000,"d":"28,000.00"},{"v":56000,"d":"56,000.00"},{"v":0,"d":"0.00"},{"v":0,"d":"0.00"},{"v":0,"d":"0.00"},{"v":84000,"d":"84,000.00"},{"v":0.03649449678828782,"d":"0.04"}]
[2,2,4,1,null,"Pasajes y gastos de transporte",{"$f":"G94","v":{"v":0,"d":"0.00"}},{"$f":"H94","v":{"v":0,"d":"0.00"}},{"v":0,"d":"0.00"},{"v":0,"d":"0.00"},{"v":0,"d":"0.00"},{"v":0,"d":"0.00"},{"v":0,"d":"0.00"},{"v":0,"d":"0.00"},{"v":0,"d":"0.00"}]
[2,2,4,1,"`01","Pasajes y gastos de transporte",{"$nulls":7},{"$f":"SUBTOTAL(9,G94:M94)","v":{"v":0,"d":"0.00"}},{"$f":"IFERROR(N94/$N$18*100,\"0.00\")","v":{"v":0,"d":"0.00"}}]
[2,2,4,2,null,"Fletes",{"$f":"G96","v":{"v":0,"d":"0.00"}},{"$f":"H96","v":{"v":0,"d":"0.00"}},{"v":28000,"d":"28,000.00"},{"v":56000,"d":"56,000.00"},{"v":0,"d":"0.00"},{"v":0,"d":"0.00"},{"v":0,"d":"0.00"},{"$f":"N96","v":{"v":84000,"d":"84,000.00"}},{"v":0.03649449678828782,"d":"0.04"}]
[2,2,4,2,"`01","Fletes",null,null,{"v":28000,"d":"28,000.00"},{"v":56000,"d":"56,000.00"},{"$nulls":3},{"$f":"SUBTOTAL(9,G96:M96)","v":{"v":84000,"d":"84,000.00"}},{"$f":"IFERROR(N96/$N$18*100,\"0.00\")","v":{"v":0.03649449678828782,"d":"0.04"}}]
[2,2,4,4,null,"Peaje",{"$f":"G98","v":{"v":0,"d":"0.00"}},{"$f":"H98","v":{"v":0,"d":"0.00"}},{"v":0,"d":"0.00"},{"v":0,"d":"0.00"},{"v":0,"d":"0.00"},{"v":0,"d":"0.00"},{"v":0,"d":"0.00"},{"v":0,"d":"0.00"},{"v":0,"d":"0.00"}]
[2,2,4,4,"`01","Peaje",{"$nulls":7},{"$f":"SUBTOTAL(9,G98:M98)","v":{"v":0,"d":"0.00"}},{"$f":"IFERROR(N98/$N$18*100,\"0.00\")","v":{"v":0,"d":"0.00"}}]
[2,2,5,null,null,"Alquileres y Rentas",{"$f":"+G100+G102+G104+G110+G112+G114","v":{"v":0,"d":"0.00"}},{"$f":"+H100+H102+H104+H110+H112+H114","v":{"v":0,"d":"0.00"}},{"v":0,"d":"0.00"},{"v":150000,"d":"150,000.00"},{"v":0,"d":"0.00"},{"v":0,"d":"0.00"},{"v":30500,"d":"30,500.00"},{"$f":"+N100+N102+N104+N110+N112+N114","v":{"v":180500,"d":"180,500.00"}},{"$f":"+O100+O102+O104+O110+O112+O114","v":{"v":0.07841972226530895,"d":"0.08"}}]
[2,2,5,1,null,"Alquilleres y rentas de edificios y locales",{"$f":"G101","v":{"v":0,"d":"0.00"}},{"$f":"H101","v":{"v":0,"d":"0.00"}},{"v":0,"d":"0.00"},{"v":0,"d":"0.00"},{"v":0,"d":"0.00"},{"v":0,"d":"0.00"},{"v":0,"d":"0.00"},{"v":0,"d":"0.00"},{"v":0,"d":"0.00"}]
[2,2,5,1,"`01","Alquilleres y rentas de edificios y locales",{"$nulls":7},{"$f":"SUBTOTAL(9,G101:M101)","v":{"v":0,"d":"0.00"}},{"$f":"IFERROR(N101/$N$18*100,\"0.00\")","v":{"v":0,"d":"0.00"}}]
[2,2,5,2,null,"Alquileres de máquinas y equipos de producción",{"$f":"G103","v":{"v":0,"d":"0.00"}},{"$f":"H103","v":{"v":0,"d":"0.00"}},{"v":0,"d":"0.00"},{"v":0,"d":"0.00"},{"v":0,"d":"0.00"},{"v":0,"d":"0.00"},{"v":0,"d":"0.00"},{"v":0,"d":"0.00"},{"v":0,"d":"0.00"}]
[2,2,5,2,"`01","Alquileres de máquinas y equipos de producción",{"$nulls":7},{"$f":"SUBTOTAL(9,G103:M103)","v":{"v":0,"d":"0.00"}},{"$f":"IFERROR(N103/$N$18*100,\"0.00\")","v":{"v":0,"d":"0.00"}}]
[2,2,5,3,null,"Alquileres de equipos",{"$f":"SUM(G105:G109)","v":{"v":0,"d":"0.00"}},{"$f":"SUM(H105:H109)","v":{"v":0,"d":"0.00"}},{"v":0,"d":"0.00"},{"v":0,"d":"0.00"},{"v":0,"d":"0.00"},{"v":0,"d":"0.00"},{"v":0,"d":"0.00"},{"$f":"SUM(N105:N109)","v":{"v":0,"d":"0.00"}},{"$f":"SUM(O105:O109)","v":{"v":0,"d":"0.00"}}]
[2,2,5,3,"`01","Alquiler de equipo educacional",{"$nulls":7},{"$f":"SUBTOTAL(9,G105:M105)","v":{"v":0,"d":"0.00"}},{"$f":"IFERROR(N105/$N$18*100,\"0.00\")","v":{"v":0,"d":"0.00"}}]
[2,2,5,3,"`02","Alquiler de equipo para computación",{"$nulls":7},{"$f":"SUBTOTAL(9,G106:M106)","v":{"v":0,"d":"0.00"}},{"$f":"IFERROR(N106/$N$18*100,\"0.00\")","v":{"v":0,"d":"0.00"}}]
[2,2,5,3,"`03","Alquiler de equipo de comunicación",{"$nulls":7},{"v":0,"d":"0.00"},{"v":0,"d":"0.00"}]
[2,2,5,3,"`04","Alquiler de equipo de oficina y muebles",{"$nulls":7},{"v":0,"d":"0.00"},{"v":0,"d":"0.00"}]
[2,2,5,3,"`05","Alquiler de equipos sanitarios y de laboratorios",{"$nulls":7},{"v":0,"d":"0.00"},{"v":0,"d":"0.00"}]
[2,2,5,4,null,"Alquileres de equipos de transporte, tracción y elevación",{"$f":"+G111","v":{"v":0,"d":"0.00"}},{"$f":"+H111","v":{"v":0,"d":"0.00"}},{"v":0,"d":"0.00"},{"v":0,"d":"0.00"},{"v":0,"d":"0.00"},{"v":0,"d":"0.00"},{"v":0,"d":"0.00"},{"v":0,"d":"0.00"},{"v":0,"d":"0.00"}]
[2,2,5,4,"`01","Alquileres de equipos de transporte, tracción y elevación",{"$nulls":7},{"v":0,"d":"0.00"},{"v":0,"d":"0.00"}]
[2,2,5,8,null,"Otros alquileres",{"$f":"G113","v":{"v":0,"d":"0.00"}},{"$f":"H113","v":{"v":0,"d":"0.00"}},{"v":0,"d":"0.00"},{"v":0,"d":"0.00"},{"v":0,"d":"0.00"},{"v":0,"d":"0.00"},{"v":30500,"d":"30,500.00"},{"v":30500,"d":"30,500.00"},{"v":0.01325097800050927,"d":"0.01"}]
[2,2,5,8,"`01","Otros alquileres",{"$nulls":6},{"v":30500,"d":"30,500.00"},{"$f":"SUBTOTAL(9,G113:M113)","v":{"v":30500,"d":"30,500.00"}},{"$f":"IFERROR(N113/$N$18*100,\"0.00\")","v":{"v":0.01325097800050927,"d":"0.01"}}]
[2,2,5,9,null,"Derechos de uso",{"$f":"+G115","v":{"v":0,"d":"0.00"}},{"$f":"H115","v":{"v":0,"d":"0.00"}},{"v":0,"d":"0.00"},{"v":150000,"d":"150,000.00"},{"v":0,"d":"0.00"},{"v":0,"d":"0.00"},{"v":0,"d":"0.00"},{"v":150000,"d":"150,000.00"},{"v":0.06516874426479968,"d":"0.07"}]
[2,2,5,8,"`01","Licencias informaticas",{"$nulls":3},{"v":150000,"d":"150,000.00"},{"$nulls":3},{"$f":"SUBTOTAL(9,G115:M115)","v":{"v":150000,"d":"150,000.00"}},{"$f":"IFERROR(N115/$N$18*100,\"0.00\")","v":{"v":0.06516874426479968,"d":"0.07"}}]
[2,2,6,null,null,"Seguros",{"$f":"+G117+G119+G121+G123","v":{"v":0,"d":"0.00"}},{"$f":"+H117+H119+H121+H123","v":{"v":0,"d":"0.00"}},{"v":0,"d":"0.00"},{"v":0,"d":"0.00"},{"v":0,"d":"0.00"},{"v":0,"d":"0.00"},{"v":0,"d":"0.00"},{"v":0,"d":"0.00"},{"$f":"+O117+O119+O121+O123","v":{"v":0,"d":"0.00"}}]
[2,2,6,1,null,"Seguro de bienes inmuebles e infraestructura",{"$f":"G118","v":{"v":0,"d":"0.00"}},{"$f":"H118","v":{"v":0,"d":"0.00"}},{"v":0,"d":"0.00"},{"v":0,"d":"0.00"},{"v":0,"d":"0.00"},{"v":0,"d":"0.00"},{"v":0,"d":"0.00"},{"v":0,"d":"0.00"},{"v":0,"d":"0.00"}]
[2,2,6,1,"`01","Seguro de bienes inmuebles e infraestructura",{"$nulls":7},{"$f":"SUBTOTAL(9,G118:M118)","v":{"v":0,"d":"0.00"}},{"$f":"IFERROR(N118/$N$18*100,\"0.00\")","v":{"v":0,"d":"0.00"}}]
[2,2,6,2,null,"Seguro de bienes muebles",{"$f":"G120","v":{"v":0,"d":"0.00"}},{"$f":"H120","v":{"v":0,"d":"0.00"}},{"v":0,"d":"0.00"},{"v":0,"d":"0.00"},{"v":0,"d":"0.00"},{"v":0,"d":"0.00"},{"v":0,"d":"0.00"},{"v":0,"d":"0.00"},{"v":0,"d":"0.00"}]
[2,2,6,2,"`01","Seguro de bienes muebles",{"$nulls":7},{"$f":"SUBTOTAL(9,G120:M120)","v":{"v":0,"d":"0.00"}},{"$f":"IFERROR(N120/$N$18*100,\"0.00\")","v":{"v":0,"d":"0.00"}}]
[2,2,6,3,null,"Seguros de personas",{"$f":"G122","v":{"v":0,"d":"0.00"}},{"$f":"H122","v":{"v":0,"d":"0.00"}},{"v":0,"d":"0.00"},{"v":0,"d":"0.00"},{"v":0,"d":"0.00"},{"v":0,"d":"0.00"},{"v":0,"d":"0.00"},{"v":0,"d":"0.00"},{"v":0,"d":"0.00"}]
[2,2,6,3,"`01","Seguros de personas",{"$nulls":7},{"$f":"SUBTOTAL(9,G122:M122)","v":{"v":0,"d":"0.00"}},{"$f":"IFERROR(N122/$N$18*100,\"0.00\")","v":{"v":0,"d":"0.00"}}]
[2,2,6,9,null,"Otros seguros",{"$f":"+G124","v":{"v":0,"d":"0.00"}},{"$f":"H124","v":{"v":0,"d":"0.00"}},{"v":0,"d":"0.00"},{"v":0,"d":"0.00"},{"v":0,"d":"0.00"},{"v":0,"d":"0.00"},{"v":0,"d":"0.00"},{"v":0,"d":"0.00"},{"v":0,"d":"0.00"}]
[2,2,6,9,"`01","Otros seguros",{"$nulls":7},{"$f":"SUBTOTAL(9,G124:M124)","v":{"v":0,"d":"0.00"}},{"$f":"IFERROR(N124/$N$18*100,\"0.00\")","v":{"v":0,"d":"0.00"}}]
[2,2,7,null,null,"Servicios de Conservación, Reparaciones Menores e Instalaciones Temporales",{"$f":"+G126+G131+G141","v":{"v":339553.79,"d":"339,553.79"}},{"$f":"+H126+H128+H130+H136+H138+H140+H142+H144","v":{"v":89173.79000000001,"d":"89,173.79"}},{"v":89173.79000000001,"d":"89,173.79"},{"v":89173.79000000001,"d":"89,173.79"},{"v":89173.79000000001,"d":"89,173.79"},{"v":89173.79000000001,"d":"89,173.79"},{"v":89173.79000000001,"d":"89,173.79"},{"v":624216.53,"d":"624,216.53"},{"$f":"+O126+O128+O130+O136+O138+O140+O142+O144","v":{"v":0.27119604939620434,"d":"0.27"}}]
[2,2,7,1,null,"Contratación de mantenimiento y reparaciones menores",{"$f":"SUM(G127:G130)","v":{"v":28173.79,"d":"28,173.79"}},{"$f":"SUM(H127:H130)","v":{"v":28173.79,"d":"28,173.79"}},{"v":28173.79,"d":"28,173.79"},{"v":28173.79,"d":"28,173.79"},{"v":28173.79,"d":"28,173.79"},{"v":28173.79,"d":"28,173.79"},{"v":28173.79,"d":"28,173.79"},{"v":197216.53000000003,"d":"197,216.53"},{"$f":"SUM(O127:O130)","v":{"v":0.08568235738907463,"d":"0.09"}}]
[2,2,7,1,"`01","Mantenimiento y reparaciones menores en edificaciones",{"v":14173.79,"d":"14,173.79"},{"v":14173.79,"d":"14,173.79"},{"v":14173.79,"d":"14,173.79"},{"v":14173.79,"d":"14,173.79"},{"v":14173.79,"d":"14,173.79"},{"v":14173.79,"d":"14,173.79"},{"v":14173.79,"d":"14,173.79"},{"$f":"SUBTOTAL(9,G127:M127)","v":{"v":99216.53000000003,"d":"99,216.53"}},{"$f":"IFERROR(N127/$N$18*100,\"0.00\")","v":{"v":0.043105444469405514,"d":"0.04"}}]
[2,2,7,1,"`06","Mantenimiento y reparación de Instalaciones eléctricas",{"v":7000,"d":"7,000.00"},{"v":7000,"d":"7,000.00"},{"v":7000,"d":"7,000.00"},{"v":7000,"d":"7,000.00"},{"v":7000,"d":"7,000.00"},{"v":7000,"d":"7,000.00"},{"v":7000,"d":"7,000.00"},{"$f":"SUBTOTAL(9,G128:M128)","v":{"v":49000,"d":"49,000.00"}},{"$f":"IFERROR(N128/$N$18*100,\"0.00\")","v":{"v":0.02128845645983456,"d":"0.02"}}]
[2,2,7,1,"`07","Mantenimiento y reparación, servicios de pintura y sus derivados",{"$nulls":7},{"v":0,"d":"0.00"},{"v":0,"d":"0.00"}]
[2,2,7,1,"`99","Otros mantenimientos, reparaciones y sus derivados, no identificados precedentamente.",{"v":7000,"d":"7,000.00"},{"v":7000,"d":"7,000.00"},{"v":7000,"d":"7,000.00"},{"v":7000,"d":"7,000.00"},{"v":7000,"d":"7,000.00"},{"v":7000,"d":"7,000.00"},{"v":7000,"d":"7,000.00"},{"v":49000,"d":"49,000.00"},{"v":0.02128845645983456,"d":"0.02"}]
[2,2,7,2,null,"Mantenimientos y reparacion de maquinarias y equipos",{"$f":"SUM(G132:G140)","v":{"v":311380,"d":"311,380.00"}},{"$f":"SUM(H132:H140)","v":{"v":311380,"d":"311,380.00"}},{"v":311380,"d":"311,380.00"},{"v":311380,"d":"311,380.00"},{"v":311380,"d":"311,380.00"},{"v":311380,"d":"311,380.00"},{"v":311380,"d":"311,380.00"},{"$f":"SUM(N132:N140)","v":{"v":2179660,"d":"2,179,660.00"}},{"v":0.9469713674947551,"d":"0.95"}]
[2,2,7,2,"`01","Mantenimiento y reparación de mobiliarios y equipos de oficina",{"v":57800,"d":"57,800.00"},{"v":57800,"d":"57,800.00"},{"v":57800,"d":"57,800.00"},{"v":57800,"d":"57,800.00"},{"v":57800,"d":"57,800.00"},{"v":57800,"d":"57,800.00"},{"v":57800,"d":"57,800.00"},{"$f":"SUBTOTAL(9,G132:M132)","v":{"v":404600,"d":"404,600.00"}},{"v":0.17578182619691965,"d":"0.18"}]
[2,2,7,2,"`02","Mantenimiento y reparación de equipo tecnologia e informacion",{"v":63800,"d":"63,800.00"},{"v":63800,"d":"63,800.00"},{"v":63800,"d":"63,800.00"},{"v":63800,"d":"63,800.00"},{"v":63800,"d":"63,800.00"},{"v":63800,"d":"63,800.00"},{"v":63800,"d":"63,800.00"},{"$f":"SUBTOTAL(9,G133:M133)","v":{"v":446600,"d":"446,600.00"}},{"v":0.19402907459106356,"d":"0.19"}]
[2,2,7,2,"`03","Mantenimiento y reparación de equipo de educacionales, deportivos y recreativos",{"$nulls":7},{"v":0,"d":"0.00"},{"v":0,"d":"0.00"}]
[2,2,7,2,"`04","Mantenimiento y reparación de equipos medicos, sanitarios y de laboratorio",{"v":54800,"d":"54,800.00"},{"v":54800,"d":"54,800.00"},{"v":54800,"d":"54,800.00"},{"v":54800,"d":"54,800.00"},{"v":54800,"d":"54,800.00"},{"v":54800,"d":"54,800.00"},{"v":54800,"d":"54,800.00"},{"v":383600,"d":"383,600.00"},{"v":0.1666582019998477,"d":"0.17"}]
[2,2,7,2,"`05","Mantenimiento y reparación de equipos de comunicación",{"$nulls":7},{"v":0,"d":"0.00"},{"v":0,"d":"0.00"}]
[2,2,7,2,"`06","Mantenimiento y reparación de equipos de transporte, tracción y elevación",{"v":71000,"d":"71,000.00"},{"v":71000,"d":"71,000.00"},{"v":71000,"d":"71,000.00"},{"v":71000,"d":"71,000.00"},{"v":71000,"d":"71,000.00"},{"v":71000,"d":"71,000.00"},{"v":71000,"d":"71,000.00"},{"v":497000,"d":"497,000.00"},{"v":0.2159257726640363,"d":"0.22"}]
[2,2,7,2,"`07","Mantenimiento y reparación de equipos industriales y producción",{"$nulls":7},{"v":0,"d":"0.00"},{"v":0,"d":"0.00"}]
[2,2,7,2,"`08","Servicio de mantenimiento, reparación, desmonte e instalación",{"v":16980,"d":"16,980.00"},{"v":16980,"d":"16,980.00"},{"v":16980,"d":"16,980.00"},{"v":16980,"d":"16,980.00"},{"v":16980,"d":"16,980.00"},{"v":16980,"d":"16,980.00"},{"v":16980,"d":"16,980.00"},{"v":118860,"d":"118,860.00"},{"v":0.05163971295542726,"d":"0.05"}]
[2,2,7,2,"`99","Otros servicios de mantenimiento, reparación, desmonte e instalación",{"v":47000,"d":"47,000.00"},{"v":47000,"d":"47,000.00"},{"v":47000,"d":"47,000.00"},{"v":47000,"d":"47,000.00"},{"v":47000,"d":"47,000.00"},{"v":47000,"d":"47,000.00"},{"v":47000,"d":"47,000.00"},{"v":329000,"d":"329,000.00"},{"v":0.1429367790874606,"d":"0.14"}]
[2,2,7,3,null,"Instalaciones temporales",{"$f":"G142","v":{"v":0,"d":"0.00"}},{"$f":"H142","v":{"v":0,"d":"0.00"}},{"v":0,"d":"0.00"},{"v":0,"d":"0.00"},{"v":0,"d":"0.00"},{"v":0,"d":"0.00"},{"v":0,"d":"0.00"},{"v":0,"d":"0.00"},{"v":0,"d":"0.00"}]
[2,2,7,3,"`01","Instalaciones temporales",{"$nulls":7},{"v":0,"d":"0.00"},{"v":0,"d":"0.00"}]
[2,2,8,null,null,"Otros Servicios No Incluidos en conceptos anteriores",{"$f":"+G144+G146+G148+G150+G154+G157+G164","v":{"v":105428.57,"d":"105,428.57"}},{"$f":"+H144+H146+H148+H150+H154+H157+H164","v":{"v":105428.57,"d":"105,428.57"}},{"v":113813.57,"d":"113,813.57"},{"v":113813.57,"d":"113,813.57"},{"v":113813.57,"d":"113,813.57"},{"v":113813.57,"d":"113,813.57"},{"v":113813.57,"d":"113,813.57"},{"v":779924.99,"d":"779,924.99"},{"v":0.338844881460243,"d":"0.34"}]
[2,2,8,1,null,"Gastos y representación judiciales",{"$f":"G145","v":{"v":0,"d":"0.00"}},{"$f":"H145","v":{"v":0,"d":"0.00"}},{"v":0,"d":"0.00"},{"v":0,"d":"0.00"},{"v":0,"d":"0.00"},{"v":0,"d":"0.00"},{"v":0,"d":"0.00"},{"v":0,"d":"0.00"},{"v":0,"d":"0.00"}]
[2,2,8,1,"`01","Gastos y representación judiciales",{"$nulls":7},{"$f":"SUBTOTAL(9,G145:M145)","v":{"v":0,"d":"0.00"}},{"$f":"IFERROR(N145/$N$18*100,\"0.00\")","v":{"v":0,"d":"0.00"}}]
[2,2,8,2,null,"Comisiones y gastos ",{"$f":"G147","v":{"v":0,"d":"0.00"}},{"$f":"H147","v":{"v":0,"d":"0.00"}},{"v":8385,"d":"8,385.00"},{"v":8385,"d":"8,385.00"},{"v":8385,"d":"8,385.00"},{"v":8385,"d":"8,385.00"},{"v":8385,"d":"8,385.00"},{"v":41925,"d":"41,925.00"},{"v":0.01821466402201151,"d":"0.02"}]
[2,2,8,2,"`01","Comisiones y gastos",null,null,{"v":8385,"d":"8,385.00"},{"v":8385,"d":"8,385.00"},{"v":8385,"d":"8,385.00"},{"v":8385,"d":"8,385.00"},{"v":8385,"d":"8,385.00"},{"$f":"SUBTOTAL(9,G147:M147)","v":{"v":41925,"d":"41,925.00"}},{"$f":"IFERROR(N147/$N$18*100,\"0.00\")","v":{"v":0.01821466402201151,"d":"0.02"}}]
[2,2,8,4,null,"Servicios funerarios y gastos conexos",{"$f":"G149","v":{"v":0,"d":"0.00"}},{"$f":"H149","v":{"v":0,"d":"0.00"}},{"v":0,"d":"0.00"},{"v":0,"d":"0.00"},{"v":0,"d":"0.00"},{"v":0,"d":"0.00"},{"v":0,"d":"0.00"},{"v":0,"d":"0.00"},{"$f":"O149","v":{"v":0,"d":"0.00"}}]
[2,2,8,4,"`01","Servicios funerarios y gastos conexos",{"$nulls":7},{"$f":"SUBTOTAL(9,G149:M149)","v":{"v":0,"d":"0.00"}},{"$f":"IFERROR(N149/$N$18*100,\"0.00\")","v":{"v":0,"d":"0.00"}}]
[2,2,8,5,null,"Fumigación, lavandería, limpieza e higiene",{"$f":"SUM(G151:G153)","v":{"v":48428.57,"d":"48,428.57"}},{"$f":"SUM(H151:H153)","v":{"v":48428.57,"d":"48,428.57"}},{"v":48428.57,"d":"48,428.57"},{"v":48428.57,"d":"48,428.57"},{"v":48428.57,"d":"48,428.57"},{"v":48428.57,"d":"48,428.57"},{"v":48428.57,"d":"48,428.57"},{"v":338999.99,"d":"338,999.99"},{"$f":"SUM(O151:O153)","v":{"v":0.14728135769386436,"d":"0.15"}}]
[2,2,8,5,"`01","Fumigación",{"v":21428.57,"d":"21,428.57"},{"v":21428.57,"d":"21,428.57"},{"v":21428.57,"d":"21,428.57"},{"v":21428.57,"d":"21,428.57"},{"v":21428.57,"d":"21,428.57"},{"v":21428.57,"d":"21,428.57"},{"v":21428.57,"d":"21,428.57"},{"$f":"SUBTOTAL(9,G151:M151)","v":{"v":149999.99000000002,"d":"149,999.99"}},{"$f":"IFERROR(N151/$N$18*100,\"0.00\")","v":{"v":0.06516873992021674,"d":"0.07"}}]
[2,2,8,5,"`02","Lavandería",{"$nulls":7},{"$f":"SUBTOTAL(9,G152:M152)","v":{"v":0,"d":"0.00"}},{"v":0,"d":"0.00"}]
[2,2,8,5,"`03","Limpieza e higiene",{"v":27000,"d":"27,000.00"},{"v":27000,"d":"27,000.00"},{"v":27000,"d":"27,000.00"},{"v":27000,"d":"27,000.00"},{"v":27000,"d":"27,000.00"},{"v":27000,"d":"27,000.00"},{"v":27000,"d":"27,000.00"},{"v":189000,"d":"189,000.00"},{"v":0.0821126177736476,"d":"0.08"}]
[2,2,8,6,null,"Servicio de organización de eventos, festividades y actividades de entretenimiento",{"$f":"SUM(G155:G156)","v":{"v":0,"d":"0.00"}},{"$f":"SUM(H155:H156)","v":{"v":0,"d":"0.00"}},{"v":0,"d":"0.00"},{"v":0,"d":"0.00"},{"v":0,"d":"0.00"},{"v":0,"d":"0.00"},{"v":0,"d":"0.00"},{"v":0,"d":"0.00"},{"v":0,"d":"0.00"}]
[2,2,8,6,"`01","Eventos generals",{"$nulls":7},{"v":0,"d":"0.00"},{"v":0,"d":"0.00"}]
[2,2,8,6,"`02","Festividades",{"$nulls":7},{"v":0,"d":"0.00"},{"v":0,"d":"0.00"}]
[2,2,8,7,null,"Servicios Técnicos y Profesionales",{"$f":"SUM(G158:G163)","v":{"v":57000,"d":"57,000.00"}},{"$f":"SUM(H158:H163)","v":{"v":57000,"d":"57,000.00"}},{"v":57000,"d":"57,000.00"},{"v":57000,"d":"57,000.00"},{"v":57000,"d":"57,000.00"},{"v":57000,"d":"57,000.00"},{"v":57000,"d":"57,000.00"},{"v":399000,"d":"399,000.00"},{"v":0.17334885974436715,"d":"0.17"}]
[2,2,8,7,"`01","Servicios técnicos y profesionales",{"$nulls":7},{"v":0,"d":"0.00"},{"$f":"IFERROR(N158/$N$18*100,\"0.00\")","v":{"v":0,"d":"0.00"}}]
[2,2,8,7,"`02","Servicios jurídicos",{"$nulls":7},{"v":0,"d":"0.00"},{"$f":"IFERROR(N159/$N$18*100,\"0.00\")","v":{"v":0,"d":"0.00"}}]
[2,2,8,7,"`03","Servicios de contabilidad y auditoría",{"$nulls":7},{"v":0,"d":"0.00"},{"v":0,"d":"0.00"}]
[2,2,8,7,"`04","Servicios de capacitación",{"$nulls":7},{"v":0,"d":"0.00"},{"v":0,"d":"0.00"}]
[2,2,8,7,"`05","Servicios de informática y sistemas computarizados",{"$nulls":7},{"v":0,"d":"0.00"},{"v":0,"d":"0.00"}]
[2,2,8,7,"`06","Otros servicios técnicos profesionales",{"v":57000,"d":"57,000.00"},{"v":57000,"d":"57,000.00"},{"v":57000,"d":"57,000.00"},{"v":57000,"d":"57,000.00"},{"v":57000,"d":"57,000.00"},{"v":57000,"d":"57,000.00"},{"v":57000,"d":"57,000.00"},{"v":399000,"d":"399,000.00"},{"v":0.17334885974436715,"d":"0.17"}]
[2,2,8,8,null,"Impuestos, derechos y tasas",{"$f":"SUM(G165:G167)","v":{"v":0,"d":"0.00"}},{"$f":"SUM(H165:H167)","v":{"v":0,"d":"0.00"}},{"v":0,"d":"0.00"},{"v":0,"d":"0.00"},{"v":0,"d":"0.00"},{"v":0,"d":"0.00"},{"v":0,"d":"0.00"},{"v":0,"d":"0.00"},{"v":0,"d":"0.00"}]
[2,2,8,8,"`01","Impuestos",{"$nulls":7},{"v":0,"d":"0.00"},{"v":0,"d":"0.00"}]
[2,2,8,8,"`02","Derechos",{"$nulls":7},{"v":0,"d":"0.00"},{"v":0,"d":"0.00"}]
[2,2,8,8,"`03","Tasas",{"$nulls":7},{"v":0,"d":"0.00"},{"v":0,"d":"0.00"}]
[2,2,9,2,null,"Servicios de alimentación",{"$f":"+G169+G170","v":{"v":0,"d":"0.00"}},{"$f":"+H169+H170","v":{"v":0,"d":"0.00"}},{"v":0,"d":"0.00"},{"v":0,"d":"0.00"},{"v":0,"d":"0.00"},{"v":0,"d":"0.00"},{"$f":"+M169+M170","v":{"v":0,"d":"0.00"}},{"v":0,"d":"0.00"},{"v":0,"d":"0.00"}]
[2,2,9,2,"`01","Servicio de alimentación",{"$nulls":7},{"$f":"SUBTOTAL(9,G169:M169)","v":{"v":0,"d":"0.00"}},{"$f":"IFERROR(N169/$N$18*100,\"0.00\")","v":{"v":0,"d":"0.00"}}]
[2,2,9,2,"`03","Servicios de catering",{"$nulls":7},{"v":0,"d":"0.00"},{"v":0,"d":"0.00"}]
[2,3,{"$nulls":3},"Materiales y Suministros",{"$f":"+G172+G180+G189+G198+G201+G210+G225+G238","v":{"v":693904.97,"d":"693,904.97"}},{"$f":"+H172+H180+H189+H198+H201+H210+H225+H238","v":{"v":14626001,"d":"14,626,001.00"}},{"v":8925052.2,"d":"8,925,052.20"},{"v":6429343.4799999995,"d":"6,429,343.48"},{"v":879489.97,"d":"879,489.97"},{"v":809489.97,"d":"809,489.97"},{"v":2117329.09,"d":"2,117,329.09"},{"v":34480610.68,"d":"34,480,610.68"},{"v":34.05440985971027,"d":"34.05"}]
[2,3,1,null,null,"Alimentos y Productos Agroforestales",{"$f":"+G173+G175+G178","v":{"v":623904.97,"d":"623,904.97"}},{"$f":"+H173+H175+H178","v":{"v":623904.97,"d":"623,904.97"}},{"v":623904.97,"d":"623,904.97"},{"v":623904.97,"d":"623,904.97"},{"v":623904.97,"d":"623,904.97"},{"v":623904.97,"d":"623,904.97"},{"v":0,"d":"0.00"},{"v":3743429.8200000003,"d":"3,743,429.82"},{"v":1.6263641374187006,"d":"1.63"}]
[2,3,1,1,null,"Alimentos y bebidas para personas",{"$f":"+G174","v":{"v":410571.49,"d":"410,571.49"}},{"$f":"+H174","v":{"v":410571.49,"d":"410,571.49"}},{"v":410571.49,"d":"410,571.49"},{"v":410571.49,"d":"410,571.49"},{"v":410571.49,"d":"410,571.49"},{"v":410571.49,"d":"410,571.49"},{"v":0,"d":"0.00"},{"v":2463428.94,"d":"2,463,428.94"},{"v":1.0702571373691103,"d":"1.07"}]
[2,3,1,1,"`01","Alimentos y bebidas para personas",{"v":410571.49,"d":"410,571.49"},{"v":410571.49,"d":"410,571.49"},{"v":410571.49,"d":"410,571.49"},{"v":410571.49,"d":"410,571.49"},{"v":410571.49,"d":"410,571.49"},{"v":410571.49,"d":"410,571.49"},null,{"$f":"SUBTOTAL(9,G174:M174)","v":{"v":2463428.94,"d":"2,463,428.94"}},{"v":1.0702571373691103,"d":"1.07"}]
[2,3,1,3,null,"Productos agroforestales y pecuarios",{"$f":"SUM(G176:G177)","v":{"v":213333.48,"d":"213,333.48"}},{"$f":"SUM(H176:H177)","v":{"v":213333.48,"d":"213,333.48"}},{"v":213333.48,"d":"213,333.48"},{"v":213333.48,"d":"213,333.48"},{"v":213333.48,"d":"213,333.48"},{"v":213333.48,"d":"213,333.48"},{"v":0,"d":"0.00"},{"v":1280000.8800000001,"d":"1,280,000.88"},{"v":0.5561070000495903,"d":"0.56"}]
[2,3,1,3,"`02","Productos agrícolas",{"v":213333.48,"d":"213,333.48"},{"v":213333.48,"d":"213,333.48"},{"v":213333.48,"d":"213,333.48"},{"v":213333.48,"d":"213,333.48"},{"v":213333.48,"d":"213,333.48"},{"v":213333.48,"d":"213,333.48"},null,{"$f":"SUBTOTAL(9,G176:M176)","v":{"v":1280000.8800000001,"d":"1,280,000.88"}},{"$f":"IFERROR(N176/$N$18*100,\"0.00\")","v":{"v":0.5561070000495903,"d":"0.56"}}]
[2,3,1,3,"`03","Productos forestales",{"$nulls":7},{"v":0,"d":"0.00"},{"v":0,"d":"0.00"}]
[2,3,1,4,null,"Madera, corcho y sus manufacturas",{"$f":"+G179","v":{"v":0,"d":"0.00"}},{"$f":"+H179","v":{"v":0,"d":"0.00"}},{"v":0,"d":"0.00"},{"v":0,"d":"0.00"},{"v":0,"d":"0.00"},{"v":0,"d":"0.00"},{"v":0,"d":"0.00"},{"v":0,"d":"0.00"},{"v":0,"d":"0.00"}]
[2,3,1,4,"`01","Madera, corcho y sus manufacturas",{"$nulls":7},{"v":0,"d":"0.00"},{"v":0,"d":"0.00"}]
[2,3,2,null,null,"Textiles y Vestuarios",{"$f":"+G181+G183+G185+G187","v":{"v":56000,"d":"56,000.00"}},{"$f":"+H181+H183+H185+H187","v":{"v":56000,"d":"56,000.00"}},{"v":56000,"d":"56,000.00"},{"v":0,"d":"0.00"},{"v":0,"d":"0.00"},{"v":0,"d":"0.00"},{"v":0,"d":"0.00"},{"v":168000,"d":"168,000.00"},{"v":0.07298899357657564,"d":"0.07"}]
[2,3,2,1,null,"Hilados, fibras y telas",{"$f":"+G182","v":{"v":28000,"d":"28,000.00"}},{"$f":"H182","v":{"v":28000,"d":"28,000.00"}},{"v":28000,"d":"28,000.00"},{"v":0,"d":"0.00"},{"v":0,"d":"0.00"},{"v":0,"d":"0.00"},{"v":0,"d":"0.00"},{"v":84000,"d":"84,000.00"},{"v":0.03649449678828782,"d":"0.04"}]
[2,3,2,1,"`01","Hilados, fibras y telas",{"v":28000,"d":"28,000.00"},{"v":28000,"d":"28,000.00"},{"v":28000,"d":"28,000.00"},{"$nulls":4},{"$f":"SUBTOTAL(9,G182:M182)","v":{"v":84000,"d":"84,000.00"}},{"$f":"IFERROR(N182/$N$18*100,\"0.00\")","v":{"v":0.03649449678828782,"d":"0.04"}}]
[2,3,2,2,null,"Acabados textiles",{"$f":"+G184","v":{"v":28000,"d":"28,000.00"}},{"$f":"+H184","v":{"v":28000,"d":"28,000.00"}},{"v":28000,"d":"28,000.00"},{"v":0,"d":"0.00"},{"v":0,"d":"0.00"},{"v":0,"d":"0.00"},{"v":0,"d":"0.00"},{"v":84000,"d":"84,000.00"},{"v":0.03649449678828782,"d":"0.04"}]
[2,3,2,2,"`01","Acabados textiles",{"v":28000,"d":"28,000.00"},{"v":28000,"d":"28,000.00"},{"v":28000,"d":"28,000.00"},{"$nulls":4},{"$f":"SUBTOTAL(9,G184:M184)","v":{"v":84000,"d":"84,000.00"}},{"$f":"IFERROR(N184/$N$18*100,\"0.00\")","v":{"v":0.03649449678828782,"d":"0.04"}}]
[2,3,2,3,null,"Prendas de vestir",{"$f":"+G186","v":{"v":0,"d":"0.00"}},{"$f":"+H186","v":{"v":0,"d":"0.00"}},{"v":0,"d":"0.00"},{"v":0,"d":"0.00"},{"v":0,"d":"0.00"},{"v":0,"d":"0.00"},{"v":0,"d":"0.00"},{"v":0,"d":"0.00"},{"$f":"+O186","v":{"v":0,"d":"0.00"}}]
[2,3,2,3,"`01","Prendas de vestir",{"$nulls":7},{"$f":"SUBTOTAL(9,G186:M186)","v":{"v":0,"d":"0.00"}},{"$f":"IFERROR(N186/$N$18*100,\"0.00\")","v":{"v":0,"d":"0.00"}}]
[2,3,2,4,null,"Calzados",{"$f":"+G188","v":{"v":0,"d":"0.00"}},{"$f":"+H188","v":{"v":0,"d":"0.00"}},{"v":0,"d":"0.00"},{"v":0,"d":"0.00"},{"v":0,"d":"0.00"},{"v":0,"d":"0.00"},{"v":0,"d":"0.00"},{"v":0,"d":"0.00"},{"v":0,"d":"0.00"}]
[2,3,2,4,"`01","Calzados",{"$nulls":7},{"$f":"SUBTOTAL(9,G188:M188)","v":{"v":0,"d":"0.00"}},{"$f":"IFERROR(N188/$N$18*100,\"0.00\")","v":{"v":0,"d":"0.00"}}]
[2,3,3,null,null,"Productos de Papel, Cartón e Impresos",{"$f":"+G190+G192+G194+G196","v":{"v":0,"d":"0.00"}},{"$f":"+H190+H192+H194+H196","v":{"v":0,"d":"0.00"}},{"v":0,"d":"0.00"},{"v":0,"d":"0.00"},{"v":0,"d":"0.00"},{"v":0,"d":"0.00"},{"v":474950,"d":"474,950.00"},{"$f":"+N190+N192+N194+N196","v":{"v":474950,"d":"474,950.00"}},{"v":19.28036849697378,"d":"19.28"}]
[2,3,3,1,null,"Papel de escritorio",{"$f":"G191","v":{"v":0,"d":"0.00"}},{"$f":"H191","v":{"v":0,"d":"0.00"}},{"v":0,"d":"0.00"},{"v":0,"d":"0.00"},{"v":0,"d":"0.00"},{"v":0,"d":"0.00"},{"v":0,"d":"0.00"},{"v":0,"d":"0.00"},{"v":0,"d":"0.00"}]
[2,3,3,1,"`01","Papel de escritorio",{"$nulls":7},{"$f":"SUBTOTAL(9,G191:M191)","v":{"v":0,"d":"0.00"}},{"$f":"IFERROR(N191/$N$18*100,\"0.00\")","v":{"v":0,"d":"0.00"}}]
[2,3,3,2,null,"Productos de papel y cartón",{"$f":"+G193","v":{"v":0,"d":"0.00"}},{"$f":"+H193","v":{"v":0,"d":"0.00"}},{"v":0,"d":"0.00"},{"v":0,"d":"0.00"},{"v":0,"d":"0.00"},{"v":0,"d":"0.00"},{"v":178950,"d":"178,950.00"},{"v":178950,"d":"178,950.00"},{"$f":"SUM(O193:O195)","v":{"v":0.1889676354531641,"d":"0.19"}}]
[2,3,3,2,"`01","Productos de papel y cartón",{"$nulls":6},{"v":178950,"d":"178,950.00"},{"$f":"SUBTOTAL(9,G193:M193)","v":{"v":178950,"d":"178,950.00"}},{"$f":"IFERROR(N193/$N$18*100,\"0.00\")","v":{"v":0.07774631190790601,"d":"0.08"}}]
[2,3,3,3,null,"Productos de artes gráficas",{"$f":"+G195","v":{"v":0,"d":"0.00"}},{"$f":"+H195","v":{"v":0,"d":"0.00"}},{"v":0,"d":"0.00"},{"v":0,"d":"0.00"},{"v":0,"d":"0.00"},{"v":0,"d":"0.00"},{"v":128000,"d":"128,000.00"},{"v":128000,"d":"128,000.00"},{"v":0.05561066177262906,"d":"0.06"}]
[2,3,3,3,"`01","Productos de artes gráficas",{"$nulls":6},{"v":128000,"d":"128,000.00"},{"$f":"SUBTOTAL(9,G195:M195)","v":{"v":128000,"d":"128,000.00"}},{"$f":"IFERROR(N195/$N$18*100,\"0.00\")","v":{"v":0.05561066177262906,"d":"0.06"}}]
[2,3,3,4,null,"Libros, revistas y periódicos",{"$f":"+G197","v":{"v":0,"d":"0.00"}},{"$f":"+H197","v":{"v":0,"d":"0.00"}},{"v":0,"d":"0.00"},{"v":0,"d":"0.00"},{"v":0,"d":"0.00"},{"v":0,"d":"0.00"},{"v":168000,"d":"168,000.00"},{"$f":"+N197","v":{"v":168000,"d":"168,000.00"}},{"$f":"SUM(O197:O200)","v":{"v":19.035790199747986,"d":"19.04"}}]
[2,3,3,4,"`01","Libros, revistas y periódicos",{"$nulls":6},{"v":168000,"d":"168,000.00"},{"$f":"SUBTOTAL(9,G197:M197)","v":{"v":168000,"d":"168,000.00"}},{"$f":"IFERROR(N197/$N$18*100,\"0.00\")","v":{"v":0.07298899357657564,"d":"0.07"}}]
[2,3,4,null,null,"Productos Farmacéuticos",{"$f":"+G199","v":{"v":0,"d":"0.00"}},{"$f":"+H199","v":{"v":8732150,"d":"8,732,150.00"}},{"v":5816850,"d":"5,816,850.00"},{"v":0,"d":"0.00"},{"v":0,"d":"0.00"},{"v":0,"d":"0.00"},{"v":0,"d":"0.00"},{"v":14549000,"d":"14,549,000.00"},{"v":6.32093373539047,"d":"6.32"}]
[2,3,4,1,null,"Productos medicinales para uso humano",{"$f":"+G200","v":{"v":0,"d":"0.00"}},{"v":8732150,"d":"8,732,150.00"},{"v":5816850,"d":"5,816,850.00"},{"v":0,"d":"0.00"},{"v":0,"d":"0.00"},{"v":0,"d":"0.00"},{"v":0,"d":"0.00"},{"$f":"+N200","v":{"v":14549000,"d":"14,549,000.00"}},{"v":6.32093373539047,"d":"6.32"}]
[2,3,4,1,"`01","Productos medicinales para uso humano",null,{"v":8732150,"d":"8,732,150.00"},{"v":5816850,"d":"5,816,850.00"},{"$nulls":4},{"$f":"SUBTOTAL(9,G200:M200)","v":{"v":14549000,"d":"14,549,000.00"}},{"$f":"IFERROR(N200/$N$18*100,\"0.00\")","v":{"v":6.32093373539047,"d":"6.32"}}]
[2,3,5,null,null,"Productos de Cuero, Caucho y Plasticos",{"$f":"+G202+G204+G206+G208","v":{"v":0,"d":"0.00"}},{"$f":"+H202+H204+H206+H208","v":{"v":0,"d":"0.00"}},{"v":0,"d":"0.00"},{"v":1332093.75,"d":"1,332,093.75"},{"v":0,"d":"0.00"},{"v":0,"d":"0.00"},{"v":0,"d":"0.00"},{"v":1332093.75,"d":"1,332,093.75"},{"v":0.5787391795365866,"d":"0.58"}]
[2,3,5,2,null,"Producto de cuero",{"$f":"+G203","v":{"v":0,"d":"0.00"}},{"$f":"+H203","v":{"v":0,"d":"0.00"}},{"v":0,"d":"0.00"},{"v":0,"d":"0.00"},{"v":0,"d":"0.00"},{"v":0,"d":"0.00"},{"v":0,"d":"0.00"},{"v":0,"d":"0.00"},{"v":0,"d":"0.00"}]
[2,3,5,2,"`01","Producto de cuero",{"$nulls":7},{"$f":"SUBTOTAL(9,G203:M203)","v":{"v":0,"d":"0.00"}},{"$f":"IFERROR(N203/$N$18*100,\"0.00\")","v":{"v":0,"d":"0.00"}}]
[2,3,5,3,null,"Llantas y neumáticos",{"$f":"+G205","v":{"v":0,"d":"0.00"}},{"$f":"+H205","v":{"v":0,"d":"0.00"}},{"v":0,"d":"0.00"},{"v":0,"d":"0.00"},{"v":0,"d":"0.00"},{"v":0,"d":"0.00"},{"v":0,"d":"0.00"},{"v":0,"d":"0.00"},{"v":0,"d":"0.00"}]
[2,3,5,3,"`01","Llantas y neumáticos",{"$nulls":7},{"v":0,"d":"0.00"},{"v":0,"d":"0.00"}]
[2,3,5,4,null,"Productos de caucho",{"$f":"+G207","v":{"v":0,"d":"0.00"}},{"$f":"+H207","v":{"v":0,"d":"0.00"}},{"v":0,"d":"0.00"},{"v":0,"d":"0.00"},{"v":0,"d":"0.00"},{"v":0,"d":"0.00"},{"v":0,"d":"0.00"},{"v":0,"d":"0.00"},{"v":0,"d":"0.00"}]
[2,3,5,4,"`01","Productos de caucho",{"$nulls":7},{"v":0,"d":"0.00"},{"v":0,"d":"0.00"}]
[2,3,5,5,null,"Artículos de plástico ",{"$f":"+G209","v":{"v":0,"d":"0.00"}},{"$f":"+H209","v":{"v":0,"d":"0.00"}},{"v":0,"d":"0.00"},{"v":1332093.75,"d":"1,332,093.75"},{"v":0,"d":"0.00"},{"v":0,"d":"0.00"},{"v":0,"d":"0.00"},{"$f":"+N209","v":{"v":1332093.75,"d":"1,332,093.75"}},{"v":0.5787391795365866,"d":"0.58"}]
[2,3,5,5,"`01","Artículos de plástico",{"$nulls":3},{"v":1332093.75,"d":"1,332,093.75"},{"$nulls":3},{"$f":"SUBTOTAL(9,G209:M209)","v":{"v":1332093.75,"d":"1,332,093.75"}},{"$f":"IFERROR(N209/$N$18*100,\"0.00\")","v":{"v":0.5787391795365866,"d":"0.58"}}]
[2,3,6,null,null,"Productos de Minerales, Metalicos y No Metalicos",{"$f":"+G211+G215+G219+G223","v":{"v":0,"d":"0.00"}},{"$f":"+H211+H215+H219+H223","v":{"v":0,"d":"0.00"}},{"v":0,"d":"0.00"},{"v":0,"d":"0.00"},{"v":0,"d":"0.00"},{"v":0,"d":"0.00"},{"v":0,"d":"0.00"},{"v":0,"d":"0.00"},{"v":0,"d":"0.00"}]
[2,3,6,1,null,"Productos de cemento, cal, asbesto, yeso y arcilla",{"$f":"+G212+G213+G214","v":{"v":0,"d":"0.00"}},{"$f":"+H212+H213+H214","v":{"v":0,"d":"0.00"}},{"v":0,"d":"0.00"},{"v":0,"d":"0.00"},{"v":0,"d":"0.00"},{"v":0,"d":"0.00"},{"v":0,"d":"0.00"},{"v":0,"d":"0.00"},{"v":0,"d":"0.00"}]
[2,3,6,1,"`01","Productos de cemento",{"$nulls":7},{"$f":"SUBTOTAL(9,G212:M212)","v":{"v":0,"d":"0.00"}},{"$f":"IFERROR(N212/$N$18*100,\"0.00\")","v":{"v":0,"d":"0.00"}}]
[2,3,6,1,"`02","Productos de cal",{"$nulls":7},{"$f":"SUBTOTAL(9,G213:M213)","v":{"v":0,"d":"0.00"}},{"$f":"IFERROR(N213/$N$18*100,\"0.00\")","v":{"v":0,"d":"0.00"}}]
[2,3,6,1,"`04","Productos de yeso",{"$nulls":7},{"v":0,"d":"0.00"},{"v":0,"d":"0.00"}]
[2,3,6,2,null,"Productos de vidrio, loza y porcelana",{"$f":"+G216+G217+G218","v":{"v":0,"d":"0.00"}},{"$f":"+H216+H217+H218","v":{"v":0,"d":"0.00"}},{"v":0,"d":"0.00"},{"v":0,"d":"0.00"},{"v":0,"d":"0.00"},{"v":0,"d":"0.00"},{"v":0,"d":"0.00"},{"v":0,"d":"0.00"},{"v":0,"d":"0.00"}]
[2,3,6,2,"`01","Productos de vidrio",{"$nulls":7},{"$f":"SUBTOTAL(9,G216:M216)","v":{"v":0,"d":"0.00"}},{"$f":"IFERROR(N216/$N$18*100,\"0.00\")","v":{"v":0,"d":"0.00"}}]
[2,3,6,2,"`02","Productos de loza",{"$nulls":7},{"$f":"SUBTOTAL(9,G217:M217)","v":{"v":0,"d":"0.00"}},{"$f":"IFERROR(N217/$N$18*100,\"0.00\")","v":{"v":0,"d":"0.00"}}]
[2,3,6,2,"`03","Productos de porcelana",{"$nulls":7},{"$f":"SUBTOTAL(9,G218:M218)","v":{"v":0,"d":"0.00"}},{"$f":"IFERROR(N218/$N$18*100,\"0.00\")","v":{"v":0,"d":"0.00"}}]
[2,3,6,3,null,"Productos metálicos y sus derivados",{"$f":"+G220+G221+G222","v":{"v":0,"d":"0.00"}},{"$f":"+H220+H221+H222","v":{"v":0,"d":"0.00"}},{"v":0,"d":"0.00"},{"v":0,"d":"0.00"},{"v":0,"d":"0.00"},{"v":0,"d":"0.00"},{"v":0,"d":"0.00"},{"v":0,"d":"0.00"},{"v":0,"d":"0.00"}]
[2,3,6,3,"`04","Herramientas menores",{"$nulls":7},{"$f":"SUBTOTAL(9,G220:M220)","v":{"v":0,"d":"0.00"}},{"$f":"IFERROR(N220/$N$18*100,\"0.00\")","v":{"v":0,"d":"0.00"}}]
[2,3,6,3,"`05","Productos de hojalata",{"$nulls":7},{"$f":"SUBTOTAL(9,G221:M221)","v":{"v":0,"d":"0.00"}},{"$f":"IFERROR(N221/$N$18*100,\"0.00\")","v":{"v":0,"d":"0.00"}}]
[2,3,6,3,"`06","Productos de metálicos ",{"$nulls":7},{"v":0,"d":"0.00"},{"v":0,"d":"0.00"}]
[2,3,6,4,null,"Minerales",{"$f":"+G224","v":{"v":0,"d":"0.00"}},{"$f":"+H224","v":{"v":0,"d":"0.00"}},{"v":0,"d":"0.00"},{"v":0,"d":"0.00"},{"v":0,"d":"0.00"},{"v":0,"d":"0.00"},{"v":0,"d":"0.00"},{"v":0,"d":"0.00"},{"v":0,"d":"0.00"}]
[2,3,6,4,"`04","Piedra, arcilla y arena",{"$nulls":7},{"$f":"SUBTOTAL(9,G224:M224)","v":{"v":0,"d":"0.00"}},{"$f":"IFERROR(N224/$N$18*100,\"0.00\")","v":{"v":0,"d":"0.00"}}]
[2,3,7,null,null,"Combustibles, Lubricantes, Productos Químicos y Conexos",{"$f":"+G226+G233","v":{"v":0,"d":"0.00"}},{"$f":"+H226+H233","v":{"v":5154321.029999999,"d":"5,154,321.03"}},{"v":2414297.23,"d":"2,414,297.23"},{"v":60000,"d":"60,000.00"},{"v":60000,"d":"60,000.00"},{"v":60000,"d":"60,000.00"},{"v":1376942.09,"d":"1,376,942.09"},{"v":9125560.35,"d":"9,125,560.35"},{"v":3.964675391480972,"d":"3.96"}]
[2,3,7,1,null,"Combustibles y lubricantes",{"$f":"+G227+G228+G229+G230+G231+G232","v":{"v":0,"d":"0.00"}},{"$f":"+H227+H228+H229+H230+H231+H232","v":{"v":3474321.03,"d":"3,474,321.03"}},{"v":60000,"d":"60,000.00"},{"v":60000,"d":"60,000.00"},{"v":60000,"d":"60,000.00"},{"v":60000,"d":"60,000.00"},{"v":1376942.09,"d":"1,376,942.09"},{"v":5091263.12,"d":"5,091,263.12"},{"v":2.211941495013907,"d":"2.21"}]
[2,3,7,1,"`01","Gasolina",{"$nulls":7},{"$f":"SUBTOTAL(9,G227:M227)","v":{"v":0,"d":"0.00"}},{"$f":"IFERROR(N227/$N$18*100,\"0.00\")","v":{"v":0,"d":"0.00"}}]
[2,3,7,1,"`02","Gasoil",null,{"v":3414321.03,"d":"3,414,321.03"},{"$nulls":4},{"v":1376942.09,"d":"1,376,942.09"},{"$f":"SUBTOTAL(9,G228:M228)","v":{"v":4791263.12,"d":"4,791,263.12"}},{"$f":"IFERROR(N228/$N$18*100,\"0.00\")","v":{"v":2.0816040064843078,"d":"2.08"}}]
[2,3,7,1,"`03","Kerosén",{"$nulls":7},{"v":0,"d":"0.00"},{"v":0,"d":"0.00"}]
[2,3,7,1,"`04","Gas GLP",null,{"v":60000,"d":"60,000.00"},{"v":60000,"d":"60,000.00"},{"v":60000,"d":"60,000.00"},{"v":60000,"d":"60,000.00"},{"v":60000,"d":"60,000.00"},null,{"v":300000,"d":"300,000.00"},{"v":0.13033748852959937,"d":"0.13"}]
[2,3,7,1,"`05","Aceites y Grasas",{"$nulls":7},{"v":0,"d":"0.00"},{"v":0,"d":"0.00"}]
[2,3,7,1,"`06","Lubricantes",{"$nulls":7},{"v":0,"d":"0.00"},{"v":0,"d":"0.00"}]
[2,3,7,2,null,"Productos químicos y conexos",{"$f":"+G234+G235+G236+G237","v":{"v":0,"d":"0.00"}},{"$f":"+H234+H235+H236+H237","v":{"v":1680000,"d":"1,680,000.00"}},{"v":2354297.23,"d":"2,354,297.23"},{"v":0,"d":"0.00"},{"v":0,"d":"0.00"},{"v":0,"d":"0.00"},{"v":0,"d":"0.00"},{"v":4034297.23,"d":"4,034,297.23"},{"v":1.752733896467065,"d":"1.75"}]
[2,3,7,2,"`02","Productos Fotoquímicos",{"$nulls":7},{"v":0,"d":"0.00"},{"v":0,"d":"0.00"}]
[2,3,7,2,"`03","Productos Químicos de uso Personal",null,{"v":1680000,"d":"1,680,000.00"},{"v":2354297.23,"d":"2,354,297.23"},{"$nulls":4},{"v":4034297.23,"d":"4,034,297.23"},{"v":1.752733896467065,"d":"1.75"}]
[2,3,7,2,"`05","Insecticidas, Fumigantes y Otros",{"$nulls":7},{"v":0,"d":"0.00"},{"v":0,"d":"0.00"}]
[2,3,7,2,"`06","Pinturas, Lacas, Barnices, Diluyentes y Absorbentes para Pinturas",{"$nulls":7},{"v":0,"d":"0.00"},{"v":0,"d":"0.00"}]
[2,3,9,null,null,"Productos y Utiles Varios",{"$f":"+G239+G242+G245+G247+G249+G251+G253","v":{"v":14000,"d":"14,000.00"}},{"$f":"+H239+H242+H245+H247+H249+H251+H253","v":{"v":59625,"d":"59,625.00"}},{"v":14000,"d":"14,000.00"},{"v":4413344.76,"d":"4,413,344.76"},{"v":195585,"d":"195,585.00"},{"v":125585,"d":"125,585.00"},{"v":265437,"d":"265,437.00"},{"v":5087576.76,"d":"5,087,576.76"},{"v":2.2103399253331872,"d":"2.21"}]
[2,3,9,1,null,"Material para limpieza e higiene",{"$f":"+G240+G241","v":{"v":0,"d":"0.00"}},{"$f":"+H240+H241","v":{"v":0,"d":"0.00"}},{"v":0,"d":"0.00"},{"v":0,"d":"0.00"},{"v":0,"d":"0.00"},{"v":0,"d":"0.00"},{"v":0,"d":"0.00"},{"v":0,"d":"0.00"},{"v":0,"d":"0.00"}]
[2,3,9,1,"`01","Material para limpieza",{"$nulls":7},{"$f":"SUBTOTAL(9,G240:M240)","v":{"v":0,"d":"0.00"}},{"$f":"IFERROR(N240/$N$18*100,\"0.00\")","v":{"v":0,"d":"0.00"}}]
[2,3,9,1,"`02","Utiles, materiales de limpieza e higiene personal",{"$nulls":7},{"v":0,"d":"0.00"},{"v":0,"d":"0.00"}]
[2,3,9,2,null,"Utiles y materiales de escritorio, oficina, informática y de enseñanza",{"$f":"+G243+G244","v":{"v":0,"d":"0.00"}},{"$f":"+H243+H244","v":{"v":45625,"d":"45,625.00"}},{"v":0,"d":"0.00"},{"v":115625,"d":"115,625.00"},{"v":115625,"d":"115,625.00"},{"v":45625,"d":"45,625.00"},{"v":115625,"d":"115,625.00"},{"v":438125,"d":"438,125.00"},{"v":0.1903470405401024,"d":"0.19"}]
[2,3,9,2,"`01","Utiles y materiales de escritorio, oficina e informática",null,{"v":45625,"d":"45,625.00"},null,{"v":115625,"d":"115,625.00"},{"v":115625,"d":"115,625.00"},{"v":45625,"d":"45,625.00"},{"v":115625,"d":"115,625.00"},{"v":438125,"d":"438,125.00"},{"v":0.1903470405401024,"d":"0.19"}]
[2,3,9,2,"`02","Utiles y materiales escolares y de enseñanza",{"$nulls":7},{"v":0,"d":"0.00"},{"v":0,"d":"0.00"}]
[2,3,9,3,null,"Utiles menores médico- quirúrgicos y de laboratorio",{"$f":"+G246","v":{"v":0,"d":"0.00"}},{"$f":"+H246","v":{"v":0,"d":"0.00"}},{"v":0,"d":"0.00"},{"v":4283719.76,"d":"4,283,719.76"},{"v":0,"d":"0.00"},{"v":0,"d":"0.00"},{"v":0,"d":"0.00"},{"v":4283719.76,"d":"4,283,719.76"},{"v":1.8610975836100603,"d":"1.86"}]
[2,3,9,3,"`01","Utiles menores médico- quirúrgicos y de laboratorio",{"$nulls":3},{"v":4283719.76,"d":"4,283,719.76"},{"$nulls":3},{"$f":"SUBTOTAL(9,G246:M246)","v":{"v":4283719.76,"d":"4,283,719.76"}},{"$f":"IFERROR(N246/$N$18*100,\"0.00\")","v":{"v":1.8610975836100603,"d":"1.86"}}]
[2,3,9,5,null,"Utiles de cocina y comedor",{"$f":"+G248","v":{"v":0,"d":"0.00"}},{"$f":"+H248","v":{"v":0,"d":"0.00"}},{"v":0,"d":"0.00"},{"v":0,"d":"0.00"},{"v":0,"d":"0.00"},{"v":0,"d":"0.00"},{"v":69852,"d":"69,852.00"},{"v":69852,"d":"69,852.00"},{"v":0.03034778082923191,"d":"0.03"}]
[2,3,9,5,"`01","Utiles de cocina y comedor",{"$nulls":6},{"v":69852,"d":"69,852.00"},{"$f":"SUBTOTAL(9,G248:M248)","v":{"v":69852,"d":"69,852.00"}},{"$f":"IFERROR(N248/$N$18*100,\"0.00\")","v":{"v":0.03034778082923191,"d":"0.03"}}]
[2,3,9,6,null,"Productos eléctricos y afines",{"$f":"+G250","v":{"v":7000,"d":"7,000.00"}},{"$f":"+H250","v":{"v":7000,"d":"7,000.00"}},{"v":7000,"d":"7,000.00"},{"v":7000,"d":"7,000.00"},{"v":7000,"d":"7,000.00"},{"v":7000,"d":"7,000.00"},{"v":7000,"d":"7,000.00"},{"v":49000,"d":"49,000.00"},{"v":0.02128845645983456,"d":"0.02"}]
[2,3,9,6,"`01","Productos eléctricos y afines",{"v":7000,"d":"7,000.00"},{"v":7000,"d":"7,000.00"},{"v":7000,"d":"7,000.00"},{"v":7000,"d":"7,000.00"},{"v":7000,"d":"7,000.00"},{"v":7000,"d":"7,000.00"},{"v":7000,"d":"7,000.00"},{"$f":"SUBTOTAL(9,G250:M250)","v":{"v":49000,"d":"49,000.00"}},{"$f":"IFERROR(N250/$N$18*100,\"0.00\")","v":{"v":0.02128845645983456,"d":"0.02"}}]
[2,3,9,8,null,"Repuestos y accesorios menores",{"$f":"+G252","v":{"v":7000,"d":"7,000.00"}},{"$f":"+H252","v":{"v":7000,"d":"7,000.00"}},{"v":7000,"d":"7,000.00"},{"v":7000,"d":"7,000.00"},{"v":7000,"d":"7,000.00"},{"v":7000,"d":"7,000.00"},{"v":7000,"d":"7,000.00"},{"v":49000,"d":"49,000.00"},{"v":0.02128845645983456,"d":"0.02"}]
[2,3,9,8,"`01","Repuestos y accesorios menores",{"v":7000,"d":"7,000.00"},{"v":7000,"d":"7,000.00"},{"v":7000,"d":"7,000.00"},{"v":7000,"d":"7,000.00"},{"v":7000,"d":"7,000.00"},{"v":7000,"d":"7,000.00"},{"v":7000,"d":"7,000.00"},{"$f":"SUBTOTAL(9,G252:M252)","v":{"v":49000,"d":"49,000.00"}},{"$f":"IFERROR(N252/$N$18*100,\"0.00\")","v":{"v":0.02128845645983456,"d":"0.02"}}]
[2,3,9,9,null,"Productos y útiles varios no identificados precedentemente (n.i.p.)",{"$f":"+G254","v":{"v":0,"d":"0.00"}},{"$f":"+H254","v":{"v":0,"d":"0.00"}},{"v":0,"d":"0.00"},{"v":0,"d":"0.00"},{"v":65960,"d":"65,960.00"},{"v":65960,"d":"65,960.00"},{"v":65960,"d":"65,960.00"},{"v":197880,"d":"197,880.00"},{"v":0.08597060743412374,"d":"0.09"}]
[2,3,9,9,"`01","Productos y útiles varios no identificados precedentemente (n.i.p.)",{"$nulls":4},{"v":65960,"d":"65,960.00"},{"v":65960,"d":"65,960.00"},{"v":65960,"d":"65,960.00"},{"$f":"SUBTOTAL(9,G254:M254)","v":{"v":197880,"d":"197,880.00"}},{"$f":"IFERROR(N254/$N$18*100,\"0.00\")","v":{"v":0.08597060743412374,"d":"0.09"}}]
[2,4,{"$nulls":3},"Transferencias Corrientes",{"$f":"+G256+G264+G267","v":{"v":0,"d":"0.00"}},{"$f":"+H256+H264+H267","v":{"v":0,"d":"0.00"}},{"v":0,"d":"0.00"},{"v":0,"d":"0.00"},{"v":0,"d":"0.00"},{"v":0,"d":"0.00"},{"v":0,"d":"0.00"},{"v":0,"d":"0.00"},{"v":0,"d":"0.00"}]
[2,4,1,null,null," Transferencias Corrientes Al Sector Privado",{"$f":"+G257+G260+G262","v":{"v":0,"d":"0.00"}},{"$f":"+H257+H260+H262","v":{"v":0,"d":"0.00"}},{"v":0,"d":"0.00"},{"v":0,"d":"0.00"},{"v":0,"d":"0.00"},{"v":0,"d":"0.00"},{"v":0,"d":"0.00"},{"v":0,"d":"0.00"},{"v":0,"d":"0.00"}]
[2,4,1,2,null,"Ayudas Y Donaciones A Personas",{"$f":"+G258+G259","v":{"v":0,"d":"0.00"}},{"$f":"+H258+H259","v":{"v":0,"d":"0.00"}},{"v":0,"d":"0.00"},{"v":0,"d":"0.00"},{"v":0,"d":"0.00"},{"v":0,"d":"0.00"},{"v":0,"d":"0.00"},{"v":0,"d":"0.00"},{"v":0,"d":"0.00"}]
[2,4,1,2,"`01","Ayudas Y Donaciones Programadas A Hogares Y Personas",{"$nulls":7},{"$f":"SUBTOTAL(9,G258:M258)","v":{"v":0,"d":"0.00"}},{"$f":"IFERROR(N258/$N$18*100,\"0.00\")","v":{"v":0,"d":"0.00"}}]
[2,4,1,2,"`02","Ayudas Y Donaciones Ocasionales A Hogares Y Personas",{"$nulls":7},{"$f":"SUBTOTAL(9,G259:M259)","v":{"v":0,"d":"0.00"}},{"$f":"IFERROR(N259/$N$18*100,\"0.00\")","v":{"v":0,"d":"0.00"}}]
[2,4,1,5,null,"Transferencias corrientes a empresas del sector privado ",{"$f":"+G261","v":{"v":0,"d":"0.00"}},{"$f":"+H261","v":{"v":0,"d":"0.00"}},{"v":0,"d":"0.00"},{"v":0,"d":"0.00"},{"v":0,"d":"0.00"},{"v":0,"d":"0.00"},{"v":0,"d":"0.00"},{"v":0,"d":"0.00"},{"v":0,"d":"0.00"}]
[2,4,1,5,"`01","Transferencias corrientes a empresas del sector privado ",{"$nulls":7},{"$f":"SUBTOTAL(9,G261:M261)","v":{"v":0,"d":"0.00"}},{"v":0,"d":"0.00"}]
[2,4,1,6,null,"Transferencias corrientes a Asociaciones sin fines de lucro y partidos políticos",{"$f":"+G263","v":{"v":0,"d":"0.00"}},{"$f":"+H263","v":{"v":0,"d":"0.00"}},{"v":0,"d":"0.00"},{"v":0,"d":"0.00"},{"v":0,"d":"0.00"},{"v":0,"d":"0.00"},{"v":0,"d":"0.00"},{"v":0,"d":"0.00"},{"$f":"+O263","v":{"v":0,"d":"0.00"}}]
[2,4,1,6,"`01","Transferencias corrientes a Asociaciones sin fines de lucro",{"$nulls":7},{"$f":"SUBTOTAL(9,G263:M263)","v":{"v":0,"d":"0.00"}},{"v":0,"d":"0.00"}]
[2,4,4,null,null,"Transferencias corrientes a empresas públicas no financieras ",{"$f":"+G265","v":{"v":0,"d":"0.00"}},{"$f":"+H265","v":{"v":0,"d":"0.00"}},{"v":0,"d":"0.00"},{"v":0,"d":"0.00"},{"v":0,"d":"0.00"},{"v":0,"d":"0.00"},{"v":0,"d":"0.00"},{"v":0,"d":"0.00"},{"$f":"+O265","v":{"v":0,"d":"0.00"}}]
[2,4,4,1,null,"Transferencias corrientes a empresas públicas no financieras nacionales",{"$f":"+G266","v":{"v":0,"d":"0.00"}},{"v":0,"d":"0.00"},{"v":0,"d":"0.00"},{"v":0,"d":"0.00"},{"v":0,"d":"0.00"},{"v":0,"d":"0.00"},{"v":0,"d":"0.00"},{"v":0,"d":"0.00"},{"v":0,"d":"0.00"}]
[2,4,4,1,"`03","Transferencias corrientes a empresas públicas no financieras nacionales   para pago de electricidad no cortable.",{"$nulls":7},{"$f":"SUBTOTAL(9,G266:M266)","v":{"v":0,"d":"0.00"}},{"$f":"IFERROR(N266/$N$18*100,\"0.00\")","v":{"v":0,"d":"0.00"}}]
[2,4,9,null,null,"Transferencias de Corrientes a otras Instituciones Públicas",{"$f":"+G268+G270","v":{"v":0,"d":"0.00"}},{"$f":"+H268+H270","v":{"v":0,"d":"0.00"}},{"v":0,"d":"0.00"},{"v":0,"d":"0.00"},{"v":0,"d":"0.00"},{"v":0,"d":"0.00"},{"v":0,"d":"0.00"},{"v":0,"d":"0.00"},{"v":0,"d":"0.00"}]
[2,4,9,1,null,"Transferencias de Corrientes a otras Instituciones Públicas",{"$f":"+G269","v":{"v":0,"d":"0.00"}},{"$f":"+H269","v":{"v":0,"d":"0.00"}},{"v":0,"d":"0.00"},{"v":0,"d":"0.00"},{"v":0,"d":"0.00"},{"v":0,"d":"0.00"},{"v":0,"d":"0.00"},{"v":0,"d":"0.00"},{"v":0,"d":"0.00"}]
[2,4,9,1,"`01","Transferencias de Corrientes a otras Instituciones Públicas",{"$nulls":7},{"$f":"SUBTOTAL(9,G269:M269)","v":{"v":0,"d":"0.00"}},{"$f":"IFERROR(N269/$N$18*100,\"0.00\")","v":{"v":0,"d":"0.00"}}]
[2,4,9,4,null,"Electricidad no cortable en las transferencias a otras instituciones públicas",{"$f":"+G271","v":{"v":0,"d":"0.00"}},{"$f":"+H271","v":{"v":0,"d":"0.00"}},{"v":0,"d":"0.00"},{"v":0,"d":"0.00"},{"v":0,"d":"0.00"},{"v":0,"d":"0.00"},{"v":0,"d":"0.00"},{"v":0,"d":"0.00"},{"v":0,"d":"0.00"}]
[2,4,9,4,"`01","Electricidad no cortable en las transferencias a otras instituciones públicas",{"$nulls":7},{"$f":"SUBTOTAL(9,G271:M271)","v":{"v":0,"d":"0.00"}},{"$f":"IFERROR(N271/$N$18*100,\"0.00\")","v":{"v":0,"d":"0.00"}}]
[2,6,{"$nulls":3},"Bienes Muebles, Inmuebles e Intangibles",{"$f":"+G273+G284+G291+G296+G303+G312+G315","v":{"v":106837,"d":"106,837.00"}},{"$f":"+H273+H284+H291+H296+H303+H312+H315","v":{"v":368361,"d":"368,361.00"}},{"v":88961,"d":"88,961.00"},{"v":2020455.2,"d":"2,020,455.20"},{"v":90974.2,"d":"90,974.20"},{"v":32000,"d":"32,000.00"},{"v":149948.4,"d":"149,948.40"},{"v":3119060.8,"d":"3,119,060.80"},{"v":1.3551018374770765,"d":"1.36"}]
[2,6,1,null,null,"Mobiliario Y Equipo",{"$f":"+G274+G276+G278+G280+G282","v":{"v":0,"d":"0.00"}},{"$f":"+H274+H276+H278+H280+H282","v":{"v":0,"d":"0.00"}},{"v":0,"d":"0.00"},{"v":58974.2,"d":"58,974.20"},{"v":79974.2,"d":"79,974.20"},{"v":21000,"d":"21,000.00"},{"v":138948.4,"d":"138,948.40"},{"v":298896.8,"d":"298,896.80"},{"v":0.1298581941384465,"d":"0.13"}]
[2,6,1,1,null,"Muebles, equipos de oficina y estantería",{"$f":"+G275","v":{"v":0,"d":"0.00"}},{"$f":"+H275","v":{"v":0,"d":"0.00"}},{"v":0,"d":"0.00"},{"v":0,"d":"0.00"},{"v":0,"d":"0.00"},{"v":0,"d":"0.00"},{"v":0,"d":"0.00"},{"v":0,"d":"0.00"},{"v":0,"d":"0.00"}]
[2,6,1,1,"`01","Muebles, equipos de oficina y estantería",{"$nulls":7},{"$f":"SUBTOTAL(9,G275:M275)","v":{"v":0,"d":"0.00"}},{"$f":"IFERROR(N275/$N$18*100,\"0.00\")","v":{"v":0,"d":"0.00"}}]
[2,6,1,2,null,"Muebles de alojamiento",{"$f":"+G277","v":{"v":0,"d":"0.00"}},{"$f":"+H277","v":{"v":0,"d":"0.00"}},{"v":0,"d":"0.00"},{"v":0,"d":"0.00"},{"v":0,"d":"0.00"},{"v":0,"d":"0.00"},{"v":0,"d":"0.00"},{"v":0,"d":"0.00"},{"$f":"+O277","v":{"v":0,"d":"0.00"}}]
[2,6,1,2,"`01","Muebles de alojamiento",{"$nulls":7},{"$f":"SUBTOTAL(9,G277:M277)","v":{"v":0,"d":"0.00"}},{"v":0,"d":"0.00"}]
[2,6,1,3,null,"Equipos de tecnología de la información y comunicación",{"$f":"+G279","v":{"v":0,"d":"0.00"}},{"$f":"+H279","v":{"v":0,"d":"0.00"}},{"v":0,"d":"0.00"},{"v":0,"d":"0.00"},{"v":21000,"d":"21,000.00"},{"v":21000,"d":"21,000.00"},{"v":21000,"d":"21,000.00"},{"v":63000,"d":"63,000.00"},{"v":0.027370872591215862,"d":"0.03"}]
[2,6,1,3,"`01","Equipos de tecnología de la información y comunicación",{"$nulls":4},{"v":21000,"d":"21,000.00"},{"v":21000,"d":"21,000.00"},{"v":21000,"d":"21,000.00"},{"$f":"SUBTOTAL(9,G279:M279)","v":{"v":63000,"d":"63,000.00"}},{"v":0.027370872591215862,"d":"0.03"}]
[2,6,1,4,null,"Electrodomesticos",{"$f":"+G281","v":{"v":0,"d":"0.00"}},{"$f":"+H281","v":{"v":0,"d":"0.00"}},{"v":0,"d":"0.00"},{"v":58974.2,"d":"58,974.20"},{"v":58974.2,"d":"58,974.20"},{"v":0,"d":"0.00"},{"v":58974.2,"d":"58,974.20"},{"v":176922.59999999998,"d":"176,922.60"},{"v":0.07686549116042297,"d":"0.08"}]
[2,6,1,4,"`01","Electrodomesticos",{"$nulls":3},{"v":58974.2,"d":"58,974.20"},{"v":58974.2,"d":"58,974.20"},null,{"v":58974.2,"d":"58,974.20"},{"$f":"SUBTOTAL(9,G281:M281)","v":{"v":176922.59999999998,"d":"176,922.60"}},{"v":0.07686549116042297,"d":"0.08"}]
[2,6,1,9,null,"Otros mobiliarios y equipos no identificados precedentemente",{"$f":"+G283","v":{"v":0,"d":"0.00"}},{"$f":"+H283","v":{"v":0,"d":"0.00"}},{"v":0,"d":"0.00"},{"v":0,"d":"0.00"},{"v":0,"d":"0.00"},{"v":0,"d":"0.00"},{"v":58974.2,"d":"58,974.20"},{"v":58974.2,"d":"58,974.20"},{"v":0.02562183038680766,"d":"0.03"}]
[2,6,1,9,"`01","Otros mobiliarios y equipos no identificados precedentemente",{"$nulls":6},{"v":58974.2,"d":"58,974.20"},{"v":58974.2,"d":"58,974.20"},{"v":0.02562183038680766,"d":"0.03"}]
[2,6,2,null,null,"Mobiliario y Equipo Audiovisual, Recreativo y Educacional ",{"$f":"+G285+G287+G289","v":{"v":0,"d":"0.00"}},{"$f":"+H285+H287+H289","v":{"v":261524,"d":"261,524.00"}},{"v":51974,"d":"51,974.00"},{"v":428864,"d":"428,864.00"},{"v":0,"d":"0.00"},{"v":0,"d":"0.00"},{"$f":"+M285+M287+M289","v":{"v":0,"d":"0.00"}},{"v":1003886,"d":"1,003,886.00"},{"v":0.436146600033418,"d":"0.44"}]
[2,6,2,1,null,"Equipos y aparatos audiovisuales",{"$f":"+G286","v":{"v":0,"d":"0.00"}},{"$f":"+H286","v":{"v":0,"d":"0.00"}},{"v":0,"d":"0.00"},{"v":0,"d":"0.00"},{"v":0,"d":"0.00"},{"v":0,"d":"0.00"},{"v":0,"d":"0.00"},{"v":0,"d":"0.00"},{"v":0,"d":"0.00"}]
[2,6,2,1,"`01","Equipos y aparatos audiovisuales",{"$nulls":7},{"v":0,"d":"0.00"},{"$f":"IFERROR(N286/$N$18*100,\"0.00\")","v":{"v":0,"d":"0.00"}}]
[2,6,2,3,null,"Cámaras fotográficas y de video",{"$f":"+G288","v":{"v":0,"d":"0.00"}},{"$f":"+H288+H289+H290+H291+H292+H293+H294","v":{"v":261524,"d":"261,524.00"}},{"v":51974,"d":"51,974.00"},{"v":428864,"d":"428,864.00"},{"v":0,"d":"0.00"},{"v":0,"d":"0.00"},{"v":0,"d":"0.00"},{"v":1003886,"d":"1,003,886.00"},{"$f":"+O288+O289+O290+O291+O292+O293+O294","v":{"v":0.436146600033418,"d":"0.44"}}]
[2,6,2,3,"`01","Cámaras fotográficas y de video",{"$nulls":7},{"$f":"SUBTOTAL(9,G288:M288)","v":{"v":0,"d":"0.00"}},{"$f":"IFERROR(N288/$N$18*100,\"0.00\")","v":{"v":0,"d":"0.00"}}]
[2,6,2,4,null,"Mobiliario y equipos educacional y  recreativos",{"$f":"+G290","v":{"v":0,"d":"0.00"}},{"$f":"+H290","v":{"v":0,"d":"0.00"}},{"v":0,"d":"0.00"},{"v":0,"d":"0.00"},{"v":0,"d":"0.00"},{"v":0,"d":"0.00"},{"v":0,"d":"0.00"},{"v":0,"d":"0.00"},{"v":0,"d":"0.00"}]
[2,6,2,4,"`01","Mobiliario y equipos educacional y  recreativos",{"$nulls":7},{"v":0,"d":"0.00"},{"v":0,"d":"0.00"}]
[2,6,3,null,null,"Equipo e Instrumental, Científico Y Laboratorio",{"$f":"+G292+G294","v":{"v":95837,"d":"95,837.00"}},{"$f":"+H292+H294","v":{"v":95837,"d":"95,837.00"}},{"v":25987,"d":"25,987.00"},{"v":151617,"d":"151,617.00"},{"v":0,"d":"0.00"},{"v":0,"d":"0.00"},{"v":0,"d":"0.00"},{"v":369278,"d":"369,278.00"},{"v":0.16043589029744465,"d":"0.16"}]
[2,6,3,1,null,"Equipo médico y de laboratorio",{"$f":"+G293","v":{"v":69850,"d":"69,850.00"}},{"$f":"+H293","v":{"v":69850,"d":"69,850.00"}},{"v":0,"d":"0.00"},{"v":125630,"d":"125,630.00"},{"v":0,"d":"0.00"},{"v":0,"d":"0.00"},{"v":0,"d":"0.00"},{"v":265330,"d":"265,330.00"},{"v":0.11527481943852866,"d":"0.12"}]
[2,6,3,1,"`01","Equipo médico y de laboratorio",{"v":69850,"d":"69,850.00"},{"v":69850,"d":"69,850.00"},null,{"v":125630,"d":"125,630.00"},{"$nulls":3},{"v":265330,"d":"265,330.00"},{"v":0.11527481943852866,"d":"0.12"}]
[2,6,3,2,null,"Instrumental médico y de laboratorio",{"$f":"+G295","v":{"v":25987,"d":"25,987.00"}},{"$f":"+H295","v":{"v":25987,"d":"25,987.00"}},{"v":25987,"d":"25,987.00"},{"v":25987,"d":"25,987.00"},{"v":0,"d":"0.00"},{"v":0,"d":"0.00"},{"v":0,"d":"0.00"},{"v":103948,"d":"103,948.00"},{"v":0.04516107085891598,"d":"0.05"}]
[2,6,3,2,"`01","Instrumental médico y de laboratorio",{"v":25987,"d":"25,987.00"},{"v":25987,"d":"25,987.00"},{"v":25987,"d":"25,987.00"},{"v":25987,"d":"25,987.00"},{"$nulls":3},{"v":103948,"d":"103,948.00"},{"v":0.04516107085891598,"d":"0.05"}]
[2,6,4,null,null,"Vehículos y Equipo de Transporte, Tracción y Elevación",{"$f":"+G297+G299+G301","v":{"v":0,"d":"0.00"}},{"$f":"+H297+H299+H301","v":{"v":0,"d":"0.00"}},{"v":0,"d":"0.00"},{"v":0,"d":"0.00"},{"v":0,"d":"0.00"},{"v":0,"d":"0.00"},{"v":0,"d":"0.00"},{"v":0,"d":"0.00"},{"v":0,"d":"0.00"}]
[2,6,4,1,null,"Automóviles y camiones",{"$f":"+G298","v":{"v":0,"d":"0.00"}},{"$f":"+H298","v":{"v":0,"d":"0.00"}},{"v":0,"d":"0.00"},{"v":0,"d":"0.00"},{"v":0,"d":"0.00"},{"v":0,"d":"0.00"},{"v":0,"d":"0.00"},{"v":0,"d":"0.00"},{"v":0,"d":"0.00"}]
[2,6,4,1,"`01","Automóviles y camiones",{"$nulls":7},{"$f":"SUBTOTAL(9,G298:M298)","v":{"v":0,"d":"0.00"}},{"$f":"IFERROR(N298/$N$18*100,\"0.00\")","v":{"v":0,"d":"0.00"}}]
[2,6,4,2,null,"Carrocerías y remolques",{"$f":"+G300","v":{"v":0,"d":"0.00"}},{"$f":"+H300","v":{"v":0,"d":"0.00"}},{"v":0,"d":"0.00"},{"v":0,"d":"0.00"},{"v":0,"d":"0.00"},{"v":0,"d":"0.00"},{"v":0,"d":"0.00"},{"v":0,"d":"0.00"},{"$f":"+O300","v":{"v":0,"d":"0.00"}}]
[2,6,4,2,"`01","Carrocerías y remolques",{"$nulls":7},{"v":0,"d":"0.00"},{"v":0,"d":"0.00"}]
[2,6,4,8,null,"Otros equipos de transporte",{"$f":"+G302","v":{"v":0,"d":"0.00"}},{"$f":"+H302","v":{"v":0,"d":"0.00"}},{"v":0,"d":"0.00"},{"v":0,"d":"0.00"},{"v":0,"d":"0.00"},{"v":0,"d":"0.00"},{"v":0,"d":"0.00"},{"v":0,"d":"0.00"},{"$f":"+O302","v":{"v":0,"d":"0.00"}}]
[2,6,4,8,"`01","Otros equipos de transporte",{"$nulls":7},{"v":0,"d":"0.00"},{"v":0,"d":"0.00"}]
[2,6,5,null,null,"Maquinaria, Otros Equipos y Herramientas",{"$f":"+G304+G306+G308+G310","v":{"v":11000,"d":"11,000.00"}},{"$f":"+H304+H306+H308+H310","v":{"v":11000,"d":"11,000.00"}},{"v":11000,"d":"11,000.00"},{"v":11000,"d":"11,000.00"},{"v":11000,"d":"11,000.00"},{"v":11000,"d":"11,000.00"},{"v":11000,"d":"11,000.00"},{"$f":"+N304+N306+N308+N310","v":{"v":77000,"d":"77,000.00"}},{"v":0.03345328872259717,"d":"0.03"}]
[2,6,5,2,null,"Maquinaria y equipo industrial",{"$f":"+G305","v":{"v":0,"d":"0.00"}},{"$f":"+H305","v":{"v":0,"d":"0.00"}},{"v":0,"d":"0.00"},{"v":0,"d":"0.00"},{"v":0,"d":"0.00"},{"v":0,"d":"0.00"},{"v":0,"d":"0.00"},{"$f":"+N305","v":{"v":0,"d":"0.00"}},{"v":0,"d":"0.00"}]
[2,6,5,2,"`01","Maquinaria y equipo industrial",{"$nulls":7},{"$f":"SUBTOTAL(9,G305:M305)","v":{"v":0,"d":"0.00"}},{"v":0,"d":"0.00"}]
[2,6,5,4,null,"Sistemas y equipos de climatización",{"$f":"+G307","v":{"v":11000,"d":"11,000.00"}},{"$f":"+H307","v":{"v":11000,"d":"11,000.00"}},{"v":11000,"d":"11,000.00"},{"v":11000,"d":"11,000.00"},{"v":11000,"d":"11,000.00"},{"v":11000,"d":"11,000.00"},{"v":11000,"d":"11,000.00"},{"v":77000,"d":"77,000.00"},{"v":0.03345328872259717,"d":"0.03"}]
[2,6,5,4,"`01","Sistemas y equipos de climatización",{"v":11000,"d":"11,000.00"},{"v":11000,"d":"11,000.00"},{"v":11000,"d":"11,000.00"},{"v":11000,"d":"11,000.00"},{"v":11000,"d":"11,000.00"},{"v":11000,"d":"11,000.00"},{"v":11000,"d":"11,000.00"},{"$f":"SUBTOTAL(9,G307:M307)","v":{"v":77000,"d":"77,000.00"}},{"v":0.03345328872259717,"d":"0.03"}]
[2,6,5,5,null,"Equipo de comunicación, telecomunicaciones y señalamiento",{"$f":"+G309","v":{"v":0,"d":"0.00"}},{"$f":"+H309","v":{"v":0,"d":"0.00"}},{"v":0,"d":"0.00"},{"v":0,"d":"0.00"},{"v":0,"d":"0.00"},{"v":0,"d":"0.00"},{"v":0,"d":"0.00"},{"v":0,"d":"0.00"},{"v":0,"d":"0.00"}]
[2,6,5,5,"`01","Equipo de comunicación, telecomunicaciones y señalamiento",{"$nulls":7},{"v":0,"d":"0.00"},{"v":0,"d":"0.00"}]
[2,6,5,6,null,"Equipo de generación eléctrica, aparatos y accesorios eléctricos",{"$f":"+G311","v":{"v":0,"d":"0.00"}},{"$f":"+H311","v":{"v":0,"d":"0.00"}},{"v":0,"d":"0.00"},{"v":0,"d":"0.00"},{"v":0,"d":"0.00"},{"v":0,"d":"0.00"},{"v":0,"d":"0.00"},{"v":0,"d":"0.00"},{"v":0,"d":"0.00"}]
[2,6,5,6,"`01","Equipo de generación eléctrica, aparatos y accesorios eléctricos",{"$nulls":7},{"v":0,"d":"0.00"},{"v":0,"d":"0.00"}]
[2,6,6,null,null,"Equipos de defensa y seguridad",{"$f":"+G313","v":{"v":0,"d":"0.00"}},{"$f":"+H313","v":{"v":0,"d":"0.00"}},{"v":0,"d":"0.00"},{"v":0,"d":"0.00"},{"v":0,"d":"0.00"},{"v":0,"d":"0.00"},{"v":0,"d":"0.00"},{"$f":"+N313","v":{"v":0,"d":"0.00"}},{"v":0,"d":"0.00"}]
[2,6,6,1,null,"Equipos de defensa de defensa",{"$f":"+G314","v":{"v":0,"d":"0.00"}},{"v":0,"d":"0.00"},{"v":0,"d":"0.00"},{"v":0,"d":"0.00"},{"v":0,"d":"0.00"},{"v":0,"d":"0.00"},{"v":0,"d":"0.00"},{"$f":"+N314","v":{"v":0,"d":"0.00"}},{"v":0,"d":"0.00"}]
[2,6,6,1,"`01","Equipos de defensa de defensa",{"$nulls":7},{"v":0,"d":"0.00"},{"v":0,"d":"0.00"}]
[2,6,8,null,null,"Bienes Intangibles",{"$f":"+G316+G319+G321+G323","v":{"v":0,"d":"0.00"}},{"$f":"+H316+H319+H321+H323","v":{"v":0,"d":"0.00"}},{"v":0,"d":"0.00"},{"v":1370000,"d":"1,370,000.00"},{"v":0,"d":"0.00"},{"v":0,"d":"0.00"},{"v":0,"d":"0.00"},{"$f":"+N316+N319+N321+N323","v":{"v":1370000,"d":"1,370,000.00"}},{"v":0.5952078642851704,"d":"0.60"}]
[2,6,8,3,null,"Programas de informática y base de datos",{"$f":"+G317+G318","v":{"v":0,"d":"0.00"}},{"$f":"+H317+H318","v":{"v":0,"d":"0.00"}},{"v":0,"d":"0.00"},{"v":190000,"d":"190,000.00"},{"v":0,"d":"0.00"},{"v":0,"d":"0.00"},{"v":0,"d":"0.00"},{"v":190000,"d":"190,000.00"},{"v":0.08254707606874626,"d":"0.08"}]
[2,6,8,3,"`01","Programas de informática",{"$nulls":3},{"v":190000,"d":"190,000.00"},{"$nulls":3},{"$f":"SUBTOTAL(9,G317:M317)","v":{"v":190000,"d":"190,000.00"}},{"$f":"IFERROR(N317/$N$18*100,\"0.00\")","v":{"v":0.08254707606874626,"d":"0.08"}}]
[2,6,8,3,"`02","Base de datos",{"$nulls":7},{"$f":"SUBTOTAL(9,G318:M318)","v":{"v":0,"d":"0.00"}},{"v":0,"d":"0.00"}]
[2,6,8,5,null,"Estudios de preinversión",{"$f":"+G320","v":{"v":0,"d":"0.00"}},{"$f":"+H320","v":{"v":0,"d":"0.00"}},{"v":0,"d":"0.00"},{"v":0,"d":"0.00"},{"v":0,"d":"0.00"},{"v":0,"d":"0.00"},{"v":0,"d":"0.00"},{"v":0,"d":"0.00"},{"v":0,"d":"0.00"}]
[2,6,8,5,"`01","Estudios de preinversión",{"$nulls":7},{"$f":"SUBTOTAL(9,G320:M320)","v":{"v":0,"d":"0.00"}},{"v":0,"d":"0.00"}]
[2,6,8,8,null,"Licencias informáticas e intelectuales, industriales y comerciales",{"$f":"+G322","v":{"v":0,"d":"0.00"}},{"$f":"+H322","v":{"v":0,"d":"0.00"}},{"v":0,"d":"0.00"},{"v":1180000,"d":"1,180,000.00"},{"v":0,"d":"0.00"},{"v":0,"d":"0.00"},{"v":0,"d":"0.00"},{"v":1180000,"d":"1,180,000.00"},{"v":0.5126607882164241,"d":"0.51"}]
[2,6,8,8,"`01","Licencias Informáticas",{"$nulls":3},{"v":1180000,"d":"1,180,000.00"},{"$nulls":3},{"$f":"SUBTOTAL(9,G322:M322)","v":{"v":1180000,"d":"1,180,000.00"}},{"v":0.5126607882164241,"d":"0.51"}]
[2,6,8,9,null,"Otros activos intangibles",{"$f":"+G324","v":{"v":0,"d":"0.00"}},{"$f":"+H324","v":{"v":0,"d":"0.00"}},{"v":0,"d":"0.00"},{"v":0,"d":"0.00"},{"v":0,"d":"0.00"},{"v":0,"d":"0.00"},{"v":0,"d":"0.00"},{"$f":"+N324","v":{"v":0,"d":"0.00"}},{"v":0,"d":"0.00"}]
[2,6,8,9,"`01","Otros activos intangibles",{"$nulls":7},{"$f":"SUBTOTAL(9,G324:M324)","v":{"v":0,"d":"0.00"}},{"v":0,"d":"0.00"}]
[2,7,{"$nulls":3},"Obras",{"$f":"+G326","v":{"v":0,"d":"0.00"}},{"$f":"+H326","v":{"v":0,"d":"0.00"}},{"v":0,"d":"0.00"},{"v":0,"d":"0.00"},{"v":0,"d":"0.00"},{"v":0,"d":"0.00"},{"v":0,"d":"0.00"},{"v":0,"d":"0.00"},{"v":0,"d":"0.00"}]
[2,7,1,null,null,"Obras En Edificaciones",{"$f":"+G327","v":{"v":0,"d":"0.00"}},{"v":0,"d":"0.00"},{"v":0,"d":"0.00"},{"v":0,"d":"0.00"},{"v":0,"d":"0.00"},{"v":0,"d":"0.00"},{"v":0,"d":"0.00"},{"v":0,"d":"0.00"},{"v":0,"d":"0.00"}]
[2,7,1,2,null,"Obras para edificación no residencial",{"$f":"+G328","v":{"v":0,"d":"0.00"}},{"v":0,"d":"0.00"},{"v":0,"d":"0.00"},{"v":0,"d":"0.00"},{"v":0,"d":"0.00"},{"v":0,"d":"0.00"},{"v":0,"d":"0.00"},{"v":0,"d":"0.00"},{"v":0,"d":"0.00"}]
[2,7,1,2,"`01","Obras para edificación no residencial",{"$nulls":7},{"$f":"SUBTOTAL(9,G328:M328)","v":{"v":0,"d":"0.00"}},{"v":0,"d":"0.00"}]

{"sheet":"PPNE5","index":6,"n_rows":326,"n_cols":11,"rows_kept":326,"merged":[[0,0,0,10],[1,0,1,10],[2,0,2,10],[3,0,3,10],[4,0,4,10],[5,5,5,10],[6,5,6,10],[15,0,16,0],[15,1,16,1],[15,2,16,2],[15,3,16,3],[15,4,16,4],[15,5,16,5],[15,6,16,6],[15,7,16,7],[15,8,16,8],[15,9,16,9],[15,10,16,10]]}
[{"$f":"+PPNE1!B1","v":"Plan Operativo Anual"}]
["Servicio Nacional de Salud"]
["Dirección de Planificación y Desarrollo"]
["Consolidado Presupuesto Estimado de Ingresos y Gastos Nivel Especializado por Fuente de Financiamiento"]
[{"$f":"+PPNE1!C5","v":2026}]
["Servicio Regional de Salud:",{"$nulls":4},{"$f":"+PPNE1!B6","v":"Cibao Sur"}]
["Establecimiento:",{"$nulls":4},{"$f":"+PPNE1!B7","v":0}]
["Estimación de Ingresos"]
["        Anticipos Financieros",{"$nulls":5},{"$f":"+PPNE3!F16","v":{"v":4750000,"d":"4,750,000.00"}}]
["        Venta de Servicios y Otros Ingresos",{"$nulls":5},{"$f":"+PPNE3!F25","v":{"v":27860000,"d":"27,860,000.00"}}]
["        Aportes SNS Nómina",{"$nulls":5},{"$f":"+PPNE3!F15","v":{"v":187971689.96,"d":"187,971,689.96"}}]
["        Otros Aportes",{"$nulls":5},{"$f":"+PPNE3!F9+PPNE3!F17+PPNE3!F21+PPNE3!F22","v":{"v":9410000,"d":"9,410,000.00"}}]
["Transferencias Corrientes ",{"$nulls":5},{"$f":"+PPNE3!F18","v":{"v":180000,"d":"180,000.00"}}]
["      Total Ingresos RD$",{"$nulls":5},{"$f":"SUM(G9:G13)","v":{"v":230171689.96,"d":"230,171,689.96"}}]
["Estimación de Gastos"]
["Tipo","Objeto","Cuenta","Sub-Cuenta","Auxiliar","Descripción Gasto por Cuenta","Anticipos Financieros / Transferencias","Venta de Servicios","Nómina","Total RD$","%"]
[]
[2,{"$nulls":4},"Egresos",{"$f":"+G19+G67+G170+G254+G270+G323","v":{"v":4750000,"d":"4,750,000.00"}},{"$f":"+H19+H67+H170+H254+H270+H323","v":{"v":37450000,"d":"37,450,000.00"}},{"v":187971689.95999998,"d":"187,971,689.96"},{"v":281207797.65,"d":"281,207,797.65"},{"v":100.00000000000003,"d":"100.00"}]
[2,1,{"$nulls":3},"Servicios Personales",{"$f":"+G20+G42+G54+G58","v":{"v":0,"d":"0.00"}},{"$f":"+H20+H47+H63+H70+H78","v":{"v":2086000,"d":"2,086,000.00"}},{"$f":"+I20+I47+I63+I70+I78","v":{"v":187971689.95999998,"d":"187,971,689.96"}},{"$f":"+J20+J47+J63+J70+J78","v":{"v":190112810.26999998,"d":"190,112,810.27"}},{"$f":"+K20+K47+K63+K70+K78","v":{"v":67.6058103149118,"d":"67.61"}}]
[2,1,1,null,null,"Remuneraciones",{"$f":"+G21+G26+G33+G35+G37","v":{"v":0,"d":"0.00"}},{"$f":"+H21+H28+H36+H38+H40+H45","v":{"v":2086000,"d":"2,086,000.00"}},{"$f":"+I21+I28+I36+I38+I40+I45","v":{"v":187971689.95999998,"d":"187,971,689.96"}},{"$f":"+J21+J28+J36+J38+J40+J45","v":{"v":190057689.95999998,"d":"190,057,689.96"}},{"$f":"+K21+K28+K36+K38+K40+K45","v":{"v":67.58620904124136,"d":"67.59"}}]
[2,1,1,1,null,"Remuneraciones al personal fijo",{"$f":"SUM(G22:G25)","v":{"v":0,"d":"0.00"}},{"$f":"SUM(H22:H27)","v":{"v":2086000,"d":"2,086,000.00"}},{"$f":"SUM(I22:I27)","v":{"v":173512329.2,"d":"173,512,329.20"}},{"$f":"SUM(J22:J27)","v":{"v":175598329.2,"d":"175,598,329.20"}},{"$f":"SUM(K22:K27)","v":{"v":62.444331440110055,"d":"62.44"}}]
[2,1,1,1,"`01","Sueldos fijos",null,null,{"v":81161124.82,"d":"81,161,124.82"},{"$f":"SUBTOTAL(9,G22:I22)","v":{"v":81161124.82,"d":"81,161,124.82"}},{"$f":"IFERROR(J22/$J$18*100,\"0.00\")","v":{"v":28.861619591721162,"d":"28.86"}}]
[2,1,1,1,"`02","Sueldos a medicos",null,null,{"v":92351204.38,"d":"92,351,204.38"},{"v":92351204.38,"d":"92,351,204.38"},{"$f":"IFERROR(J23/$J$18*100,\"0.00\")","v":{"v":32.84091165030324,"d":"32.84"}}]
[2,1,1,1,"`05","Incentivos y escalafón",null,{"v":2086000,"d":"2,086,000.00"},null,{"v":2086000,"d":"2,086,000.00"},{"v":0.7418001980856522,"d":"0.74"}]
[2,1,1,1,"`06","Nuevas plazas a medicos",{"$nulls":3},{"v":0,"d":"0.00"},{"v":0,"d":"0.00"}]
[2,1,1,2,null,"Remuneraciones al personal con carácter transitorio",{"$f":"SUM(G27:G32)","v":{"v":0,"d":"0.00"}},{"$f":"SUM(H27:H32)","v":{"v":0,"d":"0.00"}},{"v":0,"d":"0.00"},{"$f":"SUM(J27:J32)","v":{"v":0,"d":"0.00"}},{"v":0,"d":"0.00"}]
[2,1,1,2,"`03","Suplencias",{"$nulls":3},{"v":0,"d":"0.00"},{"v":0,"d":"0.00"}]
[2,1,1,2,"`05","Sueldo al personal nominal en período probatorio",{"$nulls":3},{"$f":"SUBTOTAL(9,G28:I28)","v":{"v":0,"d":"0.00"}},{"$f":"IFERROR(J28/$J$18*100,\"0.00\")","v":{"v":0,"d":"0.00"}}]
[2,1,1,2,"`06"," Jornales",{"$nulls":3},{"v":0,"d":"0.00"},{"v":0,"d":"0.00"}]
[2,1,1,2,"`08","Empleados temporales",{"$nulls":3},{"v":0,"d":"0.00"},{"v":0,"d":"0.00"}]
[2,1,1,2,"`09","Personal de carácter eventual",{"$nulls":3},{"v":0,"d":"0.00"},{"v":0,"d":"0.00"}]
[2,1,1,2,"`11","Interinato",{"$nulls":3},{"v":0,"d":"0.00"},{"v":0,"d":"0.00"}]
[2,1,1,3,null,"Sueldos al personal fijo en trámite de pensiones",{"$f":"G34","v":{"v":0,"d":"0.00"}},{"$f":"H34","v":{"v":0,"d":"0.00"}},{"v":0,"d":"0.00"},{"v":0,"d":"0.00"},{"v":0,"d":"0.00"}]
[2,1,1,3,"`01","Sueldos al personal fijo en trámite de pensiones",{"$nulls":3},{"$f":"SUBTOTAL(9,G34:I34)","v":{"v":0,"d":"0.00"}},{"v":0,"d":"0.00"}]
[2,1,1,4,null,"Sueldo anual No. 13",{"$f":"G36","v":{"v":0,"d":"0.00"}},{"$f":"H36","v":{"v":0,"d":"0.00"}},{"v":14459360.76,"d":"14,459,360.76"},{"v":14459360.76,"d":"14,459,360.76"},{"v":5.141877601131307,"d":"5.14"}]
[2,1,1,4,"`01","Sueldo anual No. 13",null,null,{"v":14459360.76,"d":"14,459,360.76"},{"v":14459360.76,"d":"14,459,360.76"},{"$f":"IFERROR(J36/$J$18*100,\"0.00\")","v":{"v":5.141877601131307,"d":"5.14"}}]
[2,1,1,5,null,"Prestacianes economicas",{"$f":"SUM(G38:G41)","v":{"v":0,"d":"0.00"}},{"$f":"SUM(H38:H41)","v":{"v":0,"d":"0.00"}},{"v":0,"d":"0.00"},{"v":0,"d":"0.00"},{"v":0,"d":"0.00"}]
[2,1,1,5,"`01","Prestacianes economicas",{"$nulls":3},{"v":0,"d":"0.00"},{"v":0,"d":"0.00"}]
[2,1,1,5,"`02","Pago de porcentaje por desvinculación de cargo",{"$nulls":3},{"v":0,"d":"0.00"},{"v":0,"d":"0.00"}]
[2,1,1,5,"`03","Prestacion laboral por desvinculación",{"$nulls":3},{"v":0,"d":"0.00"},{"v":0,"d":"0.00"}]
[2,1,1,5,"`04","Proporción de vacaciones no disfrutadas",{"$nulls":3},{"v":0,"d":"0.00"},{"v":0,"d":"0.00"}]
[2,1,2,null,null,"Sobresueldos",{"$f":"+G43+G45","v":{"v":0,"d":"0.00"}},{"$f":"+H43+H45","v":{"v":0,"d":"0.00"}},{"v":0,"d":"0.00"},{"v":0,"d":"0.00"},{"v":0,"d":"0.00"}]
[2,1,2,1,null,"Primas por antigüedad",{"$f":"G44","v":{"v":0,"d":"0.00"}},{"$f":"H44","v":{"v":0,"d":"0.00"}},{"v":0,"d":"0.00"},{"v":0,"d":"0.00"},{"v":0,"d":"0.00"}]
[2,1,2,1,"`01","Primas por antigüedad",{"$nulls":3},{"$f":"SUBTOTAL(9,G44:I44)","v":{"v":0,"d":"0.00"}},{"$f":"IFERROR(J44/$J$18*100,\"0.00\")","v":{"v":0,"d":"0.00"}}]
[2,1,2,2,null,"Compensación",{"$f":"SUM(G46:G53)","v":{"v":0,"d":"0.00"}},{"$f":"SUM(H46:H53)","v":{"v":0,"d":"0.00"}},{"v":0,"d":"0.00"},{"v":0,"d":"0.00"},{"v":0,"d":"0.00"}]
[2,1,2,2,"`03","Pago de horas extraordinarias, Horas extraordinarias fin de año (Reglamento 523-09)",{"$nulls":3},{"$f":"SUBTOTAL(9,G46:I46)","v":{"v":0,"d":"0.00"}},{"$f":"IFERROR(J46/$J$18*100,\"0.00\")","v":{"v":0,"d":"0.00"}}]
[2,1,2,2,"`04","Prima de transporte",{"$nulls":3},{"$f":"SUBTOTAL(9,G47:I47)","v":{"v":0,"d":"0.00"}},{"v":0,"d":"0.00"}]
[2,1,2,2,"`05","Compensación servicios de Seguridad",{"$nulls":3},{"v":0,"d":"0.00"},{"v":0,"d":"0.00"}]
[2,1,2,2,"`06","Incentivo por rendimiento individual",{"$nulls":3},{"v":0,"d":"0.00"},{"v":0,"d":"0.00"}]
[2,1,2,2,"`07","Compensación por distancia",{"$nulls":3},{"v":0,"d":"0.00"},{"v":0,"d":"0.00"}]
[2,1,2,2,"`08","Compensaciones especiales",{"$nulls":3},{"v":0,"d":"0.00"},{"v":0,"d":"0.00"}]
[2,1,2,2,"`09","Bono por desempeño",{"$nulls":3},{"v":0,"d":"0.00"},{"v":0,"d":"0.00"}]
[2,1,2,2,"`10","Compensación por cumplimiento de indicadores",{"$nulls":3},{"v":0,"d":"0.00"},{"$f":"IFERROR(J53/$J$18*100,\"0.00\")","v":{"v":0,"d":"0.00"}}]
[2,1,3,null,null,"Dietas y Gastos de Representación",{"$f":"+G55","v":{"v":0,"d":"0.00"}},{"$f":"+H55","v":{"v":0,"d":"0.00"}},{"v":0,"d":"0.00"},{"v":0,"d":"0.00"},{"v":0,"d":"0.00"}]
[2,1,3,2,null,"Gastos de representación",{"$f":"SUM(G56:G57)","v":{"v":0,"d":"0.00"}},{"$f":"SUM(H56:H57)","v":{"v":0,"d":"0.00"}},{"v":0,"d":"0.00"},{"v":0,"d":"0.00"},{"$f":"SUM(K56:K57)","v":{"v":0,"d":"0.00"}}]
[2,1,3,2,"`01","Gastos de representación en el país",{"$nulls":3},{"$f":"SUBTOTAL(9,G56:I56)","v":{"v":0,"d":"0.00"}},{"$f":"IFERROR(J56/$J$18*100,\"0.00\")","v":{"v":0,"d":"0.00"}}]
[2,1,3,2,"`02","Gastos de representación en el exterior",{"$nulls":3},{"$f":"SUBTOTAL(9,G57:I57)","v":{"v":0,"d":"0.00"}},{"$f":"IFERROR(J57/$J$18*100,\"0.00\")","v":{"v":0,"d":"0.00"}}]
[2,1,5,null,null,"Contribuciones a la Seguridad Social y Riesgo Laboral",{"$f":"G59+G61+G63+G65","v":{"v":0,"d":"0.00"}},{"$f":"H59+H61+H63+H65","v":{"v":0,"d":"0.00"}},{"v":0,"d":"0.00"},{"v":0,"d":"0.00"},{"v":0,"d":"0.00"}]
[2,1,5,1,null,"Contribuciones al seguro de salud",{"$f":"G60","v":{"v":0,"d":"0.00"}},{"$f":"H60","v":{"v":0,"d":"0.00"}},{"v":0,"d":"0.00"},{"v":0,"d":"0.00"},{"v":0,"d":"0.00"}]
[2,1,5,1,"`01","Contribuciones al seguro de salud",{"$nulls":3},{"v":0,"d":"0.00"},{"$f":"IFERROR(J60/$J$18*100,\"0.00\")","v":{"v":0,"d":"0.00"}}]
[2,1,5,2,null,"Contribuciones al seguro de pensiones",{"$f":"G62","v":{"v":0,"d":"0.00"}},{"$f":"H62","v":{"v":0,"d":"0.00"}},{"$f":"I62","v":{"v":0,"d":"0.00"}},{"$f":"J62","v":{"v":0,"d":"0.00"}},{"$f":"K62","v":{"v":0,"d":"0.00"}}]
[2,1,5,2,"`01","Contribuciones al seguro de pensiones",{"$nulls":3},{"$f":"SUBTOTAL(9,G62:I62)","v":{"v":0,"d":"0.00"}},{"$f":"IFERROR(J62/$J$18*100,\"0.00\")","v":{"v":0,"d":"0.00"}}]
[2,1,5,3,null,"Contribuciones al seguro de riesgo laboral",{"$f":"G64","v":{"v":0,"d":"0.00"}},{"$f":"H64","v":{"v":0,"d":"0.00"}},{"v":0,"d":"0.00"},{"v":0,"d":"0.00"},{"v":0,"d":"0.00"}]
[2,1,5,3,"`01","Contribuciones al seguro de riesgo laboral",{"$nulls":3},{"$f":"SUBTOTAL(9,G64:I64)","v":{"v":0,"d":"0.00"}},{"$f":"IFERROR(J64/$J$18*100,\"0.00\")","v":{"v":0,"d":"0.00"}}]
[2,1,5,4,null,"Contribuciones al plan de retiro complementario",{"$f":"G66","v":{"v":0,"d":"0.00"}},{"$f":"H66","v":{"v":0,"d":"0.00"}},{"v":0,"d":"0.00"},{"v":0,"d":"0.00"},{"v":0,"d":"0.00"}]
[2,1,5,4,"`01","Contribuciones al plan de retiro complementario",{"$nulls":3},{"$f":"SUBTOTAL(9,G66:I66)","v":{"v":0,"d":"0.00"}},{"$f":"IFERROR(J66/$J$18*100,\"0.00\")","v":{"v":0,"d":"0.00"}}]
[2,2,{"$nulls":3},"Contratacion de servicios",{"$f":"+G68+G82+G87+G92+G99+G116+G125+G143","v":{"v":673000.0000000001,"d":"673,000.00"}},{"$f":"+H68+H82+H87+H92+H99+H116+H125+H143","v":{"v":3068428.44,"d":"3,068,428.44"}},{"v":0,"d":"0.00"},{"v":46452349.87000001,"d":"46,452,349.87"},{"v":16.51886976755035,"d":"16.52"}]
[2,2,1,null,null,"Servicios Básicos",{"$f":"+G69+G71+G73+G75+G78+G80","v":{"v":282527.74,"d":"282,527.74"}},{"$f":"+H69+H71+H73+H75+H78+H80","v":{"v":81640,"d":"81,640.00"}},{"v":0,"d":"0.00"},{"v":364167.74000000005,"d":"364,167.74"},{"v":0.12950129514305095,"d":"0.13"}]
[2,2,1,2,null,"Servicios telefónico de larga distancia",{"$f":"G70","v":{"v":0,"d":"0.00"}},{"$f":"H70","v":{"v":0,"d":"0.00"}},{"v":0,"d":"0.00"},{"$f":"J70","v":{"v":0,"d":"0.00"}},{"v":0,"d":"0.00"}]
[2,2,1,2,"`01","Servicios telefónico de larga distancia",{"$nulls":3},{"$f":"SUBTOTAL(9,G70:I70)","v":{"v":0,"d":"0.00"}},{"v":0,"d":"0.00"}]
[2,2,1,3,null,"Teléfono local",{"$f":"G72","v":{"v":199847.28,"d":"199,847.28"}},{"$f":"H72","v":{"v":0,"d":"0.00"}},{"v":0,"d":"0.00"},{"v":199847.28,"d":"199,847.28"},{"v":0.07106747454021035,"d":"0.07"}]
[2,2,1,3,"`01","Teléfono local",{"v":199847.28,"d":"199,847.28"},null,null,{"$f":"SUBTOTAL(9,G72:I72)","v":{"v":199847.28,"d":"199,847.28"}},{"v":0.07106747454021035,"d":"0.07"}]
[2,2,1,5,null,"Servicio de internet y televisión por cable",{"$f":"G74","v":{"v":0,"d":"0.00"}},{"$f":"H74","v":{"v":81640,"d":"81,640.00"}},{"v":0,"d":"0.00"},{"v":81640,"d":"81,640.00"},{"v":0.029031911875221788,"d":"0.03"}]
[2,2,1,5,"`01","Servicio de internet y televisión por cable",null,{"v":81640,"d":"81,640.00"},null,{"$f":"SUBTOTAL(9,G74:I74)","v":{"v":81640,"d":"81,640.00"}},{"v":0.029031911875221788,"d":"0.03"}]
[2,2,1,6,null,"Electricidad",{"$f":"G76+G77","v":{"v":0,"d":"0.00"}},{"$f":"H76+H77","v":{"v":0,"d":"0.00"}},{"v":0,"d":"0.00"},{"v":0,"d":"0.00"},{"v":0,"d":"0.00"}]
[2,2,1,6,"`01","Energía eléctrica",{"$nulls":3},{"$f":"SUBTOTAL(9,G76:I76)","v":{"v":0,"d":"0.00"}},{"v":0,"d":"0.00"}]
[2,2,1,6,"`02","Electricidad no cortable",{"$nulls":3},{"$f":"SUBTOTAL(9,G77:I77)","v":{"v":0,"d":"0.00"}},{"v":0,"d":"0.00"}]
[2,2,1,7,null,"Agua",{"$f":"G79","v":{"v":55120.31,"d":"55,120.31"}},{"$f":"H79","v":{"v":0,"d":"0.00"}},{"v":0,"d":"0.00"},{"v":55120.31,"d":"55,120.31"},{"v":0.01960127367044226,"d":"0.02"}]
[2,2,1,7,"`01","Agua",{"v":55120.31,"d":"55,120.31"},null,null,{"$f":"SUBTOTAL(9,G79:I79)","v":{"v":55120.31,"d":"55,120.31"}},{"v":0.01960127367044226,"d":"0.02"}]
[2,2,1,8,null,"Recolección de residuos sólidos",{"$f":"G81","v":{"v":27560.15,"d":"27,560.15"}},{"$f":"H81","v":{"v":0,"d":"0.00"}},{"v":0,"d":"0.00"},{"v":27560.15,"d":"27,560.15"},{"v":0.009800635057176554,"d":"0.01"}]
[2,2,1,8,"`01","Recolección de residuos sólidos",{"v":27560.15,"d":"27,560.15"},null,null,{"$f":"SUBTOTAL(9,G81:I81)","v":{"v":27560.15,"d":"27,560.15"}},{"v":0.009800635057176554,"d":"0.01"}]
[2,2,2,null,null,"Publicidad Impresión y Encuadernación",{"$f":"+G83+G85","v":{"v":0,"d":"0.00"}},{"$f":"+H83+H85","v":{"v":0,"d":"0.00"}},{"v":0,"d":"0.00"},{"v":0,"d":"0.00"},{"v":0,"d":"0.00"}]
[2,2,2,1,null,"Publicidad y propaganda",{"$f":"G84","v":{"v":0,"d":"0.00"}},{"$f":"H84","v":{"v":0,"d":"0.00"}},{"v":0,"d":"0.00"},{"v":0,"d":"0.00"},{"v":0,"d":"0.00"}]
[2,2,2,1,"`01","Publicidad y propaganda",{"$nulls":3},{"$f":"SUBTOTAL(9,G84:I84)","v":{"v":0,"d":"0.00"}},{"v":0,"d":"0.00"}]
[2,2,2,2,null,"Impresión y encuadernación",{"$f":"G86","v":{"v":0,"d":"0.00"}},{"$f":"H86","v":{"v":0,"d":"0.00"}},{"$f":"I86","v":{"v":0,"d":"0.00"}},{"$f":"J86","v":{"v":0,"d":"0.00"}},{"$f":"K86","v":{"v":0,"d":"0.00"}}]
[2,2,2,2,"`01","Impresión y encuadernación",{"$nulls":3},{"$f":"SUBTOTAL(9,G86:I86)","v":{"v":0,"d":"0.00"}},{"v":0,"d":"0.00"}]
[2,2,3,null,null,"Viáticos",{"$f":"+G88+G90","v":{"v":103846.66,"d":"103,846.66"}},{"$f":"+H88+H90","v":{"v":212306.6,"d":"212,306.60"}},{"v":0,"d":"0.00"},{"v":316153.26,"d":"316,153.26"},{"v":0.11242691797383735,"d":"0.11"}]
[2,2,3,1,null,"Viáticos dentro del país",{"$f":"G89","v":{"v":103846.66,"d":"103,846.66"}},{"$f":"H89","v":{"v":212306.6,"d":"212,306.60"}},{"v":0,"d":"0.00"},{"v":316153.26,"d":"316,153.26"},{"v":0.11242691797383735,"d":"0.11"}]
[2,2,3,1,"`01","Viáticos dentro del país",{"v":103846.66,"d":"103,846.66"},{"v":212306.6,"d":"212,306.60"},null,{"$f":"SUBTOTAL(9,G89:I89)","v":{"v":316153.26,"d":"316,153.26"}},{"v":0.11242691797383735,"d":"0.11"}]
[2,2,3,2,null,"Viáticos fuera del país",{"$f":"G91","v":{"v":0,"d":"0.00"}},{"$f":"H91","v":{"v":0,"d":"0.00"}},{"v":0,"d":"0.00"},{"v":0,"d":"0.00"},{"v":0,"d":"0.00"}]
[2,2,3,2,"`01","Viáticos fuera del país",{"$nulls":3},{"$f":"SUBTOTAL(9,G91:I91)","v":{"v":0,"d":"0.00"}},{"v":0,"d":"0.00"}]
[2,2,4,null,null,"Transporte y Alamcenaje",{"$f":"+G93+G95+G97","v":{"v":0,"d":"0.00"}},{"$f":"+H93+H95+H97","v":{"v":84000,"d":"84,000.00"}},{"v":0,"d":"0.00"},{"v":84000,"d":"84,000.00"},{"v":0.02987114891620076,"d":"0.03"}]
[2,2,4,1,null,"Pasajes y gastos de transporte",{"$f":"G94","v":{"v":0,"d":"0.00"}},{"$f":"H94","v":{"v":0,"d":"0.00"}},{"v":0,"d":"0.00"},{"v":0,"d":"0.00"},{"v":0,"d":"0.00"}]
[2,2,4,1,"`01","Pasajes y gastos de transporte",{"$nulls":3},{"$f":"SUBTOTAL(9,G94:I94)","v":{"v":0,"d":"0.00"}},{"v":0,"d":"0.00"}]
[2,2,4,2,null,"Fletes",{"$f":"G96","v":{"v":0,"d":"0.00"}},{"$f":"H96","v":{"v":84000,"d":"84,000.00"}},{"v":0,"d":"0.00"},{"v":84000,"d":"84,000.00"},{"v":0.02987114891620076,"d":"0.03"}]
[2,2,4,2,"`01","Fletes",null,{"v":84000,"d":"84,000.00"},null,{"$f":"SUBTOTAL(9,G96:I96)","v":{"v":84000,"d":"84,000.00"}},{"v":0.02987114891620076,"d":"0.03"}]
[2,2,4,4,null,"Peaje",{"$f":"G98","v":{"v":0,"d":"0.00"}},{"$f":"H98","v":{"v":0,"d":"0.00"}},{"v":0,"d":"0.00"},{"v":0,"d":"0.00"},{"v":0,"d":"0.00"}]
[2,2,4,4,"`01","Peaje",{"$nulls":3},{"$f":"SUBTOTAL(9,G98:I98)","v":{"v":0,"d":"0.00"}},{"v":0,"d":"0.00"}]
[2,2,5,null,null,"Alquileres y Rentas",{"$f":"+G100+G102+G104+G110+G112","v":{"v":0,"d":"0.00"}},{"$f":"+H100+H102+H104+H110+H112","v":{"v":30500,"d":"30,500.00"}},{"v":0,"d":"0.00"},{"v":30500,"d":"30,500.00"},{"v":0.01084607192790623,"d":"0.01"}]
[2,2,5,1,null,"Alquilleres y rentas de edificios y locales",{"$f":"G101","v":{"v":0,"d":"0.00"}},{"$f":"H101","v":{"v":0,"d":"0.00"}},{"v":0,"d":"0.00"},{"v":0,"d":"0.00"},{"v":0,"d":"0.00"}]
[2,2,5,1,"`01","Alquilleres y rentas de edificios y locales",{"$nulls":3},{"$f":"SUBTOTAL(9,G101:I101)","v":{"v":0,"d":"0.00"}},{"v":0,"d":"0.00"}]
[2,2,5,2,null,"Alquileres de máquinas y equipos de producción",{"$f":"G103","v":{"v":0,"d":"0.00"}},{"$f":"H103","v":{"v":0,"d":"0.00"}},{"v":0,"d":"0.00"},{"v":0,"d":"0.00"},{"v":0,"d":"0.00"}]
[2,2,5,2,"`01","Alquileres de máquinas y equipos de producción",{"$nulls":3},{"$f":"SUBTOTAL(9,G103:I103)","v":{"v":0,"d":"0.00"}},{"v":0,"d":"0.00"}]
[2,2,5,3,null,"Alquileres de equipos",{"$f":"SUM(G105:G109)","v":{"v":0,"d":"0.00"}},{"$f":"SUM(H105:H109)","v":{"v":0,"d":"0.00"}},{"v":0,"d":"0.00"},{"$f":"SUM(J105:J109)","v":{"v":0,"d":"0.00"}},{"$f":"SUM(K105:K109)","v":{"v":0,"d":"0.00"}}]
[2,2,5,3,"`01","Alquiler de equipo educacional",{"$nulls":3},{"$f":"SUBTOTAL(9,G105:I105)","v":{"v":0,"d":"0.00"}},{"v":0,"d":"0.00"}]
[2,2,5,3,"`02","Alquiler de equipo para computación",{"$nulls":3},{"$f":"SUBTOTAL(9,G106:I106)","v":{"v":0,"d":"0.00"}},{"v":0,"d":"0.00"}]
[2,2,5,3,"`03","Alquiler de equipo de comunicación",{"$nulls":3},{"v":0,"d":"0.00"},{"v":0,"d":"0.00"}]
[2,2,5,3,"`04","Alquiler de equipo de oficina y muebles",{"$nulls":3},{"v":0,"d":"0.00"},{"v":0,"d":"0.00"}]
[2,2,5,3,"`05","Alquiler de equipos sanitarios y de laboratorios",{"$nulls":3},{"v":0,"d":"0.00"},{"v":0,"d":"0.00"}]
[2,2,5,4,null,"Alquileres de equipos de transporte, tracción y elevación",{"$f":"G111","v":{"v":0,"d":"0.00"}},{"$f":"H111","v":{"v":0,"d":"0.00"}},{"v":0,"d":"0.00"},{"v":0,"d":"0.00"},{"v":0,"d":"0.00"}]
[2,2,5,4,"`01","Alquileres de equipos de transporte, tracción y elevación",{"$nulls":3},{"v":0,"d":"0.00"},{"v":0,"d":"0.00"}]
[2,2,5,8,null,"Otros alquileres",{"$f":"G113","v":{"v":0,"d":"0.00"}},{"$f":"H113","v":{"v":30500,"d":"30,500.00"}},{"$f":"I113","v":{"v":0,"d":"0.00"}},{"$f":"J113","v":{"v":30500,"d":"30,500.00"}},{"v":0.01084607192790623,"d":"0.01"}]
[2,2,5,8,"`01","Otros alquileres",null,{"v":30500,"d":"30,500.00"},null,{"$f":"SUBTOTAL(9,G113:I113)","v":{"v":30500,"d":"30,500.00"}},{"v":0.01084607192790623,"d":"0.01"}]
[2,2,5,9,null,"Derecho de uso",{"$f":"+G115","v":{"v":0,"d":"0.00"}},{"$f":"+H115","v":{"v":0,"d":"0.00"}},{"v":0,"d":"0.00"},{"v":0,"d":"0.00"},{"v":0,"d":"0.00"}]
[2,2,5,9,"`01","Licencias informaticas",{"$nulls":3},{"$f":"SUBTOTAL(9,G115:I115)","v":{"v":0,"d":"0.00"}},{"v":0,"d":"0.00"}]
[2,2,6,null,null,"Seguros",{"$f":"+G117+G119+G121+G123","v":{"v":0,"d":"0.00"}},{"$f":"+H117+H119+H121+H123","v":{"v":0,"d":"0.00"}},{"$f":"+I117+I119+I121+I123","v":{"v":0,"d":"0.00"}},{"$f":"+J117+J119+J121+J123","v":{"v":0,"d":"0.00"}},{"$f":"+K117+K119+K121+K123","v":{"v":0,"d":"0.00"}}]
[2,2,6,1,null,"Seguro de bienes inmuebles e infraestructura",{"$f":"G118","v":{"v":0,"d":"0.00"}},{"$f":"H118","v":{"v":0,"d":"0.00"}},{"v":0,"d":"0.00"},{"v":0,"d":"0.00"},{"v":0,"d":"0.00"}]
[2,2,6,1,"`01","Seguro de bienes inmuebles e infraestructura",{"$nulls":3},{"$f":"SUBTOTAL(9,G118:I118)","v":{"v":0,"d":"0.00"}},{"v":0,"d":"0.00"}]
[2,2,6,2,null,"Seguro de bienes muebles",{"$f":"G120","v":{"v":0,"d":"0.00"}},{"$f":"H120","v":{"v":0,"d":"0.00"}},{"v":0,"d":"0.00"},{"v":0,"d":"0.00"},{"v":0,"d":"0.00"}]
[2,2,6,2,"`01","Seguro de bienes muebles",{"$nulls":3},{"$f":"SUBTOTAL(9,G120:I120)","v":{"v":0,"d":"0.00"}},{"v":0,"d":"0.00"}]
[2,2,6,3,null,"Seguros de personas",{"$f":"G122","v":{"v":0,"d":"0.00"}},{"$f":"H122","v":{"v":0,"d":"0.00"}},{"v":0,"d":"0.00"},{"v":0,"d":"0.00"},{"v":0,"d":"0.00"}]
[2,2,6,3,"`01","Seguros de personas",{"$nulls":3},{"$f":"SUBTOTAL(9,G122:I122)","v":{"v":0,"d":"0.00"}},{"v":0,"d":"0.00"}]
[2,2,6,9,null,"Otros seguros",{"$f":"+G124","v":{"v":0,"d":"0.00"}},{"$f":"+H124","v":{"v":0,"d":"0.00"}},{"v":0,"d":"0.00"},{"v":0,"d":"0.00"},{"v":0,"d":"0.00"}]
[2,2,6,9,"`01","Otros seguros",{"$nulls":3},{"$f":"SUBTOTAL(9,G124:I124)","v":{"v":0,"d":"0.00"}},{"v":0,"d":"0.00"}]
[2,2,7,null,null,"Servicios de Conservación, Reparaciones Menores e Instalaciones Temporales",{"$f":"+G126+G131+G141","v":{"v":253553.41999999998,"d":"253,553.42"}},{"$f":"+H126+H131+H141","v":{"v":2312129.03,"d":"2,312,129.03"}},{"v":0,"d":"0.00"},{"v":2565682.45,"d":"2,565,682.45"},{"v":0.9123795539956288,"d":"0.91"}]
[2,2,7,1,null,"Contratación de mantenimiento y reparaciones menores",{"$f":"SUM(G127:G130)","v":{"v":99216.55,"d":"99,216.55"}},{"$f":"SUM(H127:H130)","v":{"v":314366.05,"d":"314,366.05"}},{"v":0,"d":"0.00"},{"v":413582.6,"d":"413,582.60"},{"v":0.1470736599255892,"d":"0.15"}]
[2,2,7,1,"`01","Mantenimiento y reparaciones menores en edificaciones",{"v":99216.55,"d":"99,216.55"},{"v":216366.05,"d":"216,366.05"},null,{"$f":"SUBTOTAL(9,G127:I127)","v":{"v":315582.6,"d":"315,582.60"}},{"v":0.11222398619002165,"d":"0.11"}]
[2,2,7,1,"`06","Mantenimiento y reparación de Instalaciones eléctricas",null,{"v":49000,"d":"49,000.00"},null,{"$f":"SUBTOTAL(9,G128:I128)","v":{"v":49000,"d":"49,000.00"}},{"v":0.017424836867783778,"d":"0.02"}]
[2,2,7,1,"`07","Mantenimiento y reparación, servicios de pintura y sus derivados",{"v":0,"d":"0.00"},null,null,{"v":0,"d":"0.00"},{"$f":"IFERROR(J129/$J$18*100,\"0.00\")","v":{"v":0,"d":"0.00"}}]
[2,2,7,1,"`99","Otros mantenimientos, reparaciones y sus derivados, no identificados precedentamente.",null,{"v":49000,"d":"49,000.00"},null,{"v":49000,"d":"49,000.00"},{"v":0.017424836867783778,"d":"0.02"}]
[2,2,7,2,null,"Mantenimientos y reparacion de maquinarias y equipos",{"$f":"SUM(G132:G140)","v":{"v":154336.87,"d":"154,336.87"}},{"$f":"SUM(H132:H140)","v":{"v":1997762.98,"d":"1,997,762.98"}},{"$f":"SUM(I132:I140)","v":{"v":0,"d":"0.00"}},{"v":2152099.85,"d":"2,152,099.85"},{"v":0.7653058940700396,"d":"0.77"}]
[2,2,7,2,"`01","Mantenimiento y reparación de mobiliarios y equipos de oficina",null,{"v":404600,"d":"404,600.00"},null,{"$f":"SUBTOTAL(9,H132:I132)","v":{"v":404600,"d":"404,600.00"}},{"v":0.14387936727970033,"d":"0.14"}]
[2,2,7,2,"`02","Mantenimiento y reparación de equipo tecnologia e informacion",null,{"v":446600,"d":"446,600.00"},null,{"$f":"SUBTOTAL(9,H133:I133)","v":{"v":446600,"d":"446,600.00"}},{"v":0.15881494173780072,"d":"0.16"}]
[2,2,7,2,"`03","Mantenimiento y reparación de equipo de educacionales, deportivos y recreativos",{"v":0,"d":"0.00"},null,null,{"$f":"SUBTOTAL(9,G134:I134)","v":{"v":0,"d":"0.00"}},{"v":0,"d":"0.00"}]
[2,2,7,2,"`04","Mantenimiento y reparación de equipos medicos, sanitarios y de laboratorio",{"v":82680.47,"d":"82,680.47"},{"v":300919.53,"d":"300,919.53"},null,{"v":383600,"d":"383,600.00"},{"v":0.13641158005065016,"d":"0.14"}]
[2,2,7,2,"`05","Mantenimiento y reparación de equipos de comunicación",{"v":0,"d":"0.00"},null,null,{"v":0,"d":"0.00"},{"v":0,"d":"0.00"}]
[2,2,7,2,"`06","Mantenimiento y reparación de equipos de transporte, tracción y elevación",{"v":71656.4,"d":"71,656.40"},{"v":397783.45,"d":"397,783.45"},null,{"v":469439.85,"d":"469,439.85"},{"v":0.16693699603034462,"d":"0.17"}]
[2,2,7,2,"`07","Mantenimiento y reparación de equipos industriales y producción",{"v":0,"d":"0.00"},null,null,{"v":0,"d":"0.00"},{"v":0,"d":"0.00"}]
[2,2,7,2,"`08","Servicios de mantenimiento, reparación, desmonte e instalación",null,{"v":118860,"d":"118,860.00"},null,{"v":118860,"d":"118,860.00"},{"v":0.04226767571642408,"d":"0.04"}]
[2,2,7,2,"`99","Otros servicios de mantenimiento, reparacion de maquinaria y equipos no identicados en los conceptos anteriores ",null,{"v":329000,"d":"329,000.00"},null,{"v":329000,"d":"329,000.00"},{"v":0.11699533325511965,"d":"0.12"}]
[2,2,7,3,null,"Instalaciones temporales",{"$f":"G142","v":{"v":0,"d":"0.00"}},{"$f":"H142","v":{"v":0,"d":"0.00"}},{"v":0,"d":"0.00"},{"v":0,"d":"0.00"},{"v":0,"d":"0.00"}]
[2,2,7,3,"`01","Instalaciones temporales",{"$nulls":3},{"v":0,"d":"0.00"},{"v":0,"d":"0.00"}]
[2,2,8,null,null,"Otros Servicios No Incluidos en conceptos anteriores",{"$f":"+G144+G146+G148+G150+G154+G157+G164","v":{"v":33072.18,"d":"33,072.18"}},{"$f":"+H144+H146+H148+H150+H154+H157+H164","v":{"v":347852.81,"d":"347,852.81"}},{"v":0,"d":"0.00"},{"v":43091846.42000001,"d":"43,091,846.42"},{"v":15.323844779593724,"d":"15.32"}]
[2,2,8,1,null,"Gastos y representación judiciales",{"$f":"G145","v":{"v":0,"d":"0.00"}},{"$f":"H145","v":{"v":0,"d":"0.00"}},{"v":0,"d":"0.00"},{"v":0,"d":"0.00"},{"v":0,"d":"0.00"}]
[2,2,8,1,"`01","Gastos y representación judiciales",{"$nulls":3},{"$f":"SUBTOTAL(9,G145:I145)","v":{"v":0,"d":"0.00"}},{"v":0,"d":"0.00"}]
[2,2,8,2,null,"Comisiones y gastos ",{"$f":"G147","v":{"v":33072.18,"d":"33,072.18"}},{"$f":"H147","v":{"v":8852.82,"d":"8,852.82"}},{"v":0,"d":"0.00"},{"v":41925,"d":"41,925.00"},{"v":0.0149089037894252,"d":"0.01"}]
[2,2,8,2,"`01","Comisiones y gastos",{"v":33072.18,"d":"33,072.18"},{"v":8852.82,"d":"8,852.82"},null,{"$f":"SUBTOTAL(9,G147:I147)","v":{"v":41925,"d":"41,925.00"}},{"v":0.0149089037894252,"d":"0.01"}]
[2,2,8,4,null,"Servicios funerarios y gastos conexos",{"$f":"G149","v":{"v":0,"d":"0.00"}},{"$f":"H149","v":{"v":0,"d":"0.00"}},{"v":0,"d":"0.00"},{"v":0,"d":"0.00"},{"v":0,"d":"0.00"}]
[2,2,8,4,"`01","Servicios funerarios y gastos conexos",{"$nulls":3},{"$f":"SUBTOTAL(9,G149:I149)","v":{"v":0,"d":"0.00"}},{"v":0,"d":"0.00"}]
[2,2,8,5,null,"Fumigación, lavandería, limpieza e higiene",{"$f":"SUM(G151:G153)","v":{"v":0,"d":"0.00"}},{"$f":"SUM(H151:H153)","v":{"v":338999.99,"d":"338,999.99"}},{"v":0,"d":"0.00"},{"v":338999.99,"d":"338,999.99"},{"v":0.12055141885572104,"d":"0.12"}]
[2,2,8,5,"`01","Fumigación",null,{"v":149999.99,"d":"149,999.99"},null,{"$f":"SUBTOTAL(9,G151:I151)","v":{"v":149999.99,"d":"149,999.99"}},{"v":0.05334133379426934,"d":"0.05"}]
[2,2,8,5,"`02","Lavandería",{"v":0,"d":"0.00"},null,null,{"$f":"SUBTOTAL(9,G152:I152)","v":{"v":0,"d":"0.00"}},{"v":0,"d":"0.00"}]
[2,2,8,5,"`03","Limpieza e higiene",null,{"v":189000,"d":"189,000.00"},null,{"$f":"SUBTOTAL(9,G153:I153)","v":{"v":189000,"d":"189,000.00"}},{"$f":"IFERROR(J153/$J$18*100,\"0.00\")","v":{"v":0.06721008506145171,"d":"0.07"}}]
[2,2,8,6,null,"Servicio de organización de eventos, festividades y actividades de entretenimiento",{"$f":"SUM(G155:G156)","v":{"v":0,"d":"0.00"}},{"$f":"SUM(H155:H156)","v":{"v":0,"d":"0.00"}},{"v":0,"d":"0.00"},{"v":0,"d":"0.00"},{"v":0,"d":"0.00"}]
[2,2,8,6,"`01","Eventos generales",{"$nulls":3},{"v":0,"d":"0.00"},{"v":0,"d":"0.00"}]
[2,2,8,6,"`02","Festividades",{"$nulls":3},{"v":0,"d":"0.00"},{"v":0,"d":"0.00"}]
[2,2,8,7,null,"Servicios Técnicos y Profesionales",{"$f":"SUM(G158:G163)","v":{"v":0,"d":"0.00"}},{"$f":"+H158","v":{"v":0,"d":"0.00"}},{"$f":"+I158","v":{"v":0,"d":"0.00"}},{"v":0,"d":"0.00"},{"v":0,"d":"0.00"}]
[2,2,8,7,"`01","Servicios Técnicos y Profesionales",{"$nulls":3},{"$f":"SUBTOTAL(9,G158:I158)","v":{"v":0,"d":"0.00"}},{"v":0,"d":"0.00"}]
[2,2,8,7,"`02","Servicios jurídicos",{"$nulls":3},{"v":0,"d":"0.00"},{"v":0,"d":"0.00"}]
[2,2,8,7,"`03","Servicios de contabilidad y auditoría",{"$nulls":3},{"v":0,"d":"0.00"},{"v":0,"d":"0.00"}]
[2,2,8,7,"`04","Servicios de capacitación",{"$nulls":3},{"v":0,"d":"0.00"},{"v":0,"d":"0.00"}]
[2,2,8,7,"`05","Servicios de informática y sistemas computarizados",{"$nulls":3},{"v":0,"d":"0.00"},{"v":0,"d":"0.00"}]
[2,2,8,7,"`06","Otros servicios técnicos profesionales",{"$nulls":3},{"v":0,"d":"0.00"},{"v":0,"d":"0.00"}]
[2,2,8,8,null,"Impuestos, derechos y tasas",{"$f":"SUM(G165:G166)","v":{"v":0,"d":"0.00"}},{"$f":"SUM(H165:H166)","v":{"v":0,"d":"0.00"}},{"v":0,"d":"0.00"},{"v":42710921.43000001,"d":"42,710,921.43"},{"v":15.188384456948578,"d":"15.19"}]
[2,2,8,8,"`01","Impuestos",{"$nulls":3},{"v":0,"d":"0.00"},{"v":0,"d":"0.00"}]
[2,2,8,8,"`02","Derechos",{"$nulls":3},{"$f":"SUM(J167:J173)","v":{"v":42710921.43000001,"d":"42,710,921.43"}},{"v":15.188384456948578,"d":"15.19"}]
[2,2,9,2,null,"Servicios de alimentación",{"$f":"+G168+G169","v":{"v":0,"d":"0.00"}},{"$f":"+H168+H169","v":{"v":0,"d":"0.00"}},{"v":0,"d":"0.00"},{"$f":"SUBTOTAL(9,G167:I167)","v":{"v":0,"d":"0.00"}},{"v":0,"d":"0.00"}]
[2,2,9,2,"´01","Servicios de alimentación",{"$nulls":3},{"$f":"SUBTOTAL(9,G168:I168)","v":{"v":0,"d":"0.00"}},{"v":0,"d":"0.00"}]
[2,2,9,2,"`03","Servicios de catering",{"$nulls":3},{"$f":"SUBTOTAL(9,G169:I169)","v":{"v":0,"d":"0.00"}},{"v":0,"d":"0.00"}]
[2,3,{"$nulls":3},"Materiales y Suministros",{"$f":"+G171+G179+G188+G197+G200+G209+G224+G237","v":{"v":4077000,"d":"4,077,000.00"}},{"$f":"+H171+H179+H188+H197+H200+H209+H224+H237","v":{"v":30252562.76,"d":"30,252,562.76"}},{"v":0,"d":"0.00"},{"v":34205994.71,"d":"34,205,994.71"},{"v":12.16395668820459,"d":"12.16"}]
[2,3,1,null,null,"Alimentos y Productos Agroforestales",{"$f":"+G172+G174+G177","v":{"v":1024086.76,"d":"1,024,086.76"}},{"$f":"+H172+H174+H177","v":{"v":2664222.7,"d":"2,664,222.70"}},{"v":0,"d":"0.00"},{"v":3688309.46,"d":"3,688,309.46"},{"v":1.311595727722524,"d":"1.31"}]
[2,3,1,1,null,"Alimentos y bebidas para personas",{"$f":"+G173","v":{"v":1024086.76,"d":"1,024,086.76"}},{"$f":"+H173","v":{"v":1384221.87,"d":"1,384,221.87"}},{"v":0,"d":"0.00"},{"v":2408308.63,"d":"2,408,308.63"},{"v":0.8564160205107314,"d":"0.86"}]
[2,3,1,1,"`01","Alimentos y bebidas para personas",{"v":1024086.76,"d":"1,024,086.76"},{"v":1384221.87,"d":"1,384,221.87"},null,{"v":2408308.63,"d":"2,408,308.63"},{"v":0.8564160205107314,"d":"0.86"}]
[2,3,1,3,null,"Productos agroforestales y pecuarios",{"$f":"SUM(G175:G176)","v":{"v":0,"d":"0.00"}},{"$f":"SUM(H175:H176)","v":{"v":1280000.83,"d":"1,280,000.83"}},{"v":0,"d":"0.00"},{"v":1280000.83,"d":"1,280,000.83"},{"v":0.4551797072117926,"d":"0.46"}]
[2,3,1,3,"`02","Productos agrícolas",null,{"v":1280000.83,"d":"1,280,000.83"},null,{"$f":"SUBTOTAL(9,G175:I175)","v":{"v":1280000.83,"d":"1,280,000.83"}},{"v":0.4551797072117926,"d":"0.46"}]
[2,3,1,3,"`03","Productos forestales",{"$nulls":3},{"v":0,"d":"0.00"},{"v":0,"d":"0.00"}]
[2,3,1,4,null,"Madera, corcho y sus manufacturas",{"$f":"+G178","v":{"v":0,"d":"0.00"}},{"$f":"+H178","v":{"v":0,"d":"0.00"}},{"v":0,"d":"0.00"},{"v":0,"d":"0.00"},{"v":0,"d":"0.00"}]
[2,3,1,4,"`01","Madera, corcho y sus manufacturas",{"$nulls":3},{"v":0,"d":"0.00"},{"v":0,"d":"0.00"}]
[2,3,2,null,null,"Textiles y Vestuarios",{"$f":"+G180+G182+G184+G186","v":{"v":0,"d":"0.00"}},{"$f":"+H180+H182+H184+H186","v":{"v":168000,"d":"168,000.00"}},{"v":0,"d":"0.00"},{"v":168000,"d":"168,000.00"},{"v":0.05974229783240152,"d":"0.06"}]
[2,3,2,1,null,"Hilados, fibras y telas",{"$f":"+G181","v":{"v":0,"d":"0.00"}},{"$f":"+H181","v":{"v":84000,"d":"84,000.00"}},{"v":0,"d":"0.00"},{"v":84000,"d":"84,000.00"},{"v":0.02987114891620076,"d":"0.03"}]
[2,3,2,1,"`01","Hilados, fibras y telas",null,{"v":84000,"d":"84,000.00"},null,{"v":84000,"d":"84,000.00"},{"v":0.02987114891620076,"d":"0.03"}]
[2,3,2,2,null,"Acabados textiles",{"$f":"+G183","v":{"v":0,"d":"0.00"}},{"$f":"+H183","v":{"v":84000,"d":"84,000.00"}},{"$f":"+I183","v":{"v":0,"d":"0.00"}},{"v":84000,"d":"84,000.00"},{"v":0.02987114891620076,"d":"0.03"}]
[2,3,2,2,"`01","Acabados textiles",null,{"v":84000,"d":"84,000.00"},null,{"$f":"SUBTOTAL(9,G183:I183)","v":{"v":84000,"d":"84,000.00"}},{"v":0.02987114891620076,"d":"0.03"}]
[2,3,2,3,null,"Prendas de vestir",{"$f":"+G185","v":{"v":0,"d":"0.00"}},{"$f":"+H185","v":{"v":0,"d":"0.00"}},{"v":0,"d":"0.00"},{"v":0,"d":"0.00"},{"v":0,"d":"0.00"}]
[2,3,2,3,"`01","Prendas de vestir",{"$nulls":3},{"$f":"SUBTOTAL(9,G185:I185)","v":{"v":0,"d":"0.00"}},{"v":0,"d":"0.00"}]
[2,3,2,4,null,"Calzados",{"$f":"+G187","v":{"v":0,"d":"0.00"}},{"$f":"+H187","v":{"v":0,"d":"0.00"}},{"v":0,"d":"0.00"},{"v":0,"d":"0.00"},{"v":0,"d":"0.00"}]
[2,3,2,4,"`01","Calzados",{"$nulls":3},{"$f":"SUBTOTAL(9,G187:I187)","v":{"v":0,"d":"0.00"}},{"v":0,"d":"0.00"}]
[2,3,3,null,null,"Productos de Papel, Cartón e Impresos",{"$f":"+G189+G191+G193+G195","v":{"v":0,"d":"0.00"}},{"$f":"+H189+H191+H193+H195","v":{"v":474950,"d":"474,950.00"}},{"v":0,"d":"0.00"},{"v":474950,"d":"474,950.00"},{"v":0.16889645449701848,"d":"0.17"}]
[2,3,3,1,null,"Papel de escritorio",{"$f":"G190","v":{"v":0,"d":"0.00"}},{"$f":"H190","v":{"v":0,"d":"0.00"}},{"v":0,"d":"0.00"},{"v":0,"d":"0.00"},{"v":0,"d":"0.00"}]
[2,3,3,1,"`01","Papel de escritorio",{"$nulls":3},{"$f":"SUBTOTAL(9,G190:I190)","v":{"v":0,"d":"0.00"}},{"v":0,"d":"0.00"}]
[2,3,3,2,null,"Productos de papel y cartón",{"$f":"+G192","v":{"v":0,"d":"0.00"}},{"$f":"+H192","v":{"v":178950,"d":"178,950.00"}},{"v":0,"d":"0.00"},{"v":178950,"d":"178,950.00"},{"v":0.0636362154589777,"d":"0.06"}]
[2,3,3,2,"`01","Productos de papel y cartón",null,{"v":178950,"d":"178,950.00"},null,{"$f":"SUBTOTAL(9,G192:I192)","v":{"v":178950,"d":"178,950.00"}},{"v":0.0636362154589777,"d":"0.06"}]
[2,3,3,3,null,"Productos de artes gráficas",{"$f":"+G194","v":{"v":0,"d":"0.00"}},{"$f":"+H194","v":{"v":128000,"d":"128,000.00"}},{"v":0,"d":"0.00"},{"v":128000,"d":"128,000.00"},{"$f":"IFERROR(J193/$J$18*100,\"0.00\")","v":{"v":0.04551794120563926,"d":"0.05"}}]
[2,3,3,3,"`01","Productos de artes gráficas",null,{"v":128000,"d":"128,000.00"},null,{"v":128000,"d":"128,000.00"},{"v":0.04551794120563926,"d":"0.05"}]
[2,3,3,4,null,"Libros, revistas y periódicos",{"$f":"+G196","v":{"v":0,"d":"0.00"}},{"$f":"+H196","v":{"v":168000,"d":"168,000.00"}},{"v":0,"d":"0.00"},{"v":168000,"d":"168,000.00"},{"v":0.05974229783240152,"d":"0.06"}]
[2,3,3,4,"`01","Libros, revistas y periódicos",null,{"v":168000,"d":"168,000.00"},null,{"v":168000,"d":"168,000.00"},{"v":0.05974229783240152,"d":"0.06"}]
[2,3,4,null,null,"Productos Farmacéuticos",{"$f":"+G198","v":{"v":590069.42,"d":"590,069.42"}},{"v":13353284.8,"d":"13,353,284.80"},{"v":0,"d":"0.00"},{"v":13943354.22,"d":"13,943,354.22"},{"v":4.958381074963766,"d":"4.96"}]
[2,3,4,1,null,"Productos medicinales para uso humano",{"v":590069.42,"d":"590,069.42"},{"v":13353284.8,"d":"13,353,284.80"},{"v":0,"d":"0.00"},{"v":13943354.22,"d":"13,943,354.22"},{"v":4.958381074963766,"d":"4.96"}]
[2,3,4,1,"`01","Productos medicinales para uso humano",{"v":590069.42,"d":"590,069.42"},{"v":13353284.8,"d":"13,353,284.80"},null,{"v":13943354.22,"d":"13,943,354.22"},{"v":4.958381074963766,"d":"4.96"}]
[2,3,5,null,null,"Productos de Cuero, Caucho y Plasticos",{"$f":"+G201+G203+G205+G207","v":{"v":123568.05,"d":"123,568.05"}},{"$f":"+H201+H203+H205+H207","v":{"v":0,"d":"0.00"}},{"v":0,"d":"0.00"},{"v":0,"d":"0.00"},{"v":0,"d":"0.00"}]
[2,3,5,2,null,"Producto de cuero",{"$f":"+G202","v":{"v":0,"d":"0.00"}},{"$f":"+H202","v":{"v":0,"d":"0.00"}},{"v":0,"d":"0.00"},{"v":0,"d":"0.00"},{"v":0,"d":"0.00"}]
[2,3,5,2,"`01","Producto de cuero",{"$nulls":3},{"v":0,"d":"0.00"},{"v":0,"d":"0.00"}]
[2,3,5,3,null,"Llantas y neumáticos",{"$f":"+G204","v":{"v":0,"d":"0.00"}},{"$f":"+H204","v":{"v":0,"d":"0.00"}},{"v":0,"d":"0.00"},{"v":0,"d":"0.00"},{"v":0,"d":"0.00"}]
[2,3,5,3,"`01","Llantas y neumáticos",{"$nulls":3},{"$f":"SUBTOTAL(9,G204:I204)","v":{"v":0,"d":"0.00"}},{"v":0,"d":"0.00"}]
[2,3,5,4,null,"Productos de caucho",{"$f":"+G206","v":{"v":0,"d":"0.00"}},{"$f":"+H206","v":{"v":0,"d":"0.00"}},{"v":0,"d":"0.00"},{"$f":"+J206","v":{"v":0,"d":"0.00"}},{"$f":"+K206","v":{"v":0,"d":"0.00"}}]
[2,3,5,4,"`01","Productos de caucho",{"$nulls":3},{"v":0,"d":"0.00"},{"v":0,"d":"0.00"}]
[2,3,5,5,null,"Artículos de plástico ",{"$f":"+G208","v":{"v":123568.05,"d":"123,568.05"}},{"$f":"+H208","v":{"v":0,"d":"0.00"}},{"v":0,"d":"0.00"},{"v":0,"d":"0.00"},{"v":0,"d":"0.00"}]
[2,3,5,5,"`01","Artículos de plástico",{"v":123568.05,"d":"123,568.05"},null,null,{"$f":"SUM(J209:J211)","v":{"v":0,"d":"0.00"}},{"v":0,"d":"0.00"}]
[2,3,6,null,null,"Productos de Minerales, Metalicos y No Metalicos",{"$f":"+G210+G214+G218+G222","v":{"v":0,"d":"0.00"}},{"$f":"+H210+H214+H218+H222","v":{"v":0,"d":"0.00"}},{"v":0,"d":"0.00"},{"v":0,"d":"0.00"},{"v":0,"d":"0.00"}]
[2,3,6,1,null,"Productos de cemento, cal, asbesto, yeso y arcilla",{"$f":"+G211+G212+G213","v":{"v":0,"d":"0.00"}},{"$f":"+H211+H212+H213","v":{"v":0,"d":"0.00"}},{"v":0,"d":"0.00"},{"v":0,"d":"0.00"},{"v":0,"d":"0.00"}]
[2,3,6,1,"`01","Productos de cemento",{"$nulls":3},{"$f":"SUBTOTAL(9,G211:I211)","v":{"v":0,"d":"0.00"}},{"v":0,"d":"0.00"}]
[2,3,6,1,"`02","Productos de cal",{"$nulls":3},{"$f":"SUM(J213:J217)","v":{"v":0,"d":"0.00"}},{"v":0,"d":"0.00"}]
[2,3,6,1,"`04","Productos de yeso",{"$nulls":3},{"$f":"SUBTOTAL(9,G213:I213)","v":{"v":0,"d":"0.00"}},{"v":0,"d":"0.00"}]
[2,3,6,2,null,"Productos de vidrio, loza y porcelana",{"$f":"+G215+G216+G217","v":{"v":0,"d":"0.00"}},{"$f":"+H215+H216+H217","v":{"v":0,"d":"0.00"}},{"v":0,"d":"0.00"},{"v":0,"d":"0.00"},{"v":0,"d":"0.00"}]
[2,3,6,2,"`01","Productos de vidrio",{"$nulls":3},{"$f":"SUBTOTAL(9,G215:I215)","v":{"v":0,"d":"0.00"}},{"v":0,"d":"0.00"}]
[2,3,6,2,"`02","Productos de loza",{"$nulls":3},{"$f":"SUBTOTAL(9,G216:I216)","v":{"v":0,"d":"0.00"}},{"v":0,"d":"0.00"}]
[2,3,6,2,"`03","Productos de porcelana",{"$nulls":3},{"$f":"SUBTOTAL(9,G217:I217)","v":{"v":0,"d":"0.00"}},{"v":0,"d":"0.00"}]
[2,3,6,3,null,"Productos metálicos y sus derivados",{"$f":"+G219+G220+G221","v":{"v":0,"d":"0.00"}},{"$f":"+H219+H220+H221","v":{"v":0,"d":"0.00"}},{"v":0,"d":"0.00"},{"v":0,"d":"0.00"},{"v":0,"d":"0.00"}]
[2,3,6,3,"`04","Herramientas menores",{"$nulls":3},{"$f":"SUBTOTAL(9,G219:I219)","v":{"v":0,"d":"0.00"}},{"v":0,"d":"0.00"}]
[2,3,6,3,"`05","Productos de hojalata",{"$nulls":3},{"$f":"SUBTOTAL(9,G220:I220)","v":{"v":0,"d":"0.00"}},{"v":0,"d":"0.00"}]
[2,3,6,3,"`06","Productos de metálicos ",{"$nulls":3},{"v":0,"d":"0.00"},{"v":0,"d":"0.00"}]
[2,3,6,4,null,"Minerales",{"$f":"+G223","v":{"v":0,"d":"0.00"}},{"$f":"+H223","v":{"v":0,"d":"0.00"}},{"v":0,"d":"0.00"},{"v":0,"d":"0.00"},{"$f":"+K223","v":{"v":0,"d":"0.00"}}]
[2,3,6,4,"`04","Piedra, arcilla y arena",{"$nulls":3},{"$f":"SUBTOTAL(9,G223:I223)","v":{"v":0,"d":"0.00"}},{"v":0,"d":"0.00"}]
[2,3,7,null,null,"Combustibles, Lubricantes, Productos Químicos y Conexos",{"$f":"+G225+G232","v":{"v":1563374.35,"d":"1,563,374.35"}},{"$f":"+H225+H232","v":{"v":9125969.850000001,"d":"9,125,969.85"}},{"v":0,"d":"0.00"},{"v":10689344.200000001,"d":"10,689,344.20"},{"$f":"+K225+K232","v":{"v":3.8012261001753203,"d":"3.80"}}]
[2,3,7,1,null,"Combustibles y lubricantes",{"$f":"+G226+G227+G228+G229+G230+G231","v":{"v":772300.33,"d":"772,300.33"}},{"$f":"+H226+H227+H228+H229+H230+H231","v":{"v":5882746.640000001,"d":"5,882,746.64"}},{"v":0,"d":"0.00"},{"v":6655046.970000001,"d":"6,655,046.97"},{"$f":"+K226+K227+K228+K229+K230+K231","v":{"v":2.3665940367283413,"d":"2.37"}}]
[2,3,7,1,"`01","Gasolina",{"v":231690.1,"d":"231,690.10"},{"v":1332093.75,"d":"1,332,093.75"},null,{"$f":"SUBTOTAL(9,G226:I226)","v":{"v":1563783.85,"d":"1,563,783.85"}},{"v":0.5560954792392828,"d":"0.56"}]
[2,3,7,1,"`02","Gasoil",{"v":308920.13,"d":"308,920.13"},{"v":4482342.99,"d":"4,482,342.99"},null,{"$f":"SUBTOTAL(9,G227:I227)","v":{"v":4791263.12,"d":"4,791,263.12"}},{"v":1.7038158827883416,"d":"1.70"}]
[2,3,7,1,"`03","Kerosén",{"v":0,"d":"0.00"},null,null,{"v":0,"d":"0.00"},{"v":0,"d":"0.00"}]
[2,3,7,1,"`04","Gas GLP",{"v":231690.1,"d":"231,690.10"},{"v":68309.9,"d":"68,309.90"},null,{"v":300000,"d":"300,000.00"},{"v":0.106682674700717,"d":"0.11"}]
[2,3,7,1,"`05","Aceites y Grasas",{"v":0,"d":"0.00"},null,null,{"v":0,"d":"0.00"},{"v":0,"d":"0.00"}]
[2,3,7,1,"`06","Lubricantes",{"v":0,"d":"0.00"},null,null,{"$f":"SUBTOTAL(9,G231:I231)","v":{"v":0,"d":"0.00"}},{"v":0,"d":"0.00"}]
[2,3,7,2,null,"Productos químicos y conexos",{"$f":"+G233+G234+G235+G236","v":{"v":791074.02,"d":"791,074.02"}},{"$f":"+H233+H234+H235+H236","v":{"v":3243223.21,"d":"3,243,223.21"}},{"v":0,"d":"0.00"},{"$f":"+J233+J234+J235+J236","v":{"v":4034297.23,"d":"4,034,297.23"}},{"$f":"+K233+K234+K235+K236","v":{"v":1.434632063446979,"d":"1.43"}}]
[2,3,7,2,"`02","Productos Fotoquímicos",{"v":0,"d":"0.00"},null,null,{"v":0,"d":"0.00"},{"v":0,"d":"0.00"}]
[2,3,7,2,"`03","Productos Químicos de uso Personal",{"v":791074.02,"d":"791,074.02"},{"v":3243223.21,"d":"3,243,223.21"},null,{"v":4034297.23,"d":"4,034,297.23"},{"v":1.434632063446979,"d":"1.43"}]
[2,3,7,2,"`05","Insecticidas, Fumigantes y Otros",{"v":0,"d":"0.00"},null,null,{"v":0,"d":"0.00"},{"v":0,"d":"0.00"}]
[2,3,7,2,"`06","Pinturas, Lacas, Barnices, Diluyentes y Absorbentes para Pinturas",{"v":0,"d":"0.00"},null,null,{"v":0,"d":"0.00"},{"v":0,"d":"0.00"}]
[2,3,9,null,null,"Productos y Utiles Varios",{"$f":"+G238+G241+G244+G246+G248+G250+G252","v":{"v":775901.42,"d":"775,901.42"}},{"$f":"+H238+H241+H244+H246+H248+H250+H252","v":{"v":4466135.41,"d":"4,466,135.41"}},{"v":0,"d":"0.00"},{"v":5242036.83,"d":"5,242,036.83"},{"v":1.8641150330135594,"d":"1.86"}]
[2,3,9,1,null,"Material para limpieza e higiene",{"$f":"+G239+G240","v":{"v":154460.07,"d":"154,460.07"}},{"$f":"+H239+H240","v":{"v":0,"d":"0.00"}},{"v":0,"d":"0.00"},{"v":154460.07,"d":"154,460.07"},{"v":0.054927378006866596,"d":"0.05"}]
[2,3,9,1,"`01","Material para limpieza",{"v":154460.07,"d":"154,460.07"},null,null,{"$f":"SUBTOTAL(9,G239:I239)","v":{"v":154460.07,"d":"154,460.07"}},{"v":0.054927378006866596,"d":"0.05"}]
[2,3,9,1,"`02","Utiles, materiales de limpieza e higiene personal",{"$nulls":3},{"v":0,"d":"0.00"},{"v":0,"d":"0.00"}]
[2,3,9,2,null,"Utiles y materiales de escritorio, oficina, informática y de enseñanza",{"$f":"+G242+G243","v":{"v":154460.07,"d":"154,460.07"}},{"$f":"+H242+H243","v":{"v":283664.93,"d":"283,664.93"}},{"v":0,"d":"0.00"},{"v":438125,"d":"438,125.00"},{"v":0.15580115617750545,"d":"0.16"}]
[2,3,9,2,"`01","Utiles y materiales de escritorio, oficina e informática",{"v":154460.07,"d":"154,460.07"},{"v":283664.93,"d":"283,664.93"},null,{"$f":"SUBTOTAL(9,G242:I242)","v":{"v":438125,"d":"438,125.00"}},{"v":0.15580115617750545,"d":"0.16"}]
[2,3,9,2,"`02","Utiles y materiales escolares y de enseñanza",{"$nulls":3},{"v":0,"d":"0.00"},{"v":0,"d":"0.00"}]
[2,3,9,3,null,"Utiles menores médico- quirúrgicos y de laboratorio",{"$f":"+G245","v":{"v":466981.28,"d":"466,981.28"}},{"$f":"+H245","v":{"v":3816738.48,"d":"3,816,738.48"}},{"v":0,"d":"0.00"},{"v":4283719.76,"d":"4,283,719.76"},{"v":1.5233289388837117,"d":"1.52"}]
[2,3,9,3,"`01","Utiles menores médico- quirúrgicos y de laboratorio",{"v":466981.28,"d":"466,981.28"},{"v":3816738.48,"d":"3,816,738.48"},null,{"v":4283719.76,"d":"4,283,719.76"},{"v":1.5233289388837117,"d":"1.52"}]
[2,3,9,5,null,"Utiles de cocina y comedor",{"$f":"+G247","v":{"v":0,"d":"0.00"}},{"$f":"+H247","v":{"v":69852,"d":"69,852.00"}},{"v":0,"d":"0.00"},{"v":69852,"d":"69,852.00"},{"v":0.02483999397731495,"d":"0.02"}]
[2,3,9,5,"`01","Utiles de cocina y comedor",null,{"v":69852,"d":"69,852.00"},null,{"v":69852,"d":"69,852.00"},{"v":0.02483999397731495,"d":"0.02"}]
[2,3,9,6,null,"Productos eléctricos y afines",{"$f":"+G249","v":{"v":0,"d":"0.00"}},{"$f":"+H249","v":{"v":49000,"d":"49,000.00"}},{"v":0,"d":"0.00"},{"v":49000,"d":"49,000.00"},{"v":0.017424836867783778,"d":"0.02"}]
[2,3,9,6,"`01","Productos eléctricos y afines",null,{"v":49000,"d":"49,000.00"},null,{"v":49000,"d":"49,000.00"},{"v":0.017424836867783778,"d":"0.02"}]
[2,3,9,8,null,"Repuestos y accesorios menores",{"$f":"+G251","v":{"v":0,"d":"0.00"}},{"$f":"+H251","v":{"v":49000,"d":"49,000.00"}},{"v":0,"d":"0.00"},{"v":49000,"d":"49,000.00"},{"v":0.017424836867783778,"d":"0.02"}]
[2,3,9,8,"`01","Repuestos y accesorios menores",null,{"v":49000,"d":"49,000.00"},null,{"v":49000,"d":"49,000.00"},{"v":0.017424836867783778,"d":"0.02"}]
[2,3,9,9,null,"Productos y útiles varios no identificados precedentemente (n.i.p.)",{"$f":"+G253","v":{"v":0,"d":"0.00"}},{"$f":"+H253","v":{"v":197880,"d":"197,880.00"}},{"v":0,"d":"0.00"},{"v":197880,"d":"197,880.00"},{"v":0.07036789223259295,"d":"0.07"}]
[2,3,9,9,"`01","Productos y útiles varios no identificados precedentemente (n.i.p.)",null,{"v":197880,"d":"197,880.00"},null,{"v":197880,"d":"197,880.00"},{"v":0.07036789223259295,"d":"0.07"}]
[2,4,{"$nulls":3},"Transferencias Corrientes",{"$f":"+G262+G265","v":{"v":0,"d":"0.00"}},{"$f":"+H262+H265","v":{"v":0,"d":"0.00"}},{"v":0,"d":"0.00"},{"v":7931634,"d":"7,931,634.00"},{"v":2.820559766223823,"d":"2.82"}]
[2,4,1,2,null,"Ayudas Y Donaciones A Personas",{"$f":"+G256+G257","v":{"v":0,"d":"0.00"}},{"$f":"+H256+H257","v":{"v":0,"d":"0.00"}},{"v":0,"d":"0.00"},{"v":0,"d":"0.00"},{"v":0,"d":"0.00"}]
[2,4,1,2,"`01","Ayudas Y Donaciones Programadas A Hogares Y Personas",{"$nulls":3},{"v":0,"d":"0.00"},{"v":0,"d":"0.00"}]
[2,4,1,2,"`02","Ayudas Y Donaciones Ocasionales A Hogares Y Personas",{"$nulls":3},{"v":0,"d":"0.00"},{"$f":"IFERROR(J257/$J$18*100,\"0.00\")","v":{"v":0,"d":"0.00"}}]
[2,4,1,5,null,"Transferencias corrientes a empresas del sector privado ",{"$f":"+G259","v":{"v":0,"d":"0.00"}},{"$f":"+H259","v":{"v":0,"d":"0.00"}},{"v":0,"d":"0.00"},{"v":0,"d":"0.00"},{"v":0,"d":"0.00"}]
[2,4,1,5,"`01","Transferencias corrientes a empresas del sector privado ",{"$nulls":3},{"v":0,"d":"0.00"},{"v":0,"d":"0.00"}]
[2,4,1,6,null,"Transferencias corrientes a Asociaciones sin fines de lucro y partidos políticos",{"$f":"+G261","v":{"v":0,"d":"0.00"}},{"$f":"+H261","v":{"v":0,"d":"0.00"}},{"v":0,"d":"0.00"},{"v":0,"d":"0.00"},{"v":0,"d":"0.00"}]
[2,4,1,6,"`01","Transferencias corrientes a Asociaciones sin fines de lucro",{"$nulls":3},{"v":0,"d":"0.00"},{"v":0,"d":"0.00"}]
[2,4,4,null,null,"Transferencias corrientes a empresas públicas no financieras ",{"$f":"+G263","v":{"v":0,"d":"0.00"}},{"$f":"+H263","v":{"v":0,"d":"0.00"}},{"v":0,"d":"0.00"},{"v":0,"d":"0.00"},{"v":0,"d":"0.00"}]
[2,4,4,1,null,"Transferencias corrientes a empresas públicas no financieras nacionales",{"$f":"+G264","v":{"v":0,"d":"0.00"}},{"v":0,"d":"0.00"},{"v":0,"d":"0.00"},{"v":0,"d":"0.00"},{"v":0,"d":"0.00"}]
[2,4,4,1,"`03","Transferencias corrientes a empresas públicas no financieras nacionales   para pago de electricidad no cortable.",{"$nulls":3},{"v":0,"d":"0.00"},{"v":0,"d":"0.00"}]
[2,4,9,null,null,"Transferencias de Corrientes a otras Instituciones Públicas",{"$f":"+G266+G268","v":{"v":0,"d":"0.00"}},{"$f":"+H266+H268","v":{"v":0,"d":"0.00"}},{"v":0,"d":"0.00"},{"v":7931634,"d":"7,931,634.00"},{"v":2.820559766223823,"d":"2.82"}]
[2,4,9,1,null,"Transferencias de Corrientes a otras Instituciones Públicas",{"$f":"+G267","v":{"v":0,"d":"0.00"}},{"$f":"+H267","v":{"v":0,"d":"0.00"}},{"v":0,"d":"0.00"},{"v":3965817,"d":"3,965,817.00"},{"v":1.4102798831119114,"d":"1.41"}]
[2,4,9,1,"`01","Transferencias de Corrientes a otras Instituciones Públicas",{"$nulls":3},{"$f":"+J268","v":{"v":3965817,"d":"3,965,817.00"}},{"v":1.4102798831119114,"d":"1.41"}]
[2,4,9,4,null,"Electricidad no cortable en las transferencias a otras instituciones públicas",{"$f":"+G269","v":{"v":0,"d":"0.00"}},{"$f":"+H269","v":{"v":0,"d":"0.00"}},{"v":0,"d":"0.00"},{"v":3965817,"d":"3,965,817.00"},{"v":1.4102798831119114,"d":"1.41"}]
[2,4,9,4,"`01","Electricidad no cortable en las transferencias a otras instituciones públicas",{"$nulls":3},{"$f":"+J270+J276+J280+J287+J295","v":{"v":3965817,"d":"3,965,817.00"}},{"v":1.4102798831119114,"d":"1.41"}]
[2,6,{"$nulls":3},"Bienes Muebles, Inmuebles e Intangibles",{"$f":"+G271+G282+G289+G294+G301+G310+G313","v":{"v":0,"d":"0.00"}},{"$f":"+H271+H282+H289+H294+H301+H310+H313","v":{"v":2043008.8,"d":"2,043,008.80"}},{"v":0,"d":"0.00"},{"v":2505008.8,"d":"2,505,008.80"},{"v":0.8908034631094449,"d":"0.89"}]
[2,6,1,null,null,"Mobiliario Y Equipo",{"$f":"+G272+G274+G276+G278+G280","v":{"v":0,"d":"0.00"}},{"$f":"+H272+H274+H276+H278+H280","v":{"v":298896.8,"d":"298,896.80"}},{"v":0,"d":"0.00"},{"v":298896.8,"d":"298,896.80"},{"v":0.10629036694495089,"d":"0.11"}]
[2,6,1,1,null,"Muebles, equipos de oficina y estantería",{"$f":"+G273","v":{"v":0,"d":"0.00"}},{"$f":"+H273","v":{"v":0,"d":"0.00"}},{"v":0,"d":"0.00"},{"v":0,"d":"0.00"},{"v":0,"d":"0.00"}]
[2,6,1,1,"`01","Muebles, equipos de oficina y estantería",{"$nulls":3},{"$f":"SUBTOTAL(9,G273:I273)","v":{"v":0,"d":"0.00"}},{"v":0,"d":"0.00"}]
[2,6,1,2,null,"Muebles de alojamiento",{"$f":"+G275","v":{"v":0,"d":"0.00"}},{"$f":"+H275","v":{"v":0,"d":"0.00"}},{"v":0,"d":"0.00"},{"v":0,"d":"0.00"},{"v":0,"d":"0.00"}]
[2,6,1,2,"`01","Muebles de alojamiento",{"$nulls":3},{"$f":"SUBTOTAL(9,G275:I275)","v":{"v":0,"d":"0.00"}},{"v":0,"d":"0.00"}]
[2,6,1,3,null,"Equipos de tecnología de la información y comunicación",{"$f":"+G277","v":{"v":0,"d":"0.00"}},{"$f":"+H277","v":{"v":63000,"d":"63,000.00"}},{"v":0,"d":"0.00"},{"v":63000,"d":"63,000.00"},{"v":0.022403361687150573,"d":"0.02"}]
[2,6,1,3,"`01","Equipos de tecnología de la información y comunicación",null,{"v":63000,"d":"63,000.00"},null,{"$f":"SUBTOTAL(9,G277:I277)","v":{"v":63000,"d":"63,000.00"}},{"v":0.022403361687150573,"d":"0.02"}]
[2,6,1,4,null,"Electrodomesticos",{"$f":"+G279","v":{"v":0,"d":"0.00"}},{"$f":"+H279","v":{"v":176922.6,"d":"176,922.60"}},{"v":0,"d":"0.00"},{"v":176922.6,"d":"176,922.60"},{"v":0.06291525394335025,"d":"0.06"}]
[2,6,1,4,"`01","Electrodomesticos",null,{"v":176922.6,"d":"176,922.60"},null,{"$f":"SUBTOTAL(9,G279:I279)","v":{"v":176922.6,"d":"176,922.60"}},{"v":0.06291525394335025,"d":"0.06"}]
[2,6,1,9,null,"Otros mobiliarios y equipos no identificados precedentemente",{"$f":"+G281","v":{"v":0,"d":"0.00"}},{"$f":"+H281","v":{"v":58974.2,"d":"58,974.20"}},{"v":0,"d":"0.00"},{"v":58974.2,"d":"58,974.20"},{"v":0.02097175131445008,"d":"0.02"}]
[2,6,1,9,"`01","Otros mobiliarios y equipos no identificados precedentemente",null,{"v":58974.2,"d":"58,974.20"},null,{"$f":"SUBTOTAL(9,G281:I281)","v":{"v":58974.2,"d":"58,974.20"}},{"v":0.02097175131445008,"d":"0.02"}]
[2,6,2,null,null,"Mobiliario y Equipo Audiovisual, Recreativo y Educacional ",{"$f":"+G283+G285+G287","v":{"v":0,"d":"0.00"}},{"$f":"+H283+H285+H287","v":{"v":1107834,"d":"1,107,834.00"}},{"v":0,"d":"0.00"},{"v":1338834,"d":"1,338,834.00"},{"v":0.47610130700086584,"d":"0.48"}]
[2,6,2,1,null,"Equipos y aparatos audiovisuales",{"$f":"+G284","v":{"v":0,"d":"0.00"}},{"$f":"+H284","v":{"v":0,"d":"0.00"}},{"v":0,"d":"0.00"},{"v":0,"d":"0.00"},{"v":0,"d":"0.00"}]
[2,6,2,1,"`01","Equipos y aparatos audiovisuales",{"$nulls":3},{"v":0,"d":"0.00"},{"v":0,"d":"0.00"}]
[2,6,2,3,null,"Cámaras fotográficas y de video",{"$f":"+G286","v":{"v":0,"d":"0.00"}},{"$f":"+H286","v":{"v":0,"d":"0.00"}},{"v":0,"d":"0.00"},{"v":0,"d":"0.00"},{"$f":"+K286","v":{"v":0,"d":"0.00"}}]
[2,6,2,3,"`01","Cámaras fotográficas y de video",{"$nulls":3},{"v":0,"d":"0.00"},{"v":0,"d":"0.00"}]
[2,6,2,4,null,"Mobiliario y equipos educacional y  recreativos",{"$f":"+G288","v":{"v":0,"d":"0.00"}},{"$f":"+H288+H289+H290+H291+H292+H293+H294","v":{"v":1107834,"d":"1,107,834.00"}},{"$f":"+I288+I289+I290+I291+I292+I293+I294","v":{"v":0,"d":"0.00"}},{"$f":"+J288+J289+J290+J291+J292+J293+J294","v":{"v":1338834,"d":"1,338,834.00"}},{"v":0.47610130700086584,"d":"0.48"}]
[2,6,2,4,"`01","Mobiliario y equipos educacional y  recreativos",{"$nulls":3},{"$f":"SUBTOTAL(9,G288:I288)","v":{"v":0,"d":"0.00"}},{"v":0,"d":"0.00"}]
[2,6,3,null,null,"Equipo e Instrumental, Científico Y Laboratorio",{"$f":"+G290+G292","v":{"v":0,"d":"0.00"}},{"$f":"+H290+H292","v":{"v":369278,"d":"369,278.00"}},{"v":0,"d":"0.00"},{"v":369278,"d":"369,278.00"},{"v":0.13131854916043792,"d":"0.13"}]
[2,6,3,1,null,"Equipo médico y de laboratorio",{"$f":"+G291","v":{"v":0,"d":"0.00"}},{"$f":"+H291","v":{"v":265330,"d":"265,330.00"}},{"v":0,"d":"0.00"},{"v":265330,"d":"265,330.00"},{"v":0.09435371359447081,"d":"0.09"}]
[2,6,3,1,"`01","Equipo médico y de laboratorio",null,{"v":265330,"d":"265,330.00"},null,{"v":265330,"d":"265,330.00"},{"v":0.09435371359447081,"d":"0.09"}]
[2,6,3,2,null,"Instrumental médico y de laboratorio",{"$f":"+G293","v":{"v":0,"d":"0.00"}},{"$f":"+H293","v":{"v":103948,"d":"103,948.00"}},{"v":0,"d":"0.00"},{"v":103948,"d":"103,948.00"},{"v":0.03696483556596711,"d":"0.04"}]
[2,6,3,2,"`01","Instrumental médico y de laboratorio",null,{"v":103948,"d":"103,948.00"},null,{"v":103948,"d":"103,948.00"},{"v":0.03696483556596711,"d":"0.04"}]
[2,6,4,null,null,"Vehículos y Equipo de Transporte, Tracción y Elevación",{"$f":"+G295+G297+G299","v":{"v":0,"d":"0.00"}},{"$f":"+H295+H297+H299","v":{"v":0,"d":"0.00"}},{"v":0,"d":"0.00"},{"v":231000,"d":"231,000.00"},{"v":0.08214565951955209,"d":"0.08"}]
[2,6,4,1,null,"Automóviles y camiones",{"$f":"+G296","v":{"v":0,"d":"0.00"}},{"$f":"+H296","v":{"v":0,"d":"0.00"}},{"v":0,"d":"0.00"},{"v":0,"d":"0.00"},{"v":0,"d":"0.00"}]
[2,6,4,1,"`01","Automóviles y camiones",{"$nulls":3},{"$f":"SUBTOTAL(9,G296:I296)","v":{"v":0,"d":"0.00"}},{"v":0,"d":"0.00"}]
[2,6,4,2,null,"Carrocerías y remolques",{"$f":"+G298","v":{"v":0,"d":"0.00"}},{"$f":"+H298","v":{"v":0,"d":"0.00"}},{"v":0,"d":"0.00"},{"v":231000,"d":"231,000.00"},{"v":0.08214565951955209,"d":"0.08"}]
[2,6,4,2,"`01","Carrocerías y remolques",{"$nulls":3},{"$f":"+J299+J300+J301+J302+J303+J304+J305","v":{"v":231000,"d":"231,000.00"}},{"v":0.08214565951955209,"d":"0.08"}]
[2,6,4,8,null,"Otros equipos de transporte",{"$f":"+G300","v":{"v":0,"d":"0.00"}},{"$f":"+H300","v":{"v":0,"d":"0.00"}},{"v":0,"d":"0.00"},{"v":0,"d":"0.00"},{"v":0,"d":"0.00"}]
[2,6,4,8,"`01","Otros equipos de transporte",{"$nulls":3},{"$f":"SUBTOTAL(9,G300:I300)","v":{"v":0,"d":"0.00"}},{"v":0,"d":"0.00"}]
[2,6,5,null,null,"Maquinaria, Otros Equipos y Herramientas",{"$f":"+G302+G304+G306+G308","v":{"v":0,"d":"0.00"}},{"$f":"+H302+H304+H306+H308","v":{"v":77000,"d":"77,000.00"}},{"v":0,"d":"0.00"},{"v":77000,"d":"77,000.00"},{"v":0.027381886506517364,"d":"0.03"}]
[2,6,5,2,null,"Maquinaria y equipo industrial",{"$f":"+G303","v":{"v":0,"d":"0.00"}},{"$f":"+H303","v":{"v":0,"d":"0.00"}},{"v":0,"d":"0.00"},{"v":0,"d":"0.00"},{"v":0,"d":"0.00"}]
[2,6,5,2,"`01","Maquinaria y equipo industrial",{"$nulls":3},{"v":0,"d":"0.00"},{"v":0,"d":"0.00"}]
[2,6,5,4,null,"Sistemas y equipos de climatización",{"$f":"+G305","v":{"v":0,"d":"0.00"}},{"$f":"+H305","v":{"v":77000,"d":"77,000.00"}},{"v":0,"d":"0.00"},{"v":77000,"d":"77,000.00"},{"v":0.027381886506517364,"d":"0.03"}]
[2,6,5,4,"`01","Sistemas y equipos de climatización",null,{"v":77000,"d":"77,000.00"},null,{"v":77000,"d":"77,000.00"},{"v":0.027381886506517364,"d":"0.03"}]
[2,6,5,5,null,"Equipo de comunicación, telecomunicaciones y señalamiento",{"$f":"+G307","v":{"v":0,"d":"0.00"}},{"$f":"+H307","v":{"v":0,"d":"0.00"}},{"v":0,"d":"0.00"},{"v":0,"d":"0.00"},{"v":0,"d":"0.00"}]
[2,6,5,5,"`01","Equipo de comunicación, telecomunicaciones y señalamiento",{"$nulls":3},{"$f":"SUBTOTAL(9,G307:I307)","v":{"v":0,"d":"0.00"}},{"v":0,"d":"0.00"}]
[2,6,5,6,null,"Equipo de generación eléctrica, aparatos y accesorios eléctricos",{"$f":"+G309","v":{"v":0,"d":"0.00"}},{"$f":"+H309","v":{"v":0,"d":"0.00"}},{"v":0,"d":"0.00"},{"v":0,"d":"0.00"},{"v":0,"d":"0.00"}]
[2,6,5,6,"`01","Equipo de generación eléctrica, aparatos y accesorios eléctricos",{"$nulls":3},{"v":0,"d":"0.00"},{"v":0,"d":"0.00"}]
[2,6,6,null,null,"Equipos de defensa y seguridad",{"$f":"+G311","v":{"v":0,"d":"0.00"}},{"v":0,"d":"0.00"},{"v":0,"d":"0.00"},{"v":0,"d":"0.00"},{"v":0,"d":"0.00"}]
[2,6,6,2,null,"Equipos de seguridad",{"v":0,"d":"0.00"},{"v":0,"d":"0.00"},{"v":0,"d":"0.00"},{"v":0,"d":"0.00"},{"v":0,"d":"0.00"}]
[2,6,6,2,"`01","Equipos de seguridad",{"$nulls":3},{"v":0,"d":"0.00"},{"v":0,"d":"0.00"}]
[2,6,8,null,null,"Bienes Intangibles",{"$f":"+G314+G317+G319+G321","v":{"v":0,"d":"0.00"}},{"$f":"+H314+H316","v":{"v":190000,"d":"190,000.00"}},{"$f":"+I314+I316","v":{"v":0,"d":"0.00"}},{"$f":"+J314+J316","v":{"v":190000,"d":"190,000.00"}},{"$f":"+K314+K316","v":{"v":0.06756569397712077,"d":"0.07"}}]
[2,6,8,3,null,"Programas de informática y base de datos",{"$f":"+G315+G316","v":{"v":0,"d":"0.00"}},{"$f":"+H315","v":{"v":190000,"d":"190,000.00"}},{"$f":"+I315","v":{"v":0,"d":"0.00"}},{"$f":"+J315","v":{"v":190000,"d":"190,000.00"}},{"$f":"+K315","v":{"v":0.06756569397712077,"d":"0.07"}}]
[2,6,8,3,"`01","Programas de informática",null,{"v":190000,"d":"190,000.00"},null,{"$f":"SUBTOTAL(9,G315:I315)","v":{"v":190000,"d":"190,000.00"}},{"v":0.06756569397712077,"d":"0.07"}]
[2,6,8,3,"`02","Base de datos",{"$nulls":3},{"$f":"SUBTOTAL(9,G316:I316)","v":{"v":0,"d":"0.00"}},{"v":0,"d":"0.00"}]
[2,6,8,5,null,"Estudios de preinversión",{"$f":"+G318","v":{"v":0,"d":"0.00"}},{"$f":"+H318","v":{"v":0,"d":"0.00"}},{"v":0,"d":"0.00"},{"v":0,"d":"0.00"},{"v":0,"d":"0.00"}]
[2,6,8,5,"`01","Estudios de preinversión",{"$nulls":3},{"v":0,"d":"0.00"},{"v":0,"d":"0.00"}]
[2,6,8,8,null,"Licencias informáticas e intelectuales, industriales y comerciales",{"$f":"+G320","v":{"v":0,"d":"0.00"}},{"$f":"+H320","v":{"v":1180000,"d":"1,180,000.00"}},{"$f":"+I320","v":{"v":0,"d":"0.00"}},{"v":1180000,"d":"1,180,000.00"},{"v":0.4196185204894869,"d":"0.42"}]
[2,6,8,8,"`01","Licencias Informáticas",null,{"v":1180000,"d":"1,180,000.00"},null,{"$f":"SUBTOTAL(9,G320:I320)","v":{"v":1180000,"d":"1,180,000.00"}},{"v":0.4196185204894869,"d":"0.42"}]
[2,6,8,9,null,"Otros activos intangibles",{"$f":"+G322","v":{"v":0,"d":"0.00"}},{"$f":"+H322","v":{"v":0,"d":"0.00"}},{"v":0,"d":"0.00"},{"v":0,"d":"0.00"},{"v":0,"d":"0.00"}]
[2,6,8,9,"`01","Otros activos intangibles",{"$nulls":3},{"v":0,"d":"0.00"},{"$f":"IFERROR(J322/$J$18*100,\"0.00\")","v":{"v":0,"d":"0.00"}}]
[2,7,{"$nulls":3},"Obras",{"$f":"+G324","v":{"v":0,"d":"0.00"}},{"$f":"+H324","v":{"v":0,"d":"0.00"}},{"v":0,"d":"0.00"},{"v":0,"d":"0.00"},{"v":0,"d":"0.00"}]
[2,7,1,null,null,"Obras En Edificaciones",{"$f":"+G325","v":{"v":0,"d":"0.00"}},{"v":0,"d":"0.00"},{"v":0,"d":"0.00"},{"v":0,"d":"0.00"},{"v":0,"d":"0.00"}]
[2,7,1,2,null,"Obras para edificación no residencial",{"$f":"+G326","v":{"v":0,"d":"0.00"}},{"$f":"+H326","v":{"v":0,"d":"0.00"}},{"v":0,"d":"0.00"},{"v":0,"d":"0.00"},{"$f":"+K326","v":{"v":0,"d":"0.00"}}]
[2,7,1,2,"`01","Obras para edificación no residencial",{"$nulls":3},{"$f":"SUBTOTAL(9,G326:I326)","v":{"v":0,"d":"0.00"}},{"v":0,"d":"0.00"}]

{"sheet":"Insumos","index":7,"n_rows":583,"n_cols":6,"rows_kept":583,"hidden":true}
["Insumo","InsumoAbrev","Descripción","Unidad de Medida","Precio Unitario","CODIGO PRESUPUESTARIO"]
["Acabados textiles","lsAcabadosTextiles","Manteles en encajes para bandejas grandes (rectangulares)","unidad",{"v":944,"d":"944.00"},"2.3.2.2.01"]
["Acabados textiles","lsAcabadosTextiles","Manteles en encajes para bandejas pequeñas (rectangulares)","unidad",{"v":590,"d":"590.00"},"2.3.2.2.01"]
["Alimentos y bebidas para personas","lsAlimentosyBebidas","Almuerzo tipo Buffet para 10 personas (Cristaleria, Cuberteria, Servilletas, Jugo)","unidad",{"v":5000.5,"d":"5,000.50"},"2.3.1.1.01"]
["Alimentos y bebidas para personas","lsAlimentosyBebidas","Almuerzo tipo Buffet para 20 personas (Cristalería, Cubertería, Servilletas, Jugo, Café)","unidad",{"v":10133.5,"d":"10,133.50"},"2.3.1.1.01"]
["Alimentos y bebidas para personas","lsAlimentosyBebidas","Almuerzo tipo Buffet para 30 personas (Cristaleria, Cuberteria, Servilletas, Jugo) ","unidad",{"v":25488,"d":"25,488.00"},"2.3.1.1.01"]
["Alimentos y bebidas para personas","lsAlimentosyBebidas","Almuerzo tipo Buffet para 40 personas (Cristalería, Cuberteria, Mesas, Sillas, Manteles, Servilletas)","unidad",{"v":61419,"d":"61,419.00"},"2.3.1.1.01"]
["Alimentos y bebidas para personas","lsAlimentosyBebidas","Refrigerio Dulce tipo Buffet p/65 Personas (Arreglo Flores, Alquiler Cristalería, Sillas, Servilletas, Mesa, Bambalina, Tope)","unidad",{"v":33435.3,"d":"33,435.30"},"2.3.1.1.01"]
["Alimentos y bebidas para personas","lsAlimentosyBebidas","Refrigerio tipo Buffet p/12 personas (4 Variedades, Desechables Transparentes, Jugo Natural, Servilletas, Hielo)","unidad",{"v":9410.5,"d":"9,410.50"},"2.3.1.1.01"]
["Alimentos y bebidas para personas","lsAlimentosyBebidas","Refrigerio tipo Buffet p/15 personas (3 Variedades, Desechables Transparentes, Jugo Natural, Servilletas, Hielo) ","unidad",{"v":5929.5,"d":"5,929.50"},"2.3.1.1.01"]
["Alimentos y bebidas para personas","lsAlimentosyBebidas","Refrigerio tipo Buffet p/150 personas (Diferentes Variedades, Bambalinas, Manteles, Desechables, Hielo, Servilletas)","unidad",{"v":65844,"d":"65,844.00"},"2.3.1.1.01"]
["Alimentos y bebidas para personas","lsAlimentosyBebidas","Refrigerio tipo Buffet p/40 personas (5 Variedades, Cristaleria, Mantel, Tope, Bambalina, Servilletas, Hielo) ","unidad",{"v":29393.8,"d":"29,393.80"},"2.3.1.1.01"]
["Alimentos y bebidas para personas","lsAlimentosyBebidas","Refrigerio tipo Buffet p/45 personas (5 Variedades, Desechable Transparentes, Servilletas, Hielo) ","unidad",{"v":27193.1,"d":"27,193.10"},"2.3.1.1.01"]
["Alimentos y bebidas para personas","lsAlimentosyBebidas","Refrigerio tipo preempacado p/100 personas (4 Variedades, Jugo, Desechables Transparentes, Hielo, Servilleta) ","unidad",{"v":50380.1,"d":"50,380.10"},"2.3.1.1.01"]
["Alimentos y bebidas para personas","lsAlimentosyBebidas","Refrigerio tipo preempacado p/110 personas (4 Variedades, Jugo, Desechables Transparentes,sillas plasticas, Servilletas) ","unidad",{"v":29323,"d":"29,323.00"},"2.3.1.1.01"]
["Alimentos y bebidas para personas","lsAlimentosyBebidas","Refrigerio tipo preempacado p/125 personas (4 Variedades, Jugo, Desechables Transparentes,sillas plasticas, Servilletas) ","unidad",{"v":32833.5,"d":"32,833.50"},"2.3.1.1.01"]
["Alimentos y bebidas para personas","lsAlimentosyBebidas","Refrigerio tipo preempacado p/20 personas (Variedades fuertes, Jugo, Desechables Transparentes, Servilletas, Hielo)","unidad",{"v":12537.5,"d":"12,537.50"},"2.3.1.1.01"]
["Alimentos y bebidas para personas","lsAlimentosyBebidas","Refrigerio tipo preempacado p/25 personas (4 Variedades, Jugo, Desechables Transparentes, Jugo Natural)","unidad",{"v":12626,"d":"12,626.00"},"2.3.1.1.01"]
["Alimentos y bebidas para personas","lsAlimentosyBebidas","Refrigerio tipo preempacado p/250 personas (4 Variedades, Jugo, Desechables Transparentes, Mesas, Manteles) ","unidad",{"v":95892.7,"d":"95,892.70"},"2.3.1.1.01"]
["Alimentos y bebidas para personas","lsAlimentosyBebidas","Refrigerio tipo preempacado p/50 personas (3 Variedades, Jugo, Desechables Transparentes, Hielo, Servilleta) ","unidad",{"v":19706,"d":"19,706.00"},"2.3.1.1.01"]
["Alimentos y bebidas para personas","lsAlimentosyBebidas","Refrigerio y Almuerzo tipo Buffet p/25 personas (Cristaleria, Mesas, Manteles, Bambalina, Hielo, Servilletas","unidad",{"v":30975,"d":"30,975.00"},"2.3.1.1.01"]
["Alimentos y bebidas para personas","lsAlimentosyBebidas","Servicio de Almuerzo tipo buffet para 30 Personas","unidad",{"v":15251.5,"d":"15,251.50"},"2.3.1.1.01"]
["Alimentos y bebidas para personas","lsAlimentosyBebidas","Servicio de Refrigerio tipo buffet 30 Personas","unidad",{"v":24225.4,"d":"24,225.40"},"2.3.1.1.01"]
["Artículos de plástico","lsArticulosdePlastico","Cajas de Cucharas Plásticas","Caja",{"v":1003,"d":"1,003.00"},"2.3.5.5.01"]
["Artículos de plástico","lsArticulosdePlastico","Cajas de Tenedores Plásticos","Caja",{"v":1003,"d":"1,003.00"},"2.3.5.5.01"]
["Artículos de plástico","lsArticulosdePlastico","Cajas de Vasos No. 3","Caja",{"v":3009,"d":"3,009.00"},"2.3.5.5.01"]
["Artículos de plástico","lsArticulosdePlastico","Cajas de Vasos No. 7","Caja",{"v":1882.1,"d":"1,882.10"},"2.3.5.5.01"]
["Artículos de plástico","lsArticulosdePlastico","Fardos de Fundas Plásticas 17x22","unidad",83.78,"2.3.5.5.01"]
["Artículos de plástico","lsArticulosdePlastico","Fardos de Fundas Plásticas 24x30","unidad",192.34,"2.3.5.5.01"]
["Artículos de plástico","lsArticulosdePlastico","Fardos de Fundas Plásticas no. 55","unidad",421.26,"2.3.5.5.01"]
["Electrodomésticos","lsElectrodomesticos","Aspiradora","unidad",{"v":6500,"d":"6,500.00"},"2.6.1.4.01"]
["Electrodomésticos","lsElectrodomesticos","Estufas de 20 pulgadas","unidad",{"v":7265.26,"d":"7,265.26"},"2.6.1.4.01"]
["Electrodomésticos","lsElectrodomesticos","Microondas de 7 pies","unidad",{"v":4675.254,"d":"4,675.25"},"2.6.1.4.01"]
["Electrodomésticos","lsElectrodomesticos","Refrigeradores de 8 pies","unidad",{"v":16785.5,"d":"16,785.50"},"2.6.1.4.01"]
["Electrodomésticos","lsElectrodomesticos","Televisores de 32 pulgadas","unidad",{"v":15163,"d":"15,163.00"},"2.6.1.4.01"]
["Equipo de comunicación, telecomunicaciones y señalamiento","lsTelecomunicaciones","Mapas de Evacuación","unidad",{"v":2330.5,"d":"2,330.50"},"2.6.5.5.01"]
["Equipo de comunicación, telecomunicaciones y señalamiento","lsTelecomunicaciones","Otros Señales",null,{"v":1150,"d":"1,150.00"},"2.6.5.5.01"]
["Equipo de comunicación, telecomunicaciones y señalamiento","lsTelecomunicaciones","Punto de Reunion 2x2 pies, Metla colocado en pared","unidad",{"v":2330.5,"d":"2,330.50"},"2.6.5.5.01"]
["Equipo de comunicación, telecomunicaciones y señalamiento","lsTelecomunicaciones","Señal de Ruta de Evacuacion Area, Doble Cara 6x12, para techo con cables de acero  Fotoluminiscente","unidad",{"v":3009,"d":"3,009.00"},"2.6.5.5.01"]
["Equipo de comunicación, telecomunicaciones y señalamiento","lsTelecomunicaciones","Señales de Ruta de Evacuacion Flecha Derecha 5x8 en vinil fotoluminiscente sobre PVC de 4mm","unidad",{"v":1150.5,"d":"1,150.50"},"2.6.5.5.01"]
["Equipo de comunicación, telecomunicaciones y señalamiento","lsTelecomunicaciones","Señales de Ruta de Evacuacion Flecha Izquierda 5x8 en vinil fotoluminiscente sobre PVC de 4mm","unidad",{"v":1150.5,"d":"1,150.50"},"2.6.5.5.01"]
["Equipo de comunicación, telecomunicaciones y señalamiento","lsTelecomunicaciones","Señales de Salida 12x25¨ en vinil fotoluminiscente sobre PVC de 4mm","unidad",{"v":1947,"d":"1,947.00"},"2.6.5.5.01"]
["Equipo de comunicación, telecomunicaciones y señalamiento","lsTelecomunicaciones","Señalizaciones de Extintores y Modo de uso","unidad",{"v":2212.5,"d":"2,212.50"},"2.6.5.5.01"]
["Equipo médico y de laboratorio ","lsEquiposMedicos"," Agitador rotador VDRL.","unidad",{"v":11210,"d":"11,210.00"},"2.6.3.1.01"]
["Equipo médico y de laboratorio ","lsEquiposMedicos"," Aspirador de secreciones eléctrico rodable","unidad",{"v":15692.82,"d":"15,692.82"},"2.6.3.1.01"]
["Equipo médico y de laboratorio ","lsEquiposMedicos"," Bandeja de Urología","unidad",{"v":342200,"d":"342,200.00"},"2.6.3.1.01"]
["Equipo médico y de laboratorio ","lsEquiposMedicos"," Contador de células hematológicas.","unidad",{"v":6254,"d":"6,254.00"},"2.6.3.1.01"]
["Equipo médico y de laboratorio ","lsEquiposMedicos"," Incubadora neonatal para UCI","unidad",{"v":531000,"d":"531,000.00"},"2.6.3.1.01"]
["Equipo médico y de laboratorio ","lsEquiposMedicos"," Vitrina de acero inoxidable para material estéril 0.68x0.45x1.70m.","unidad",{"v":49794.525,"d":"49,794.53"},"2.6.3.1.01"]
["Equipo médico y de laboratorio ","lsEquiposMedicos","Aza Diatermica","unidad",{"v":275000,"d":"275,000.00"},"2.6.3.1.01"]
["Equipo médico y de laboratorio ","lsEquiposMedicos","Balanza  con tallímetro de 160 kg - 320 lbs.","unidad",{"v":8407.5,"d":"8,407.50"},"2.6.3.1.01"]
["Equipo médico y de laboratorio ","lsEquiposMedicos","Balanza analítica de precisión","unidad",{"v":96885.1511,"d":"96,885.15"},"2.6.3.1.01"]
["Equipo médico y de laboratorio ","lsEquiposMedicos","Bandeja cirugía general","unidad",{"v":250160,"d":"250,160.00"},"2.6.3.1.01"]
["Equipo médico y de laboratorio ","lsEquiposMedicos","Bandeja de acero inoxidable 30x20cms.","unidad",{"v":2950,"d":"2,950.00"},"2.6.3.1.01"]
["Equipo médico y de laboratorio ","lsEquiposMedicos","Bandeja de cesárea.","unidad",{"v":226560,"d":"226,560.00"},"2.6.3.1.01"]
["Equipo médico y de laboratorio ","lsEquiposMedicos","Bandeja de cirugía ortopédica","unidad",{"v":501500,"d":"501,500.00"},"2.6.3.1.01"]
["Equipo médico y de laboratorio ","lsEquiposMedicos","Bandeja de legrado","unidad",{"v":41300,"d":"41,300.00"},"2.6.3.1.01"]
["Equipo médico y de laboratorio ","lsEquiposMedicos","Bandeja de parto","unidad",{"v":49560,"d":"49,560.00"},"2.6.3.1.01"]
["Equipo médico y de laboratorio ","lsEquiposMedicos","Bandeja ginecológica","unidad",{"v":188800,"d":"188,800.00"},"2.6.3.1.01"]
["Equipo médico y de laboratorio ","lsEquiposMedicos","Baño maría 10 - 15 lts.","unidad",{"v":27140,"d":"27,140.00"},"2.6.3.1.01"]
["Equipo médico y de laboratorio ","lsEquiposMedicos","Cama  tipo hospitalaria, de posición, con barandas,  colchón","unidad",{"v":49219.1806,"d":"49,219.18"},"2.6.3.1.01"]
["Equipo médico y de laboratorio ","lsEquiposMedicos","Cama cuna metálica rodable con barandas para niños 147 x 82.5 x 50 cms.","unidad",{"v":26137.0707,"d":"26,137.07"},"2.6.3.1.01"]
["Equipo médico y de laboratorio ","lsEquiposMedicos","Cama eléctrica de cuidados intensivos con barandas y funciones de posicionamientos especiales","unidad",{"v":105563.744,"d":"105,563.74"},"2.6.3.1.01"]
["Equipo médico y de laboratorio ","lsEquiposMedicos","Cama unipersonal","unidad",{"v":6490,"d":"6,490.00"},"2.6.3.1.01"]
["Equipo médico y de laboratorio ","lsEquiposMedicos","Camilla de emergencia  con barandas, ruedas  y  porta suero incluido","unidad",{"v":30335.3338,"d":"30,335.33"},"2.6.3.1.01"]
["Equipo médico y de laboratorio ","lsEquiposMedicos","Camilla de transporte intrahospitalaria con barandas, ruedas y porta suero","unidad",{"v":72981.6547,"d":"72,981.65"},"2.6.3.1.01"]
["Equipo médico y de laboratorio ","lsEquiposMedicos","Camilla de trauma shock","unidad",{"v":172048.6025,"d":"172,048.60"},"2.6.3.1.01"]
["Equipo médico y de laboratorio ","lsEquiposMedicos","Camilla para examen ginecológico.","unidad",{"v":104465.4,"d":"104,465.40"},"2.6.3.1.01"]
["Equipo médico y de laboratorio ","lsEquiposMedicos","Carro de cura","unidad",{"v":8314.2917,"d":"8,314.29"},"2.6.3.1.01"]
["Equipo médico y de laboratorio ","lsEquiposMedicos","Centrífuga de Mesa de 24 tubos","unidad",{"v":198806.4,"d":"198,806.40"},"2.6.3.1.01"]
["Equipo médico y de laboratorio ","lsEquiposMedicos","Chaleco plomado","unidad",{"v":11313.84,"d":"11,313.84"},"2.6.3.1.01"]
["Equipo médico y de laboratorio ","lsEquiposMedicos","Cipap Fisher","unidad",{"v":469017.4085,"d":"469,017.41"},"2.6.3.1.01"]
["Equipo médico y de laboratorio ","lsEquiposMedicos","Colchones Hospitalarios 36' x 76' (Azul, Marron o Crema)","unidad",{"v":4501.7,"d":"4,501.70"},"2.6.3.1.01"]
["Equipo médico y de laboratorio ","lsEquiposMedicos","Cuna de calor radiante","unidad",{"v":161582.934,"d":"161,582.93"},"2.6.3.1.01"]
["Equipo médico y de laboratorio ","lsEquiposMedicos","Desfibrilador con monitor ECG, paleta externas y batería interna.","unidad",{"v":344224.6911,"d":"344,224.69"},"2.6.3.1.01"]
["Equipo médico y de laboratorio ","lsEquiposMedicos","Doppler fetal fijo","unidad",{"v":24151.6618,"d":"24,151.66"},"2.6.3.1.01"]
["Equipo médico y de laboratorio ","lsEquiposMedicos","Doppler fetal portátil","unidad",{"v":12836.04,"d":"12,836.04"},"2.6.3.1.01"]
["Equipo médico y de laboratorio ","lsEquiposMedicos","Electrocardiógrafo de 3 canales portátil con carro","unidad",{"v":45994.8425,"d":"45,994.84"},"2.6.3.1.01"]
["Equipo médico y de laboratorio ","lsEquiposMedicos","Electrocauterio","unidad",{"v":111029.4216,"d":"111,029.42"},"2.6.3.1.01"]
["Equipo médico y de laboratorio ","lsEquiposMedicos","Escalinata de 2 peldaño","unidad",{"v":1770,"d":"1,770.00"},"2.6.3.1.01"]
["Equipo médico y de laboratorio ","lsEquiposMedicos","Esfigmomanómetro De Pared Con Brazalete Adulto","unidad",{"v":4524.9932,"d":"4,524.99"},"2.6.3.1.01"]
["Equipo médico y de laboratorio ","lsEquiposMedicos","Esfigmomanómetro de pared con set de brazaletes pediátrico.","unidad",{"v":3299.87,"d":"3,299.87"},"2.6.3.1.01"]
["Equipo médico y de laboratorio ","lsEquiposMedicos","Esfigmomanómetro de pedestal rodable adulto","unidad",{"v":4242.69,"d":"4,242.69"},"2.6.3.1.01"]
["Equipo médico y de laboratorio ","lsEquiposMedicos","Esfigmomanómetro de pedestal rodable adulto/pediátrico","unidad",{"v":11859.991,"d":"11,859.99"},"2.6.3.1.01"]
["Equipo médico y de laboratorio ","lsEquiposMedicos","Esfigmomanómetro portátil con brazalete para adulto","unidad",{"v":1479.9914,"d":"1,479.99"},"2.6.3.1.01"]
["Equipo médico y de laboratorio ","lsEquiposMedicos","Esfigmomanómetro portátil con set de Brazaletes pediátricos","unidad",{"v":1999.9938,"d":"1,999.99"},"2.6.3.1.01"]
["Equipo médico y de laboratorio ","lsEquiposMedicos","Estantería metalica de 4 niveles regulares","unidad",{"v":6938.4,"d":"6,938.40"},"2.6.3.1.01"]
["Equipo médico y de laboratorio ","lsEquiposMedicos","Estetoscopio doble campana","unidad",{"v":938.1826,"d":"938.18"},"2.6.3.1.01"]
["Equipo médico y de laboratorio ","lsEquiposMedicos","Estetoscopio pediátrico","unidad",{"v":3519.94,"d":"3,519.94"},"2.6.3.1.01"]
["Equipo médico y de laboratorio ","lsEquiposMedicos","Frasco Esteril para muestras","unidad",{"v":9,"d":"9.00"},"2.6.3.1.01"]
["Equipo médico y de laboratorio ","lsEquiposMedicos","Horno eléctrico al seco cap. 28 litros.","unidad",{"v":63229.12,"d":"63,229.12"},"2.6.3.1.01"]
["Equipo médico y de laboratorio ","lsEquiposMedicos","Incubadora de transporte","unidad",{"v":475540,"d":"475,540.00"},"2.6.3.1.01"]
["Equipo médico y de laboratorio ","lsEquiposMedicos","Incubadora neonatal estándar","unidad",{"v":490481.16,"d":"490,481.16"},"2.6.3.1.01"]
["Equipo médico y de laboratorio ","lsEquiposMedicos","Instalación de Rayos X en el Hospital Municipal de Haina","unidad",{"v":74340,"d":"74,340.00"},"2.6.3.1.01"]
["Equipo médico y de laboratorio ","lsEquiposMedicos","Lámpara de fototerapia","unidad",{"v":40101.7926,"d":"40,101.79"},"2.6.3.1.01"]
["Equipo médico y de laboratorio ","lsEquiposMedicos","Lámpara quirúrgica cialítica de potencia alta.","unidad",{"v":386697.033,"d":"386,697.03"},"2.6.3.1.01"]
["Equipo médico y de laboratorio ","lsEquiposMedicos","Lámpara quirúrgica de pie rodable .","unidad",{"v":142177.256,"d":"142,177.26"},"2.6.3.1.01"]
["Equipo médico y de laboratorio ","lsEquiposMedicos","Laringoscopio adulto","unidad",{"v":26868.6,"d":"26,868.60"},"2.6.3.1.01"]
["Equipo médico y de laboratorio ","lsEquiposMedicos","Máquina de anestesia 3 gases con monitoreo avanzado.","unidad",{"v":1897493.1,"d":"1,897,493.10"},"2.6.3.1.01"]
["Equipo médico y de laboratorio ","lsEquiposMedicos","Mesa de parto","unidad",{"v":232041.1,"d":"232,041.10"},"2.6.3.1.01"]
["Equipo médico y de laboratorio ","lsEquiposMedicos","Mesa metálica angular rodable para instrumentos de acero inoxidable","unidad",{"v":34703.8,"d":"34,703.80"},"2.6.3.1.01"]
["Equipo médico y de laboratorio ","lsEquiposMedicos","Mesa metálica tipo mayo acero inoxidable","unidad",{"v":8903.1,"d":"8,903.10"},"2.6.3.1.01"]
["Equipo médico y de laboratorio ","lsEquiposMedicos","Mesa para operaciones mayores","unidad",{"v":130316.25,"d":"130,316.25"},"2.6.3.1.01"]
["Equipo médico y de laboratorio ","lsEquiposMedicos","Microscopio binocular Tipo Estándar","unidad",{"v":22139.75,"d":"22,139.75"},"2.6.3.1.01"]
["Equipo médico y de laboratorio ","lsEquiposMedicos","Monitor de actividad intrauterina y cardiofetal","unidad",{"v":62932.232,"d":"62,932.23"},"2.6.3.1.01"]
["Equipo médico y de laboratorio ","lsEquiposMedicos","Monitor de funciones vitales de transporte 5 pararametros","unidad",{"v":62932.2322,"d":"62,932.23"},"2.6.3.1.01"]
["Equipo médico y de laboratorio ","lsEquiposMedicos","Monitores de signos vitales de pared de 5 parámetros .","unidad",{"v":57230,"d":"57,230.00"},"2.6.3.1.01"]
["Equipo médico y de laboratorio ","lsEquiposMedicos","Nebulizador","unidad",{"v":2549.9917,"d":"2,549.99"},"2.6.3.1.01"]
["Equipo médico y de laboratorio ","lsEquiposMedicos","Negatoscopio metálico de 1 campo","unidad",{"v":13999.992,"d":"13,999.99"},"2.6.3.1.01"]
["Equipo médico y de laboratorio ","lsEquiposMedicos","Negatoscopio metálico de 2 campos.","unidad",{"v":19383.86,"d":"19,383.86"},"2.6.3.1.01"]
["Equipo médico y de laboratorio ","lsEquiposMedicos","Nevera para banco de sangre","unidad",{"v":250971.84,"d":"250,971.84"},"2.6.3.1.01"]
["Equipo médico y de laboratorio ","lsEquiposMedicos","Nevera para Reactivos","unidad",{"v":257712,"d":"257,712.00"},"2.6.3.1.01"]
["Equipo médico y de laboratorio ","lsEquiposMedicos","Orinal metálico","unidad",{"v":3613.16,"d":"3,613.16"},"2.6.3.1.01"]
["Equipo médico y de laboratorio ","lsEquiposMedicos","Pulsoxímetro adulto pediátrico portátil.","unidad",{"v":34202.3,"d":"34,202.30"},"2.6.3.1.01"]
["Equipo médico y de laboratorio ","lsEquiposMedicos","Pulsoxímetro con sensor neonatal.","unidad",{"v":30336.03,"d":"30,336.03"},"2.6.3.1.01"]
["Equipo médico y de laboratorio ","lsEquiposMedicos","Resucitador manual adulto","unidad",{"v":1250.8,"d":"1,250.80"},"2.6.3.1.01"]
["Equipo médico y de laboratorio ","lsEquiposMedicos","Resucitador manual neonatal","unidad",{"v":1250.8,"d":"1,250.80"},"2.6.3.1.01"]
["Equipo médico y de laboratorio ","lsEquiposMedicos","Resucitador manual pediátrico","unidad",{"v":1250.8,"d":"1,250.80"},"2.6.3.1.01"]
["Equipo médico y de laboratorio ","lsEquiposMedicos","Set de cirugía menor","unidad",{"v":21240,"d":"21,240.00"},"2.6.3.1.01"]
["Equipo médico y de laboratorio ","lsEquiposMedicos","Set de diagnóstico de pared","unidad",{"v":43960.9,"d":"43,960.90"},"2.6.3.1.01"]
["Equipo médico y de laboratorio ","lsEquiposMedicos","Set de diagnóstico portátil","unidad",{"v":13749.997,"d":"13,750.00"},"2.6.3.1.01"]
["Equipo médico y de laboratorio ","lsEquiposMedicos","Set instrumental de curaciones.","unidad",{"v":13570,"d":"13,570.00"},"2.6.3.1.01"]
["Equipo médico y de laboratorio ","lsEquiposMedicos","Silla de rueda aro No. 18","unidad",{"v":4284.71,"d":"4,284.71"},"2.6.3.1.01"]
["Equipo médico y de laboratorio ","lsEquiposMedicos","Silla de rueda aro No. 24","unidad",{"v":5726.64,"d":"5,726.64"},"2.6.3.1.01"]
["Equipo médico y de laboratorio ","lsEquiposMedicos","Sillón dental (de fabricación de local)","unidad",{"v":20650,"d":"20,650.00"},"2.6.3.1.01"]
["Equipo médico y de laboratorio ","lsEquiposMedicos","Unidad de Monitoreo de Cuidados Intensivos ","unidad",{"v":575000.01,"d":"575,000.01"},"2.6.3.1.01"]
["Equipo médico y de laboratorio ","lsEquiposMedicos","Unidad de Rayos X portátil y con batería.","unidad",{"v":2542900,"d":"2,542,900.00"},"2.6.3.1.01"]
["Equipo médico y de laboratorio ","lsEquiposMedicos","Unidad dental digital completa","unidad",{"v":172556.12,"d":"172,556.12"},"2.6.3.1.01"]
["Equipo médico y de laboratorio ","lsEquiposMedicos","Unidades dentales (de fabricación local)","unidad",{"v":44250,"d":"44,250.00"},"2.6.3.1.01"]
["Equipo médico y de laboratorio ","lsEquiposMedicos","Ventilador mecánico adulto/pediátrico","unidad",{"v":719492.5628,"d":"719,492.56"},"2.6.3.1.01"]
["Equipo médico y de laboratorio ","lsEquiposMedicos","Ventilador mecánico neonatal","unidad",{"v":816192.43,"d":"816,192.43"},"2.6.3.1.01"]
["Equipos de cómputo","lsEquiposComputos","Computadoras de escritorio","unidad",{"v":36954.32,"d":"36,954.32"},"2.6.1.3.01"]
["Equipos de cómputo","lsEquiposComputos","Headsets ","unidad",{"v":3776,"d":"3,776.00"},"2.6.1.3.01"]
["Equipos de cómputo","lsEquiposComputos","Impresora Multifunción","unidad",{"v":12390,"d":"12,390.00"},"2.6.1.3.01"]
["Equipos de cómputo","lsEquiposComputos","Impresoras Blanco y Negro","unidad",{"v":6293.705,"d":"6,293.71"},"2.6.1.3.01"]
["Equipos de cómputo","lsEquiposComputos","Laptop de 14 pulgadas","unidad",{"v":27200,"d":"27,200.00"},"2.6.1.3.01"]
["Equipos de seguridad","lsEquiposSeguridad","Arco Detector de Metales de 87' de alto x 35' de anho","unidad",{"v":109504,"d":"109,504.00"},"2.6.6.2.01"]
["Equipos de seguridad","lsEquiposSeguridad","Detectores de Metal Portatil de 16,5' de longitud","unidad",{"v":5723,"d":"5,723.00"},"2.6.6.2.01"]
["Eventos generales","lsEventosGenerales","Alojamiento por una Noche por persona","unidad",{"v":6200,"d":"6,200.00"},"2.2.8.6.01"]
["Eventos generales","lsEventosGenerales","Audivisuales, Decoración, Montaje y Desmontaje de Evento por 50 personas","unidad",{"v":86568.53,"d":"86,568.53"},"2.2.8.6.01"]
["Eventos generales","lsEventosGenerales","Audivisuales, Decoración, Montaje y Desmontaje de Evento por 80 personas","unidad",{"v":100917.38,"d":"100,917.38"},"2.2.8.6.01"]
["Gasoil","lsGasoil","Tickets de Combustible de RD$1,000.00","unidad",{"v":1000,"d":"1,000.00"},"2.3.7.1.02 "]
["Gasoil","lsGasoil","Tickets de Combustible de RD$200.00","unidad",{"v":200,"d":"200.00"},"2.3.7.1.02 "]
["Gasoil","lsGasoil","Tickets de Combustible de RD$500.00","unidad",{"v":500,"d":"500.00"},"2.3.7.1.02 "]
["Gasoil","lsGasoil","Galones de Gasoil Optimo","galon",{"v":197,"d":"197.00"},"2.3.7.1.02"]
["Gasoil","lsGasoil","Galones de Gasoil Regular","galon",{"v":181,"d":"181.00"},"2.3.7.1.02"]
["Gasoil","lsGasoil","Galones de Gasolina Premium","galon",{"v":251,"d":"251.00"},"2.3.7.1.02"]
["Gasoil","lsGasoil","Galones de Gasolina Regular","galon",{"v":230,"d":"230.00"},"2.3.7.1.02"]
["Gasoil","lsGasoil","Galones de GPL","galon",{"v":110,"d":"110.00"},"2.3.7.1.02"]
["Herramientas menores","lsHerramientasMenores","60 pie de Alambre Vinyl #14/2","pie",28.32,"2.3.6.3.04"]
["Herramientas menores","lsHerramientasMenores","Bandeja metálica colectora de agua de 1.50 x 0.70 x 0.70mts","unidad",{"v":8500,"d":"8,500.00"},"2.3.6.3.04"]
["Herramientas menores","lsHerramientasMenores","Cajas aéreas plásticas","unidad",{"v":81.172,"d":"81.17"},"2.3.6.3.04"]
["Herramientas menores","lsHerramientasMenores","Canaleta de 1 pulgada","unidad",{"v":103.3567,"d":"103.36"},"2.3.6.3.04"]
["Herramientas menores","lsHerramientasMenores","Codos de 1' PVC","unidad",20.06,"2.3.6.3.04"]
["Herramientas menores","lsHerramientasMenores","Destornillador de Estria","unidad",208.86,"2.3.6.3.04"]
["Herramientas menores","lsHerramientasMenores","Destornillador Plano","unidad",{"v":206.735,"d":"206.74"},"2.3.6.3.04"]
["Herramientas menores","lsHerramientasMenores","Faceplate 1 salida","unidad",{"v":43.294,"d":"43.29"},"2.3.6.3.04"]
["Herramientas menores","lsHerramientasMenores","Grapas Plasticas para Alambre Vinyl #13","unidad",{"v":5.9,"d":"5.90"},"2.3.6.3.04"]
["Herramientas menores","lsHerramientasMenores","Llave de Rueda tipo T","unidad",{"v":944,"d":"944.00"},"2.3.6.3.04"]
["Herramientas menores","lsHerramientasMenores","Llaves de paso de bola (1 pulgada)","unidad",571.12,"2.3.6.3.04"]
["Herramientas menores","lsHerramientasMenores","Martillo","unidad",{"v":619.5,"d":"619.50"},"2.3.6.3.04"]
["Herramientas menores","lsHerramientasMenores","Mini Jack RJ45","unidad",{"v":100.3,"d":"100.30"},"2.3.6.3.04"]
["Herramientas menores","lsHerramientasMenores","Niples 1' x 2' hg","unidad",33.63,"2.3.6.3.04"]
["Herramientas menores","lsHerramientasMenores","Niples de 1' x 3' hg","unidad",44.25,"2.3.6.3.04"]
["Herramientas menores","lsHerramientasMenores","Organizador horizontal plástico","unidad",{"v":855.5,"d":"855.50"},"2.3.6.3.04"]
["Herramientas menores","lsHerramientasMenores","Patch Cord UTP Cat.6 de 2 pies","unidad",{"v":60.2273,"d":"60.23"},"2.3.6.3.04"]
["Herramientas menores","lsHerramientasMenores","Patch Cord UTP Cat.6 de 7 pies","unidad",{"v":102.8133,"d":"102.81"},"2.3.6.3.04"]
["Herramientas menores","lsHerramientasMenores","Patch Panel 24 puertos Cat.6","unidad",{"v":3030.43,"d":"3,030.43"},"2.3.6.3.04"]
["Herramientas menores","lsHerramientasMenores","Pinzas para corte de tola","unidad",858.45,"2.3.6.3.04"]
["Herramientas menores","lsHerramientasMenores","Punta de Tria para Taladro","unidad",{"v":206.7233,"d":"206.72"},"2.3.6.3.04"]
["Herramientas menores","lsHerramientasMenores","PVC CR80/30 (kit de 500)","unidad",{"v":4425,"d":"4,425.00"},"2.3.6.3.04"]
["Herramientas menores","lsHerramientasMenores","Rack (Palometas) de Pared para Monitor NK PVM-2701","unidad",{"v":13500.0026,"d":"13,500.00"},"2.3.6.3.04"]
["Herramientas menores","lsHerramientasMenores","Rack de pared 7U con Bisagras","unidad",{"v":1416,"d":"1,416.00"},"2.3.6.3.04"]
["Herramientas menores","lsHerramientasMenores","Tarugos Azules","unidad",3.54,"2.3.6.3.04"]
["Herramientas menores","lsHerramientasMenores","tee de 1 pulgada hg","unidad",73.16,"2.3.6.3.04"]
["Herramientas menores","lsHerramientasMenores","Tira de Lija 100/1","unidad",{"v":548.265,"d":"548.27"},"2.3.6.3.04"]
["Herramientas menores","lsHerramientasMenores","Tira de Lija de Metal 12/1","unidad",{"v":526.325,"d":"526.33"},"2.3.6.3.04"]
["Herramientas menores","lsHerramientasMenores","Tornillo para Tarugo Azul","unidad",3.54,"2.3.6.3.04"]
["Herramientas menores","lsHerramientasMenores","Tubo de Silicón Transparente","unidad",{"v":265.5,"d":"265.50"},"2.3.6.3.04"]
["Impresión y encuadernación","lsImpresionyEncuadernacion","Impresión Formularios (dos caras)","unidad",{"v":1.9824,"d":"1.98"},"2.2.2.2.01 "]
["Llantas y neumáticos","lsLlantasyNeumaticos","Goma (No.265/70/16 para camioneta Toyota Hilux) ","unidad",{"v":7773.84,"d":"7,773.84"},"2.3.5.3.01"]
["Llantas y neumáticos","lsLlantasyNeumaticos","Gomas (No. 265/70/15 para jeep Chevrolet Brazer) ","unidad",{"v":9343.24,"d":"9,343.24"},"2.3.5.3.01"]
["Llantas y neumáticos","lsLlantasyNeumaticos","Neumáticos para Ford Ranger, Pirelli 265-70R-16","unidad",{"v":10915,"d":"10,915.00"},"2.3.5.3.01"]
["Llantas y neumáticos","lsLlantasyNeumaticos","Neumáticos para Motocicleta 110/80-18-58, trasera, Michelin","unidad",{"v":3923.5,"d":"3,923.50"},"2.3.5.3.01"]
["Llantas y neumáticos","lsLlantasyNeumaticos","Neumáticos para Motocicletas 80/90-21mc48p, delanteras Michelin","unidad",{"v":4543,"d":"4,543.00"},"2.3.5.3.01"]
["Llantas y neumáticos","lsLlantasyNeumaticos","Neumáticos para Toyota Hilux, Firestone 265/70 R 16","unidad",{"v":9204,"d":"9,204.00"},"2.3.5.3.01"]
["Llantas y neumáticos","lsLlantasyNeumaticos","Tubo de Neumáticos para Motocicleta, delantero, Michelin","unidad",{"v":1239,"d":"1,239.00"},"2.3.5.3.01"]
["Llantas y neumáticos","lsLlantasyNeumaticos","Tubo de Neumáticos para Motocicleta, trasero, Michelin","unidad",{"v":1239,"d":"1,239.00"},"2.3.5.3.01"]
["Mantenimiento y reparación de equipos de transporte, tracción y elevación","lsMantenimiento","Instalación, Correcion de Pintura, Cristal Delantero y Bumper de vehiculo","unidad",{"v":54999.99,"d":"54,999.99"},"2.7.2.6.01"]
["Mantenimiento y reparación de equipos de transporte, tracción y elevación","lsMantenimiento","Mantenimiento de Vehículos","unidad",{"v":17023.8,"d":"17,023.80"},"2.7.2.6.01"]
["Mantenimiento y reparación de equipos para computación","lsMantenimiento","Mantenimiento y/o Reparación Impresora  Multifuncional ","unidad",{"v":4130,"d":"4,130.00"},"2.7.2.2.01"]
["Mantenimiento y reparación de equipos para computación","lsMantenimiento","Mantenimiento y/o Reparación Impresora Laser","unidad",{"v":16048,"d":"16,048.00"},"2.7.2.2.01"]
["Mantenimiento y reparación de equipos para computación","lsMantenimiento","Servicio de Reparación y Mantenimiento de Fotocopiadora (anual)","unidad",{"v":24502.7,"d":"24,502.70"},"2.7.2.2.01"]
["Mantenimiento y reparación de equipos sanitarios y de laboratorio","lsMantenimiento","Reparación de Tomógrafo General Electric Brights Speed, serial 277468nm5","unidad",{"v":715000,"d":"715,000.00"},"2.7.2.4.01"]
["Mantenimiento y reparación de maquinarias y equipos","lsMantenimiento","Mantenimiento de Planta Electrica Cummins 20KVA","unidad",{"v":60742.81,"d":"60,742.81"},"2.7.2.6.01"]
["Mantenimiento y reparación de maquinarias y equipos","lsMantenimiento","Mantenimiento y Reparación de Aire Acondicionado de 3 Toneladas","unidad",{"v":30385,"d":"30,385.00"},"2.7.2.6.01"]
["Mantenimiento y reparación de maquinarias y equipos","lsMantenimiento","Reparacion y Mantenimiento Planta Eléctrica","unidad",{"v":79818.74,"d":"79,818.74"},"2.7.2.6.01"]
["Mantenimiento y reparación de maquinarias y equipos","lsMantenimiento","Servicio de Mantenimiento de Aire Acondicionado","unidad",{"v":4500,"d":"4,500.00"},"2.2.7.2.01"]
["Mantenimiento y reparación de maquinarias y equipos","lsMantenimiento","Servicio de mantenimiento,lavado y brillado de piso","unidad",{"v":44840,"d":"44,840.00"},"2.7.1.7.01"]
["Mantenimiento y reparación de maquinarias y equipos","lsMantenimiento","Servicios de Desinstalacion,  Instalación y Mantenimiento","unidad",{"v":8850,"d":"8,850.00"},"2.7.2.6.01"]
["Mantenimiento y reparación de muebles y equipos de oficina","lsMantenimiento","Mantenimiento Planta Eléctrica","unidad",{"v":45459.5,"d":"45,459.50"},"2.7.1.6.01"]
["Mantenimiento y reparación de muebles y equipos de oficina","lsMantenimiento","Suministro, Instalación y drenaje","unidad",{"v":7500,"d":"7,500.00"},"2.7.1.4.01"]
["Material para limpieza","lsMaterialesdeLimpieza","Ambientador en Spray, diferentes Frangancias","unidad",68.44,"2.3.9.1.01"]
["Material para limpieza","lsMaterialesdeLimpieza","Carro de limpieza de 2 baldes","unidad",{"v":3935.3,"d":"3,935.30"},"2.3.9.1.01"]
["Material para limpieza","lsMaterialesdeLimpieza","Cleaner, 1 Litro para Maquina ABX Micros 60","unidad",{"v":1548,"d":"1,548.00"},"2.3.9.1.01"]
["Material para limpieza","lsMaterialesdeLimpieza","Cubo plastico , con brazalete en metal, Mediano","unidad",{"v":130,"d":"130.00"},"2.3.9.1.01"]
["Material para limpieza","lsMaterialesdeLimpieza","Docenas de Brillo de Metal (Fregar)","unidad",341.02,"2.3.9.1.01"]
["Material para limpieza","lsMaterialesdeLimpieza","Escoba plastica","unidad",{"v":120,"d":"120.00"},"2.3.9.1.01"]
["Material para limpieza","lsMaterialesdeLimpieza","Galón de Cloro","galon",{"v":57.785,"d":"57.79"},"2.3.9.1.01"]
["Material para limpieza","lsMaterialesdeLimpieza","Galones de Limpia Cristales","galon",{"v":118,"d":"118.00"},"2.3.9.1.01"]
["Material para limpieza","lsMaterialesdeLimpieza","Jabón Liquido Lavaplatos","galon",138.06,"2.3.9.1.01"]
["Material para limpieza","lsMaterialesdeLimpieza","Jabón Liquido para Manos","galon",136.88,"2.3.9.1.01"]
["Material para limpieza","lsMaterialesdeLimpieza","Neutralizador de Olor","unidad",{"v":270,"d":"270.00"},"2.3.9.1.01"]
["Material para limpieza","lsMaterialesdeLimpieza","Pinespuma ","unidad",{"v":300,"d":"300.00"},"2.3.9.1.01"]
["Material para limpieza","lsMaterialesdeLimpieza","Rastrillo plastico palo en  en madera","unidad",{"v":160,"d":"160.00"},"2.3.9.1.01"]
["Material para limpieza","lsMaterialesdeLimpieza","Saco de Detergente en Polvo","unidad",728.06,"2.3.9.1.01"]
["Material para limpieza","lsMaterialesdeLimpieza","Suaper","unidad",{"v":125,"d":"125.00"},"2.3.9.1.01"]
["Muebles de alojamiento","lsMueblesdeAlojamiento","Bancada de 3 asientos","unidad",{"v":7123.896,"d":"7,123.90"},"2.6.1.2.02"]
["Muebles de alojamiento","lsMueblesdeAlojamiento","Bancada de 4 asientos","unidad",{"v":13570,"d":"13,570.00"},"2.6.1.2.02"]
["Muebles de oficina y estantería","lsMueblesdeOficina","Anaquel metalico de 5 niveles","unidad",{"v":6938.4,"d":"6,938.40"},"2.6.1.1.02"]
["Muebles de oficina y estantería","lsMueblesdeOficina","Anaqueles de Metal de 1.20m+0.60 cm","unidad",{"v":11800,"d":"11,800.00"},"2.6.1.1.01"]
["Muebles de oficina y estantería","lsMueblesdeOficina","Anaqueles de Metal de 1.m+0.60 cm","unidad",{"v":10620,"d":"10,620.00"},"2.6.1.1.01"]
["Muebles de oficina y estantería","lsMueblesdeOficina","Archivador metálico de 4 gavetas.","unidad",{"v":8142,"d":"8,142.00"},"2.6.1.1.02"]
["Muebles de oficina y estantería","lsMueblesdeOficina","Archivos Laterales 2.3 de 4 gavetas","unidad",{"v":11227.8771,"d":"11,227.88"},"2.6.1.1.01"]
["Muebles de oficina y estantería","lsMueblesdeOficina","Armario metálico dobles o lockers con ojete para candado.","unidad",{"v":8496,"d":"8,496.00"},"2.6.1.1.02"]
["Muebles de oficina y estantería","lsMueblesdeOficina","Bandeja metálica rodable de sobre cama para alimentos","unidad",{"v":5605,"d":"5,605.00"},"2.6.1.1.02"]
["Muebles de oficina y estantería","lsMueblesdeOficina","Cubiculos (1.05mt x 1.00mt x 0.60mt)","unidad",{"v":14160,"d":"14,160.00"},"2.6.1.1.01"]
["Muebles de oficina y estantería","lsMueblesdeOficina","Cubo metalico para desperdicios con tapa accionada a pedal","unidad",{"v":1121,"d":"1,121.00"},"2.6.1.1.02"]
["Muebles de oficina y estantería","lsMueblesdeOficina","Dispositivo de Paso Rápido de Peajes para Vehículos","unidad",{"v":450,"d":"450.00"},"2.6.1.1.01"]
["Muebles de oficina y estantería","lsMueblesdeOficina","Escritorio metálico de 2 cajones de 100 x 60 cms.","unidad",{"v":5900,"d":"5,900.00"},"2.6.1.1.02"]
["Muebles de oficina y estantería","lsMueblesdeOficina","Gabinetes Aereos 1.00mt con puerta tipo tambor","unidad",{"v":14160,"d":"14,160.00"},"2.6.1.1.01"]
["Muebles de oficina y estantería","lsMueblesdeOficina","Mesa comedor con 4 sillas","unidad",{"v":18880,"d":"18,880.00"},"2.6.1.1.02"]
["Muebles de oficina y estantería","lsMueblesdeOficina","Silla metálica giratoria rodable con asiento alto","unidad",{"v":4130,"d":"4,130.00"},"2.6.1.1.02"]
["Muebles de oficina y estantería","lsMueblesdeOficina","Silla secretarial","unidad",{"v":2950,"d":"2,950.00"},"2.6.1.1.02"]
["Muebles de oficina y estantería","lsMueblesdeOficina","Sillas de Oficina sin brazo, con soporte lumbar","unidad",{"v":7949.66,"d":"7,949.66"},"2.6.1.1.01"]
["Muebles de oficina y estantería","lsMueblesdeOficina","Sillas de visitas","unidad",{"v":1303.9,"d":"1,303.90"},"2.6.1.1.01"]
["Muebles de oficina y estantería","lsMueblesdeOficina","Sillas secretariales sin brazo con soporte lumbar","unidad",{"v":7949.66,"d":"7,949.66"},"2.6.1.1.01"]
["Muebles de oficina y estantería","lsMueblesdeOficina","Sillón ejecutivo color negro, con brazo, soporte lumbar, en leader","unidad",{"v":9912,"d":"9,912.00"},"2.6.1.1.01"]
["Muebles de oficina y estantería","lsMueblesdeOficina","Sillon Ergonomico o Postural color negro","unidad",{"v":14004.83,"d":"14,004.83"},"2.6.1.1.02"]
["Muebles de oficina y estantería","lsMueblesdeOficina","Sillón para sala de reuniones","unidad",{"v":12019.008,"d":"12,019.01"},"2.6.1.1.02"]
["Muebles de oficina y estantería","lsMueblesdeOficina","Sillón semiejecutivo sin porta brazos unipersonal","unidad",{"v":4378.98,"d":"4,378.98"},"2.6.1.1.01"]
["Muebles de oficina y estantería","lsMueblesdeOficina","Taburete metálico asiento giratorio rodable con espaldar.","unidad",{"v":3482.18,"d":"3,482.18"},"2.6.1.1.02"]
["Muebles de oficina y estantería","lsMueblesdeOficina","Taburete metalico giratorio con espaldar para anestesiologo","unidad",{"v":6755.736,"d":"6,755.74"},"2.6.1.1.02"]
["Obras menores en edificaciones","lsObrasMenoresEdificaciones"," Adecuación Local ","unidad",null,"2.7.1.1.01"]
["Otros equipos","lsOtrosEquipos","Bomba de agua de 1.5 hp, doble impele","unidad",{"v":36028.94,"d":"36,028.94"},"2.6.5.8.01"]
["Otros equipos","lsOtrosEquipos","Bomba de Agua de 3HP - 110-220V","unidad",{"v":30591.5,"d":"30,591.50"},"2.6.5.8.01"]
["Otros equipos","lsOtrosEquipos","Gato Hidráulico 2 TOM. TW","unidad",626.58,"2.6.5.8.01"]
["Otros equipos","lsOtrosEquipos","Tanque de hidroneumatico de 120 galones - alta presion","unidad",{"v":62031.42,"d":"62,031.42"},"2.6.5.8.01"]
["Peaje","lsPeaje","Peaje (por vehiculo)","unidad",{"v":60,"d":"60.00"},"2.2.4.4.01"]
["Pinturas, barnices, lacas, diluyentes y absorbentes para pintura","lsPinturas","Cemento de pvc de 16oz","unidad",487.34,"2.3.7.2.06"]
["Pinturas, barnices, lacas, diluyentes y absorbentes para pintura","lsPinturas","Pastas de cloro de cisternas 200GRS","unidad",{"v":88.5,"d":"88.50"},"2.3.7.2.06"]
["Productos de artes gráficas","lsProductosArtesGraficas","Calcomanias","unidad",{"v":177,"d":"177.00"},"2.3.3.3.01"]
["Productos de artes gráficas","lsProductosArtesGraficas","Letrero en Acrílico rotulado en Vinil adhesivo, Tornillos Decorativo (0.71mt x 1.06mt) con instalación","unidad",{"v":5959,"d":"5,959.00"},"2.3.3.3.01"]
["Productos de cemento","lsProductosdeCemento","Cemento blanco","libra",18.88,"2.3.6.1.01"]
["Productos de loza","lsProductosdeLoza","Inodoros color blanco","unidad",{"v":4124.1,"d":"4,124.10"},"2.3.6.2.02"]
["Productos de loza","lsProductosdeLoza","Lavamanos con pedestal color blanco","unidad",{"v":4737.7,"d":"4,737.70"},"2.3.6.2.02"]
["Productos de loza","lsProductosdeLoza","Pedestal de Lavamanos color blanco","unidad",{"v":1239,"d":"1,239.00"},"2.3.6.2.02"]
["Productos de Papel, Cartón e Impresos","lsProductosdePapel","Carpetas Azules de 5 Pulgadas con 3 aros.","unidad",711.54,"2.3.3.3.01"]
["Productos de Papel, Cartón e Impresos","lsProductosdePapel","Carpetas institucionales con bolsillo full color, Cartón 9x12","unidad",30.68,"2.3.3.3.01"]
["Productos de Papel, Cartón e Impresos","lsProductosdePapel","Carpetas No.1, Blanca c/Cover","unidad",93.22,"2.3.3.2.01"]
["Productos de Papel, Cartón e Impresos","lsProductosdePapel","Carpetas No.2","unidad",{"v":140.125,"d":"140.13"},"2.3.3.2.01"]
["Productos de Papel, Cartón e Impresos","lsProductosdePapel","Carpetas No.3","unidad",{"v":194.7,"d":"194.70"},"2.3.3.2.01"]
["Productos de Papel, Cartón e Impresos","lsProductosdePapel","Carpetas No.4","unidad",{"v":334.825,"d":"334.83"},"2.3.3.2.01"]
["Productos de Papel, Cartón e Impresos","lsProductosdePapel","Carpetas No.5, Blanca c/Cover ","unidad",474.36,"2.3.3.2.01"]
["Productos de Papel, Cartón e Impresos","lsProductosdePapel","Fardos de Papel Higiénico Jumbo","unidad",{"v":548.7,"d":"548.70"},"2.3.3.2.01"]
["Productos de Papel, Cartón e Impresos","lsProductosdePapel","Fardos de Papel Toalla","unidad",628.94,"2.3.3.2.01"]
["Productos de Papel, Cartón e Impresos","lsProductosdePapel","Fardos de Servilletas","unidad",{"v":401.2,"d":"401.20"},"2.3.3.2.01"]
["Productos de Papel, Cartón e Impresos","lsProductosdePapel","Fólder de bolsillo color azul","unidad",{"v":526.575,"d":"526.58"},"2.3.3.2.01"]
["Productos de Papel, Cartón e Impresos","lsProductosdePapel","Folders 8 1/2x 11 (100/1) Impropapel","Caja",175.82,"2.3.3.2.01"]
["Productos de Papel, Cartón e Impresos","lsProductosdePapel","Folders 8 1/2x 11 (100/1), de Colores","Caja",{"v":531,"d":"531.00"},"2.3.3.2.01"]
["Productos de Papel, Cartón e Impresos","lsProductosdePapel","Folders 8 1/2x 13 (100/1), Ofi Folder","Caja",233.64,"2.3.3.2.01"]
["Productos de Papel, Cartón e Impresos","lsProductosdePapel","Folders 8 1/2x 13 (100/1), Ofinota","Caja",{"v":260.0011,"d":"260.00"},"2.3.3.2.01"]
["Productos de Papel, Cartón e Impresos","lsProductosdePapel","Formulario de Requisicion de Materiales de 50 juegos con 3 autocopias","unidad",{"v":283.2,"d":"283.20"},"2.3.3.3.01"]
["Productos de Papel, Cartón e Impresos","lsProductosdePapel","Libretas Rayadas 5x8 (docena)","unidad",132.75,"2.3.3.2.01"]
["Productos de Papel, Cartón e Impresos","lsProductosdePapel","Libretas Rayadas 8 1/2 x 11 (docena)","unidad",368.75,"2.3.3.2.01"]
["Productos de Papel, Cartón e Impresos","lsProductosdePapel","Máquinas sumadoras Electrónicas","unidad",{"v":5546,"d":"5,546.00"},"2.3.3.3.01"]
["Productos de Papel, Cartón e Impresos","lsProductosdePapel","Resma de Hojas timbradas con Logo de la Institución 8 1/2 x 11 (Bond 24)","unidad",{"v":1215.4,"d":"1,215.40"},"2.3.3.3.01"]
["Productos de Papel, Cartón e Impresos","lsProductosdePapel","Resma de Papel 8 1/2x11","resma",139.24,"2.3.3.1.01"]
["Productos de Papel, Cartón e Impresos","lsProductosdePapel","Resma de Papel 8 1/2x14","resma",{"v":194.7,"d":"194.70"},"2.3.3.1.01"]
["Productos de Papel, Cartón e Impresos","lsProductosdePapel","Rollo de Papel para Sumadora, 21/4¨x120 Import","unidad",{"v":12.803,"d":"12.80"},"2.3.3.2.01"]
["Productos de Papel, Cartón e Impresos","lsProductosdePapel","Sobres para Carta (cajas) 500/1","unidad",663.75,"2.3.3.2.01"]
["Productos de Papel, Cartón e Impresos","lsProductosdePapel","Sumadoras Electricas","unidad",{"v":6149.9943,"d":"6,149.99"},"2.3.3.3.01"]
["Productos de vidrio","lsProductosdeVidrio","Cristal Delantero para Isuzu D-Max ","unidad",{"v":6490,"d":"6,490.00"},"2.3.6.2.01"]
["Productos de vidrio","lsProductosdeVidrio","Cristal Delantero para Mitsubishi L200 ","unidad",{"v":6490,"d":"6,490.00"},"2.3.6.2.01"]
["Productos de vidrio","lsProductosdeVidrio","Cristal Delantero para Nissan Frontier ","unidad",{"v":6490,"d":"6,490.00"},"2.3.6.2.01"]
["Productos de vidrio","lsProductosdeVidrio","Cristal Delantero para Toyota Fortunner","unidad",{"v":6490,"d":"6,490.00"},"2.3.6.2.01"]
["Productos de vidrio","lsProductosdeVidrio","Cristal Delantero para Toyota Hilux ","unidad",{"v":6490,"d":"6,490.00"},"2.3.6.2.01"]
["Productos eléctricos y afines","lsProductosElectricos","Alambre STD No. 12 (2.5 mm) Rollo","unidad",{"v":2205.7733,"d":"2,205.77"},"2.3.9.6.01"]
["Productos eléctricos y afines","lsProductosElectricos","Alicate Eléctrico 9'' TRUPER (12351)","unidad",{"v":501.5,"d":"501.50"},"2.3.9.6.01"]
["Productos eléctricos y afines","lsProductosElectricos","Bateria AA (docenas) Maxell","unidad",{"v":442.5,"d":"442.50"},"2.3.9.6.01"]
["Productos eléctricos y afines","lsProductosElectricos","Bateria AAA  (docenas), Insterstate","unidad",{"v":531,"d":"531.00"},"2.3.9.6.01"]
["Productos eléctricos y afines","lsProductosElectricos","Bateria AAA  Maxell (docenas)","unidad",{"v":796.5,"d":"796.50"},"2.3.9.6.01"]
["Productos eléctricos y afines","lsProductosElectricos","Baterías de Vehículos para Isuzu D-Max","unidad",{"v":5640.4,"d":"5,640.40"},"2.3.9.6.01"]
["Productos eléctricos y afines","lsProductosElectricos","Baterías de Vehículos para Nissan Frontier","unidad",{"v":5640.4,"d":"5,640.40"},"2.3.9.6.01"]
["Productos eléctricos y afines","lsProductosElectricos","Baterías de Vehículos para Nissan Patrol","unidad",{"v":5640.4,"d":"5,640.40"},"2.3.9.6.01"]
["Productos eléctricos y afines","lsProductosElectricos","Baterías de Vehículos para Toyota Corolla","unidad",{"v":4366,"d":"4,366.00"},"2.3.9.6.01"]
["Productos eléctricos y afines","lsProductosElectricos","Baterías para UPS de Tomógrafo ( capacidad 80KVA/64KVA)","unidad",{"v":15611.4,"d":"15,611.40"},"2.3.9.6.01"]
["Productos eléctricos y afines","lsProductosElectricos","Bombillo Pequeño 25W, Bajo Consumo","unidad",179.15,"2.3.9.6.01"]
["Productos eléctricos y afines","lsProductosElectricos","Extensiones elécricas de 10 pies, color mamey (3M) 48006 Voltech","unidad",{"v":194.7,"d":"194.70"},"2.3.9.6.01"]
["Productos eléctricos y afines","lsProductosElectricos","Fotocelda con Base","unidad",{"v":672.6,"d":"672.60"},"2.3.9.6.01"]
["Productos eléctricos y afines","lsProductosElectricos","Main Breaker Trifasico de 240 voltios","unidad",{"v":20650,"d":"20,650.00"},"2.3.9.6.01"]
["Productos eléctricos y afines","lsProductosElectricos","Reflectores LED 100W","unidad",{"v":4661,"d":"4,661.00"},"2.3.9.6.01"]
["Productos eléctricos y afines","lsProductosElectricos","Regletas 6 Salidas Voltech","unidad",{"v":525.1,"d":"525.10"},"2.3.9.6.01"]
["Productos eléctricos y afines","lsProductosElectricos","Switch 24 puertos Gigabit (No POE)","unidad",{"v":6384.19,"d":"6,384.19"},"2.3.9.6.01"]
["Productos eléctricos y afines","lsProductosElectricos","Tape 3M Scoth-23 de Goma","unidad",{"v":899.0433,"d":"899.04"},"2.3.9.6.01"]
["Productos eléctricos y afines","lsProductosElectricos","Tape 3M Scoth-33 Vinil","unidad",{"v":348.1,"d":"348.10"},"2.3.9.6.01"]
["Productos eléctricos y afines","lsProductosElectricos","Tomacorrientes 110v, tipo Livingston","unidad",{"v":147.5,"d":"147.50"},"2.3.9.6.01"]
["Productos eléctricos y afines","lsProductosElectricos","Transformadores 2x32W Silvania de 110v/ 277v","unidad",{"v":11210,"d":"11,210.00"},"2.3.9.6.01"]
["Productos eléctricos y afines","lsProductosElectricos","Tubos fluorescentes Blancos 32w Caja 25/1","unidad",{"v":1333.4,"d":"1,333.40"},"2.3.9.6.01"]
["Productos medicinales para uso humano","lsProductosMedicinalesH","Anestesia al 2% 1 50.00","unidad",939.75,"2.3.4.1.01"]
["Productos medicinales para uso humano","lsProductosMedicinalesH","Anestesia al 3% 50/1","unidad",{"v":590,"d":"590.00"},"2.3.4.1.01"]
["Productos medicinales para uso humano","lsProductosMedicinalesH","Dycal brazil","unidad",761.25,"2.3.4.1.01"]
["Productos medicinales para uso humano","lsProductosMedicinalesH","Dycal brazil","unidad",761.25,"2.3.4.2.01"]
["Productos medicinales para uso humano","lsProductosMedicinalesH","Eugenol (frasco)","unidad",309.75,"2.3.4.2.01"]
["Productos medicinales para uso humano","lsProductosMedicinalesH","Grabado Acido 37% Phosphoric 12g","unidad",270.48,"2.3.4.2.01"]
["Productos medicinales para uso humano","lsProductosMedicinalesH","Grabado ácido 37% Phosphoric 12g","unidad",{"v":229.2153,"d":"229.22"},"2.3.4.1.01"]
["Productos medicinales para uso humano","lsProductosMedicinalesH","Hidróxido de Calcio USA","unidad",194.25,"2.3.4.2.01"]
["Productos medicinales para uso humano","lsProductosMedicinalesH","Hyaminol solución desinfectante 16 oz.","unidad",414.75,"2.3.4.1.01"]
["Productos medicinales para uso humano","lsProductosMedicinalesH","Hyaminol solucion desinfectante 16oz.","unidad",414.75,"2.3.4.2.01"]
["Productos medicinales para uso humano","lsProductosMedicinalesH","Kit de Resina","unidad",{"v":3669.75,"d":"3,669.75"},"2.3.4.2.01"]
["Productos medicinales para uso humano","lsProductosMedicinalesH","Lysol Odontológico IC","tonelada",866.25,"2.3.4.2.01"]
["Productos medicinales para uso humano","lsProductosMedicinalesH","Minolyse LGM para Maquina ABX Micros 60","unidad",{"v":8096,"d":"8,096.00"},"2.3.4.2.01"]
["Productos medicinales para uso humano","lsProductosMedicinalesH","Minoton/Minidil, 20 litros para Maquina ABX Micros 60","unidad",{"v":8000,"d":"8,000.00"},"2.3.4.2.01"]
["Productos medicinales para uso humano","lsProductosMedicinalesH","Oxido de Zinc 2oz. (LC)","unidad",167.27,"2.3.4.2.01"]
["Productos medicinales para uso humano","lsProductosMedicinalesH","Papel articular","unidad",{"v":402.6767,"d":"402.68"},"2.3.4.1.01"]
["Productos medicinales para uso humano","lsProductosMedicinalesH","Pasta profiláctica Cherry 12oz","unidad",{"v":600.9153,"d":"600.92"},"2.3.4.1.01"]
["Productos medicinales para uso humano","lsProductosMedicinalesH","Pasta Profiláctica Cherry 12oz.","tonelada",{"v":489.406,"d":"489.41"},"2.3.4.2.01"]
["Productos medicinales para uso humano","lsProductosMedicinalesH","Resina flow","unidad",455.48,"2.3.4.1.01"]
["Productos metálicos y sus derivados","lsProductosMetalicos","Aro para Goma No. 265/70/16 para Camioneta Toyota Hilux","unidad",{"v":6490,"d":"6,490.00"},"2.3.6.3.01"]
["Productos químicos de uso personal","lsProductosQuimicos","Galón de Gel Anti-bacterial para manos","galon",{"v":460.2,"d":"460.20"},"2.3.7.2.03"]
["Publicidad y propaganda","lsPublicidadyPropaganda","Publicación en el Periódico, de Proceso de Licitación Publica Nacional durante 2 Días, ","dia",{"v":44877.76,"d":"44,877.76"},"2.2.2.1.01 "]
["Servicios técnicos y profesionales","lsServiciosTecnicosProfesionales","Pagos facilitadores externos","Cheque ",{"v":3000,"d":"3,000.00"},"2.2.8.7.06"]
["Sistemas de aire acondicionado, calefacción y de refrigeración industrial y comercial","lsAireAcondicionado","Condensador de 24,000 BTU, Refrigerante 22","unidad",{"v":23562.5,"d":"23,562.50"},"2.6.5.4.01"]
["Sistemas de aire acondicionado, calefacción y de refrigeración industrial y comercial","lsAireAcondicionado","Motor para Aire Condicionado Centralizado","unidad",{"v":102660,"d":"102,660.00"},"2.6.5.4.01"]
["Útiles de cocina y comedor","lsUtilesdeCocina","Azucareras en Acero Inoxidable","unidad",{"v":590,"d":"590.00"},"2.3.9.5.01"]
["Útiles de cocina y comedor","lsUtilesdeCocina","Bandeja de guano o Madera artesanal 18x10 (rectangular)","unidad",{"v":2124,"d":"2,124.00"},"2.3.9.5.01"]
["Útiles de cocina y comedor","lsUtilesdeCocina","Docena de Platos hondo para Sopa, Blancos","docena",{"v":2832,"d":"2,832.00"},"2.3.9.5.01"]
["Útiles de cocina y comedor","lsUtilesdeCocina","Docena de Platos llanos color blanco","docena",{"v":2548.8,"d":"2,548.80"},"2.3.9.5.01"]
["Útiles de cocina y comedor","lsUtilesdeCocina","Docenas de Copas de Cristal para agua 10.7 oz","docena",{"v":2360,"d":"2,360.00"},"2.3.9.5.01"]
["Útiles de cocina y comedor","lsUtilesdeCocina","Docenas de Copas de Cristal para agua bajitas","docena",{"v":2360,"d":"2,360.00"},"2.3.9.5.01"]
["Útiles de cocina y comedor","lsUtilesdeCocina","Docenas de cucharitas para cafe","docena",{"v":708,"d":"708.00"},"2.3.9.5.01"]
["Útiles de cocina y comedor","lsUtilesdeCocina","Grecas Industriales de 4 litros","unidad",{"v":7670,"d":"7,670.00"},"2.3.9.5.01"]
["Útiles de cocina y comedor","lsUtilesdeCocina","Set de docenas de Tazas color blanco para cafe","docena",{"v":2548.8,"d":"2,548.80"},"2.3.9.5.01"]
["Útiles de cocina y comedor","lsUtilesdeCocina","sets de Cuchillos, Tenedores y Cucharas (acero inoxidable)","unidad",{"v":2360,"d":"2,360.00"},"2.3.9.5.01"]
["Útiles de cocina y comedor","lsUtilesdeCocina","Termos para Cafe de 1.5 litros color negro","unidad",{"v":1770,"d":"1,770.00"},"2.3.9.5.01"]
["Útiles de cocina y comedor","lsUtilesdeCocina","Tetera para Té","unidad",{"v":1121,"d":"1,121.00"},"2.3.9.5.01"]
["Útiles de escritorio, oficina, informática y de enseñanza","lsUtilesdeOficina","\tCubeta de acero inoxidable rodable","unidad",{"v":1770,"d":"1,770.00"},"2.3.9.2.01 "]
["Útiles de escritorio, oficina, informática y de enseñanza","lsUtilesdeOficina","\tZafacón de acero inoxidable con tapa y pedal","unidad",{"v":1062,"d":"1,062.00"},"2.3.9.2.01 "]
["Útiles de escritorio, oficina, informática y de enseñanza","lsUtilesdeOficina","(662) COLOR para impresora HP 3515","unidad",{"v":420.552,"d":"420.55"},"2.3.9.2.01 "]
["Útiles de escritorio, oficina, informática y de enseñanza","lsUtilesdeOficina","(662) NEGRO para impresora HP 3515","unidad",420.73,"2.3.9.2.01 "]
["Útiles de escritorio, oficina, informática y de enseñanza","lsUtilesdeOficina","122XL (CH563HC) para impresora HP 2050 (PERSONAL)","unidad",{"v":1379.48,"d":"1,379.48"},"2.3.9.2.01 "]
["Útiles de escritorio, oficina, informática y de enseñanza","lsUtilesdeOficina","122XL (CH563HC) para impresora HP 2050 (PERSONAL)","unidad",{"v":486.692,"d":"486.69"},"2.3.9.2.01 "]
["Útiles de escritorio, oficina, informática y de enseñanza","lsUtilesdeOficina","670 (CZ113AL) NEGRO para impresora HP AVANTAGE 4625","unidad",{"v":420.092,"d":"420.09"},"2.3.9.2.01 "]
["Útiles de escritorio, oficina, informática y de enseñanza","lsUtilesdeOficina","670 (CZ114AL) AZUL para impresora HP AVANTAGE 4625","unidad",{"v":422.358,"d":"422.36"},"2.3.9.2.01 "]
["Útiles de escritorio, oficina, informática y de enseñanza","lsUtilesdeOficina","670 (CZ115AL) MAGENTA para impresora HP AVANTAGE 4625","unidad",422.44,"2.3.9.2.01 "]
["Útiles de escritorio, oficina, informática y de enseñanza","lsUtilesdeOficina","670 (CZ116AL) AMARILLO para impresora HP AVANTAGE 4625","unidad",{"v":422.628,"d":"422.63"},"2.3.9.2.01 "]
["Útiles de escritorio, oficina, informática y de enseñanza","lsUtilesdeOficina","74 NEGRO para impresora HP C4280","unidad",{"v":810.412,"d":"810.41"},"2.3.9.2.01 "]
["Útiles de escritorio, oficina, informática y de enseñanza","lsUtilesdeOficina","75 COLOR para impresora HP C4280","unidad",{"v":1069.47,"d":"1,069.47"},"2.3.9.2.01 "]
["Útiles de escritorio, oficina, informática y de enseñanza","lsUtilesdeOficina","AL-100 TD para impresora SHARP AL-2030","unidad",{"v":3499.9967,"d":"3,500.00"},"2.3.9.2.01 "]
["Útiles de escritorio, oficina, informática y de enseñanza","lsUtilesdeOficina","Archivo Acordeon","unidad",{"v":200.6,"d":"200.60"},"2.3.9.2.01 "]
["Útiles de escritorio, oficina, informática y de enseñanza","lsUtilesdeOficina","Bandas de Gomas No. 18 (cajas)","unidad",{"v":17.405,"d":"17.41"},"2.3.9.2.01 "]
["Útiles de escritorio, oficina, informática y de enseñanza","lsUtilesdeOficina","Bandejas para Escritorio","unidad",101.48,"2.3.9.2.01 "]
["Útiles de escritorio, oficina, informática y de enseñanza","lsUtilesdeOficina","Cajas de Clips (19MM) pequeño","unidad",{"v":15.281,"d":"15.28"},"2.3.9.2.01 "]
["Útiles de escritorio, oficina, informática y de enseñanza","lsUtilesdeOficina","Cajas de Clips (32MM) Mediano","unidad",34.81,"2.3.9.2.01 "]
["Útiles de escritorio, oficina, informática y de enseñanza","lsUtilesdeOficina","Cajas de Clips (51MM) Grande","unidad",77.88,"2.3.9.2.01 "]
["Útiles de escritorio, oficina, informática y de enseñanza","lsUtilesdeOficina","Cajas de Felpas Azules","Caja",{"v":403.7967,"d":"403.80"},"2.3.9.2.01 "]
["Útiles de escritorio, oficina, informática y de enseñanza","lsUtilesdeOficina","Cajas de Lapiceros Azules","Caja",{"v":36,"d":"36.00"},"2.3.9.2.01 "]
["Útiles de escritorio, oficina, informática y de enseñanza","lsUtilesdeOficina","Cajas Marcadores de Pizarra","Caja",{"v":154.875,"d":"154.88"},"2.3.9.2.01 "]
["Útiles de escritorio, oficina, informática y de enseñanza","lsUtilesdeOficina","Carpetas para archivos","unidad",121.54,"2.3.9.2.01 "]
["Útiles de escritorio, oficina, informática y de enseñanza","lsUtilesdeOficina","Cartucho 122 Color para impresora HP2050 (Personal)","unidad",{"v":510.0425,"d":"510.04"},"2.3.9.2.01 "]
["Útiles de escritorio, oficina, informática y de enseñanza","lsUtilesdeOficina","Cartucho 122 Negro para impresora HP 2050 (Personal)","unidad",{"v":510.0425,"d":"510.04"},"2.3.9.2.01 "]
["Útiles de escritorio, oficina, informática y de enseñanza","lsUtilesdeOficina","Cartucho 662 color para impresora HP 3515","unidad",{"v":445.214,"d":"445.21"},"2.3.9.2.01 "]
["Útiles de escritorio, oficina, informática y de enseñanza","lsUtilesdeOficina","Cartucho 662 Negro para impresora HP 3515","unidad",{"v":445.2141,"d":"445.21"},"2.3.9.2.01 "]
["Útiles de escritorio, oficina, informática y de enseñanza","lsUtilesdeOficina","Cartucho 662 Negro para impresora HP 3515","unidad",437.91,"2.3.9.2.01 "]
["Útiles de escritorio, oficina, informática y de enseñanza","lsUtilesdeOficina","Cartucho 670 (CZ113AL) Negro  para impresora HP AVANTAGE 4625","unidad",{"v":440.1633,"d":"440.16"},"2.3.9.2.01 "]
["Útiles de escritorio, oficina, informática y de enseñanza","lsUtilesdeOficina","Cartucho 670 (CZ114AL) Magenta para impresora HP AVANTAGE 4625","unidad",439.49,"2.3.9.2.01 "]
["Útiles de escritorio, oficina, informática y de enseñanza","lsUtilesdeOficina","Cartucho 670 (CZ115AL) Amarillo para impresora HP AVANTAGE 4625","unidad",{"v":442.005,"d":"442.01"},"2.3.9.2.01 "]
["Útiles de escritorio, oficina, informática y de enseñanza","lsUtilesdeOficina","Cartucho 670 (CZ116AL) Cian para impresora HP AVANTAGE 4625","unidad",439.49,"2.3.9.2.01 "]
["Útiles de escritorio, oficina, informática y de enseñanza","lsUtilesdeOficina","Cartucho 74 Negro para impresora HP C4280","unidad",{"v":835.003,"d":"835.00"},"2.3.9.2.01 "]
["Útiles de escritorio, oficina, informática y de enseñanza","lsUtilesdeOficina","Cartucho 75 Color para impresora HP C4280","unidad",{"v":1110,"d":"1,110.00"},"2.3.9.2.01 "]
["Útiles de escritorio, oficina, informática y de enseñanza","lsUtilesdeOficina","Cartucho 954 Amarillo para impresora OFFICEJET PRO8710","unidad",{"v":932.6125,"d":"932.61"},"2.3.9.2.01 "]
["Útiles de escritorio, oficina, informática y de enseñanza","lsUtilesdeOficina","Cartucho 954 Cian para impresora OFFICEJET PRO8710","unidad",932.39,"2.3.9.2.01 "]
["Útiles de escritorio, oficina, informática y de enseñanza","lsUtilesdeOficina","Cartucho 954 Magenta para impresora HP OFFICEJET PRO8710","unidad",932.39,"2.3.9.2.01 "]
["Útiles de escritorio, oficina, informática y de enseñanza","lsUtilesdeOficina","Cartucho 954 Negro para impresora HP OFFICEJET PRO8710","unidad",{"v":1015,"d":"1,015.00"},"2.3.9.2.01 "]
["Útiles de escritorio, oficina, informática y de enseñanza","lsUtilesdeOficina","Cartucho CN050A (951) CIAN para impresora HP OFFICEJET PRO8610","unidad",927.75,"2.3.9.2.01 "]
["Útiles de escritorio, oficina, informática y de enseñanza","lsUtilesdeOficina","Cartucho CN051 (951) Magenta para impresora HP OFFICEJET PRO8610","unidad",{"v":922.7733,"d":"922.77"},"2.3.9.2.01 "]
["Útiles de escritorio, oficina, informática y de enseñanza","lsUtilesdeOficina","Cartucho CN052A Amarillo para impresora HP OFFICEJET PRO8610","unidad",{"v":929.5333,"d":"929.53"},"2.3.9.2.01 "]
["Útiles de escritorio, oficina, informática y de enseñanza","lsUtilesdeOficina","Cartucho HP 60 Negro para impresora HP DESKJET D1660","unidad",{"v":885,"d":"885.00"},"2.3.9.2.01 "]
["Útiles de escritorio, oficina, informática y de enseñanza","lsUtilesdeOficina","Cartuchos color Negro para Impresora HP Photosmart C4280","unidad",{"v":1017.5025,"d":"1,017.50"},"2.3.9.2.01 "]
["Útiles de escritorio, oficina, informática y de enseñanza","lsUtilesdeOficina","CB435A (35A) para impresora Laserjet P1006","unidad",{"v":2700.0052,"d":"2,700.01"},"2.3.9.2.01 "]
["Útiles de escritorio, oficina, informática y de enseñanza","lsUtilesdeOficina","CE285A (85A) para impresora HP P1102W","unidad",{"v":2799.9985,"d":"2,800.00"},"2.3.9.2.01 "]
["Útiles de escritorio, oficina, informática y de enseñanza","lsUtilesdeOficina","CE310A para impresora HP CP1025NW","unidad",{"v":2149.996,"d":"2,150.00"},"2.3.9.2.01 "]
["Útiles de escritorio, oficina, informática y de enseñanza","lsUtilesdeOficina","CE505A (05A) para impresora HP P2055DM","unidad",{"v":3650,"d":"3,650.00"},"2.3.9.2.01 "]
["Útiles de escritorio, oficina, informática y de enseñanza","lsUtilesdeOficina","Cera para contar Red Star 1.1 oz","unidad",30.68,"2.3.9.2.01 "]
["Útiles de escritorio, oficina, informática y de enseñanza","lsUtilesdeOficina","CF226A (26A) para impresora HP MFP M426 FDW","unidad",{"v":5039.851,"d":"5,039.85"},"2.3.9.2.01 "]
["Útiles de escritorio, oficina, informática y de enseñanza","lsUtilesdeOficina","CF283A (83A) para impresora HP MFP M127 FN","unidad",{"v":2700.005,"d":"2,700.01"},"2.3.9.2.01 "]
["Útiles de escritorio, oficina, informática y de enseñanza","lsUtilesdeOficina","Cinta adhesiva 3/4","unidad",{"v":9.9946,"d":"9.99"},"2.3.9.2.01 "]
["Útiles de escritorio, oficina, informática y de enseñanza","lsUtilesdeOficina","Cinta para Calculadora electronica CIO Negra-Roja","unidad",{"v":35.4,"d":"35.40"},"2.3.9.2.01 "]
["Útiles de escritorio, oficina, informática y de enseñanza","lsUtilesdeOficina","CL-511 COLOR para impresora CANON PIXMA MP230","unidad",{"v":1184.72,"d":"1,184.72"},"2.3.9.2.01 "]
["Útiles de escritorio, oficina, informática y de enseñanza","lsUtilesdeOficina","CL-513 XL COLOR para impresora CANON PIXMA MP230","unidad",{"v":2265.6,"d":"2,265.60"},"2.3.9.2.01 "]
["Útiles de escritorio, oficina, informática y de enseñanza","lsUtilesdeOficina","Clip porta Carnet","unidad",{"v":13.3222,"d":"13.32"},"2.3.9.2.01 "]
["Útiles de escritorio, oficina, informática y de enseñanza","lsUtilesdeOficina","Clips Mediano 33MM","unidad",{"v":107.675,"d":"107.68"},"2.3.9.2.01 "]
["Útiles de escritorio, oficina, informática y de enseñanza","lsUtilesdeOficina","Clips Sujeta Papel Grande","unidad",{"v":21.771,"d":"21.77"},"2.3.9.2.01 "]
["Útiles de escritorio, oficina, informática y de enseñanza","lsUtilesdeOficina","Clips Sujeta Papel Pequeño ","unidad",{"v":7.847,"d":"7.85"},"2.3.9.2.01 "]
["Útiles de escritorio, oficina, informática y de enseñanza","lsUtilesdeOficina","CN050A (951) CIAN AZUL para impresora HP OFFICEJET PRO8610","unidad",{"v":885.4,"d":"885.40"},"2.3.9.2.01 "]
["Útiles de escritorio, oficina, informática y de enseñanza","lsUtilesdeOficina","CN051A (951) MAGENTA para impresora HP OFFICEJET PRO8610","unidad",{"v":880.9525,"d":"880.95"},"2.3.9.2.01 "]
["Útiles de escritorio, oficina, informática y de enseñanza","lsUtilesdeOficina","CN052A (952) AMARILLO para impresora HP OFFICEJET PRO8610","unidad",{"v":889.426,"d":"889.43"},"2.3.9.2.01 "]
["Útiles de escritorio, oficina, informática y de enseñanza","lsUtilesdeOficina","Corrector Liquido  20ml","unidad",{"v":20.001,"d":"20.00"},"2.3.9.2.01 "]
["Útiles de escritorio, oficina, informática y de enseñanza","lsUtilesdeOficina","Disco Duro externo de 2 Tera Bytes","unidad",5750.01,"2.3.9.2.01 "]
["Útiles de escritorio, oficina, informática y de enseñanza","lsUtilesdeOficina","E260A11L para impresora LEXMARK E260DN","unidad",{"v":4500.0006,"d":"4,500.00"},"2.3.9.2.01 "]
["Útiles de escritorio, oficina, informática y de enseñanza","lsUtilesdeOficina","Grapa Industrial Grande (cajas)","tonelada",{"v":206.5,"d":"206.50"},"2.3.9.2.01 "]
["Útiles de escritorio, oficina, informática y de enseñanza","lsUtilesdeOficina","Grapadoras de Metal","unidad",{"v":144.9984,"d":"145.00"},"2.3.9.2.01 "]
["Útiles de escritorio, oficina, informática y de enseñanza","lsUtilesdeOficina","Guillotina 15¨","unidad",{"v":1407.74,"d":"1,407.74"},"2.3.9.2.01 "]
["Útiles de escritorio, oficina, informática y de enseñanza","lsUtilesdeOficina","Lapiceros Azules","Caja",71.98,"2.3.9.2.01 "]
["Útiles de escritorio, oficina, informática y de enseñanza","lsUtilesdeOficina","Lapiceros color Azul (cajas)","unidad",{"v":55,"d":"55.00"},"2.3.9.2.01 "]
["Útiles de escritorio, oficina, informática y de enseñanza","lsUtilesdeOficina","Lapiceros color negro (cajas)","unidad",{"v":55,"d":"55.00"},"2.3.9.2.01 "]
["Útiles de escritorio, oficina, informática y de enseñanza","lsUtilesdeOficina","Lapiceros color rojo (cajas)","tonelada",{"v":72.5,"d":"72.50"},"2.3.9.2.01 "]
["Útiles de escritorio, oficina, informática y de enseñanza","lsUtilesdeOficina","Lápiz de carbon (docena)","unidad",{"v":50,"d":"50.00"},"2.3.9.2.01 "]
["Útiles de escritorio, oficina, informática y de enseñanza","lsUtilesdeOficina","Memoria Micro SD de 64GB","unidad",{"v":1121,"d":"1,121.00"},"2.3.9.2.01 "]
["Útiles de escritorio, oficina, informática y de enseñanza","lsUtilesdeOficina","Memorias USB 8 GB","unidad",{"v":254.998,"d":"255.00"},"2.3.9.2.01 "]
["Útiles de escritorio, oficina, informática y de enseñanza","lsUtilesdeOficina","Memorias USB 8 GB","unidad",{"v":365.8,"d":"365.80"},"2.3.9.2.01 "]
["Útiles de escritorio, oficina, informática y de enseñanza","lsUtilesdeOficina","Mural de Corcho, Marco Madera 24x35","unidad",498.998,"2.3.9.2.01 "]
["Útiles de escritorio, oficina, informática y de enseñanza","lsUtilesdeOficina","Notas de papel autoadhesivo, Post it 3x3","unidad",{"v":10.9976,"d":"11.00"},"2.3.9.2.01 "]
["Útiles de escritorio, oficina, informática y de enseñanza","lsUtilesdeOficina","Paquetes Post-it Banderitas, 5 Colores Hopax (Sing Here)","unidad",{"v":53.1,"d":"53.10"},"2.3.9.2.01 "]
["Útiles de escritorio, oficina, informática y de enseñanza","lsUtilesdeOficina","PG-510 NEGRO para impresora CANON PIXMA MP230","unidad",{"v":916.505,"d":"916.51"},"2.3.9.2.01 "]
["Útiles de escritorio, oficina, informática y de enseñanza","lsUtilesdeOficina","PG-512 XL NEGRO para impresora CANON PIXMA MP230","unidad",{"v":5015,"d":"5,015.00"},"2.3.9.2.01 "]
["Útiles de escritorio, oficina, informática y de enseñanza","lsUtilesdeOficina","Pizarras Blancas Laminadas 90x60 cm con Trípode","unidad",{"v":10584.6,"d":"10,584.60"},"2.3.9.2.01 "]
["Útiles de escritorio, oficina, informática y de enseñanza","lsUtilesdeOficina","Plásticos Protectores de Carnet","unidad",8.85,"2.3.9.2.01 "]
["Útiles de escritorio, oficina, informática y de enseñanza","lsUtilesdeOficina","Porta Clips","unidad",26.55,"2.3.9.2.01 "]
["Útiles de escritorio, oficina, informática y de enseñanza","lsUtilesdeOficina","Porta Lápiz de Metal","unidad",71.98,"2.3.9.2.01 "]
["Útiles de escritorio, oficina, informática y de enseñanza","lsUtilesdeOficina","Porta Revista de Metal","unidad",{"v":278.775,"d":"278.78"},"2.3.9.2.01 "]
["Útiles de escritorio, oficina, informática y de enseñanza","lsUtilesdeOficina","Post it 3x3,  Varios Colores","unidad",{"v":32.0016,"d":"32.00"},"2.3.9.2.01 "]
["Útiles de escritorio, oficina, informática y de enseñanza","lsUtilesdeOficina","Post it Banderita","unidad",33.04,"2.3.9.2.01 "]
["Útiles de escritorio, oficina, informática y de enseñanza","lsUtilesdeOficina","Post it Grandes","unidad",24.78,"2.3.9.2.01 "]
["Útiles de escritorio, oficina, informática y de enseñanza","lsUtilesdeOficina","Post it Pequeño","unidad",21.24,"2.3.9.2.01 "]
["Útiles de escritorio, oficina, informática y de enseñanza","lsUtilesdeOficina","Q1338A (38A) para impresora LASERJET 4200 DTN","unidad",{"v":8379.4283,"d":"8,379.43"},"2.3.9.2.01 "]
["Útiles de escritorio, oficina, informática y de enseñanza","lsUtilesdeOficina","Q2612AD (12A) para impresora HP LASERJET 1022","unidad",{"v":3100.0017,"d":"3,100.00"},"2.3.9.2.01 "]
["Útiles de escritorio, oficina, informática y de enseñanza","lsUtilesdeOficina","Q5942A (42A) para impresora LASERJET 4250","unidad",{"v":7601.18,"d":"7,601.18"},"2.3.9.2.01 "]
["Útiles de escritorio, oficina, informática y de enseñanza","lsUtilesdeOficina","Reglas Plásticas 12¨","unidad",5.31,"2.3.9.2.01 "]
["Útiles de escritorio, oficina, informática y de enseñanza","lsUtilesdeOficina","Resaltador Amarillo Fluorescente","unidad",{"v":9.676,"d":"9.68"},"2.3.9.2.01 "]
["Útiles de escritorio, oficina, informática y de enseñanza","lsUtilesdeOficina","Resaltador Fluorescente","unidad",{"v":25.9246,"d":"25.92"},"2.3.9.2.01 "]
["Útiles de escritorio, oficina, informática y de enseñanza","lsUtilesdeOficina","Router wifi","unidad",{"v":4163.925,"d":"4,163.93"},"2.3.9.2.01 "]
["Útiles de escritorio, oficina, informática y de enseñanza","lsUtilesdeOficina","Sacapuntas","unidad",15.34,"2.3.9.2.01 "]
["Útiles de escritorio, oficina, informática y de enseñanza","lsUtilesdeOficina","Sacapuntas Eléctrico","unidad",788.24,"2.3.9.2.01 "]
["Útiles de escritorio, oficina, informática y de enseñanza","lsUtilesdeOficina","Sello de Despachado (CUADRADO)","unidad",1888,"2.3.9.2.01 "]
["Útiles de escritorio, oficina, informática y de enseñanza","lsUtilesdeOficina","Sello de Recibido (CUADRADO)","unidad",1888,"2.3.9.2.01 "]
["Útiles de escritorio, oficina, informática y de enseñanza","lsUtilesdeOficina","Sellos Gomigrafos","unidad",1858.5,"2.3.9.2.01 "]
["Útiles de escritorio, oficina, informática y de enseñanza","lsUtilesdeOficina","Separadores carpeta 8 1/2 x11","Caja",27.14,"2.3.9.2.01 "]
["Útiles de escritorio, oficina, informática y de enseñanza","lsUtilesdeOficina","Stick de Colle 35g (Pegamento)","unidad",{"v":33.4176,"d":"33.42"},"2.3.9.2.01 "]
["Útiles de escritorio, oficina, informática y de enseñanza","lsUtilesdeOficina","Tabla de Apoyo de Madera","unidad",{"v":46.9995,"d":"47.00"},"2.3.9.2.01 "]
["Útiles de escritorio, oficina, informática y de enseñanza","lsUtilesdeOficina","Tabla de apoyo/ Madera","unidad",{"v":49.206,"d":"49.21"},"2.3.9.2.01 "]
["Útiles de escritorio, oficina, informática y de enseñanza","lsUtilesdeOficina","Tape 33-3M (un rollo)","unidad",{"v":619.5,"d":"619.50"},"2.3.9.2.01 "]
["Útiles de escritorio, oficina, informática y de enseñanza","lsUtilesdeOficina","Tijeras de oficina","unidad",{"v":49.6073,"d":"49.61"},"2.3.9.2.01 "]
["Útiles de escritorio, oficina, informática y de enseñanza","lsUtilesdeOficina","Tinta para Sello color azul (docenas)","unidad",{"v":1362.9,"d":"1,362.90"},"2.3.9.2.01 "]
["Útiles de escritorio, oficina, informática y de enseñanza","lsUtilesdeOficina","Tinta para Sello color rojo","unidad",114.46,"2.3.9.2.01 "]
["Útiles de escritorio, oficina, informática y de enseñanza","lsUtilesdeOficina","Toner AR-310NT para impresora SHARP AR-M237","unidad",{"v":4399.995,"d":"4,400.00"},"2.3.9.2.01 "]
["Útiles de escritorio, oficina, informática y de enseñanza","lsUtilesdeOficina","Toner CB435A (35A) para impresora LASERJET P1006","unidad",{"v":2242,"d":"2,242.00"},"2.3.9.2.01 "]
["Útiles de escritorio, oficina, informática y de enseñanza","lsUtilesdeOficina","Toner CE285A (85A) para impresora HP P1102W","unidad",{"v":1982.4,"d":"1,982.40"},"2.3.9.2.01 "]
["Útiles de escritorio, oficina, informática y de enseñanza","lsUtilesdeOficina","Toner CE310A 126A para impresora HP CP1025NW","unidad",{"v":2006,"d":"2,006.00"},"2.3.9.2.01 "]
["Útiles de escritorio, oficina, informática y de enseñanza","lsUtilesdeOficina","Toner CE505A (05A) para impresora HP P2055DM","unidad",{"v":3186,"d":"3,186.00"},"2.3.9.2.01 "]
["Útiles de escritorio, oficina, informática y de enseñanza","lsUtilesdeOficina","Toner CF217A (17A) para impresora HP M102W","unidad",{"v":2908.2525,"d":"2,908.25"},"2.3.9.2.01 "]
["Útiles de escritorio, oficina, informática y de enseñanza","lsUtilesdeOficina","Toner CF226A (26A) para impresora HP MFP M426 FDW","unidad",{"v":4979.6,"d":"4,979.60"},"2.3.9.2.01 "]
["Útiles de escritorio, oficina, informática y de enseñanza","lsUtilesdeOficina","Toner CF280A (80A) para impresora HP 400 M401 DNE","unidad",{"v":4248,"d":"4,248.00"},"2.3.9.2.01 "]
["Útiles de escritorio, oficina, informática y de enseñanza","lsUtilesdeOficina","Toner CF283A (83A) para impresora HP MFP M127 FN","unidad",{"v":2419,"d":"2,419.00"},"2.3.9.2.01 "]
["Útiles de escritorio, oficina, informática y de enseñanza","lsUtilesdeOficina","Toner E260A11L para impresora LEXMARK E260DN","unidad",{"v":5015,"d":"5,015.00"},"2.3.9.2.01 "]
["Útiles de escritorio, oficina, informática y de enseñanza","lsUtilesdeOficina","Toner HP CF217A 17A","unidad",{"v":4398.45,"d":"4,398.45"},"2.3.9.2.01 "]
["Útiles de escritorio, oficina, informática y de enseñanza","lsUtilesdeOficina","Toner para Impresora Xeroz 3220","unidad",{"v":8142,"d":"8,142.00"},"2.3.9.2.01 "]
["Útiles de escritorio, oficina, informática y de enseñanza","lsUtilesdeOficina","Toner Q1338A (38A) para impresora LASERJET 4200 DTN","unidad",{"v":6608,"d":"6,608.00"},"2.3.9.2.01 "]
["Útiles de escritorio, oficina, informática y de enseñanza","lsUtilesdeOficina","Toner Q2612AD (12A) para impresora HP LASERJET 1020","unidad",{"v":1899.8,"d":"1,899.80"},"2.3.9.2.01 "]
["Útiles de escritorio, oficina, informática y de enseñanza","lsUtilesdeOficina","Toner Q5942A (42A) para impresora LASERJET 4250","unidad",{"v":7788,"d":"7,788.00"},"2.3.9.2.01 "]
["Útiles de escritorio, oficina, informática y de enseñanza","lsUtilesdeOficina","Toner Q5945A (45A) para impresora HP 4345 MFP","unidad",{"v":8732,"d":"8,732.00"},"2.3.9.2.01 "]
["Útiles de escritorio, oficina, informática y de enseñanza","lsUtilesdeOficina","Toner T3520 para impresora TOSHIBA T3520","unidad",{"v":1911.01,"d":"1,911.01"},"2.3.9.2.01 "]
["Útiles de escritorio, oficina, informática y de enseñanza","lsUtilesdeOficina","Toner T4710U para impresora TOSHIBA SUPER G3","unidad",{"v":7670,"d":"7,670.00"},"2.3.9.2.01 "]
["Útiles de escritorio, oficina, informática y de enseñanza","lsUtilesdeOficina","Unidades de Sacagrapas ","unidad",14.75,"2.3.9.2.01 "]
["Útiles de escritorio, oficina, informática y de enseñanza","lsUtilesdeOficina","Zafacón de Metal para escritorio","unidad",233.64,"2.3.9.2.01 "]
["Útiles menores médico-quirúrgicos","lsUtilesMenoresMQ","Aguja con hilo de seda 3/0","tonelada",{"v":250,"d":"250.00"},"2.3.9.3.01"]
["Útiles menores médico-quirúrgicos","lsUtilesMenoresMQ","Aguja con Hilo de Seda 3/0","unidad",362.25,"2.3.9.3.01 "]
["Útiles menores médico-quirúrgicos","lsUtilesMenoresMQ","Aguja corta 27G  1x100","unidad",{"v":402.6767,"d":"402.68"},"2.3.9.3.01"]
["Útiles menores médico-quirúrgicos","lsUtilesMenoresMQ","Aguja Corta 27G 1x100 (cajas)","unidad",475.16,"2.3.9.3.01 "]
["Útiles menores médico-quirúrgicos","lsUtilesMenoresMQ","Aguja larga 27G  1x100","unidad",{"v":466.1,"d":"466.10"},"2.3.9.3.01"]
["Útiles menores médico-quirúrgicos","lsUtilesMenoresMQ","Aguja Larga 27G 1x100 (cajas)","unidad",475.16,"2.3.9.3.01 "]
["Útiles menores médico-quirúrgicos","lsUtilesMenoresMQ","Algodon en rollo (libra)","libra",{"v":148,"d":"148.00"},"2.3.9.3.01"]
["Útiles menores médico-quirúrgicos","lsUtilesMenoresMQ","Algodón en rollo (libra)","libra",393.75,"2.3.9.3.01 "]
["Útiles menores médico-quirúrgicos","lsUtilesMenoresMQ","Babero desechable","unidad",{"v":1535.12,"d":"1,535.12"},"2.3.9.3.01 "]
["Útiles menores médico-quirúrgicos","lsUtilesMenoresMQ","Babero desechable 500/1","unidad",{"v":1300.95,"d":"1,300.95"},"2.3.9.3.01"]
["Útiles menores médico-quirúrgicos","lsUtilesMenoresMQ","Baja Lengua (1 caja)","unidad",299.72,"2.3.9.3.01 "]
["Útiles menores médico-quirúrgicos","lsUtilesMenoresMQ","Baja lengua 100/1","unidad",{"v":236,"d":"236.00"},"2.3.9.3.01"]
["Útiles menores médico-quirúrgicos","lsUtilesMenoresMQ","Banda de Celuloide 1x100","unidad",131.58,"2.3.9.3.01 "]
["Útiles menores médico-quirúrgicos","lsUtilesMenoresMQ","Espejo con mango","unidad",136.29,"2.3.9.3.01"]
["Útiles menores médico-quirúrgicos","lsUtilesMenoresMQ","Fresa de pulido de Resina dorada (larga)","unidad",74.34,"2.3.9.3.01"]
["Útiles menores médico-quirúrgicos","lsUtilesMenoresMQ","Fresa económica 2200F","unidad",{"v":52.4983,"d":"52.50"},"2.3.9.3.01"]
["Útiles menores médico-quirúrgicos","lsUtilesMenoresMQ","Fresa Económica 2200F","unidad",61.95,"2.3.9.3.01 "]
["Útiles menores médico-quirúrgicos","lsUtilesMenoresMQ","Fresa redonda 1012","unidad",{"v":94.3527,"d":"94.35"},"2.3.9.3.01"]
["Útiles menores médico-quirúrgicos","lsUtilesMenoresMQ","Fresa Redonda 1012","unidad",{"v":131.582,"d":"131.58"},"2.3.9.3.01 "]
["Útiles menores médico-quirúrgicos","lsUtilesMenoresMQ","Fresa redonda 1014","unidad",{"v":94.3527,"d":"94.35"},"2.3.9.3.01"]
["Útiles menores médico-quirúrgicos","lsUtilesMenoresMQ","Fresa Redonda 1014","unidad",{"v":131.582,"d":"131.58"},"2.3.9.3.01 "]
["Útiles menores médico-quirúrgicos","lsUtilesMenoresMQ","Fresa tipo Schufu","unidad",{"v":43.3653,"d":"43.37"},"2.3.9.3.01"]
["Útiles menores médico-quirúrgicos","lsUtilesMenoresMQ","Gasa 2'x 2'/4 No esterelizada 200/1 (paquetes)","unidad",78.75,"2.3.9.3.01 "]
["Útiles menores médico-quirúrgicos","lsUtilesMenoresMQ","Gasa 2'x 2'/4 no esterilizada 200/1 (paquetes)","unidad",{"v":73,"d":"73.00"},"2.3.9.3.01"]
["Útiles menores médico-quirúrgicos","lsUtilesMenoresMQ","Gorro Azul de Cirugia 100/1","unidad",{"v":723.705,"d":"723.71"},"2.3.9.3.01 "]
["Útiles menores médico-quirúrgicos","lsUtilesMenoresMQ","Guantes L","unidad",{"v":224.2,"d":"224.20"},"2.3.9.3.01"]
["Útiles menores médico-quirúrgicos","lsUtilesMenoresMQ","Guantes L (cajas)","unidad",433.65,"2.3.9.3.01 "]
["Útiles menores médico-quirúrgicos","lsUtilesMenoresMQ","Guantes M","unidad",{"v":224.2,"d":"224.20"},"2.3.9.3.01"]
["Útiles menores médico-quirúrgicos","lsUtilesMenoresMQ","Guantes M (cajas)","unidad",433.65,"2.3.9.3.01 "]
["Útiles menores médico-quirúrgicos","lsUtilesMenoresMQ","Guantes S","unidad",{"v":224.2,"d":"224.20"},"2.3.9.3.01"]
["Útiles menores médico-quirúrgicos","lsUtilesMenoresMQ","Guantes S (cajas)","unidad",433.65,"2.3.9.3.01 "]
["Útiles menores médico-quirúrgicos","lsUtilesMenoresMQ","Instrumento de obturación plástica","unidad",99.12,"2.3.9.3.01"]
["Útiles menores médico-quirúrgicos","lsUtilesMenoresMQ","Jeringa porta Carpule","unidad",384.09,"2.3.9.3.01"]
["Útiles menores médico-quirúrgicos","lsUtilesMenoresMQ","Kits de Resina","unidad",{"v":3669.75,"d":"3,669.75"},"2.3.9.3.01"]
["Útiles menores médico-quirúrgicos","lsUtilesMenoresMQ","Mascarilla lisa rectangular azul 1x50","tonelada",183.75,"2.3.9.3.01"]
["Útiles menores médico-quirúrgicos","lsUtilesMenoresMQ","Mascarilla Lisa Rectangular Azul 1x50","unidad",255.86,"2.3.9.3.01 "]
["Útiles menores médico-quirúrgicos","lsUtilesMenoresMQ","Papel Articular","unidad",548.26,"2.3.9.3.01 "]
["Útiles menores médico-quirúrgicos","lsUtilesMenoresMQ","Turbina","unidad",{"v":3422,"d":"3,422.00"},"2.3.9.3.01"]
["Viáticos dentro del país","lsViaticosDP","Viáticos Chofer ","Cheque ",{"v":1700,"d":"1,700.00"},"2.2.3.1.01"]
["Viáticos dentro del país","lsViaticosDP","Viáticos Director/a","Cheque ",{"v":3050,"d":"3,050.00"},"2.2.3.1.01"]
["Viáticos dentro del país","lsViaticosDP","Viáticos Tecnicos/Profesionales","Cheque ",{"v":2150,"d":"2,150.00"},"2.2.3.1.01"]
["Viáticos dentro del país","lsViaticosDP","Viáticos Encargados/Coordinadores","Cheque ",{"v":2750,"d":"2,750.00"},"2.2.3.1.01"]
["Automóviles y camiones","lsEquiposTransporte","Automóviles y camiones","Unidad",0,"2.6.4.1.01"]
["Carrocerías y remolques","lsEquiposTransporte","Carrocerías y remolques","Unidad",0,"2.6.4.2.01"]
["Otros equipos de transporte","lsEquiposTransporte","Otros equipos de transporte","Unidad",0,"2.6.4.8.01"]
{"$rows_empty":18}
["Insumos"]
["Acabados textiles","lsAcabadosTextiles"]
["Alimentos y bebidas para personas","lsAlimentosyBebidas"]
["Artículos de plástico","lsArticulosdePlastico"]
["Automóviles y camiones","lsEquiposTransporte"]
["Carrocerías y remolques","lsEquiposTransporte"]
["Electrodomésticos","lsElectrodomesticos"]
["Equipo de comunicación, telecomunicaciones y señalamiento","lsTelecomunicaciones"]
["Equipo médico y de laboratorio","lsEquiposMedicos"]
["Equipos de cómputo","lsEquiposComputos"]
["Equipos de seguridad","lsEquiposSeguridad"]
["Eventos generales","lsEventosGenerales"]
["Gasoil","lsGasoil"]
["Herramientas menores","lsHerramientasMenores"]
["Impresión y encuadernación","lsImpresionyEncuadernacion"]
["Llantas y neumáticos","lsLlantasyNeumaticos"]
["Mantenimiento y reparación de equipos de transporte, tracción y elevación","lsMantenimiento"]
["Mantenimiento y reparación de equipos para computación","lsMantenimiento"]
["Mantenimiento y reparación de equipos sanitarios y de laboratorio","lsMantenimiento"]
["Mantenimiento y reparación de maquinarias y equipos","lsMantenimiento"]
["Mantenimiento y reparación de muebles y equipos de oficina","lsMantenimiento"]
["Material para limpieza","lsMaterialesdeLimpieza"]
["Muebles de alojamiento","lsMueblesdeAlojamiento"]
["Muebles de oficina y estantería","lsMueblesdeOficina"]
["Obras menores en edificaciones","lsObrasMenoresEdificaciones"]
["Otros equipos","lsOtrosEquipos"]
["Otros equipos de transporte","lsEquiposTransporte"]
["Peaje","lsPeaje"]
["Pinturas, barnices, lacas, diluyentes y absorbentes para pintura","lsPinturas"]
["Productos de artes gráficas","lsProductosArtesGraficas"]
["Productos de cemento","lsProductosdeCemento"]
["Productos de loza","lsProductosdeLoza"]
["Productos de Papel, Cartón e Impresos","lsProductosdePapel"]
["Productos de vidrio","lsProductosdeVidrio"]
["Productos eléctricos y afines","lsProductosElectricos"]
["Productos medicinales para uso humano","lsProductosMedicinalesH"]
["Productos metálicos y sus derivados","lsProductosMetalicos"]
["Productos químicos de uso personal","lsProductosQuimicos"]
["Publicidad y propaganda","lsPublicidadyPropaganda"]
["Servicios técnicos y profesionales","lsServiciosTecnicosProfesionales"]
["Sistemas de aire acondicionado, calefacción y de refrigeración industrial y comercial","lsAireAcondicionado"]
["Útiles de cocina y comedor","lsUtilesdeCocina"]
["Útiles de escritorio, oficina, informática y de enseñanza","lsUtilesdeOficina"]
["Útiles menores médico-quirúrgicos","lsUtilesMenoresMQ"]
["Viáticos dentro del país","lsViaticosDP"]